{"text_format":"2","workbook":"xlsx","n_sheets":32,"sheets":["CAPA GO","Planilha Resumo GO","Orçamento Sintético - GO - P","Orçamento Analítico - GO - P","Crono. - GO - P","Orçamento Sintético - GO - T","Orçamento Analítico - GO -T","Crono. - GO - T","CAPA TO","Planilha Resumo TO","Orçamento Sintético - TO - P","Orçamento Analítico - TO - P","Crono. - TO - P","Orçamento Sintético - TO - T","Orçamento Analítico - TO - T","Crono. - TO - T","CAPA DF","Planilha Resumo DF","Orçamento Sintético - DF - T","Orçamento Analítico - DF - T","Crono. - DF - T","Orçamento Sintético - DF - P","Orçamento Analítico - DF - P","Crono. - DF - P","CAPA MG","Planilha Resumo MG","Orçamento Sintético - MG - T","Orçamento Analítico - MG - T","Crono. - MG - T","Orçamento Sintético - MG - P","Orçamento Analítico - MG - P","Crono. - MG - P"],"not_rendered":{"charts":0,"images":2,"macros":0,"external_links":0,"defined_names":4557,"comments":0,"pivot_tables":0},"unopened":[],"bounds":{"document_bytes":16777216,"sheet_cells":100000,"run_cost":"one","rows_first":2000,"rows_last":500,"rows_between":2000,"halvings":0,"cell_chars":16384,"cell_head_chars":4096},"cells_cut":0,"cells_raw":0,"read":"whole","date_system":"1900"}

{"sheet":"CAPA GO","index":0,"n_rows":7,"n_cols":2,"rows_kept":7,"cut":false,"hidden":false,"merged":[[6,1,16,11]]}
[]
[]
[]
[]
[]
[]
[null,"EXECUÇÃO DE SERVIÇOS DE PERFURAÇÃO E INSTALAÇÃO DE POÇOS TUBULARES EM GOIÁS"]

{"sheet":"Planilha Resumo GO","index":1,"n_rows":15,"n_cols":7,"rows_kept":15,"cut":false,"hidden":false,"merged":[[12,1,12,2],[14,1,14,2],[1,1,1,6],[2,1,2,6],[3,1,3,6],[4,1,4,6],[8,1,8,2],[8,4,8,5],[12,4,12,6],[14,4,14,6]]}
[]
[null,"OBJETO: EXECUÇÃO DE SERVIÇOS DE PERFURAÇÃO E INSTALAÇÃO DE POÇOS TUBULARES EM MUNICÍPIOS LOCALIZADOS NO GOIÁS, NA ÁREA DE ATUAÇÃO DA CODEVASF"]
[null,"PLANILHA ORÇAMENTÁRIA ESTIMATIVA GERAL"]
[null,"DATABASE DO ORÇAMENTO: SETEMBRO/2024 - NÃO DESONERADO"]
[null,"PLANILHA RESUMIDA - Grupo 1 GOIÁS"]
[null,"ITEM","DISCRIMINAÇÃO","UND","Quantidade de Poços","PREÇO \nUNITÁRIO","TOTAL"]
[null,1,"Perfuração e instalação de poço tubular parcialmente revestido, instalado com sistema fotovoltaico, bomba submersa, reservatório e bebedouro para animais.","un",108,145333.24,15695989.880000001]
[null,2,"Perfuração e instalação de poços poço tubular totalmente revestido, instalado com sistema fotovoltaico, bomba submersa, reservatório e bebedouro para animais.","un",42,210768.39,8852272.5199999996]
[null,"TOTAL GERAL ESTIMADO GRUPO",null,"un",150,null,24548262.399999999]
[]
[]
[]
[null,"Base de Preços Consultados",null,null,"SINAPI - 08/2024 - Goiás\nSBC - 10/2024 - Goiás\nSICRO3 - 04/2024 - Goiás\nORSE - 06/2024 - Sergipe\nSEINFRA - 028 - Ceará\nCPOS/CDHU - 09/2024 - São Paulo\nFDE - 07/2024 - São Paulo\nEMBASA - 05/2024 - Bahia"]
[]
[null,"Encargos Sociais",null,null,"Não Desonerado: \nHorista: 108,84%\nMensalista: 67,24%"]

{"sheet":"Orçamento Sintético - GO - P","index":2,"n_rows":58,"n_cols":12,"rows_kept":58,"cut":false,"hidden":false,"merged":[[0,2,1,5]]}
[null,null,"OBJETO: EXECUÇÃO DE SERVIÇOS DE PERFURAÇÃO E INSTALAÇÃO DE POÇOS TUBULARES EM MUNICÍPIOS LOCALIZADOS NO GOIÁS, NA ÁREA DE ATUAÇÃO DA CODEVASF",{"$nulls":4},"Quantidade de Poços","BDI SERVIÇO","BDI INSUMO","Total","Preço Unitário Por Poço"]
[{"$nulls":7},108,0.26340000000000002,0.15279999999999999,15695989.880000001,145333.24]
["Item","Código","Banco","TIPO","Descrição.","un.","Mem. calc.","Quanti.","Valor Unit","Valor Unit com BDI","Total","Peso (%)"]
[1,null,null,null,"Serviços preliminares.",{"$nulls":5},153178.21,9.7590665622931706E-3]
["1.1","COMPOSIÇÃO - 1","Próprio","Serviço","Administração local da obra - poço parcialmente revestido.","un.",1,108,228.09,288.17,31122.36,1.9828223793426653E-3]
["1.2","COMPOSIÇÃO - 2","Próprio","Serviço","Serviço de locação geológica de campo com relatório hidro geológico e perfil construtivo e geológico esperado. relatório de viabilidade de implantação das estruturas e vistorias preliminares.","un.",1,108,588.1,743.01,80245.08,5.1124574246985939E-3]
["1.3",103689,"SINAPI","Insumo","Fornecimento e instalação de placa de obra com chapa galvanizada e estrutura de madeira. .","m²",0.72,77.760000000000005,466.42,537.69000000000005,41810.769999999997,2.6637867582519105E-3]
[2,null,null,null,"Mobilizaçâo e desmobilizaçâo equipes perfuraçâo e instalação.",{"$nulls":5},270054,1.7205286322470537E-2]
["2.1","COMPOSIÇÃO - 3","Próprio","Serviço","Transporte de comboio perfuração.","km",150,16200,4.71,5.95,96390,6.1410590053209181E-3]
["2.2","COMPOSIÇÃO - 4","Próprio","Serviço","Transporte de comboio instalação.","km",150,16200,5.9,7.45,120690,7.6892251411161076E-3]
["2.3","COMPOSIÇÃO - 5","Próprio","Serviço","Transporte de equipe teste de vazão.","km",150,16200,2.59,3.27,52974,3.3750021760335131E-3]
[3,null,null,null,"Perfuração e completação de poço tubular.",{"$nulls":5},3224713.25,0.20544822433333526]
["3.1",5051,"ORSE","Insumo","Perfuraçao em rocha metassedimentar - metassedimento alterado / compacto dn 6\"  (poço 120m).","m",90,9720,156.31,180.19,1751446.8,0.11158562240357407]
["3.2",5057,"ORSE","Insumo","Perfuração rocha sedimentar sedimento / camadas inconsolidadas dn 12.1/2\" - poço até 150m.","m",30,3240,247.66,285.5,925020,5.8933524235936875E-2]
["3.3","COMPOSIÇÃO - 6","Próprio","Serviço","Serviço de lançamento cimentação anelar, incluso materiais.","m³",1.6,172.8,541.72,684.41,118266.05,7.5347939763070236E-3]
["3.4",9854,"SINAPI","Insumo","Tubo pvc de revestimento geomecanico nervurado standard, dn = 154 mm, comprimento = 2 m.","m",30,3240,115.12,132.71,429980.4,2.739428371751728E-2]
[4,null,null,null,"Pós perfuração.",{"$nulls":5},1266431.76,8.0685052021707851E-2]
["4.1",6305,"ORSE","Insumo","Desenvolvimento com compressor 250psi / 750cfm.","h",2,216,411.16,473.99,102381.84,6.5228023707161048E-3]
["4.2","COMPOSIÇÃO - 7","Próprio","Serviço","Inspeção ótica em poço tubular câmera com rotação de 360º, visada lateral, com fonte própria de luz, entregue vídeo em cores e marcação de profundidades.","m",120,12960,9.42,11.9,154224,9.825694408513469E-3]
["4.3","COMPOSIÇÃO - 8","Próprio","Serviço","Serviço de coleta e análise físico-química e bacteriológica.","un.",1,108,621.19000000000005,784.81,84759.48,5.4000722890374334E-3]
["4.4"," 24.80.22 ","EMBASA","Serviço","Ensaio de bombeamento poço tubular incluso materiais e grupo gerador.","h",24,2592,255.47,322.76,836593.92,5.3299850878853902E-2]
["4.5","COMPOSIÇÃO - 9","Próprio","Serviço","Serviço de instalação de laje sanitária com dimensões (1,5x1,5x0,3) metros , incluso material.","un.",1,108,648.4,819.19,88472.52,5.636632074586939E-3]
[5,null,null,null,"Reservação.",{"$nulls":5},2833685.21,0.18053561652780575]
["5.1","COMPOSIÇÃO - 10","Próprio","Serviço","Fornecimento e instalação de reservatório e base elevada 10 m³.","un.",0.8,86.4,24621.87,31107.27,2687668.13,0.17123278942888817]
["5.2","COMPOSIÇÃO - 11","Próprio","Serviço","Fornecimento e execução de reservatório apoiado de 5 m³.","un.",0.2,21.6,5350.68,6760.05,146017.07999999999,9.3028270989175734E-3]
[6,null,null,null,"Bebedouro.",{"$nulls":5},217537.92000000001,1.3859458477173788E-2]
["6.1","COMPOSIÇÃO - 12","Próprio","Serviço","Serviço de execução do bebedouro em concreto armado, incluso materiais.","un.",1,108,1594.3,2014.24,217537.92000000001,1.3859458477173788E-2]
[7,null,null,null,"Chafariz.",{"$nulls":5},145156.32,9.2479876140185175E-3]
["7.1","COMPOSIÇÃO - 13","Próprio","Serviço","Fornecimento de material e instalação do chafariz.","un.",1,108,1063.83,1344.04,145156.32,9.2479876140185175E-3]
[8,null,null,null,"Cavalete.",{"$nulls":5},207080.28,1.3193196579711351E-2]
["8.1","COMPOSIÇÃO - 14","Próprio","Serviço","Fornecimento de conexões e instalação do cavalete com hidrômetro e clorador de pastilhas.","un.",1,108,1517.66,1917.41,207080.28,1.3193196579711351E-2]
[9,null,null,null,"Instalações hidráulicas.",{"$nulls":5},2091749.89,0.13326651622433383]
["9.1","COMPOSIÇÃO - 15","Próprio","Serviço","Fornecimento e instalação da rede adutora poço-reservatório-bebedouro em pn80 e dn50mm.","m",400,43200,26.96,34.06,1471392,9.3743179706994043E-2]
["9.2","COMPOSIÇÃO - 16","Próprio","Serviço","Montagem hidráulica do equipamento de bombeamento.","un.",1,108,151.97999999999999,192.01,20737.080000000002,1.3211705765957082E-3]
["9.3",38200,"SINAPI","Insumo","Corda de poliamida 12 mm tipo bombeiro, para trabalho em altura.","100m",0.93,100.44,554.87,639.65,64246.45,4.0931760590559195E-3]
["9.4",9860,"SINAPI","Insumo","Tubo pvc, roscavel,  2\", para agua fria predial.","m",90,9720,39.619999999999997,45.67,443912.4,2.8281898968706521E-2]
["9.5",3912,"SINAPI","Insumo","Luva de ferro galvanizado, com rosca bsp, de 2\".","un.",16,1728,39.21,45.2,78105.600000000006,4.9761499973648045E-3]
["9.6",5128,"ORSE","Insumo","Tampa de poço galvanizada em 6\" un.","un.",1,108,107.28,123.67,13356.36,8.5094091561684927E-4]
[10,null,null,null,"Estrutura de fixação para módulos fotovoltáicos.",{"$nulls":5},344741.44,2.1963663498488443E-2]
["10.1","COMPOSIÇÃO - 17","Próprio","Serviço","Serviço de fixação de estruturas para os módulos fotovoltaicos e suportes de concreto, incluso materiais.","m²",10.119999999999999,1092.96,249.66,315.42,344741.44,2.1963663498488443E-2]
[11,null,null,null,"Instalações elétricas e bóia elétrica.",{"$nulls":5},1923407.64,0.12254134047645039]
["11.1","COMPOSIÇÃO - 18","Próprio","Serviço","Montagem e instalação elétrica do kit de bombeamento e sistema fotovoltaico inclusive sistema de aterramento.","un.",1,108,1054.45,1332.19,143876.51999999999,9.1664508641999699E-3]
["11.2",34622,"SINAPI","Insumo","Fornecimento de  cabo flexivel pvc 750 v, 3 condutores de 6,0 mm2.","m",105,11340,22.29,25.7,291438,1.8567672521970304E-2]
["11.3","COMPOSIÇÃO - 19","Próprio","Serviço","Fornecimento e instalação de automático de bóia superior e inferior.","un.",1,108,55.07,69.58,7514.64,4.7876177657168572E-4]
["11.4",39257,"SINAPI","Insumo","Cabo multipolar de cobre, flexivel, classe 4 ou 5, isolacao em hepr, cobertura em pvc-st2, antichama bwf-b, 0,6/1 kv, 3 condutores de 1,5 mm2.","m",200,21600,6.06,6.99,150984,9.6192722570741102E-3]
["11.5","COTAÇÃO-001","Próprio","Serviço","Fornecimento de kit de bombeamento fotovoltaico, incluindo uma bomba cc de 1500w com controladora de carga externa, caixa de proteção metálica, módulos fotovoltaicos compatíveis com a geração de 2200wp além de componentes elétricos necessários para interligação dos painéis, como cabos, conectores mc4 e presilhas de fixação.","un.",1,108,9744.39,12311.06,1329594.48,8.470918305663433E-2]
[12,null,null,null,"Urbanização.",{"$nulls":5},398788.38,2.5407023261918668E-2]
["12.1","COMPOSIÇÃO - 20","Próprio","Serviço","Cerca com mourões de concreto de 15x15cm, espaçados de 3m e cravados a 0,5m, escoras de 10x10cm nos cantos, e 9 fios de arame de aço ovalado 15x17.","m",28,3024,82.19,103.84,314012.15999999997,2.0005884458432127E-2]
["12.2","COMPOSIÇÃO - 21","Próprio","Serviço","Serviço de instalação de portão de ferro com suporte e batedor conforme projeto, incluso material.","m²",1.5,162,414.21,523.30999999999995,84776.22,5.4011388034865375E-3]
[13,null,null,null,"Outros serviços e insumos excepcionais.",{"$nulls":5},2619465.58,0.16688756810029237]
["13.1","COMPOSIÇÃO - 22","Próprio","Serviço","Fornecimento e instalação do pré filtro para revestimento interno.","m³",1.212,130.9,1653,2088.4,273371.56,1.7416649863436329E-2]
["13.2","COMPOSIÇÃO - 23","Próprio","Serviço","Execução de tamponamento conforme especificação.","m³",0.24,25.92,612.79,774.2,20067.259999999998,1.2784959823126489E-3]
["13.3","COMPOSIÇÃO - 24","Próprio","Serviço","Fornecimento e instalação do filtro para revestimento interno ø 4 1/2\".","m",0.6,64.8,107.73,136.11000000000001,8819.93,5.6192250806930306E-4]
["13.4","COMPOSIÇÃO - 25","Próprio","Serviço","Fornecimento e instalação do revestimento interno ø 4 1/2\".","m",34.799999999999997,3758.4,98.96,125.03,469912.75,2.9938395322156003E-2]
["13.5"," M3929 ","SICRO3","Insumo","Tubo em aço-carbono - e = 3,00 mm e d = 150 mm (6\").","m",9,972,171.2287,197.39,191863.08,1.2223700541784496E-2]
["13.6",41699,"SINAPI","Insumo","Tubo de revestimento, em aco, corpo schedule 40, ponteira schedule 80, rosqueavel e segmentado para perfuracao, diametro 8.","m",6,648,2189.0100000000002,2523.4899999999998,1635221.52,0.1041808469871414]
["13.7"," M039706073 ","EMBASA","Insumo","Filtro nold em aço galvanizado dn 6\".","m",0.04,4.32,763.9,880.62,3804.28,2.4237273527090219E-4]
["13.8","COMPOSIÇÃO - 26","Próprio","Serviço","Limpeza manual , remoção de cerca, capina e instalação dos equipamentos (área do poço, painéis solares, bebedouro e reservatório).","m²",70,7560,1.72,2.17,16405.2,1.0451841601212858E-3]

{"sheet":"Orçamento Analítico - GO - P","index":3,"n_rows":440,"n_cols":10,"rows_kept":440,"cut":false,"hidden":false,"merged":[[354,4,354,5],[355,4,355,5],[353,5,353,6],[330,4,330,5],[331,4,331,5],[332,4,332,5],[333,4,333,5],[334,4,334,5],[335,4,335,5],[338,7,338,8],[336,4,336,5],[341,4,341,5],[342,4,342,5],[347,4,347,5],[348,4,348,5],[317,4,317,5],[318,4,318,5],[319,4,319,5],[321,7,321,8],[324,4,324,5],[325,4,325,5],[327,7,327,8],[344,7,344,8],[350,7,350,8],[308,4,308,5],[309,4,309,5],[310,4,310,5],[311,4,311,5],[312,4,312,5],[313,4,313,5],[314,4,314,5],[315,4,315,5],[316,4,316,5],[296,4,296,5],[297,4,297,5],[298,4,298,5],[299,4,299,5],[300,4,300,5],[301,4,301,5],[303,7,303,8],[306,5,306,6],[307,4,307,5],[198,7,198,8],[201,5,201,6],[202,4,202,5],[203,4,203,5],[204,4,204,5],[205,4,205,5],[293,5,293,6],[294,4,294,5],[295,4,295,5],[172,7,172,8],[175,5,175,6],[176,4,176,5],[177,4,177,5],[178,4,178,5],[179,4,179,5],[180,4,180,5],[181,4,181,5],[196,4,196,5],[155,7,155,8],[145,4,145,5],[146,4,146,5],[147,4,147,5],[148,4,148,5],[149,4,149,5],[150,4,150,5],[151,4,151,5],[158,4,158,5],[195,4,195,5],[138,4,138,5],[139,4,139,5],[140,4,140,5],[141,4,141,5],[142,4,142,5],[143,4,143,5],[144,4,144,5],[152,4,152,5],[153,4,153,5],[159,4,159,5],[160,4,160,5],[161,4,161,5],[162,4,162,5],[163,4,163,5],[164,4,164,5],[165,4,165,5],[166,4,166,5],[167,4,167,5],[168,4,168,5],[169,4,169,5],[170,4,170,5],[186,4,186,5],[187,4,187,5],[188,4,188,5],[189,4,189,5],[190,4,190,5],[191,4,191,5],[192,4,192,5],[193,4,193,5],[194,4,194,5],[133,4,133,5],[134,4,134,5],[135,4,135,5],[136,4,136,5],[137,4,137,5],[182,4,182,5],[183,4,183,5],[184,4,184,5],[185,4,185,5],[52,4,52,5],[53,4,53,5],[54,4,54,5],[55,4,55,5],[57,7,57,8],[60,5,60,6],[61,4,61,5],[131,4,131,5],[132,4,132,5],[37,4,37,5],[38,4,38,5],[39,4,39,5],[41,7,41,8],[44,4,44,5],[45,4,45,5],[46,4,46,5],[47,4,47,5],[49,7,49,8],[25,4,25,5],[26,4,26,5],[27,4,27,5],[28,4,28,5],[29,4,29,5],[30,4,30,5],[32,7,32,8],[35,5,35,6],[36,4,36,5],[121,4,121,5],[122,4,122,5],[123,4,123,5],[125,7,125,8],[128,5,128,6],[129,4,129,5],[130,4,130,5],[0,2,2,7],[3,0,3,9],[4,5,4,6],[5,4,5,5],[6,4,6,5],[7,4,7,5],[10,7,10,8],[8,4,8,5],[13,4,13,5],[14,4,14,5],[15,4,15,5],[16,4,16,5],[17,4,17,5],[19,7,19,8],[22,4,22,5],[23,4,23,5],[24,4,24,5],[107,7,107,8],[110,4,110,5],[111,4,111,5],[112,4,112,5],[113,4,113,5],[115,7,115,8],[118,4,118,5],[119,4,119,5],[120,4,120,5],[94,4,94,5],[95,4,95,5],[96,4,96,5],[99,7,99,8],[97,4,97,5],[102,4,102,5],[103,4,103,5],[104,4,104,5],[105,4,105,5],[410,4,410,5],[411,4,411,5],[413,7,413,8],[434,4,434,5],[435,4,435,5],[436,4,436,5],[438,7,438,8],[62,4,62,5],[64,7,64,8],[67,4,67,5],[68,4,68,5],[70,7,70,8],[73,4,73,5],[74,4,74,5],[75,4,75,5],[77,7,77,8],[80,4,80,5],[81,4,81,5],[83,7,83,8],[86,5,86,6],[87,4,87,5],[88,4,88,5],[89,4,89,5],[91,7,91,8],[398,4,398,5],[399,4,399,5],[400,4,400,5],[401,4,401,5],[404,7,404,8],[402,4,402,5],[407,4,407,5],[408,4,408,5],[409,4,409,5],[383,4,383,5],[384,4,384,5],[386,7,386,8],[389,4,389,5],[390,4,390,5],[391,4,391,5],[392,4,392,5],[393,4,393,5],[395,7,395,8],[371,4,371,5],[372,4,372,5],[373,4,373,5],[375,7,375,8],[378,5,378,6],[379,4,379,5],[380,4,380,5],[381,4,381,5],[382,4,382,5],[287,4,287,5],[288,4,288,5],[290,7,290,8],[425,7,425,8],[431,7,431,8],[416,4,416,5],[417,4,417,5],[419,7,419,8],[422,4,422,5],[423,4,423,5],[428,4,428,5],[429,4,429,5],[356,4,356,5],[357,4,357,5],[358,4,358,5],[359,4,359,5],[360,4,360,5],[361,4,361,5],[364,7,364,8],[362,4,362,5],[367,4,367,5],[368,4,368,5],[369,4,369,5],[370,4,370,5],[247,7,247,8],[250,5,250,6],[251,4,251,5],[252,4,252,5],[253,4,253,5],[276,4,276,5],[281,4,281,5],[282,4,282,5],[284,7,284,8],[237,4,237,5],[238,4,238,5],[239,4,239,5],[240,4,240,5],[241,4,241,5],[242,4,242,5],[243,4,243,5],[244,4,244,5],[245,4,245,5],[228,5,228,6],[229,4,229,5],[230,4,230,5],[231,4,231,5],[232,4,232,5],[233,4,233,5],[234,4,234,5],[235,4,235,5],[236,4,236,5],[269,4,269,5],[270,4,270,5],[272,7,272,8],[275,4,275,5],[278,7,278,8],[206,4,206,5],[207,4,207,5],[208,4,208,5],[209,4,209,5],[210,4,210,5],[211,4,211,5],[212,4,212,5],[213,4,213,5],[214,4,214,5],[215,4,215,5],[216,4,216,5],[217,4,217,5],[218,4,218,5],[219,4,219,5],[220,4,220,5],[221,4,221,5],[222,4,222,5],[223,4,223,5],[225,7,225,8],[254,4,254,5],[255,4,255,5],[256,4,256,5],[258,7,258,8],[261,4,261,5],[262,4,262,5],[263,4,263,5],[264,4,264,5],[266,7,266,8]]}
[null,null,"OBJETO: EXECUÇÃO DE SERVIÇOS DE PERFURAÇÃO E INSTALAÇÃO DE POÇOS TUBULARES EM MUNICÍPIOS LOCALIZADOS NO GOIÁS, NA ÁREA DE ATUAÇÃO DA CODEVASF"]
[]
[]
["PLANILHA ANALÍTICA - POÇO PARCIALMENTE REVESTIDO - GOIÁS"]
[1,null,null,"Serviços preliminares.",{"$nulls":5},1455.46]
["1.1","Código","Banco","Descrição.","Tipo",null,"Und","Quant.","Valor Unit","Total"]
["Composição","COMPOSIÇÃO - 1","Próprio","Administração local da obra - poço parcialmente revestido.","CANT - CANTEIRO DE OBRAS",null,"un","1.00",228.09,228.09]
["Composição Auxiliar",12710,"SBC","Despesas gerais de manutencao canteiro de obras.","INSTALACOES PROVISORIAS",null,"mes","0.03",1805.82,54.17]
["Composição Auxiliar",100321,"SINAPI","Técnico em segurança do trabalho com encargos complementares.","SEDI - SERVIÇOS DIVERSOS",null,"mes","0.03",5797.19,173.92]
[{"$nulls":4},"MO sem LS =>",77.27,"ls =>","84.10","MO com LS =>",161.37]
[{"$nulls":4},"Valor do BDI =>",60.078906000000003,null,"Valor com BDI =>",null,288.17]
[{"$nulls":6},"quant. =>","1.00","Preço Total =>",288.17]
[]
["1.2","Código","Banco","Descrição.","Tipo",null,"und","Quant.","Valor Unit","Total"]
["Composição","COMPOSIÇÃO - 2","Próprio","Serviço de locação geológica de campo com relatório hidro geológico e perfil construtivo e geológico esperado. relatório de viabilidade de implantação das estruturas e vistorias preliminares.","SERT - SERVIÇOS TÉCNICOS",null,"un","1.00",588.1,588.1]
["Composição Auxiliar","1945-01-30","EMBASA","Geologo senior.",3001,null,"hora","5.00",97.41,487.05]
["Insumo",5896,"ORSE","Veículo tipo sedan ou pick-up capacidade 0,6 ton h.","Equipamento",null,"h","5.00",8.33,41.65]
["Insumo",4222,"SINAPI","Gasolina comum.","Material",null,"l","10.00",5.94,59.4]
[{"$nulls":4},"MO sem LS =>",233.22,"ls =>","253.83","MO com LS =>",487.05]
[{"$nulls":4},"Valor do BDI =>",154.90554,null,"Valor com BDI =>",null,743.01]
[{"$nulls":6},"quant. =>","1.00","Preço Total =>",743.01]
[]
["1.3","Código","Banco","Descrição.","Tipo",null,"und","Quant.","Valor Unit","Total"]
["Composição",103689,"SINAPI","Fornecimento e instalação de placa de obra com chapa galvanizada e estrutura de madeira. af_03/2022_ps.","PAVI - PAVIMENTAÇÃO",null,"m²","1.00",466.42,466.42]
["Composição Auxiliar",102234,"SINAPI","Pintura imunizante para madeira, 2 demãos. af_01/2021.","PINT - PINTURAS",null,"m²","0.50",25.59,12.8]
["Composição Auxiliar",88262,"SINAPI","Carpinteiro de formas com encargos complementares.","SEDI - SERVIÇOS DIVERSOS",null,"h","0.37",29.86,11.13]
["Composição Auxiliar",88316,"SINAPI","Servente com encargos complementares.","SEDI - SERVIÇOS DIVERSOS",null,"h","2024-12-01",21.48,24.03]
["Insumo",4509,"SINAPI","Sarrafo *2,5 x 10* cm em pinus, mista ou equivalente da regiao - bruta.","Material",null,"m","3.21",5.52,17.71]
["Insumo",4813,"SINAPI","Placa de obra (para construcao civil) em chapa galvanizada *n. 22*, adesivada, de *2,4 x 1,2* m (sem postes para fixacao).","Material",null,"m²","1.00",400,400]
["Insumo",5065,"SINAPI","Prego de aco polido com cabeca 10 x 10 (7/8 x 17).","Material",null,"kg","0.01",40.61,0.46]
["Insumo",5069,"SINAPI","Prego de aco polido com cabeca 17 x 27 (2 1/2 x 11).","Material",null,"kg","0.01",21.76,0.28999999999999998]
[{"$nulls":4},"MO sem LS =>",14.26,"ls =>","15.52","MO com LS =>",29.78]
[{"$nulls":4},"Valor do BDI =>",122.855028,null,"Valor com BDI =>",null,589.28]
[{"$nulls":6},"quant. =>","0.72","Preço Total =>",424.28]
[]
[2,null,null,"Mobilizaçâo e desmobilizaçâo equipes perfuraçâo e instalação.",{"$nulls":5},2500.5]
["2.1","Código","Banco","Descrição.","Tipo",null,"und","Quant.","Valor Unit","Total"]
["Composição","COMPOSIÇÃO - 3","Próprio","Transporte de comboio perfuração.","TRAN - TRANSPORTES, CARGAS E DESCARGAS",null,"km","1.00",4.71,4.71]
["Composição Auxiliar",5824,"SINAPI","Caminhão toco, pbt 16.000 kg, carga útil máx. 10.685 kg, dist. entre eixos 4,8 m, potência 189 cv, inclusive carroceria fixa aberta de madeira p/ transporte geral de carga seca, dimen. aprox. 2,5 x 7,00 x 0,50 m - chp diurno. af_06/2014.","CHOR - CUSTOS HORÁRIOS DE MÁQUINAS E EQUIPAMENTOS",null,"chp","0.02",217.88,3.63]
["Composição Auxiliar",5826,"SINAPI","Caminhão toco, pbt 16.000 kg, carga útil máx. 10.685 kg, dist. entre eixos 4,8 m, potência 189 cv, inclusive carroceria fixa aberta de madeira p/ transporte geral de carga seca, dimen. aprox. 2,5 x 7,00 x 0,50 m - chi diurno. af_06/2014.","CHOR - CUSTOS HORÁRIOS DE MÁQUINAS E EQUIPAMENTOS",null,"chi","0.02",64.95,1.08]
[{"$nulls":4},"MO sem LS =>",0.41,"ls =>","0.45","MO com LS =>",0.86]
[{"$nulls":4},"Valor do BDI =>",1.2406140000000001,null,"Valor com BDI =>",null,5.95]
[{"$nulls":6},"quant. =>","150.00","Preço Total =>",892.5]
[]
["2.2","Código","Banco","Descrição.","Tipo",null,"und","Quant.","Valor Unit","Total"]
["Composição","COMPOSIÇÃO - 4","Próprio","Transporte de comboio instalação.","TRAN - TRANSPORTES, CARGAS E DESCARGAS",null,"km","1.00",5.9,5.9]
["Composição Auxiliar",5928,"SINAPI","Guindauto hidráulico, capacidade máxima de carga 6200 kg, momento máximo de carga 11,7 tm, alcance máximo horizontal 9,70 m, inclusive caminhão toco pbt 16.000 kg, potência de 189 cv - chp diurno. af_06/2014.","CHOR - CUSTOS HORÁRIOS DE MÁQUINAS E EQUIPAMENTOS",null,"chp","0.02",277.83999999999997,4.63]
["Composição Auxiliar",5930,"SINAPI","Guindauto hidráulico, capacidade máxima de carga 6200 kg, momento máximo de carga 11,7 tm, alcance máximo horizontal 9,70 m, inclusive caminhão toco pbt 16.000 kg, potência de 189 cv - chi diurno. af_06/2014.","CHOR - CUSTOS HORÁRIOS DE MÁQUINAS E EQUIPAMENTOS",null,"chi","0.02",76.19,1.27]
[{"$nulls":4},"MO sem LS =>",0.46,"ls =>","0.50","MO com LS =>",0.96]
[{"$nulls":4},"Valor do BDI =>",1.55406,null,"Valor com BDI =>",null,7.45]
[{"$nulls":6},"quant. =>","150.00","Preço Total =>",1117.5]
[]
["2.3","Código","Banco","Descrição.","Tipo",null,"und","Quant.","Valor Unit","Total"]
["Composição","COMPOSIÇÃO - 5","Próprio","Transporte de equipe teste de vazão.","TRAN - TRANSPORTES, CARGAS E DESCARGAS",null,"km","1.00",2.59,2.59]
["Composição Auxiliar",73467,"SINAPI","Caminhão toco, pbt 14.300 kg, carga útil máx. 9.710 kg, dist. entre eixos 3,56 m, potência 185 cv, inclusive carroceria fixa aberta de madeira p/ transporte geral de carga seca, dimen. aprox. 2,50 x 6,50 x 0,50 m - chp diurno. af_06/2014.","CHOR - CUSTOS HORÁRIOS DE MÁQUINAS E EQUIPAMENTOS",null,"chp","0.01",249.27,2.0699999999999998]
["Composição Auxiliar",91395,"SINAPI","Caminhão toco, pbt 14.300 kg, carga útil máx. 9.710 kg, dist. entre eixos 3,56 m, potência 185 cv, inclusive carroceria fixa aberta de madeira p/ transporte geral de carga seca, dimen. aprox. 2,50 x 6,50 x 0,50 m - chi diurno. af_06/2014.","CHOR - CUSTOS HORÁRIOS DE MÁQUINAS E EQUIPAMENTOS",null,"chi","0.01",62.08,0.52]
[{"$nulls":4},"MO sem LS =>",0.21,"ls =>","0.23","MO com LS =>",0.44]
[{"$nulls":4},"Valor do BDI =>",0.68220599999999998,null,"Valor com BDI =>",null,3.27]
[{"$nulls":6},"quant. =>","150.00","Preço Total =>",490.5]
[]
[3,null,null,"Perfuração e completação de poço tubular.",{"$nulls":5},32713.97]
["3.1","Código","Banco","Descrição.","Tipo",null,"und","Quant.","Valor Unit","Total"]
["Insumo",5051,"ORSE","Perfuraçao em rocha metassedimentar - metassedimento alterado / compacto dn 6\"  (poço 120m).","Serviços",null,"m","1.00",156.31,156.31]
[{"$nulls":4},"MO sem LS =>",0,"ls =>","0.00","MO com LS =>",0]
[{"$nulls":4},"Valor do BDI =>",41.17,null,"Valor com BDI =>",null,197.48]
[{"$nulls":6},"quant. =>","90.00","Preço Total =>",17773.2]
[]
["3.2","Código","Banco","Descrição.","Tipo",null,"und","Quant.","Valor Unit","Total"]
["Insumo",5057,"ORSE","Perfuração rocha sedimentar sedimento / camadas inconsolidadas dn 12.1/2\" - poço até 150m.","Serviços",null,"m","1.00",247.66,247.66]
[{"$nulls":4},"MO sem LS =>",0,"ls =>","0.00","MO com LS =>",0]
[{"$nulls":4},"Valor do BDI =>",65.23,null,"Valor com BDI =>",null,312.89]
[{"$nulls":6},"quant. =>","30.00","Preço Total =>",9386.7000000000007]
[]
["3.3","Código","Banco","Descrição.","Tipo",null,"und","Quant.","Valor Unit","Total"]
["Composição","COMPOSIÇÃO - 6","Próprio","Serviço de lançamento cimentação anelar, incluso materiais.","SEDI - SERVIÇOS DIVERSOS",null,"m³","1.00",541.72,541.72]
["Composição Auxiliar",1903,"ORSE","Argamassa cimento e areia traço t-1 (1:3) - 1 saco cimento 50kg / 3 padiolas areia dim. 0.35 x 0.45 x 0.23 m - confecção mecânica e transporte.","Argamassas",null,"m³","1.00",541.72,541.72]
[{"$nulls":4},"MO sem LS =>",26.14,"ls =>","28.46","MO com LS =>",54.6]
[{"$nulls":4},"Valor do BDI =>",142.68904800000001,null,"Valor com BDI =>",null,684.41]
[{"$nulls":6},"quant. =>","1.74","Preço Total =>",1190.8699999999999]
[]
["3.4","Código","Banco","Descrição.","Tipo",null,"und","Quant.","Valor Unit","Total"]
["Insumo",9854,"SINAPI","Tubo pvc de revestimento geomecanico nervurado standard, dn = 154 mm, comprimento = 2 m.","Material",null,"m","1.00",115.12,115.12]
[{"$nulls":4},"MO sem LS =>",0,"ls =>","0.00","MO com LS =>",0]
[{"$nulls":4},"Valor do BDI =>",30.32,null,"Valor com BDI =>",null,145.44]
[{"$nulls":6},"quant. =>","30.00","Preço Total =>",4363.2]
[]
[4,null,null,"Pós perfuração.",{"$nulls":5},11817.16]
["4.1","Código","Banco","Descrição.","Tipo",null,"und","Quant.","Valor Unit","Total"]
["Composição",6305,"ORSE","Desenvolvimento com compressor 250psi / 750cfm.","Conversão InfoWOrca",null,"h","1.00",411.16,411.16]
["Insumo",5030,"ORSE","Desenvolvimento com compressor 250psi - 750cfm h.","Serviços",null,"h","1.00",411.16,411.16]
[{"$nulls":4},"MO sem LS =>",0,"ls =>","0.00","MO com LS =>",0]
[{"$nulls":4},"Valor do BDI =>",108.299544,null,"Valor com BDI =>",null,519.46]
[{"$nulls":6},"quant. =>","2.00","Preço Total =>",1038.92]
[]
["4.2","Código","Banco","Descrição.","Tipo",null,"und","Quant.","Valor Unit","Total"]
["Composição","COMPOSIÇÃO - 7","Próprio","Inspeção ótica em poço tubular câmera com rotação de 360º, visada lateral, com fonte própria de luz, entregue vídeo em cores e marcação de profundidades.","SEES - SERVIÇOS ESPECIAIS",null,"m","1.00",9.42,9.42]
["Insumo"," H020050004 ","EMBASA","Aparelho de perfilagem optica.","Material",null,"m","1.00",4.4000000000000004,4.4000000000000004]
["Insumo"," B590000022 ","EMBASA","Tecnico medio.","Mão de Obra",null,"h","0.08",60.147199999999998,5.0199999999999996]
[{"$nulls":4},"MO sem LS =>",2.4,"ls =>","2.62","MO com LS =>",5.0199999999999996]
[{"$nulls":4},"Valor do BDI =>",2.4812280000000002,null,"Valor com BDI =>",null,11.9]
[{"$nulls":6},"quant. =>","120.00","Preço Total =>",1428]
[]
["4.3","Código","Banco","Descrição.","Tipo",null,"und","Quant.","Valor Unit","Total"]
["Composição","COMPOSIÇÃO - 8","Próprio","Serviço de coleta e análise físico-química e bacteriológica.","SEDI - SERVIÇOS DIVERSOS",null,"un","1.00",621.19000000000005,621.19000000000005]
["Composição Auxiliar",6312,"ORSE","Análise físico-química da água.","Conversão InfoWOrca",null,"un","1.00",565.21,565.21]
["Composição Auxiliar",6313,"ORSE","Análise bacteriológica da água.","Conversão InfoWOrca",null,"un","1.00",55.98,55.98]
[{"$nulls":4},"MO sem LS =>",0,"ls =>","0.00","MO com LS =>",0]
[{"$nulls":4},"Valor do BDI =>",163.62144599999999,null,"Valor com BDI =>",null,784.81]
[{"$nulls":6},"quant. =>","1.00","Preço Total =>",784.81]
[]
["4.4","Código","Banco","Descrição.","Tipo",null,"und","Quant.","Valor Unit","Total"]
["Composição"," 24.80.22 ","EMBASA","Ensaio de bombeamento poço tubular incluso materiais e grupo gerador.",2480,null,"h","1.00",255.47,255.47]
["Composição Auxiliar"," 24.00.15 ","EMBASA","Equipe (3 profissionais campo) - bombeio.",2400,null,"h","1.00",190.55,190.55]
["Insumo"," H020050001 ","EMBASA","Unidade de ensaio e bombeamento - ueb1 ate 150m3 no sedimento.","Material",null,"h","1.00",64.92,64.92]
[{"$nulls":4},"MO sem LS =>",91.24,"ls =>","99.31","MO com LS =>",190.55]
[{"$nulls":4},"Valor do BDI =>",67.290797999999995,null,"Valor com BDI =>",null,322.76]
[{"$nulls":6},"quant. =>","24.00","Preço Total =>",7746.24]
[]
["4.5","Código","Banco","Descrição.","Tipo",null,"und","Quant.","Valor Unit","Total"]
["Composição","COMPOSIÇÃO - 9","Próprio","Serviço de instalação de laje sanitária com dimensões (1,5x1,5x0,3) metros , incluso material.","SEDI - SERVIÇOS DIVERSOS",null,"un","1.00",648.4,648.4]
["Composição Auxiliar",92522,"SINAPI","Montagem e desmontagem de fôrma de laje maciça, pé-direito simples, em chapa de madeira compensada resinada, 8 utilizações. af_09/2020.","FUES - FUNDAÇÕES E ESTRUTURAS",null,"m²","1.80",43.1,77.58]
["Composição Auxiliar",93358,"SINAPI","Escavação manual de vala com profundidade menor ou igual a 1,30 m. af_02/2021.","MOVT - MOVIMENTO DE TERRA",null,"m³","0.23",84.97,19.12]
["Composição Auxiliar",94975,"SINAPI","Concreto fck = 15mpa, traço 1:3,4:3,5 (em massa seca de cimento/ areia média/ brita 1) - preparo manual. af_05/2021.","FUES - FUNDAÇÕES E ESTRUTURAS",null,"m³","0.68",509.03,343.6]
["Composição Auxiliar",103670,"SINAPI","Lançamento com uso de baldes, adensamento e acabamento de concreto em estruturas. af_02/2022.","FUES - FUNDAÇÕES E ESTRUTURAS",null,"m³","0.68",308.29000000000002,208.1]
[{"$nulls":4},"MO sem LS =>",117.75,"ls =>","128.16","MO com LS =>",245.91]
[{"$nulls":4},"Valor do BDI =>",170.78855999999999,null,"Valor com BDI =>",null,819.19]
[{"$nulls":6},"quant. =>","1.00","Preço Total =>",819.19]
[]
[5,null,null,"Reservação.",{"$nulls":5},26237.83]
["5.1","Código","Banco","Descrição.","Tipo",null,"und","Quant.","Valor Unit","Total"]
["Composição","COMPOSIÇÃO - 10","Próprio","Fornecimento e instalação de reservatório e base elevada 10 m³.","ASTU - ASSENTAMENTO DE TUBOS E PECAS",null,"un","1.00",24621.87,24621.87]
["Composição Auxiliar",92759,"SINAPI","Armação de pilar ou viga de estrutura convencional de concreto armado utilizando aço ca-60 de 5,0 mm - montagem. af_06/2022.","FUES - FUNDAÇÕES E ESTRUTURAS",null,"kg","2024-10-29",13.87,403.62]
["Composição Auxiliar",92761,"SINAPI","Armação de pilar ou viga de estrutura convencional de concreto armado utilizando aço ca-50 de 8,0 mm - montagem. af_06/2022.","FUES - FUNDAÇÕES E ESTRUTURAS",null,"kg","48.00",11.87,569.76]
["Composição Auxiliar",93358,"SINAPI","Escavação manual de vala com profundidade menor ou igual a 1,30 m. af_02/2021.","MOVT - MOVIMENTO DE TERRA",null,"m³","5.20",84.97,441.84]
["Composição Auxiliar",92763,"SINAPI","Armação de pilar ou viga de estrutura convencional de concreto armado utilizando aço ca-50 de 12,5 mm - montagem. af_06/2022.","FUES - FUNDAÇÕES E ESTRUTURAS",null,"kg","118.40",8.7899999999999991,1040.74]
["Composição Auxiliar",94970,"SINAPI","Concreto fck = 20mpa, traço 1:2,7:3 (em massa seca de cimento/ areia média/ brita 1) - preparo mecânico com betoneira 600 l. af_05/2021.","FUES - FUNDAÇÕES E ESTRUTURAS",null,"m³","4.89",473.69,2316.34]
["Composição Auxiliar",103670,"SINAPI","Lançamento com uso de baldes, adensamento e acabamento de concreto em estruturas. af_02/2022.","FUES - FUNDAÇÕES E ESTRUTURAS",null,"m³","6.85",308.29000000000002,2111.79]
["Composição Auxiliar",84651,"SINAPI","Pintura com tinta impermeavel mineral em po, duas demaos.","PINT - PINTURAS",null,"m²","28.66",14.36,411.56]
["Composição Auxiliar",90776,"SINAPI","Encarregado geral com encargos complementares.","SEDI - SERVIÇOS DIVERSOS",null,"h","1.00",34.81,34.81]
["Composição Auxiliar",102482,"SINAPI","Concreto fck = 25mpa, traço 1:2,2:2,5 (em massa seca de cimento/ areia média/ seixo rolado) - preparo mecânico com betoneira 600 l. af_05/2021.","FUES - FUNDAÇÕES E ESTRUTURAS",null,"m³","1.96",663.46,1300.3800000000001]
["Composição Auxiliar",92263,"SINAPI","Fabricação de fôrma para pilares e estruturas similares, em chapa de madeira compensada resinada, e = 17 mm. af_09/2020.","FUES - FUNDAÇÕES E ESTRUTURAS",null,"m²","2024-10-18",184.85,3345.79]
["Composição Auxiliar",89272,"SINAPI","Guindaste hidráulico autopropelido, com lança telescópica 28,80 m, capacidade máxima 30 t, potência 97 kw, tração 4 x 4 - chp diurno. af_11/2014.","CHOR - CUSTOS HORÁRIOS DE MÁQUINAS E EQUIPAMENTOS",null,"chp","13.00",220.35,2864.55]
["Composição Auxiliar",5824,"SINAPI","Caminhão toco, pbt 16.000 kg, carga útil máx. 10.685 kg, dist. entre eixos 4,8 m, potência 189 cv, inclusive carroceria fixa aberta de madeira p/ transporte geral de carga seca, dimen. aprox. 2,5 x 7,00 x 0,50 m - chp diurno. af_06/2014.","CHOR - CUSTOS HORÁRIOS DE MÁQUINAS E EQUIPAMENTOS",null,"chp","24.00",217.88,5229.12]
["Composição Auxiliar",88267,"SINAPI","Encanador ou bombeiro hidráulico com encargos complementares.","SEDI - SERVIÇOS DIVERSOS",null,"h","4.00",29.48,117.92]
["Composição Auxiliar",88248,"SINAPI","Auxiliar de encanador ou bombeiro hidráulico com encargos complementares.","SEDI - SERVIÇOS DIVERSOS",null,"h","4.00",21.18,84.72]
["Insumo",11677,"SINAPI","Registro de esfera, pvc, com volante, vs, soldavel, dn 50 mm, com corpo dividido.","Material",null,"un","1.00",30.98,30.98]
["Insumo",3146,"SINAPI","Fita veda rosca em rolos de 18 mm x 10 m (l x c).","Material",null,"un","0.18",4.41,0.79]
["Insumo",37106,"SINAPI","Caixa d'agua / reservatorio em poliester reforcado com fibra de vidro, 10000 litros, com tampa.","Material",null,"un","1.00",4011.83,4011.83]
["Insumo",9875,"SINAPI","Tubo pvc, soldavel, de 50 mm, agua fria (nbr-5648).","Material",null,"m","15.20",13.64,207.33]
["Insumo",113,"SINAPI","Adaptador pvc soldavel curto com bolsa e rosca, 60 mm x 2\", para agua fria.","Material",null,"un","1.00",9.8699999999999992,9.8699999999999992]
["Insumo",3871,"SINAPI","Luva soldavel com rosca, pvc, 50 mm x 1 1/2\", para agua fria predial.","Material",null,"un","1.00",16.14,16.14]
["Insumo",3540,"SINAPI","Joelho pvc, soldavel, 90 graus, 50 mm, cor marrom, para agua fria predial.","Material",null,"un","5.00",4.41,22.05]
["Insumo",99,"SINAPI","Adaptador pvc soldavel, com flange e anel de vedacao, 50 mm x 1 1/2\", para caixa d'agua.","Material",null,"un","2.00",23.17,46.34]
["Insumo",119,"SINAPI","Adesivo plastico para pvc, bisnaga com 75 gr.","Material",null,"un","0.45",8,3.6]
[{"$nulls":4},"MO sem LS =>",2127.59,"ls =>","2316.17","MO com LS =>",4443.76]
[{"$nulls":4},"Valor do BDI =>",6485.4005580000003,null,"Valor com BDI =>",null,31107.27]
[{"$nulls":6},"quant. =>","0.80","Preço Total =>",24885.82]
[]
["5.2","Código","Banco","Descrição.","Tipo",null,"und","Quant.","Valor Unit","Total"]
["Composição","COMPOSIÇÃO - 11","Próprio","Fornecimento e execução de reservatório apoiado de 5 m³.","SEDI - SERVIÇOS DIVERSOS",null,"un","1.00",5350.68,5350.68]
["Composição Auxiliar",5928,"SINAPI","Guindauto hidráulico, capacidade máxima de carga 6200 kg, momento máximo de carga 11,7 tm, alcance máximo horizontal 9,70 m, inclusive caminhão toco pbt 16.000 kg, potência de 189 cv - chp diurno. af_06/2014.","CHOR - CUSTOS HORÁRIOS DE MÁQUINAS E EQUIPAMENTOS",null,"chp","4.00",277.83999999999997,1111.3599999999999]
["Composição Auxiliar",88309,"SINAPI","Pedreiro com encargos complementares.","SEDI - SERVIÇOS DIVERSOS",null,"h","3.00",30.25,90.75]
["Composição Auxiliar",88316,"SINAPI","Servente com encargos complementares.","SEDI - SERVIÇOS DIVERSOS",null,"h","3.00",21.48,64.44]
["Composição Auxiliar",88262,"SINAPI","Carpinteiro de formas com encargos complementares.","SEDI - SERVIÇOS DIVERSOS",null,"h","3.00",29.86,89.58]
["Composição Auxiliar",102617,"SINAPI","Caixa d´água em poliéster reforçado com fibra de vidro, 5000 litros - fornecimento e instalação. af_06/2021.","INHI - INSTALAÇÕES HIDROS SANITÁRIAS",null,"un","1.00",2894.37,2894.37]
["Composição Auxiliar",92783,"SINAPI","Armação de laje de uma estrutura convencional de concreto armado em uma edificação térrea ou sobrado utilizando aço ca-60 de 4,2 mm - montagem. af_12/2015.","FUES - FUNDAÇÕES E ESTRUTURAS",null,"kg","3.20",18.18,58.18]
["Composição Auxiliar",92759,"SINAPI","Armação de pilar ou viga de estrutura convencional de concreto armado utilizando aço ca-60 de 5,0 mm - montagem. af_06/2022.","FUES - FUNDAÇÕES E ESTRUTURAS",null,"kg","5.60",13.87,77.67]
["Composição Auxiliar",94964,"SINAPI","Concreto fck = 20mpa, traço 1:2,7:3 (em massa seca de cimento/ areia média/ brita 1) - preparo mecânico com betoneira 400 l. af_05/2021.","FUES - FUNDAÇÕES E ESTRUTURAS",null,"m³","1.56",485.57,757.49]
["Composição Auxiliar",84651,"SINAPI","Pintura com tinta impermeavel mineral em po, duas demaos.","PINT - PINTURAS",null,"m²","2.70",14.36,38.770000000000003]
["Composição Auxiliar",92783,"SINAPI","Armação de laje de uma estrutura convencional de concreto armado em uma edificação térrea ou sobrado utilizando aço ca-60 de 4,2 mm - montagem. af_12/2015.","FUES - FUNDAÇÕES E ESTRUTURAS",null,"kg","3.20",18.18,58.18]
["Insumo",7155,"SINAPI","Tela de aco soldada nervurada, ca-60, q-138, (2,20 kg/m2), diametro do fio = 4,2 mm, largura = 2,45 m, espacamento da malha = 10  x 10 cm.","Material",null,"m²","6.16",17.84,109.89]
[{"$nulls":4},"MO sem LS =>",286.54000000000002,"ls =>","311.87","MO com LS =>",598.41]
[{"$nulls":4},"Valor do BDI =>",1409.3691120000001,null,"Valor com BDI =>",null,6760.05]
[{"$nulls":6},"quant. =>","0.20","Preço Total =>",1352.01]
[]
[6,null,null,"Bebedouro.",{"$nulls":5},2014.24]
["6.1","Código","Banco","Descrição.","Tipo",null,"und","Quant.","Valor Unit","Total"]
["Composição","COMPOSIÇÃO - 12","Próprio","Serviço de execução do bebedouro em concreto armado, incluso materiais.","SEDI - SERVIÇOS DIVERSOS",null,"un","1.00",1594.3,1594.3]
["Composição Auxiliar",5928,"SINAPI","Guindauto hidráulico, capacidade máxima de carga 6200 kg, momento máximo de carga 11,7 tm, alcance máximo horizontal 9,70 m, inclusive caminhão toco pbt 16.000 kg, potência de 189 cv - chp diurno. af_06/2014.","CHOR - CUSTOS HORÁRIOS DE MÁQUINAS E EQUIPAMENTOS",null,"chp","2.00",277.83999999999997,555.67999999999995]
["Composição Auxiliar",87445,"SINAPI","Betoneira capacidade nominal 400 l, capacidade de mistura 310 l, motor a diesel potência 5,0 hp, sem carregador - chp diurno. af_05/2023.","CHOR - CUSTOS HORÁRIOS DE MÁQUINAS E EQUIPAMENTOS",null,"chp","0.50",5.28,2.64]
["Composição Auxiliar",88377,"SINAPI","Operador de betoneira estacionária/misturador com encargos complementares.","SEDI - SERVIÇOS DIVERSOS",null,"h","0.50",19.34,9.67]
["Composição Auxiliar",88310,"SINAPI","Pintor com encargos complementares.","SEDI - SERVIÇOS DIVERSOS",null,"h","0.30",31.72,9.52]
["Composição Auxiliar",100301,"SINAPI","Ajudante de pintor com encargos complementares.","SEDI - SERVIÇOS DIVERSOS",null,"h","0.10",23.45,2.35]
["Composição Auxiliar",88245,"SINAPI","Armador com encargos complementares.","SEDI - SERVIÇOS DIVERSOS",null,"h","3.00",30,90]
["Composição Auxiliar",88262,"SINAPI","Carpinteiro de formas com encargos complementares.","SEDI - SERVIÇOS DIVERSOS",null,"h","2.00",29.86,59.72]
["Composição Auxiliar",88316,"SINAPI","Servente com encargos complementares.","SEDI - SERVIÇOS DIVERSOS",null,"h","5.00",21.48,107.4]
["Composição Auxiliar",88309,"SINAPI","Pedreiro com encargos complementares.","SEDI - SERVIÇOS DIVERSOS",null,"h","4.00",30.25,121]
["Insumo",43055,"SINAPI","Aco ca-50, 12,5 mm ou 16,0 mm, vergalhao.","Material",null,"kg","12.00",6.38,76.56]
["Insumo",43059,"SINAPI","Aco ca-60, 4,2 mm, ou 5,0 mm, ou 6,0 mm, ou 7,0 mm, vergalhao.","Material",null,"kg","13.00",6.97,90.61]
["Insumo",32,"SINAPI","Aco ca-50, 6,3 mm, vergalhao.","Material",null,"kg","6.00",7.77,46.62]
["Insumo",370,"SINAPI","Areia media - posto jazida/fornecedor (retirado na jazida, sem transporte).","Material",null,"m³","0.32",140,44.8]
["Insumo",1379,"SINAPI","Cimento portland composto cp ii-32.","Material",null,"kg","127.00",0.7,88.9]
["Insumo",4718,"SINAPI","Pedra britada n. 2 (19 a 38 mm) posto pedreira/fornecedor, sem frete.","Material",null,"m³","0.08",113.59,9.09]
["Insumo",4721,"SINAPI","Pedra britada n. 1 (9,5 a 19 mm) posto pedreira/fornecedor, sem frete.","Material",null,"m³","0.23",112.99,25.99]
["Insumo",3767,"SINAPI","Lixa em folha para parede ou madeira, numero 120, cor vermelha.","Material",null,"un","0.12",0.78,0.09]
["Insumo",7356,"SINAPI","Tinta latex acrilica premium, cor branco fosco.","Material",null,"l","0.18",28.28,5.09]
["Insumo",43681,"SINAPI","Chapa/painel de madeira compensada resinada (madeirite resinado rosa) para forma de concreto, de 2200 x 1100 mm, e = 8 a 12 mm.","Material",null,"m²","7.30",34.049999999999997,248.57]
[{"$nulls":4},"MO sem LS =>",167.86,"ls =>","182.70","MO com LS =>",350.56]
[{"$nulls":4},"Valor do BDI =>",419.93862000000001,null,"Valor com BDI =>",null,2014.24]
[{"$nulls":6},"quant. =>","1.00","Preço Total =>",2014.24]
[]
[7,null,null,"Chafariz.",{"$nulls":5},1344.04]
["7.1","Código","Banco","Descrição.","Tipo",null,"und","Quant.","Valor Unit","Total"]
["Composição","COMPOSIÇÃO - 13","Próprio","Fornecimento de material e instalação do chafariz.","ASTU - ASSENTAMENTO DE TUBOS E PECAS",null,"un","1.00",1063.83,1063.83]
["Composição Auxiliar",88267,"SINAPI","Encanador ou bombeiro hidráulico com encargos complementares.","SEDI - SERVIÇOS DIVERSOS",null,"h","2.00",29.48,58.96]
["Composição Auxiliar",88248,"SINAPI","Auxiliar de encanador ou bombeiro hidráulico com encargos complementares.","SEDI - SERVIÇOS DIVERSOS",null,"h","2.00",21.18,42.36]
["Composição Auxiliar",93358,"SINAPI","Escavação manual de vala com profundidade menor ou igual a 1,30 m. af_02/2021.","MOVT - MOVIMENTO DE TERRA",null,"m³","0.09",84.97,8.07]
["Composição Auxiliar",92270,"SINAPI","Fabricação de fôrma para vigas, com madeira serrada, e = 25 mm. af_09/2020.","FUES - FUNDAÇÕES E ESTRUTURAS",null,"m²","0.63",158.25,99.38]
["Composição Auxiliar",94975,"SINAPI","Concreto fck = 15mpa, traço 1:3,4:3,5 (em massa seca de cimento/ areia média/ brita 1) - preparo manual. af_05/2021.","FUES - FUNDAÇÕES E ESTRUTURAS",null,"m³","0.16",509.03,79.92]
["Composição Auxiliar",2171,"ORSE","Piso cimentado liso traço 1:5, e = 3 cm, c/ junta plástica 3 x 27 mm.","Pisos : Cimentados, em Concreto Simples, tipo Tech-Stone e de Alta Resistência",null,"m²","0.79",52.58,41.28]
["Composição Auxiliar",87904,"SINAPI","Chapisco aplicado em alvenaria (com presença de vãos) e estruturas de concreto de fachada, com colher de pedreiro.  argamassa traço 1:3 com preparo manual. af_10/2022.","REVE - REVESTIMENTO E TRATAMENTO DE SUPERFÍCIES",null,"m²","0.31",8.92,2.8]
["Composição Auxiliar",87529,"SINAPI","Massa única, em argamassa traço 1:2:8, preparo mecânico, aplicada manualmente em paredes internas de ambientes com área entre 5m² e 10m², e = 17,5mm, com taliscas. af_03/2024.","REVE - REVESTIMENTO E TRATAMENTO DE SUPERFÍCIES",null,"m²","0.31",38.25,12.01]
["Composição Auxiliar",84651,"SINAPI","Pintura com tinta impermeavel mineral em po, duas demaos.","PINT - PINTURAS",null,"m²","0.31",14.36,4.51]
["Insumo",765,"SINAPI","Bucha de reducao de ferro galvanizado, com rosca bsp, de 1\" x 3/4\".","Material",null,"un","2.00",11.17,22.34]
["Insumo",9887,"SINAPI","Uniao de ferro galvanizado, com rosca bsp, com assento plano, de 2\".","Material",null,"un","2.00",113.7,227.4]
["Insumo",21013,"SINAPI","Tubo aco galvanizado com costura, classe leve, dn 50 mm ( 2\"),  e = 3,00 mm,  *4,40* kg/m (nbr 5580).","Material",null,"m","1.80",67.989999999999995,122.38]
["Insumo",6298,"SINAPI","Te de ferro galvanizado, de 2\".","Material",null,"un","1.00",74.06,74.06]
["Insumo",3471,"SINAPI","Cotovelo 90 graus de ferro galvanizado, com rosca bsp, de 2\".","Material",null,"un","1.00",55.7,55.7]
["Insumo",113,"SINAPI","Adaptador pvc soldavel curto com bolsa e rosca, 60 mm x 2\", para agua fria.","Material",null,"un","1.00",9.8699999999999992,9.8699999999999992]
["Insumo",818,"SINAPI","Bucha de reducao de pvc, soldavel, curta, com 60 x 50 mm, para agua fria predial.","Material",null,"un","1.00",6.02,6.02]
["Insumo",7604,"SINAPI","Torneira metalica cromada para tanque / jardim, sem bico , cano longo, de parede, padrao popular / uso geral, 1/2 \" ou 3/4 \" (ref 1126).","Material",null,"un","2.00",61.17,122.34]
["Insumo",119,"SINAPI","Adesivo plastico para pvc, bisnaga com 75 gr.","Material",null,"un","1.00",8,8]
["Insumo",3146,"SINAPI","Fita veda rosca em rolos de 18 mm x 10 m (l x c).","Material",null,"un","1.00",4.41,4.41]
["Insumo",771,"SINAPI","Bucha de reducao de ferro galvanizado, com rosca bsp, de 2\" x 1\".","Material",null,"un","2.00",31.01,62.02]
[{"$nulls":4},"MO sem LS =>",68.239999999999995,"ls =>","74.29","MO com LS =>",142.53]
[{"$nulls":4},"Valor do BDI =>",280.21282200000002,null,"Valor com BDI =>",null,1344.04]
[{"$nulls":6},"quant. =>","1.00","Preço Total =>",1344.04]
[]
[8,null,null,"Cavalete.",{"$nulls":5},1917.41]
["8.1","Código","Banco","Descrição.","Tipo",null,"und","Quant.","Valor Unit","Total"]
["Composição","COMPOSIÇÃO - 14","Próprio","Fornecimento de conexões e instalação do cavalete com hidrômetro e clorador de pastilhas.","INHI - INSTALAÇÕES HIDROS SANITÁRIAS",null,"un","1.00",1517.66,1517.66]
["Composição Auxiliar",88248,"SINAPI","Auxiliar de encanador ou bombeiro hidráulico com encargos complementares.","SEDI - SERVIÇOS DIVERSOS",null,"h","3.00",21.18,63.54]
["Insumo",791,"SINAPI","Bucha de reducao de ferro galvanizado, com rosca bsp, de 1 1/2\" x 1\".","Material",null,"un","1.00",23.11,23.11]
["Insumo",9862,"SINAPI","Tubo pvc, roscavel, 1 1/2\",  agua fria predial.","Material",null,"m","1.50",27.69,41.54]
["Insumo",11831,"SINAPI","Torneira plastica para tanque 1/2 \" ou 3/4 \" com bico para mangueira.","Material",null,"un","1.00",16.239999999999998,16.239999999999998]
["Insumo",2121,"SBC","Te de reducao ferro galvanizado 1.1/2\" x 1\".","Material",null,"un","1.00",57.49,57.49]
["Insumo",9569,"ORSE","Adaptador pvc bsxrm d= 35mm x 1 1/2\", linha irriga-lf, tigre ou similar un.","Material",null,"un","1.00",3.04,3.04]
["Insumo",3939,"SINAPI","Luva de ferro galvanizado, com rosca bsp, de 1 1/2\".","Material",null,"un","1.00",25.6,25.6]
["Insumo",1798,"SINAPI","Curva 90 graus de ferro galvanizado, com rosca bsp macho, de 2\".","Material",null,"un","1.00",142.72,142.72]
["Insumo",9887,"SINAPI","Uniao de ferro galvanizado, com rosca bsp, com assento plano, de 2\".","Material",null,"un","2.00",113.7,227.4]
["Insumo"," 00004181/SINAPI ","ORSE","Niple de ferro galvanizado, com rosca bsp, de 2\".","Material",null,"un","2.00",39.24,78.48]
["Insumo",6028,"SINAPI","Registro gaveta bruto em latao forjado, bitola 2 \" (ref 1509).","Material",null,"un","1.00",123.89,123.89]
["Insumo",12775,"SINAPI","Hidrometro multijato / medidor de agua, dn 1\", vazao maxima de 7 m3/h, para agua potavel fria, relojoaria plana, classe b, horizontal (sem conexoes).","Material",null,"un","1.00",350.65,350.65]
["Insumo",771,"SINAPI","Bucha de reducao de ferro galvanizado, com rosca bsp, de 2\" x 1\".","Material",null,"un","1.00",31.01,31.01]
["Insumo",6305,"SINAPI","Te de reducao de ferro galvanizado, com rosca bsp, de 2\" x 1\".","Material",null,"un","1.00",81.98,81.98]
["Insumo",12464,"ORSE","Clorador dosador de cloro de pastilhas automático.","Material",null,"un","1.00",250.97,250.97]
[{"$nulls":4},"MO sem LS =>",21.06,"ls =>","22.92","MO com LS =>",43.98]
[{"$nulls":4},"Valor do BDI =>",399.751644,null,"Valor com BDI =>",null,1917.41]
[{"$nulls":6},"quant. =>","1.00","Preço Total =>",1917.41]
[]
[9,null,null,"Instalações hidráulicas.",{"$nulls":5},19844.46]
["9.1","Código","Banco","Descrição.","Tipo",null,"und","Quant.","Valor Unit","Total"]
["Composição","COMPOSIÇÃO - 15","Próprio","Fornecimento e instalação da rede adutora poço-reservatório-bebedouro em pn80 e dn50mm.","SEDI - SERVIÇOS DIVERSOS",null,"m","1.00",26.96,26.96]
["Composição Auxiliar",88316,"SINAPI","Servente com encargos complementares.","SEDI - SERVIÇOS DIVERSOS",null,"h","0.05",21.48,1.07]
["Composição Auxiliar",93358,"SINAPI","Escavação manual de vala com profundidade menor ou igual a 1,30 m. af_02/2021.","MOVT - MOVIMENTO DE TERRA",null,"m³","0.05",84.97,4.25]
["Insumo",9875,"SINAPI","Tubo pvc, soldavel, de 50 mm, agua fria (nbr-5648).","Material",null,"m","1.00",13.64,13.64]
["Insumo",119,"SINAPI","Adesivo plastico para pvc, bisnaga com 75 gr.","Material",null,"un","1.00",8,8]
[{"$nulls":4},"MO sem LS =>",1.71,"ls =>","1.86","MO com LS =>",3.57]
[{"$nulls":4},"Valor do BDI =>",7.1012639999999996,null,"Valor com BDI =>",null,34.06]
[{"$nulls":6},"quant. =>","400.00","Preço Total =>",13624]
[]
["9.2","Código","Banco","Descrição.","Tipo",null,"und","Quant.","Valor Unit","Total"]
["Composição","COMPOSIÇÃO - 16","Próprio","Montagem hidráulica do equipamento de bombeamento.","INHI - INSTALAÇÕES HIDROS SANITÁRIAS",null,"un","1.00",151.97999999999999,151.97999999999999]
["Composição Auxiliar",88267,"SINAPI","Encanador ou bombeiro hidráulico com encargos complementares.","SEDI - SERVIÇOS DIVERSOS",null,"h","3.00",29.48,88.44]
["Composição Auxiliar",88248,"SINAPI","Auxiliar de encanador ou bombeiro hidráulico com encargos complementares.","SEDI - SERVIÇOS DIVERSOS",null,"h","3.00",21.18,63.54]
[{"$nulls":4},"MO sem LS =>",54.04,"ls =>","58.82","MO com LS =>",112.86]
[{"$nulls":4},"Valor do BDI =>",40.031531999999999,null,"Valor com BDI =>",null,192.01]
[{"$nulls":6},"quant. =>","1.00","Preço Total =>",192.01]
[]
["9.3","Código","Banco","Descrição.","Tipo",null,"und","Quant.","Valor Unit","Total"]
["Insumo",38200,"SINAPI","Corda de poliamida 12 mm tipo bombeiro, para trabalho em altura.","Material",null,"100m","1.00",554.87,554.87]
[{"$nulls":4},"MO sem LS =>",0,"ls =>","0.00","MO com LS =>",0]
[{"$nulls":4},"Valor do BDI =>",84.78,null,"Valor com BDI =>",null,639.65]
[{"$nulls":6},"quant. =>","0.93","Preço Total =>",594.87]
[]
["9.4","Código","Banco","Descrição.","Tipo",null,"und","Quant.","Valor Unit","Total"]
["Insumo",9860,"SINAPI","Tubo pvc, roscavel,  2\", para agua fria predial.","Material",null,"m","1.00",39.619999999999997,39.619999999999997]
[{"$nulls":4},"MO sem LS =>",0,"ls =>","0.00","MO com LS =>",0]
[{"$nulls":4},"Valor do BDI =>",10.44,null,"Valor com BDI =>",null,50.06]
[{"$nulls":6},"quant. =>","90.00","Preço Total =>",4505.3999999999996]
[]
["9.5","Código","Banco","Descrição.","Tipo",null,"und","Quant.","Valor Unit","Total"]
["Insumo",3912,"SINAPI","Luva de ferro galvanizado, com rosca bsp, de 2\".","Material",null,"un","1.00",39.21,39.21]
[{"$nulls":4},"MO sem LS =>",0,"ls =>","0.00","MO com LS =>",0]
[{"$nulls":4},"Valor do BDI =>",10.33,null,"Valor com BDI =>",null,49.54]
[{"$nulls":6},"quant. =>","16.00","Preço Total =>",792.64]
[]
["9.6","Código","Banco","Descrição.","Tipo",null,"und","Quant.","Valor Unit","Total"]
["Insumo",5128,"ORSE","Tampa de poço galvanizada em 6\" un.","Serviços",null,"un","1.00",107.28,107.28]
[{"$nulls":4},"MO sem LS =>",0,"ls =>","0.00","MO com LS =>",0]
[{"$nulls":4},"Valor do BDI =>",28.26,null,"Valor com BDI =>",null,135.54]
[{"$nulls":6},"quant. =>","1.00","Preço Total =>",135.54]
[]
[10,null,null,"Estrutura de fixação para módulos fotovoltáicos.",{"$nulls":5},5046.72]
["10.1","Código","Banco","Descrição.","Tipo",null,"und","Quant.","Valor Unit","Total"]
["Composição","COMPOSIÇÃO - 17","Próprio","Serviço de fixação de estruturas para os módulos fotovoltaicos e suportes de concreto, incluso materiais.","SEDI - SERVIÇOS DIVERSOS",null,"m²","1.00",249.66,249.66]
["Composição Auxiliar",94975,"SINAPI","Concreto fck = 15mpa, traço 1:3,4:3,5 (em massa seca de cimento/ areia média/ brita 1) - preparo manual. af_05/2021.","FUES - FUNDAÇÕES E ESTRUTURAS",null,"m³","0.09",509.03,48.1]
["Composição Auxiliar",93358,"SINAPI","Escavação manual de vala com profundidade menor ou igual a 1,30 m. af_02/2021.","MOVT - MOVIMENTO DE TERRA",null,"m³","0.06",84.97,5.31]
["Composição Auxiliar",96534,"SINAPI","Fabricação, montagem e desmontagem de fôrma para bloco de coroamento, em madeira serrada, e=25 mm, 4 utilizações. af_06/2017.","FUES - FUNDAÇÕES E ESTRUTURAS",null,"m²","0.03",86.69,2.77]
["Composição Auxiliar",88316,"SINAPI","Servente com encargos complementares.","SEDI - SERVIÇOS DIVERSOS",null,"h","2.64",21.48,56.64]
["Composição Auxiliar",88278,"SINAPI","Montador de estrutura metálica com encargos complementares.","SEDI - SERVIÇOS DIVERSOS",null,"h","2.64",22.35,58.94]
["Insumo",15690,"SBC","Estrutura metalica tesoura c/coluna 20/35m(24,72kg/m2).","Material",null,"m²","1.00",77.900000000000006,77.900000000000006]
[{"$nulls":4},"MO sem LS =>",45.15,"ls =>","49.14","MO com LS =>",94.29]
[{"$nulls":4},"Valor do BDI =>",65.760444000000007,null,"Valor com BDI =>",null,315.42]
[{"$nulls":6},"quant. =>","16.00","Preço Total =>",5046.72]
[]
[11,null,null,"Instalações elétricas e bóia elétrica.",{"$nulls":5},17943.330000000002]
["11.1","Código","Banco","Descrição.","Tipo",null,"und","Quant.","Valor Unit","Total"]
["Composição","COMPOSIÇÃO - 18","Próprio","Montagem e instalação elétrica do kit de bombeamento e sistema fotovoltaico inclusive sistema de aterramento.","INEL - INSTALAÇÃO ELÉTRICA/ELETRIFICAÇÃO E ILUMINAÇÃO EXTERNA",null,"un","1.00",1054.45,1054.45]
["Composição Auxiliar",88247,"SINAPI","Auxiliar de eletricista com encargos complementares.","SEDI - SERVIÇOS DIVERSOS",null,"h","8.00",22.18,177.44]
["Insumo",20111,"SINAPI","Fita isolante adesiva antichama, uso ate 750 v, em rolo de 19 mm x 20 m.","Material",null,"un","1.00",9.1,9.1]
["Insumo",2674,"SINAPI","Fornecimento de  eletroduto de pvc rigido roscavel de 3/4 \", sem luva.","Material",null,"m","15.00",4.21,63.15]
["Insumo",12034,"SINAPI","Fornecimento de  curva 180 graus, de pvc rigido roscavel, de 3/4\", para eletroduto.","Material",null,"un","1.00",2.71,2.71]
["Insumo",39272,"SINAPI","Fornecimento de  curva 90 graus, curta, de pvc rigido roscavel, de 3/4\", para eletroduto.","Material",null,"un","2.00",1.48,2.96]
["Insumo",3379,"SINAPI","Haste de aterramento em aco com 3,00 m de comprimento e dn = 5/8\", revestida com baixa camada de cobre, sem conector.","Material",null,"un","0.66",79.37,52.38]
["Insumo",1891,"SINAPI","Fornecimento de  luva em pvc rigido roscavel, de 3/4\", para eletroduto.","Material",null,"un","9.00",0.68,6.12]
["Insumo",425,"SINAPI","Grampo metalico tipo olhal para haste de aterramento de 5/8'', condutor de *10* a 50 mm2.","Material",null,"un","2.00",7.53,15.06]
["Insumo",34643,"SINAPI","Fornecimento de  caixa de inspecao para aterramento e para raios, em polipropileno,  diametro = 300 mm x altura = 400 mm.","Material",null,"un","2.00",38.79,77.58]
["Insumo",867,"SINAPI","Cabo de cobre nu 50 mm2 meio-duro.","Material",null,"m","7.50",56.7,425.25]
["Insumo",54581,"SIURB INFRA","Dps - dispositivo de proteção contra surtos – 45ka – 500 volts - corrente contínua - classe ii - p/ sistema fotovoltáico.","Material",null,"un","1.00",222.7,222.7]
[{"$nulls":4},"MO sem LS =>",57.38,"ls =>","62.46","MO com LS =>",119.84]
[{"$nulls":4},"Valor do BDI =>",277.74212999999997,null,"Valor com BDI =>",null,1332.19]
[{"$nulls":6},"quant. =>","1.00","Preço Total =>",1332.19]
[]
["11.2","Código","Banco","Descrição.","Tipo",null,"und","Quant.","Valor Unit","Total"]
["Insumo",34622,"SINAPI","Fornecimento de  cabo flexivel pvc 750 v, 3 condutores de 6,0 mm2.","Material",null,"m","1.00",22.29,22.29]
[{"$nulls":4},"MO sem LS =>",0,"ls =>","0.00","MO com LS =>",0]
[{"$nulls":4},"Valor do BDI =>",3.41,null,"Valor com BDI =>",null,25.7]
[{"$nulls":6},"quant. =>","105.00","Preço Total =>",2698.5]
[]
["11.3","Código","Banco","Descrição.","Tipo",null,"und","Quant.","Valor Unit","Total"]
["Composição","COMPOSIÇÃO - 19","Próprio","Fornecimento e instalação de automático de bóia superior e inferior.","ASTU - ASSENTAMENTO DE TUBOS E PECAS",null,"un","1.00",55.07,55.07]
["Composição Auxiliar",88264,"SINAPI","Eletricista com encargos complementares.","SEDI - SERVIÇOS DIVERSOS",null,"h","0.20",30.66,6.13]
["Composição Auxiliar",88247,"SINAPI","Auxiliar de eletricista com encargos complementares.","SEDI - SERVIÇOS DIVERSOS",null,"h","0.20",22.18,4.4400000000000004]
["Insumo",7588,"SINAPI","Automatico de boia superior / inferior, *15* a / 250 v.","Material",null,"un","1.00",43.5,43.5]
["Insumo",21127,"SINAPI","Fita isolante adesiva antichama, uso ate 750 v, em rolo de 19 mm x 5 m.","Material",null,"un","0.10",3.44,0.34]
["Insumo",3146,"SINAPI","Fita veda rosca em rolos de 18 mm x 10 m (l x c).","Material",null,"un","0.15",4.41,0.66]
[{"$nulls":4},"MO sem LS =>",3.68,"ls =>","2024-01-04","MO com LS =>",7.69]
[{"$nulls":4},"Valor do BDI =>",14.505438,null,"Valor com BDI =>",null,69.58]
[{"$nulls":6},"quant. =>","1.00","Preço Total =>",69.58]
[]
["11.4","Código","Banco","Descrição.","Tipo",null,"und","Quant.","Valor Unit","Total"]
["Insumo",39257,"SINAPI","Cabo multipolar de cobre, flexivel, classe 4 ou 5, isolacao em hepr, cobertura em pvc-st2, antichama bwf-b, 0,6/1 kv, 3 condutores de 1,5 mm2.","Material",null,"m","1.00",6.06,6.06]
[{"$nulls":4},"MO sem LS =>",0,"ls =>","0.00","MO com LS =>",0]
[{"$nulls":4},"Valor do BDI =>",1.6,null,"Valor com BDI =>",null,7.66]
[{"$nulls":6},"quant. =>","200.00","Preço Total =>",1532]
[]
["11.5","Código","Banco","Descrição.","Tipo",null,"und","Quant.","Valor Unit","Total"]
["Insumo","COTAÇÃO-001","Próprio","Fornecimento de kit de bombeamento fotovoltaico, incluindo uma bomba cc de 1500w com controladora de carga externa, caixa de proteção metálica, módulos fotovoltaicos compatíveis com a geração de 2200wp além de componentes elétricos necessários para interligação dos painéis, como cabos, conectores mc4 e presilhas de fixação.","Serviços",null,"un","1.00",9744.39,9744.39]
[{"$nulls":4},"MO sem LS =>",0,"ls =>","0.00","MO com LS =>",0]
[{"$nulls":4},"Valor do BDI =>",2566.67,null,"Valor com BDI =>",null,12311.06]
[{"$nulls":6},"quant. =>","1.00","Preço Total =>",12311.06]
[]
[12,null,null,"Urbanização.",{"$nulls":5},3692.49]
["12.1","Código","Banco","Descrição.","Tipo",null,"und","Quant.","Valor Unit","Total"]
["Composição","COMPOSIÇÃO - 20","Próprio","Cerca com mourões de concreto de 15x15cm, espaçados de 3m e cravados a 0,5m, escoras de 10x10cm nos cantos, e 9 fios de arame de aço ovalado 15x17.","SEDI - SERVIÇOS DIVERSOS",null,"m","1.00",82.19,82.19]
["Composição Auxiliar",88309,"SINAPI","Pedreiro com encargos complementares.","SEDI - SERVIÇOS DIVERSOS",null,"h","0.34",30.25,10.130000000000001]
["Composição Auxiliar",88316,"SINAPI","Servente com encargos complementares.","SEDI - SERVIÇOS DIVERSOS",null,"h","0.67",21.48,14.41]
["Composição Auxiliar",94975,"SINAPI","Concreto fck = 15mpa, traço 1:3,4:3,5 (em massa seca de cimento/ areia média/ brita 1) - preparo manual. af_05/2021.","FUES - FUNDAÇÕES E ESTRUTURAS",null,"m³","0.03",509.03,14.66]
["Insumo",43130,"SINAPI","Arame galvanizado 12 bwg, d = 2,76 mm (0,048 kg/m) ou 14 bwg, d = 2,11 mm (0,026 kg/m).","Material",null,"kg","0.10",24.3,2.38]
["Insumo",346,"SINAPI","Arame de aco ovalado 15 x 17 ( 45,7 kg, 700 kgf), rolo 1000 m.","Material",null,"kg","0.41",28.78,11.66]
["Insumo",4111,"SINAPI","Escora pre-moldada em concreto, *10 x 10* cm, h = 2,30m.","Material",null,"un","0.16",57.03,9.1199999999999992]
["Insumo"," I1533 ","SEINFRA","Mourão concreto base 15x15cm h=2.3 c/ 12 furos.","Material",null,"un","0.42",47.22,19.829999999999998]
[{"$nulls":4},"MO sem LS =>",9.5500000000000007,"ls =>","10.40","MO com LS =>",19.95]
[{"$nulls":4},"Valor do BDI =>",21.648845999999999,null,"Valor com BDI =>",null,103.84]
[{"$nulls":6},"quant. =>","28.00","Preço Total =>",2907.52]
[]
["12.2","Código","Banco","Descrição.","Tipo",null,"und","Quant.","Valor Unit","Total"]
["Composição","COMPOSIÇÃO - 21","Próprio","Serviço de instalação de portão de ferro com suporte e batedor conforme projeto, incluso material.","SEDI - SERVIÇOS DIVERSOS",null,"m²","1.00",414.21,414.21]
["Composição Auxiliar",88309,"SINAPI","Pedreiro com encargos complementares.","SEDI - SERVIÇOS DIVERSOS",null,"h","1.50",30.25,45.38]
["Composição Auxiliar",88316,"SINAPI","Servente com encargos complementares.","SEDI - SERVIÇOS DIVERSOS",null,"h","1.50",21.48,32.22]
["Insumo",367,"SINAPI","Areia grossa - posto jazida/fornecedor (retirado na jazida, sem transporte).","Material",null,"m³","0.06",141.83000000000001,8.65]
["Insumo",1379,"SINAPI","Cimento portland composto cp ii-32.","Material",null,"kg","4.83",0.7,3.38]
["Insumo",4948,"SINAPI","Portao de abrir / giro, em gradil de metalon redondo de 3/4\"  vertical, com requadro, acabamento natural - completo.","Material",null,"m²","1.00",324.58,324.58]
[{"$nulls":4},"MO sem LS =>",26.88,"ls =>","29.27","MO com LS =>",56.15]
[{"$nulls":4},"Valor do BDI =>",109.102914,null,"Valor com BDI =>",null,523.30999999999995]
[{"$nulls":6},"quant. =>","1.50","Preço Total =>",784.97]
[]
[13,null,null,"Outros serviços e insumos excepcionais.",{"$nulls":5},8953.49]
["13.1","Código","Banco","Descrição.","Tipo",null,"und","Quant.","Valor Unit","Total"]
["Composição","COMPOSIÇÃO - 22","Próprio","Fornecimento e instalação do pré filtro para revestimento interno.","ASTU - ASSENTAMENTO DE TUBOS E PECAS",null,"m³","1.00",1653,1653]
["Composição Auxiliar",90776,"SINAPI","Encarregado geral com encargos complementares.","SEDI - SERVIÇOS DIVERSOS",null,"h","0.40",34.81,13.92]
["Composição Auxiliar",88297,"SINAPI","Operador de máquinas e equipamentos com encargos complementares.","SEDI - SERVIÇOS DIVERSOS",null,"h","0.40",22.39,8.9600000000000009]
["Composição Auxiliar",88316,"SINAPI","Servente com encargos complementares.","SEDI - SERVIÇOS DIVERSOS",null,"h","0.50",21.48,10.74]
["Insumo",5073,"ORSE","Pré-filtro comum.","Serviços",null,"m³","1.00",1619.38,1619.38]
[{"$nulls":4},"MO sem LS =>",12.73,"ls =>","13.85","MO com LS =>",26.58]
[{"$nulls":4},"Valor do BDI =>",435.40019999999998,null,"Valor com BDI =>",null,2088.4]
[{"$nulls":6},"quant. =>","0.18","Preço Total =>",375.91]
[]
["13.2","Código","Banco","Descrição.","Tipo",null,"und","Quant.","Valor Unit","Total"]
["Composição","COMPOSIÇÃO - 23","Próprio","Execução de tamponamento conforme especificação.","SEDI - SERVIÇOS DIVERSOS",null,"m³","1.00",612.79,612.79]
["Composição Auxiliar",87316,"SINAPI","Argamassa traço 1:4 (em volume de cimento e areia grossa úmida) para chapisco convencional, preparo mecânico com betoneira 400 l. af_08/2019.","SEDI - SERVIÇOS DIVERSOS",null,"m³","1.00",478.32,478.32]
["Composição Auxiliar",88316,"SINAPI","Servente com encargos complementares.","SEDI - SERVIÇOS DIVERSOS",null,"h","1.00",21.48,21.48]
["Insumo",4721,"SINAPI","Pedra britada n. 1 (9,5 a 19 mm) posto pedreira/fornecedor, sem frete.","Material",null,"m³","1.00",112.99,112.99]
[{"$nulls":4},"MO sem LS =>",36.479999999999997,"ls =>","39.71","MO com LS =>",76.19]
[{"$nulls":4},"Valor do BDI =>",161.408886,null,"Valor com BDI =>",null,774.2]
[{"$nulls":6},"quant. =>","0.24","Preço Total =>",185.81]
[]
["13.3","Código","Banco","Descrição.","Tipo",null,"und","Quant.","Valor Unit","Total"]
["Composição","COMPOSIÇÃO - 24","Próprio","Fornecimento e instalação do filtro para revestimento interno ø 4 1/2\".","ASTU - ASSENTAMENTO DE TUBOS E PECAS",null,"m","1.00",107.73,107.73]
["Composição Auxiliar",88316,"SINAPI","Servente com encargos complementares.","SEDI - SERVIÇOS DIVERSOS",null,"h","0.65",21.48,13.96]
["Composição Auxiliar",90776,"SINAPI","Encarregado geral com encargos complementares.","SEDI - SERVIÇOS DIVERSOS",null,"h","0.65",34.81,22.63]
["Insumo","COTAÇÃO-002","Próprio","Fornecimento tubo filtro geomecânico classe reforçado diâmetro ø 4 1/2\" com junta roscável.","Material",null,"m","1.00",71.14,71.14]
[{"$nulls":4},"MO sem LS =>",14.46,"ls =>","15.74","MO com LS =>",30.2]
[{"$nulls":4},"Valor do BDI =>",28.376082,null,"Valor com BDI =>",null,136.11000000000001]
[{"$nulls":6},"quant. =>","0.60","Preço Total =>",81.67]
[]
["13.4","Código","Banco","Descrição.","Tipo",null,"und","Quant.","Valor Unit","Total"]
["Composição","COMPOSIÇÃO - 25","Próprio","Fornecimento e instalação do revestimento interno ø 4 1/2\".","ASTU - ASSENTAMENTO DE TUBOS E PECAS",null,"m","1.00",98.96,98.96]
["Composição Auxiliar",88316,"SINAPI","Servente com encargos complementares.","SEDI - SERVIÇOS DIVERSOS",null,"h","0.65",21.48,13.96]
["Composição Auxiliar",90776,"SINAPI","Encarregado geral com encargos complementares.","SEDI - SERVIÇOS DIVERSOS",null,"h","0.65",34.81,22.63]
["Insumo","COTAÇÃO-003","Próprio","Fornecimento tubo revestimento geomecânico classe reforçado ø 4 1/2\" com junta roscável.","Material",null,"m","1.00",62.37,62.37]
[{"$nulls":4},"MO sem LS =>",14.46,"ls =>","15.74","MO com LS =>",30.2]
[{"$nulls":4},"Valor do BDI =>",26.066064000000001,null,"Valor com BDI =>",null,125.03]
[{"$nulls":6},"quant. =>","0.60","Preço Total =>",75.02]
[]
["13.5","Código","Banco","Descrição.","Tipo",null,"und","Quant.","Valor Unit","Total"]
["Insumo"," M3929 ","SICRO3","Tubo em aço-carbono - e = 3,00 mm e d = 150 mm (6\").","Material",null,"m","1.00",171.2287,171.2287]
[{"$nulls":4},"MO sem LS =>",0,"ls =>","0.00","MO com LS =>",0]
[{"$nulls":4},"Valor do BDI =>",45.1,null,"Valor com BDI =>",null,216.33]
[{"$nulls":6},"quant. =>","9.00","Preço Total =>",1946.97]
[]
["13.6","Código","Banco","Descrição.","Tipo",null,"und","Quant.","Valor Unit","Total"]
["Insumo",41699,"SINAPI","Tubo de revestimento, em aco, corpo schedule 40, ponteira schedule 80, rosqueavel e segmentado para perfuracao, diametro 8.","Material",null,"m","1.00",2189.0100000000002,2189.0100000000002]
[{"$nulls":4},"MO sem LS =>",0,"ls =>","0.00","MO com LS =>",0]
[{"$nulls":4},"Valor do BDI =>",576.59,null,"Valor com BDI =>",null,2765.6]
[{"$nulls":6},"quant. =>","1.80","Preço Total =>",4978.08]
[]
["13.7","Código","Banco","Descrição.","Tipo",null,"und","Quant.","Valor Unit","Total"]
["Insumo"," M039706073 ","EMBASA","Filtro nold em aço galvanizado dn 6\".","Material",null,"m","1.00",763.9,763.9]
[{"$nulls":4},"MO sem LS =>",0,"ls =>","0.00","MO com LS =>",0]
[{"$nulls":4},"Valor do BDI =>",201.21,null,"Valor com BDI =>",null,965.11]
[{"$nulls":6},"quant. =>","1.20","Preço Total =>",1158.1300000000001]
[]
["13.8","Código","Banco","Descrição.","Tipo",null,"und","Quant.","Valor Unit","Total"]
["Composição","COMPOSIÇÃO - 26","Próprio","Limpeza manual , remoção de cerca, capina e instalação dos equipamentos (área do poço, painéis solares, bebedouro e reservatório).","SEDI - SERVIÇOS DIVERSOS",null,"m²","1.00",1.72,1.72]
["Composição Auxiliar",88316,"SINAPI","Servente com encargos complementares.","SEDI - SERVIÇOS DIVERSOS",null,"h","0.08",21.48,1.72]
[{"$nulls":4},"MO sem LS =>",0.55000000000000004,"ls =>","0.60","MO com LS =>",1.1499999999999999]
[{"$nulls":4},"Valor do BDI =>",0.45304800000000001,null,"Valor com BDI =>",null,2.17]
[{"$nulls":6},"quant. =>","70.00","Preço Total =>",151.9]

{"sheet":"Crono. - GO - P","index":4,"n_rows":27,"n_cols":15,"rows_kept":27,"cut":false,"hidden":false,"merged":[[0,0,6,14],[7,0,8,14],[23,0,23,1],[23,2,26,2],[24,0,24,1],[25,0,25,1],[26,0,26,1]]}
["OBJETO: EXECUÇÃO DE SERVIÇOS DE PERFURAÇÃO E INSTALAÇÃO DE POÇOS TUBULARES EM MUNICÍPIOS LOCALIZADOS NO GOIÁS, NA ÁREA DE ATUAÇÃO DA CODEVASF"]
[]
[]
[]
[]
[]
[]
["CRONOGRAMA FÍSICO-FINANCEIRO POÇO PARCIALMENTE REVESTIDO"]
[]
["ITEM","ESPECIFICAÇÃO DOS SERVIÇOS","VALOR TOTAL (R$)","Mês 01","Mês 02","Mês 03","Mês 04","Mês 05","Mês 06","Mês 07","Mês 08","Mês 09","Mês 10","Mês 11","Mês 12"]
["1","Serviços preliminares.",153178.21,12764.850833333332,12764.850833333332,12764.850833333332,12764.850833333332,12764.850833333332,12764.850833333332,12764.850833333332,12764.850833333332,12764.850833333332,12764.850833333332,12764.850833333332,12764.850833333332]
["2","Mobilizaçâo e desmobilizaçâo equipes perfuraçâo e instalação.",270054,22504.5,22504.5,22504.5,22504.5,22504.5,22504.5,22504.5,22504.5,22504.5,22504.5,22504.5,22504.5]
["3","Perfuração e completação de poço tubular.",3224713.25,268726.10416666669,268726.10416666669,268726.10416666669,268726.10416666669,268726.10416666669,268726.10416666669,268726.10416666669,268726.10416666669,268726.10416666669,268726.10416666669,268726.10416666669,268726.10416666669]
["4","Pós perfuração.",1266431.76,105535.98,105535.98,105535.98,105535.98,105535.98,105535.98,105535.98,105535.98,105535.98,105535.98,105535.98,105535.98]
["5","Reservação.",2833685.21,236140.43416666667,236140.43416666667,236140.43416666667,236140.43416666667,236140.43416666667,236140.43416666667,236140.43416666667,236140.43416666667,236140.43416666667,236140.43416666667,236140.43416666667,236140.43416666667]
["6","Bebedouro.",217537.92000000001,18128.16,18128.16,18128.16,18128.16,18128.16,18128.16,18128.16,18128.16,18128.16,18128.16,18128.16,18128.16]
["7","Chafariz.",145156.32,12096.36,12096.36,12096.36,12096.36,12096.36,12096.36,12096.36,12096.36,12096.36,12096.36,12096.36,12096.36]
["8","Cavalete.",207080.28,17256.689999999999,17256.689999999999,17256.689999999999,17256.689999999999,17256.689999999999,17256.689999999999,17256.689999999999,17256.689999999999,17256.689999999999,17256.689999999999,17256.689999999999,17256.689999999999]
["9","Instalações hidráulicas.",2091749.89,174312.49083333332,174312.49083333332,174312.49083333332,174312.49083333332,174312.49083333332,174312.49083333332,174312.49083333332,174312.49083333332,174312.49083333332,174312.49083333332,174312.49083333332,174312.49083333332]
["10","Estrutura de fixação para módulos fotovoltáicos.",344741.44,28728.453333333335,28728.453333333335,28728.453333333335,28728.453333333335,28728.453333333335,28728.453333333335,28728.453333333335,28728.453333333335,28728.453333333335,28728.453333333335,28728.453333333335,28728.453333333335]
["11","Instalações elétricas e bóia elétrica.",1923407.64,160283.97,160283.97,160283.97,160283.97,160283.97,160283.97,160283.97,160283.97,160283.97,160283.97,160283.97,160283.97]
["12","Urbanização.",398788.38,33232.364999999998,33232.364999999998,33232.364999999998,33232.364999999998,33232.364999999998,33232.364999999998,33232.364999999998,33232.364999999998,33232.364999999998,33232.364999999998,33232.364999999998,33232.364999999998]
["13","Outros serviços e insumos excepcionais.",2619465.58,218288.79833333334,218288.79833333334,218288.79833333334,218288.79833333334,218288.79833333334,218288.79833333334,218288.79833333334,218288.79833333334,218288.79833333334,218288.79833333334,218288.79833333334,218288.79833333334]
["TOTAL",null,15695989.880000001,1307999.1566666667,1307999.1566666667,1307999.1566666667,1307999.1566666667,1307999.1566666667,1307999.1566666667,1307999.1566666667,1307999.1566666667,1307999.1566666667,1307999.1566666667,1307999.1566666667,1307999.1566666667]
["PERCENTUAL",null,null,8.3333333333333329E-2,8.3333333333333329E-2,8.3333333333333329E-2,8.3333333333333329E-2,8.3333333333333329E-2,8.3333333333333329E-2,8.3333333333333329E-2,8.3333333333333329E-2,8.3333333333333329E-2,8.3333333333333329E-2,8.3333333333333329E-2,8.3333333333333329E-2]
["CUSTO ACUMULADO",null,null,1307999.1566666667,2615998.3133333335,3923997.47,5231996.6266666669,6539995.7833333332,7847994.9399999995,9155994.0966666657,10463993.253333332,11771992.409999998,13079991.566666665,14387990.723333331,15695989.879999997]
["PERCENTUAL ACUMULADO",null,null,8.3333333333333329E-2,0.16666666666666666,0.25,0.33333333333333331,0.41666666666666663,0.49999999999999994,0.58333333333333326,0.66666666666666663,0.75,0.83333333333333337,0.91666666666666674,1]

{"sheet":"Orçamento Sintético - GO - T","index":5,"n_rows":57,"n_cols":12,"rows_kept":57,"cut":false,"hidden":false,"merged":[[0,2,1,5]]}
[null,null,"OBJETO: EXECUÇÃO DE SERVIÇOS DE PERFURAÇÃO E INSTALAÇÃO DE POÇOS TUBULARES EM MUNICÍPIOS LOCALIZADOS NO GOIÁS, NA ÁREA DE ATUAÇÃO DA CODEVASF",{"$nulls":4},"Quantidade de Poços","BDI SERVIÇO","BDI INSUMO","Total","Preço Unitário Por Poço"]
[{"$nulls":7},42,0.26340000000000002,0.15279999999999999,8852272.5199999996,210768.39]
["Item","Código","Banco","TIPO","Descrição.","un.","Mem. calc.","Quanti.","Valor Unit","Valor Unit com BDI","Total","Peso (%)"]
[1,null,null,null,"Serviços preliminares.",{"$nulls":5},140256.35,1.5844106661099495E-2]
["1.1","COMPOSIÇÃO - 1","Próprio","Serviço","Administração local da obra - poço totalmente revestido.","un.",1,42,1748.69,2209.29,92790.18,1.0482074494471166E-2]
["1.2","COMPOSIÇÃO - 2","Próprio","Serviço","Serviço de locação geológica de campo com relatório hidro geológico e perfil construtivo e geológico esperado. relatório de viabilidade de implantação das estruturas e vistorias preliminares.","un.",1,42,588.1,743.01,31206.42,3.5252439336334396E-3]
["1.3",103689,"SINAPI","Insumo","Fornecimento e instalação de placa de obra com chapa galvanizada e estrutura de madeira. .","m²",0.72,30.24,466.42,537.69000000000005,16259.75,1.8367882329948875E-3]
[2,null,null,null,"Mobilizaçâo e desmobilizaçâo equipe campo.",{"$nulls":5},105021,1.1863733268799095E-2]
["2.1","COMPOSIÇÃO - 3","Próprio","Serviço","Transporte de comboio perfuração.","km",150,6300,4.71,5.95,37485,4.2345058757861202E-3]
["2.2","COMPOSIÇÃO - 4","Próprio","Serviço","Transporte de comboio instalação.","km",150,6300,5.9,7.45,46935,5.3020283654800996E-3]
["2.3","COMPOSIÇÃO - 5","Próprio","Serviço","Transporte de equipe teste de vazão.","km",150,6300,2.59,3.27,20601,2.327199027532876E-3]
[3,null,null,null,"Perfuração e completação de poço tubular.",{"$nulls":5},4469972.46,0.50495197136113479]
["3.1","COMPOSIÇÃO - 6","Próprio","Serviço","Perfuração diâmetro de ø 12 1/4\" em rocha - incluso mão de obra para instalação do revestimento e completação anelar.","m",150,6300,326.51,412.51,2598813,0.29357580148244239]
["3.2",5073,"ORSE","Insumo","Fornecimento de pré-filtro comum m3.","m³",7.5138999999999996,315.58,1619.38,1866.82,589131.06000000006,6.6551392161614126E-2]
["3.3",5091,"ORSE","Insumo","Revestimento filtro pvc geomecânico reforçado dn 150mm.","m",15,630,221.38,255.21,160782.29999999999,1.8162827639653371E-2]
["3.4",5024,"ORSE","Insumo","Centralizador em 6\".","un.",10,420,267.02,307.82,129284.4,1.460465656789337E-2]
["3.5",9850,"SINAPI","Insumo","Tubo pvc de revestimento geomecanico nervurado reforcado, dn = 150 mm, comprimento = 2 m.","m",134,5628,147.75,170.33,958617.24,0.10829052515432501]
["3.6","COMPOSIÇÃO - 7","Próprio","Serviço","Serviço de lançamento cimentação anelar, incluso materiais.","m³",1.1599999999999999,48.72,541.72,684.41,33344.46,3.766768355206489E-3]
[4,null,null,null,"Pós perfuração.",{"$nulls":5},507495.24,5.7329373768533733E-2]
["4.1",6305,"ORSE","Insumo","Desenvolvimento com compressor 250psi / 750cfm.","h",2,84,411.16,473.99,39815.160000000003,4.4977331990226624E-3]
["4.2","COMPOSIÇÃO - 8","Próprio","Serviço","Inspeção ótica em poço tubular câmera com rotação de 360º, visada lateral, com fonte própria de luz, entregue vídeo em cores e marcação de profundidades.","m",150,6300,9.42,11.9,74970,8.4690117515722405E-3]
["4.3","COMPOSIÇÃO - 9","Próprio","Serviço","Serviço de coleta e análise físico-química e bacteriológica.","un.",1,42,621.19000000000005,784.81,32962.019999999997,3.7235658894965874E-3]
["4.4","COMPOSIÇÃO - 10","Próprio","Serviço","Serviço de instalação de laje sanitária com dimensões (1,5x1,5x0,3) , incluso material.","un.",1,42,648.4,819.19,34405.980000000003,3.8866833259218283E-3]
["4.5"," 24.80.22 ","EMBASA","Serviço","Ensaio de bombeamento poço tubular incluso materiais e grupo gerador.","h",24,1008,255.47,322.76,325342.08000000002,3.6752379602520417E-2]
[5,null,null,null,"Reservação.",{"$nulls":5},1101988.69,0.1244865301548579]
["5.1","COMPOSIÇÃO - 11","Próprio","Serviço","Fornecimento e instalação de reservatório e base elevada 10 m³.","un.",0.8,33.6,24621.87,31107.27,1045204.27,0.11807185868245278]
["5.2","COMPOSIÇÃO - 12","Próprio","Serviço","Fornecimento e execução de reservatório apoiado de 5 m³.","un.",0.2,8.4,5350.68,6760.05,56784.42,6.4146714724051448E-3]
[6,null,null,null,"Bebedouro.",{"$nulls":5},84598.080000000002,9.5566511095164525E-3]
["6.1","COMPOSIÇÃO - 13","Próprio","Serviço","Serviço de execução do bebedouro em concreto armado, incluso materiais.","un.",1,42,1594.3,2014.24,84598.080000000002,9.5566511095164525E-3]
[7,null,null,null,"Chafariz.",{"$nulls":5},56449.68,6.3768574535479853E-3]
["7.1","COMPOSIÇÃO - 14","Próprio","Serviço","Fornecimento de material e instalação do chafariz.","un.",1,42,1063.83,1344.04,56449.68,6.3768574535479853E-3]
[8,null,null,null,"Cavalete.",{"$nulls":5},80531.22,9.0972368753961495E-3]
["8.1","COMPOSIÇÃO - 15","Próprio","Serviço","Fornecimento de conexões e instalação do cavalete com hidrômetro e clorador de pastilhas.","un.",1,42,1517.66,1917.41,80531.22,9.0972368753961495E-3]
[9,null,null,null,"Instalações hidráulicas poço e adutora.",{"$nulls":5},813458.29,9.1892594603492847E-2]
["9.1","COMPOSIÇÃO - 16","Próprio","Serviço","Fornecimento e instalação da rede adutora poço-reservatório-bebedouro em pn80 e dn50mm.","m",400,16800,26.96,34.06,572208,6.4639672887070135E-2]
["9.2","COMPOSIÇÃO - 17","Próprio","Serviço","Montagem hidráulica do equipamento de bombeamento.","un.",1,42,151.97999999999999,192.01,8064.42,9.1099996998284915E-4]
["9.3",38200,"SINAPI","Insumo","Corda de poliamida 12 mm tipo bombeiro, para trabalho em altura.","100m",0.93,39.06,554.87,639.65,24984.73,2.8224085898340598E-3]
["9.4",9860,"SINAPI","Insumo","Tubo pvc, roscavel,  2\", para agua fria predial.","m",90,3780,39.619999999999997,45.67,172632.6,1.9501500841729625E-2]
["9.5",3912,"SINAPI","Insumo","Luva de ferro galvanizado, com rosca bsp, de 2\".","un.",16,672,39.21,45.2,30374.400000000001,3.431254509096383E-3]
["9.6",5128,"ORSE","Insumo","Tampa de poço galvanizada em 6\" un.","un.",1,42,107.28,123.67,5194.1400000000003,5.8675780577979774E-4]
[10,null,null,null,"Estrutura de fixação para módulos fotovoltáicos.",{"$nulls":5},201099.18,2.2717237810478071E-2]
["10.1","COMPOSIÇÃO - 18","Próprio","Serviço","Serviço de fixação de estruturas para os módulos fotovoltaicos e suportes de concreto, incluso materiais.","m²",15.18,637.55999999999995,249.66,315.42,201099.18,2.2717237810478071E-2]
[11,null,null,null,"Instalações elétricas.",{"$nulls":5},847612.5,9.5750836645051685E-2]
["11.1","COMPOSIÇÃO - 19","Próprio","Serviço","Montagem e instalação elétrica do kit de bombeamento e sistema fotovoltaico inclusive sistema de aterramento.","un.",1,42,1054.45,1332.19,55951.98,6.3206346024241022E-3]
["11.2",34622,"SINAPI","Insumo","Fornecimento de  cabo flexivel pvc 750 v, 3 condutores de 6,0 mm2.","m",105,4410,22.29,25.7,113337,1.2803153059729797E-2]
["11.3","COMPOSIÇÃO - 20","Próprio","Serviço","Fornecimento e instalação de automático de bóia superior e inferior.","un.",1,42,55.07,69.58,2922.36,3.3012539925736498E-4]
["11.4",39257,"SINAPI","Insumo","Cabo multipolar de cobre, flexivel, classe 4 ou 5, isolacao em hepr, cobertura em pvc-st2, antichama bwf-b, 0,6/1 kv, 3 condutores de 1,5 mm2.","m",200,8400,6.06,6.99,58716,6.6328730692985947E-3]
["11.5","COTAÇÃO-001","Próprio","Serviço","Fornecimento de kit de bombeamento fotovoltaico, incluindo uma bomba cc de 2200w com controladora de carga externa,  caixa de proteção metálica, módulos fotovoltaicos compatíveis com a geração de 3300wp além de componentes elétricos necessários para interligação dos painéis, como cabos, conectores mc4 e presilhas de fixação.","un.",1,42,11621.8,14682.98,616685.16,6.9664050514341838E-2]
[12,null,null,null,"Urbanização.",{"$nulls":5},155084.37,1.7519159023811889E-2]
["12.1","COMPOSIÇÃO - 21","Próprio","Serviço","Cerca com mourões de concreto de 15x15cm, espaçados de 3m e cravados a 0,5m, escoras de 10x10cm nos cantos, e 9 fios de arame de aço ovalado 15x17.","m",28,1176,82.19,103.84,122115.84,1.3794857729933512E-2]
["12.2","COMPOSIÇÃO - 22","Próprio","Serviço","Serviço de instalação de portão de ferro com suporte e batedor conforme projeto, incluso material.","m²",1.5,63,414.21,523.30999999999995,32968.53,3.7243012938783771E-3]
[13,null,null,null,"Outros serviços e insumos excepcionais.",{"$nulls":5},288705.46000000002,3.261371126427997E-2]
["13.1","COMPOSIÇÃO - 23","Próprio","Serviço","Execução de tamponamento conforme especificação.","m³",0.08,3.36,612.79,774.2,2601.31,2.9385787594347581E-4]
["13.2",13747,"ORSE","Insumo","Revestimento tubo liso aço sch-40 em 12\".","m",6,252,921.04,1061.77,267566.03999999998,3.0225689436863382E-2]
["13.3"," M3929 ","SICRO3","Insumo","Tubo em aço-carbono - e = 3,00 mm e d = 150 mm (6\").","m",1.44,60.48,171.2287,197.39,11938.15,1.3485972074434058E-3]
["13.4"," M039706073 ","EMBASA","Insumo","Filtro nold em aço galvanizado dn 6\".","m",6.0000000000000001E-3,0.25,763.9,880.62,220.16,2.487044987629911E-5]
["13.5","COMPOSIÇÃO - 24","Próprio","Serviço","Limpeza manual , remoção de cerca, capina e instalação dos equipamentos (área do poço, painéis solares, bebedouro e reservatório).","m²",70,2940,1.72,2.17,6379.8,7.2069629415340243E-4]

{"sheet":"Orçamento Analítico - GO -T","index":6,"n_rows":426,"n_cols":10,"rows_kept":426,"cut":false,"hidden":false,"merged":[[368,4,368,5],[369,4,369,5],[335,7,335,8],[338,4,338,5],[339,4,339,5],[341,7,341,8],[358,7,358,8],[364,7,364,8],[367,5,367,6],[344,4,344,5],[345,4,345,5],[346,4,346,5],[347,4,347,5],[348,4,348,5],[349,4,349,5],[352,7,352,8],[350,4,350,5],[355,4,355,5],[356,4,356,5],[361,4,361,5],[362,4,362,5],[325,4,325,5],[326,4,326,5],[327,4,327,5],[328,4,328,5],[329,4,329,5],[330,4,330,5],[331,4,331,5],[332,4,332,5],[333,4,333,5],[420,4,420,5],[421,4,421,5],[422,4,422,5],[417,7,417,8],[424,7,424,8],[397,4,397,5],[399,7,399,8],[402,4,402,5],[403,4,403,5],[405,7,405,8],[408,4,408,5],[411,7,411,8],[389,7,389,8],[392,5,392,6],[393,4,393,5],[394,4,394,5],[395,4,395,5],[396,4,396,5],[409,4,409,5],[414,4,414,5],[415,4,415,5],[378,7,378,8],[376,4,376,5],[381,4,381,5],[382,4,382,5],[383,4,383,5],[384,4,384,5],[385,4,385,5],[386,4,386,5],[387,4,387,5],[301,4,301,5],[302,4,302,5],[304,7,304,8],[370,4,370,5],[371,4,371,5],[372,4,372,5],[373,4,373,5],[374,4,374,5],[375,4,375,5],[307,5,307,6],[308,4,308,5],[309,4,309,5],[310,4,310,5],[311,4,311,5],[312,4,312,5],[313,4,313,5],[314,4,314,5],[315,4,315,5],[317,7,317,8],[320,5,320,6],[321,4,321,5],[322,4,322,5],[323,4,323,5],[324,4,324,5],[261,7,261,8],[264,5,264,6],[265,4,265,5],[266,4,266,5],[267,4,267,5],[290,4,290,5],[295,4,295,5],[296,4,296,5],[298,7,298,8],[289,4,289,5],[292,7,292,8],[220,4,220,5],[221,4,221,5],[222,4,222,5],[223,4,223,5],[224,4,224,5],[225,4,225,5],[226,4,226,5],[227,4,227,5],[228,4,228,5],[229,4,229,5],[230,4,230,5],[231,4,231,5],[232,4,232,5],[233,4,233,5],[234,4,234,5],[235,4,235,5],[236,4,236,5],[237,4,237,5],[239,7,239,8],[242,5,242,6],[243,4,243,5],[244,4,244,5],[272,7,272,8],[275,4,275,5],[276,4,276,5],[277,4,277,5],[278,4,278,5],[280,7,280,8],[283,4,283,5],[284,4,284,5],[286,7,286,8],[212,7,212,8],[215,5,215,6],[216,4,216,5],[217,4,217,5],[218,4,218,5],[219,4,219,5],[268,4,268,5],[269,4,269,5],[270,4,270,5],[245,4,245,5],[246,4,246,5],[247,4,247,5],[248,4,248,5],[249,4,249,5],[250,4,250,5],[251,4,251,5],[252,4,252,5],[253,4,253,5],[254,4,254,5],[255,4,255,5],[256,4,256,5],[257,4,257,5],[258,4,258,5],[259,4,259,5],[186,7,186,8],[189,5,189,6],[190,4,190,5],[191,4,191,5],[192,4,192,5],[193,4,193,5],[194,4,194,5],[195,4,195,5],[210,4,210,5],[169,7,169,8],[159,4,159,5],[160,4,160,5],[161,4,161,5],[162,4,162,5],[163,4,163,5],[164,4,164,5],[165,4,165,5],[172,4,172,5],[202,4,202,5],[203,4,203,5],[204,4,204,5],[205,4,205,5],[206,4,206,5],[207,4,207,5],[208,4,208,5],[209,4,209,5],[152,4,152,5],[153,4,153,5],[154,4,154,5],[155,4,155,5],[156,4,156,5],[157,4,157,5],[158,4,158,5],[166,4,166,5],[167,4,167,5],[173,4,173,5],[174,4,174,5],[175,4,175,5],[176,4,176,5],[177,4,177,5],[178,4,178,5],[179,4,179,5],[149,4,149,5],[150,4,150,5],[151,4,151,5],[196,4,196,5],[197,4,197,5],[198,4,198,5],[199,4,199,5],[200,4,200,5],[201,4,201,5],[180,4,180,5],[181,4,181,5],[182,4,182,5],[183,4,183,5],[184,4,184,5],[136,4,136,5],[137,4,137,5],[142,5,142,6],[143,4,143,5],[144,4,144,5],[145,4,145,5],[146,4,146,5],[147,4,147,5],[148,4,148,5],[119,4,119,5],[124,4,124,5],[125,4,125,5],[126,4,126,5],[127,4,127,5],[128,4,128,5],[129,4,129,5],[134,4,134,5],[135,4,135,5],[121,7,121,8],[131,7,131,8],[139,7,139,8],[75,4,75,5],[76,4,76,5],[78,7,78,8],[81,4,81,5],[82,4,82,5],[87,4,87,5],[88,4,88,5],[93,4,93,5],[94,4,94,5],[95,4,95,5],[100,5,100,6],[101,4,101,5],[102,4,102,5],[103,4,103,5],[108,4,108,5],[109,4,109,5],[110,4,110,5],[111,4,111,5],[116,4,116,5],[117,4,117,5],[118,4,118,5],[66,7,66,8],[69,4,69,5],[70,4,70,5],[72,7,72,8],[84,7,84,8],[90,7,90,8],[97,7,97,8],[105,7,105,8],[113,7,113,8],[53,4,53,5],[54,4,54,5],[55,4,55,5],[57,7,57,8],[60,5,60,6],[61,4,61,5],[62,4,62,5],[63,4,63,5],[64,4,64,5],[38,4,38,5],[39,4,39,5],[41,7,41,8],[44,4,44,5],[45,4,45,5],[46,4,46,5],[47,4,47,5],[49,7,49,8],[52,4,52,5],[26,4,26,5],[27,4,27,5],[28,4,28,5],[29,4,29,5],[30,4,30,5],[32,7,32,8],[35,5,35,6],[36,4,36,5],[37,4,37,5],[14,4,14,5],[15,4,15,5],[16,4,16,5],[17,4,17,5],[19,7,19,8],[22,4,22,5],[23,4,23,5],[24,4,24,5],[25,4,25,5],[0,2,2,7],[3,0,3,9],[4,5,4,6],[5,4,5,5],[6,4,6,5],[7,4,7,5],[10,7,10,8],[8,4,8,5],[13,4,13,5]]}
[null,null,"OBJETO: EXECUÇÃO DE SERVIÇOS DE PERFURAÇÃO E INSTALAÇÃO DE POÇOS TUBULARES EM MUNICÍPIOS LOCALIZADOS NO GOIÁS, NA ÁREA DE ATUAÇÃO DA CODEVASF"]
[]
[]
["PLANILHA ANALÍTICA - POÇO TOTALMENTE REVESTIDO - GOIÁS"]
[1,null,null,"Serviços preliminares.",{"$nulls":5},3376.58]
["1.1","Código","Banco","Descrição.","Tipo",null,"Und","Quant.","Valor Unit","Total"]
["Composição","COMPOSIÇÃO - 1","Próprio","Administração local da obra - poço totalmente revestido.","CANT - CANTEIRO DE OBRAS",null,"un","1.00",1748.69,1748.69]
["Composição Auxiliar",12710,"SBC","Despesas gerais de manutencao canteiro de obras.","INSTALACOES PROVISORIAS",null,"mes","0.23",1805.82,415.34]
["Composição Auxiliar",100321,"SINAPI","Técnico em segurança do trabalho com encargos complementares.","SEDI - SERVIÇOS DIVERSOS",null,"mes","0.23",5797.19,1333.35]
[{"$nulls":4},"MO sem LS =>",592.39,"ls =>","644.75","MO com LS =>",1237.1400000000001]
[{"$nulls":4},"Valor do BDI =>",460.60494599999998,null,"Valor com BDI =>",null,2209.29]
[{"$nulls":6},"quant. =>","1.00","Preço Total =>",2209.29]
[]
["1.2","Código","Banco","Descrição.","Tipo",null,"und","Quant.","Valor Unit","Total"]
["Composição","COMPOSIÇÃO - 2","Próprio","Serviço de locação geológica de campo com relatório hidro geológico e perfil construtivo e geológico esperado. relatório de viabilidade de implantação das estruturas e vistorias preliminares.","SERT - SERVIÇOS TÉCNICOS",null,"un","1.00",588.1,588.1]
["Composição Auxiliar","1945-01-30","EMBASA","Geologo senior.",3001,null,"hora","5.00",97.41,487.05]
["Insumo",5896,"ORSE","Veículo tipo sedan ou pick-up capacidade 0,6 ton h.","Equipamento",null,"h","5.00",8.33,41.65]
["Insumo",4222,"SINAPI","Gasolina comum.","Material",null,"l","10.00",5.94,59.4]
[{"$nulls":4},"MO sem LS =>",233.22,"ls =>","253.83","MO com LS =>",487.05]
[{"$nulls":4},"Valor do BDI =>",154.90554,null,"Valor com BDI =>",null,743.01]
[{"$nulls":6},"quant. =>","1.00","Preço Total =>",743.01]
[]
["1.3","Código","Banco","Descrição.","Tipo",null,"und","Quant.","Valor Unit","Total"]
["Composição",103689,"SINAPI","Fornecimento e instalação de placa de obra com chapa galvanizada e estrutura de madeira. af_03/2022_ps.","PAVI - PAVIMENTAÇÃO",null,"m²","1.00",466.42,466.42]
["Composição Auxiliar",102234,"SINAPI","Pintura imunizante para madeira, 2 demãos. af_01/2021.","PINT - PINTURAS",null,"m²","0.50",25.59,12.8]
["Composição Auxiliar",88262,"SINAPI","Carpinteiro de formas com encargos complementares.","SEDI - SERVIÇOS DIVERSOS",null,"h","0.37",29.86,11.13]
["Composição Auxiliar",88316,"SINAPI","Servente com encargos complementares.","SEDI - SERVIÇOS DIVERSOS",null,"h","2024-12-01",21.48,24.03]
["Insumo",4509,"SINAPI","Sarrafo *2,5 x 10* cm em pinus, mista ou equivalente da regiao - bruta.","Material",null,"m","3.21",5.52,17.71]
["Insumo",4813,"SINAPI","Placa de obra (para construcao civil) em chapa galvanizada *n. 22*, adesivada, de *2,4 x 1,2* m (sem postes para fixacao).","Material",null,"m²","1.00",400,400]
["Insumo",5065,"SINAPI","Prego de aco polido com cabeca 10 x 10 (7/8 x 17).","Material",null,"kg","0.01",40.61,0.46]
["Insumo",5069,"SINAPI","Prego de aco polido com cabeca 17 x 27 (2 1/2 x 11).","Material",null,"kg","0.01",21.76,0.28999999999999998]
[{"$nulls":4},"MO sem LS =>",14.26,"ls =>","15.52","MO com LS =>",29.78]
[{"$nulls":4},"Valor do BDI =>",122.855028,null,"Valor com BDI =>",null,589.28]
[{"$nulls":6},"quant. =>","0.72","Preço Total =>",424.28]
[]
[2,null,null,"Mobilizaçâo e desmobilizaçâo equipe campo.",{"$nulls":5},2500.5]
["2.1","Código","Banco","Descrição.","Tipo",null,"und","Quant.","Valor Unit","Total"]
["Composição","COMPOSIÇÃO - 3","Próprio","Transporte de comboio perfuração.","TRAN - TRANSPORTES, CARGAS E DESCARGAS",null,"km","1.00",4.71,4.71]
["Composição Auxiliar",5824,"SINAPI","Caminhão toco, pbt 16.000 kg, carga útil máx. 10.685 kg, dist. entre eixos 4,8 m, potência 189 cv, inclusive carroceria fixa aberta de madeira p/ transporte geral de carga seca, dimen. aprox. 2,5 x 7,00 x 0,50 m - chp diurno. af_06/2014.","CHOR - CUSTOS HORÁRIOS DE MÁQUINAS E EQUIPAMENTOS",null,"chp","0.02",217.88,3.63]
["Composição Auxiliar",5826,"SINAPI","Caminhão toco, pbt 16.000 kg, carga útil máx. 10.685 kg, dist. entre eixos 4,8 m, potência 189 cv, inclusive carroceria fixa aberta de madeira p/ transporte geral de carga seca, dimen. aprox. 2,5 x 7,00 x 0,50 m - chi diurno. af_06/2014.","CHOR - CUSTOS HORÁRIOS DE MÁQUINAS E EQUIPAMENTOS",null,"chi","0.02",64.95,1.08]
[{"$nulls":4},"MO sem LS =>",0.41,"ls =>","0.45","MO com LS =>",0.86]
[{"$nulls":4},"Valor do BDI =>",1.2406140000000001,null,"Valor com BDI =>",null,5.95]
[{"$nulls":6},"quant. =>","150.00","Preço Total =>",892.5]
[]
["2.2","Código","Banco","Descrição.","Tipo",null,"und","Quant.","Valor Unit","Total"]
["Composição","COMPOSIÇÃO - 4","Próprio","Transporte de comboio instalação.","TRAN - TRANSPORTES, CARGAS E DESCARGAS",null,"km","1.00",5.9,5.9]
["Composição Auxiliar",5928,"SINAPI","Guindauto hidráulico, capacidade máxima de carga 6200 kg, momento máximo de carga 11,7 tm, alcance máximo horizontal 9,70 m, inclusive caminhão toco pbt 16.000 kg, potência de 189 cv - chp diurno. af_06/2014.","CHOR - CUSTOS HORÁRIOS DE MÁQUINAS E EQUIPAMENTOS",null,"chp","0.02",277.83999999999997,4.63]
["Composição Auxiliar",5930,"SINAPI","Guindauto hidráulico, capacidade máxima de carga 6200 kg, momento máximo de carga 11,7 tm, alcance máximo horizontal 9,70 m, inclusive caminhão toco pbt 16.000 kg, potência de 189 cv - chi diurno. af_06/2014.","CHOR - CUSTOS HORÁRIOS DE MÁQUINAS E EQUIPAMENTOS",null,"chi","0.02",76.19,1.27]
[{"$nulls":4},"MO sem LS =>",0.46,"ls =>",0.5,"MO com LS =>",0.96]
[{"$nulls":4},"Valor do BDI =>",1.55406,null,"Valor com BDI =>",null,7.45]
[{"$nulls":6},"quant. =>","150.00","Preço Total =>",1117.5]
[]
["2.3","Código","Banco","Descrição.","Tipo",null,"und","Quant.","Valor Unit","Total"]
["Composição","COMPOSIÇÃO - 5","Próprio","Transporte de equipe teste de vazão.","TRAN - TRANSPORTES, CARGAS E DESCARGAS",null,"km","1.00",2.59,2.59]
["Composição Auxiliar",73467,"SINAPI","Caminhão toco, pbt 14.300 kg, carga útil máx. 9.710 kg, dist. entre eixos 3,56 m, potência 185 cv, inclusive carroceria fixa aberta de madeira p/ transporte geral de carga seca, dimen. aprox. 2,50 x 6,50 x 0,50 m - chp diurno. af_06/2014.","CHOR - CUSTOS HORÁRIOS DE MÁQUINAS E EQUIPAMENTOS",null,"chp","0.01",249.27,2.0699999999999998]
["Composição Auxiliar",91395,"SINAPI","Caminhão toco, pbt 14.300 kg, carga útil máx. 9.710 kg, dist. entre eixos 3,56 m, potência 185 cv, inclusive carroceria fixa aberta de madeira p/ transporte geral de carga seca, dimen. aprox. 2,50 x 6,50 x 0,50 m - chi diurno. af_06/2014.","CHOR - CUSTOS HORÁRIOS DE MÁQUINAS E EQUIPAMENTOS",null,"chi","0.01",62.08,0.52]
[{"$nulls":4},"MO sem LS =>",0.21,"ls =>","0.23","MO com LS =>",0.44]
[{"$nulls":4},"Valor do BDI =>",0.68220599999999998,null,"Valor com BDI =>",null,3.27]
[{"$nulls":6},"quant. =>","150.00","Preço Total =>",490.5]
[]
[3,null,null,"Perfuração e completação de poço tubular.",{"$nulls":5},108525.81]
["3.1","Código","Banco","Descrição.","Tipo",null,"und","Quant.","Valor Unit","Total"]
["Composição","COMPOSIÇÃO - 6","Próprio","Perfuração diâmetro de ø 12 1/4\" em rocha - incluso mão de obra para instalação do revestimento e completação anelar.","SERT - SERVIÇOS TÉCNICOS",null,"m","1.00",326.51,326.51]
["Composição Auxiliar",6224,"ORSE","Perfuração em sedimento / camadas inconsolidadas dn 12.1/2\" - poço de 150 a 250m.","Conversão InfoWOrca",null,"m","1.00",318.61,318.61]
["Insumo",43366,"SINAPI","Bentonita, argila constituida por  montmorilonita.","Material",null,"kg","5.00",1.58,7.9]
[{"$nulls":4},"MO sem LS =>",0,"ls =>","0.00","MO com LS =>",0]
[{"$nulls":4},"Valor do BDI =>",86.002734000000004,null,"Valor com BDI =>",null,412.51]
[{"$nulls":6},"quant. =>","150.00","Preço Total =>",61876.5]
[]
["3.2","Código","Banco","Descrição.","Tipo",null,"und","Quant.","Valor Unit","Total"]
["Insumo",5073,"ORSE","Fornecimento de pré-filtro comum m3.","Serviços",null,"m³","1.00",1619.38,1619.38]
[{"$nulls":4},"MO sem LS =>",0,"ls =>","0.00","MO com LS =>",0]
[{"$nulls":4},"Valor do BDI =>",247.44,null,"Valor com BDI =>",null,1866.82]
[{"$nulls":6},"quant. =>","6.96","Preço Total =>",12993.07]
[]
["3.3","Código","Banco","Descrição.","Tipo",null,"und","Quant.","Valor Unit","Total"]
["Insumo",5091,"ORSE","Revestimento filtro pvc geomecânico reforçado dn 150mm.","Serviços",null,"m","1.00",221.38,221.38]
[{"$nulls":4},"MO sem LS =>",0,"ls =>","0.00","MO com LS =>",0]
[{"$nulls":4},"Valor do BDI =>",58.31,null,"Valor com BDI =>",null,279.69]
[{"$nulls":6},"quant. =>","16.00","Preço Total =>",4475.04]
[]
["3.4","Código","Banco","Descrição.","Tipo",null,"und","Quant.","Valor Unit","Total"]
["Insumo",5024,"ORSE","Centralizador em 6\".","Serviços",null,"un","1.00",267.02,267.02]
[{"$nulls":4},"MO sem LS =>",0,"ls =>","0.00","MO com LS =>",0]
[{"$nulls":4},"Valor do BDI =>",70.33,null,"Valor com BDI =>",null,337.35]
[{"$nulls":6},"quant. =>","10.00","Preço Total =>",3373.5]
[]
["3.5","Código","Banco","Descrição.","Tipo",null,"und","Quant.","Valor Unit","Total"]
["Insumo",9850,"SINAPI","Tubo pvc de revestimento geomecanico nervurado reforcado, dn = 150 mm, comprimento = 2 m.","Material",null,"m","1.00",147.75,147.75]
[{"$nulls":4},"MO sem LS =>",0,"ls =>","0.00","MO com LS =>",0]
[{"$nulls":4},"Valor do BDI =>",38.92,null,"Valor com BDI =>",null,186.67]
[{"$nulls":6},"quant. =>","134.00","Preço Total =>",25013.78]
[]
["3.6","Código","Banco","Descrição.","Tipo",null,"und","Quant.","Valor Unit","Total"]
["Composição","COMPOSIÇÃO - 7","Próprio","Serviço de lançamento cimentação anelar, incluso materiais.","SEDI - SERVIÇOS DIVERSOS",null,"m³","1.00",541.72,541.72]
["Composição Auxiliar",1903,"ORSE","Argamassa cimento e areia traço t-1 (1:3) - 1 saco cimento 50kg / 3 padiolas areia dim. 0.35 x 0.45 x 0.23 m - confecção mecânica e transporte.","Argamassas",null,"m³","1.00",541.72,541.72]
[{"$nulls":4},"MO sem LS =>",26.14,"ls =>","28.46","MO com LS =>",54.6]
[{"$nulls":4},"Valor do BDI =>",142.68904800000001,null,"Valor com BDI =>",null,684.41]
[{"$nulls":6},"quant. =>","1.16","Preço Total =>",793.92]
[]
[4,null,null,"Pós perfuração.",{"$nulls":5},12174.16]
["4.1","Código","Banco","Descrição.","Tipo",null,"und","Quant.","Valor Unit","Total"]
["Composição",6305,"ORSE","Desenvolvimento com compressor 250psi / 750cfm.","Conversão InfoWOrca",null,"h","1.00",411.16,411.16]
["Insumo",5030,"ORSE","Desenvolvimento com compressor 250psi - 750cfm h.","Serviços",null,"h","1.00",411.16,411.16]
[{"$nulls":4},"MO sem LS =>",0,"ls =>","0.00","MO com LS =>",0]
[{"$nulls":4},"Valor do BDI =>",108.299544,null,"Valor com BDI =>",null,519.46]
[{"$nulls":6},"quant. =>","2.00","Preço Total =>",1038.92]
[]
["4.2","Código","Banco","Descrição.","Tipo",null,"und","Quant.","Valor Unit","Total"]
["Composição","COMPOSIÇÃO - 8","Próprio","Inspeção ótica em poço tubular câmera com rotação de 360º, visada lateral, com fonte própria de luz, entregue vídeo em cores e marcação de profundidades.","SEES - SERVIÇOS ESPECIAIS",null,"m","1.00",9.42,9.42]
["Insumo"," H020050004 ","EMBASA","Aparelho de perfilagem optica.","Material",null,"m","1.00",4.4000000000000004,4.4000000000000004]
["Insumo"," B590000022 ","EMBASA","Tecnico medio.","Mão de Obra",null,"h","0.08",60.147199999999998,5.0199999999999996]
[{"$nulls":4},"MO sem LS =>",2.4,"ls =>","2.62","MO com LS =>",5.0199999999999996]
[{"$nulls":4},"Valor do BDI =>",2.4812280000000002,null,"Valor com BDI =>",null,11.9]
[{"$nulls":6},"quant. =>","150.00","Preço Total =>",1785]
[]
["4.3","Código","Banco","Descrição.","Tipo",null,"und","Quant.","Valor Unit","Total"]
["Composição","COMPOSIÇÃO - 9","Próprio","Serviço de coleta e análise físico-química e bacteriológica.","SEDI - SERVIÇOS DIVERSOS",null,"un","1.00",621.19000000000005,621.19000000000005]
["Composição Auxiliar",6312,"ORSE","Análise físico-química da água.","Conversão InfoWOrca",null,"un","1.00",565.21,565.21]
["Composição Auxiliar",6313,"ORSE","Análise bacteriológica da água.","Conversão InfoWOrca",null,"un","1.00",55.98,55.98]
[{"$nulls":4},"MO sem LS =>",0,"ls =>","0.00","MO com LS =>",0]
[{"$nulls":4},"Valor do BDI =>",163.62144599999999,null,"Valor com BDI =>",null,784.81]
[{"$nulls":6},"quant. =>","1.00","Preço Total =>",784.81]
[]
["4.4","Código","Banco","Descrição.","Tipo",null,"und","Quant.","Valor Unit","Total"]
["Composição","COMPOSIÇÃO - 10","Próprio","Serviço de instalação de laje sanitária com dimensões (1,5x1,5x0,3) , incluso material.","SEDI - SERVIÇOS DIVERSOS",null,"un","1.00",648.4,648.4]
["Composição Auxiliar",92522,"SINAPI","Montagem e desmontagem de fôrma de laje maciça, pé-direito simples, em chapa de madeira compensada resinada, 8 utilizações. af_09/2020.","FUES - FUNDAÇÕES E ESTRUTURAS",null,"m²","1.80",43.1,77.58]
["Composição Auxiliar",93358,"SINAPI","Escavação manual de vala com profundidade menor ou igual a 1,30 m. af_02/2021.","MOVT - MOVIMENTO DE TERRA",null,"m³","0.23",84.97,19.12]
["Composição Auxiliar",94975,"SINAPI","Concreto fck = 15mpa, traço 1:3,4:3,5 (em massa seca de cimento/ areia média/ brita 1) - preparo manual. af_05/2021.","FUES - FUNDAÇÕES E ESTRUTURAS",null,"m³","0.68",509.03,343.6]
["Composição Auxiliar",103670,"SINAPI","Lançamento com uso de baldes, adensamento e acabamento de concreto em estruturas. af_02/2022.","FUES - FUNDAÇÕES E ESTRUTURAS",null,"m³","0.68",308.29000000000002,208.1]
[{"$nulls":4},"MO sem LS =>",117.75,"ls =>","128.16","MO com LS =>",245.91]
[{"$nulls":4},"Valor do BDI =>",170.78855999999999,null,"Valor com BDI =>",null,819.19]
[{"$nulls":6},"quant. =>","1.00","Preço Total =>",819.19]
[]
["4.5","Código","Banco","Descrição.","Tipo",null,"und","Quant.","Valor Unit","Total"]
["Composição"," 24.80.22 ","EMBASA","Ensaio de bombeamento poço tubular incluso materiais e grupo gerador.",2480,null,"h","1.00",255.47,255.47]
["Composição Auxiliar"," 24.00.15 ","EMBASA","Equipe (3 profissionais campo) - bombeio.",2400,null,"h","1.00",190.55,190.55]
["Insumo"," H020050001 ","EMBASA","Unidade de ensaio e bombeamento - ueb1 ate 150m3 no sedimento.","Material",null,"h","1.00",64.92,64.92]
[{"$nulls":4},"MO sem LS =>",91.24,"ls =>","99.31","MO com LS =>",190.55]
[{"$nulls":4},"Valor do BDI =>",67.290797999999995,null,"Valor com BDI =>",null,322.76]
[{"$nulls":6},"quant. =>","24.00","Preço Total =>",7746.24]
[]
[5,null,null,"Reservação.",{"$nulls":5},26237.83]
["5.1","Código","Banco","Descrição.","Tipo",null,"und","Quant.","Valor Unit","Total"]
["Composição","COMPOSIÇÃO - 11","Próprio","Fornecimento e instalação de reservatório e base elevada 10 m³.","ASTU - ASSENTAMENTO DE TUBOS E PECAS",null,"un","1.00",24621.87,24621.87]
["Composição Auxiliar",92759,"SINAPI","Armação de pilar ou viga de estrutura convencional de concreto armado utilizando aço ca-60 de 5,0 mm - montagem. af_06/2022.","FUES - FUNDAÇÕES E ESTRUTURAS",null,"kg","2024-10-29",13.87,403.62]
["Composição Auxiliar",92761,"SINAPI","Armação de pilar ou viga de estrutura convencional de concreto armado utilizando aço ca-50 de 8,0 mm - montagem. af_06/2022.","FUES - FUNDAÇÕES E ESTRUTURAS",null,"kg","48.00",11.87,569.76]
["Composição Auxiliar",93358,"SINAPI","Escavação manual de vala com profundidade menor ou igual a 1,30 m. af_02/2021.","MOVT - MOVIMENTO DE TERRA",null,"m³","5.20",84.97,441.84]
["Composição Auxiliar",92763,"SINAPI","Armação de pilar ou viga de estrutura convencional de concreto armado utilizando aço ca-50 de 12,5 mm - montagem. af_06/2022.","FUES - FUNDAÇÕES E ESTRUTURAS",null,"kg","118.40",8.7899999999999991,1040.74]
["Composição Auxiliar",94970,"SINAPI","Concreto fck = 20mpa, traço 1:2,7:3 (em massa seca de cimento/ areia média/ brita 1) - preparo mecânico com betoneira 600 l. af_05/2021.","FUES - FUNDAÇÕES E ESTRUTURAS",null,"m³","4.89",473.69,2316.34]
["Composição Auxiliar",103670,"SINAPI","Lançamento com uso de baldes, adensamento e acabamento de concreto em estruturas. af_02/2022.","FUES - FUNDAÇÕES E ESTRUTURAS",null,"m³","6.85",308.29000000000002,2111.79]
["Composição Auxiliar",84651,"SINAPI","Pintura com tinta impermeavel mineral em po, duas demaos.","PINT - PINTURAS",null,"m²","28.66",14.36,411.56]
["Composição Auxiliar",90776,"SINAPI","Encarregado geral com encargos complementares.","SEDI - SERVIÇOS DIVERSOS",null,"h","1.00",34.81,34.81]
["Composição Auxiliar",102482,"SINAPI","Concreto fck = 25mpa, traço 1:2,2:2,5 (em massa seca de cimento/ areia média/ seixo rolado) - preparo mecânico com betoneira 600 l. af_05/2021.","FUES - FUNDAÇÕES E ESTRUTURAS",null,"m³","1.96",663.46,1300.3800000000001]
["Composição Auxiliar",92263,"SINAPI","Fabricação de fôrma para pilares e estruturas similares, em chapa de madeira compensada resinada, e = 17 mm. af_09/2020.","FUES - FUNDAÇÕES E ESTRUTURAS",null,"m²","2024-10-18",184.85,3345.79]
["Composição Auxiliar",89272,"SINAPI","Guindaste hidráulico autopropelido, com lança telescópica 28,80 m, capacidade máxima 30 t, potência 97 kw, tração 4 x 4 - chp diurno. af_11/2014.","CHOR - CUSTOS HORÁRIOS DE MÁQUINAS E EQUIPAMENTOS",null,"chp","13.00",220.35,2864.55]
["Composição Auxiliar",5824,"SINAPI","Caminhão toco, pbt 16.000 kg, carga útil máx. 10.685 kg, dist. entre eixos 4,8 m, potência 189 cv, inclusive carroceria fixa aberta de madeira p/ transporte geral de carga seca, dimen. aprox. 2,5 x 7,00 x 0,50 m - chp diurno. af_06/2014.","CHOR - CUSTOS HORÁRIOS DE MÁQUINAS E EQUIPAMENTOS",null,"chp","24.00",217.88,5229.12]
["Composição Auxiliar",88267,"SINAPI","Encanador ou bombeiro hidráulico com encargos complementares.","SEDI - SERVIÇOS DIVERSOS",null,"h","4.00",29.48,117.92]
["Composição Auxiliar",88248,"SINAPI","Auxiliar de encanador ou bombeiro hidráulico com encargos complementares.","SEDI - SERVIÇOS DIVERSOS",null,"h","4.00",21.18,84.72]
["Insumo",11677,"SINAPI","Registro de esfera, pvc, com volante, vs, soldavel, dn 50 mm, com corpo dividido.","Material",null,"un","1.00",30.98,30.98]
["Insumo",3146,"SINAPI","Fita veda rosca em rolos de 18 mm x 10 m (l x c).","Material",null,"un","0.18",4.41,0.79]
["Insumo",37106,"SINAPI","Caixa d'agua / reservatorio em poliester reforcado com fibra de vidro, 10000 litros, com tampa.","Material",null,"un","1.00",4011.83,4011.83]
["Insumo",9875,"SINAPI","Tubo pvc, soldavel, de 50 mm, agua fria (nbr-5648).","Material",null,"m","15.20",13.64,207.33]
["Insumo",113,"SINAPI","Adaptador pvc soldavel curto com bolsa e rosca, 60 mm x 2\", para agua fria.","Material",null,"un","1.00",9.8699999999999992,9.8699999999999992]
["Insumo",3871,"SINAPI","Luva soldavel com rosca, pvc, 50 mm x 1 1/2\", para agua fria predial.","Material",null,"un","1.00",16.14,16.14]
["Insumo",3540,"SINAPI","Joelho pvc, soldavel, 90 graus, 50 mm, cor marrom, para agua fria predial.","Material",null,"un","5.00",4.41,22.05]
["Insumo",99,"SINAPI","Adaptador pvc soldavel, com flange e anel de vedacao, 50 mm x 1 1/2\", para caixa d'agua.","Material",null,"un","2.00",23.17,46.34]
["Insumo",119,"SINAPI","Adesivo plastico para pvc, bisnaga com 75 gr.","Material",null,"un","0.45",8,3.6]
[{"$nulls":4},"MO sem LS =>",2127.59,"ls =>","2316.17","MO com LS =>",4443.76]
[{"$nulls":4},"Valor do BDI =>",6485.4005580000003,null,"Valor com BDI =>",null,31107.27]
[{"$nulls":6},"quant. =>","0.80","Preço Total =>",24885.82]
[]
["5.2","Código","Banco","Descrição.","Tipo",null,"und","Quant.","Valor Unit","Total"]
["Composição","COMPOSIÇÃO - 12","Próprio","Fornecimento e execução de reservatório apoiado de 5 m³.","SEDI - SERVIÇOS DIVERSOS",null,"un","1.00",5350.68,5350.68]
["Composição Auxiliar",5928,"SINAPI","Guindauto hidráulico, capacidade máxima de carga 6200 kg, momento máximo de carga 11,7 tm, alcance máximo horizontal 9,70 m, inclusive caminhão toco pbt 16.000 kg, potência de 189 cv - chp diurno. af_06/2014.","CHOR - CUSTOS HORÁRIOS DE MÁQUINAS E EQUIPAMENTOS",null,"chp","4.00",277.83999999999997,1111.3599999999999]
["Composição Auxiliar",88309,"SINAPI","Pedreiro com encargos complementares.","SEDI - SERVIÇOS DIVERSOS",null,"h","3.00",30.25,90.75]
["Composição Auxiliar",88316,"SINAPI","Servente com encargos complementares.","SEDI - SERVIÇOS DIVERSOS",null,"h","3.00",21.48,64.44]
["Composição Auxiliar",88262,"SINAPI","Carpinteiro de formas com encargos complementares.","SEDI - SERVIÇOS DIVERSOS",null,"h","3.00",29.86,89.58]
["Composição Auxiliar",102617,"SINAPI","Caixa d´água em poliéster reforçado com fibra de vidro, 5000 litros - fornecimento e instalação. af_06/2021.","INHI - INSTALAÇÕES HIDROS SANITÁRIAS",null,"un","1.00",2894.37,2894.37]
["Composição Auxiliar",92783,"SINAPI","Armação de laje de uma estrutura convencional de concreto armado em uma edificação térrea ou sobrado utilizando aço ca-60 de 4,2 mm - montagem. af_12/2015.","FUES - FUNDAÇÕES E ESTRUTURAS",null,"kg","3.20",18.18,58.18]
["Composição Auxiliar",92759,"SINAPI","Armação de pilar ou viga de estrutura convencional de concreto armado utilizando aço ca-60 de 5,0 mm - montagem. af_06/2022.","FUES - FUNDAÇÕES E ESTRUTURAS",null,"kg","5.60",13.87,77.67]
["Composição Auxiliar",94964,"SINAPI","Concreto fck = 20mpa, traço 1:2,7:3 (em massa seca de cimento/ areia média/ brita 1) - preparo mecânico com betoneira 400 l. af_05/2021.","FUES - FUNDAÇÕES E ESTRUTURAS",null,"m³","1.56",485.57,757.49]
["Composição Auxiliar",84651,"SINAPI","Pintura com tinta impermeavel mineral em po, duas demaos.","PINT - PINTURAS",null,"m²","2.70",14.36,38.770000000000003]
["Composição Auxiliar",92783,"SINAPI","Armação de laje de uma estrutura convencional de concreto armado em uma edificação térrea ou sobrado utilizando aço ca-60 de 4,2 mm - montagem. af_12/2015.","FUES - FUNDAÇÕES E ESTRUTURAS",null,"kg","3.20",18.18,58.18]
["Insumo",7155,"SINAPI","Tela de aco soldada nervurada, ca-60, q-138, (2,20 kg/m2), diametro do fio = 4,2 mm, largura = 2,45 m, espacamento da malha = 10  x 10 cm.","Material",null,"m²","6.16",17.84,109.89]
[{"$nulls":4},"MO sem LS =>",286.54000000000002,"ls =>","311.87","MO com LS =>",598.41]
[{"$nulls":4},"Valor do BDI =>",1409.3691120000001,null,"Valor com BDI =>",null,6760.05]
[{"$nulls":6},"quant. =>","0.20","Preço Total =>",1352.01]
[]
[6,null,null,"Bebedouro.",{"$nulls":5},2014.24]
["6.1","Código","Banco","Descrição.","Tipo",null,"und","Quant.","Valor Unit","Total"]
["Composição","COMPOSIÇÃO - 13","Próprio","Serviço de execução do bebedouro em concreto armado, incluso materiais.","SEDI - SERVIÇOS DIVERSOS",null,"un","1.00",1594.3,1594.3]
["Composição Auxiliar",5928,"SINAPI","Guindauto hidráulico, capacidade máxima de carga 6200 kg, momento máximo de carga 11,7 tm, alcance máximo horizontal 9,70 m, inclusive caminhão toco pbt 16.000 kg, potência de 189 cv - chp diurno. af_06/2014.","CHOR - CUSTOS HORÁRIOS DE MÁQUINAS E EQUIPAMENTOS",null,"chp","2.00",277.83999999999997,555.67999999999995]
["Composição Auxiliar",87445,"SINAPI","Betoneira capacidade nominal 400 l, capacidade de mistura 310 l, motor a diesel potência 5,0 hp, sem carregador - chp diurno. af_05/2023.","CHOR - CUSTOS HORÁRIOS DE MÁQUINAS E EQUIPAMENTOS",null,"chp","0.50",5.28,2.64]
["Composição Auxiliar",88377,"SINAPI","Operador de betoneira estacionária/misturador com encargos complementares.","SEDI - SERVIÇOS DIVERSOS",null,"h","0.50",19.34,9.67]
["Composição Auxiliar",88310,"SINAPI","Pintor com encargos complementares.","SEDI - SERVIÇOS DIVERSOS",null,"h","0.30",31.72,9.52]
["Composição Auxiliar",100301,"SINAPI","Ajudante de pintor com encargos complementares.","SEDI - SERVIÇOS DIVERSOS",null,"h","0.10",23.45,2.35]
["Composição Auxiliar",88245,"SINAPI","Armador com encargos complementares.","SEDI - SERVIÇOS DIVERSOS",null,"h","3.00",30,90]
["Composição Auxiliar",88262,"SINAPI","Carpinteiro de formas com encargos complementares.","SEDI - SERVIÇOS DIVERSOS",null,"h","2.00",29.86,59.72]
["Composição Auxiliar",88316,"SINAPI","Servente com encargos complementares.","SEDI - SERVIÇOS DIVERSOS",null,"h","5.00",21.48,107.4]
["Composição Auxiliar",88309,"SINAPI","Pedreiro com encargos complementares.","SEDI - SERVIÇOS DIVERSOS",null,"h","4.00",30.25,121]
["Insumo",43055,"SINAPI","Aco ca-50, 12,5 mm ou 16,0 mm, vergalhao.","Material",null,"kg","12.00",6.38,76.56]
["Insumo",43059,"SINAPI","Aco ca-60, 4,2 mm, ou 5,0 mm, ou 6,0 mm, ou 7,0 mm, vergalhao.","Material",null,"kg","13.00",6.97,90.61]
["Insumo",32,"SINAPI","Aco ca-50, 6,3 mm, vergalhao.","Material",null,"kg","6.00",7.77,46.62]
["Insumo",370,"SINAPI","Areia media - posto jazida/fornecedor (retirado na jazida, sem transporte).","Material",null,"m³","0.32",140,44.8]
["Insumo",1379,"SINAPI","Cimento portland composto cp ii-32.","Material",null,"kg","127.00",0.7,88.9]
["Insumo",4718,"SINAPI","Pedra britada n. 2 (19 a 38 mm) posto pedreira/fornecedor, sem frete.","Material",null,"m³","0.08",113.59,9.09]
["Insumo",4721,"SINAPI","Pedra britada n. 1 (9,5 a 19 mm) posto pedreira/fornecedor, sem frete.","Material",null,"m³","0.23",112.99,25.99]
["Insumo",3767,"SINAPI","Lixa em folha para parede ou madeira, numero 120, cor vermelha.","Material",null,"un","0.12",0.78,0.09]
["Insumo",7356,"SINAPI","Tinta latex acrilica premium, cor branco fosco.","Material",null,"l","0.18",28.28,5.09]
["Insumo",43681,"SINAPI","Chapa/painel de madeira compensada resinada (madeirite resinado rosa) para forma de concreto, de 2200 x 1100 mm, e = 8 a 12 mm.","Material",null,"m²","7.30",34.049999999999997,248.57]
[{"$nulls":4},"MO sem LS =>",167.86,"ls =>","182.70","MO com LS =>",350.56]
[{"$nulls":4},"Valor do BDI =>",419.93862000000001,null,"Valor com BDI =>",null,2014.24]
[{"$nulls":6},"quant. =>","1.00","Preço Total =>",2014.24]
[]
[7,null,null,"Chafariz.",{"$nulls":5},1344.04]
["7.1","Código","Banco","Descrição.","Tipo",null,"und","Quant.","Valor Unit","Total"]
["Composição","COMPOSIÇÃO - 14","Próprio","Fornecimento de material e instalação do chafariz.","ASTU - ASSENTAMENTO DE TUBOS E PECAS",null,"un","1.00",1063.83,1063.83]
["Composição Auxiliar",88267,"SINAPI","Encanador ou bombeiro hidráulico com encargos complementares.","SEDI - SERVIÇOS DIVERSOS",null,"h","2.00",29.48,58.96]
["Composição Auxiliar",88248,"SINAPI","Auxiliar de encanador ou bombeiro hidráulico com encargos complementares.","SEDI - SERVIÇOS DIVERSOS",null,"h","2.00",21.18,42.36]
["Composição Auxiliar",93358,"SINAPI","Escavação manual de vala com profundidade menor ou igual a 1,30 m. af_02/2021.","MOVT - MOVIMENTO DE TERRA",null,"m³","0.09",84.97,8.07]
["Composição Auxiliar",92270,"SINAPI","Fabricação de fôrma para vigas, com madeira serrada, e = 25 mm. af_09/2020.","FUES - FUNDAÇÕES E ESTRUTURAS",null,"m²","0.63",158.25,99.38]
["Composição Auxiliar",94975,"SINAPI","Concreto fck = 15mpa, traço 1:3,4:3,5 (em massa seca de cimento/ areia média/ brita 1) - preparo manual. af_05/2021.","FUES - FUNDAÇÕES E ESTRUTURAS",null,"m³","0.16",509.03,79.92]
["Composição Auxiliar",2171,"ORSE","Piso cimentado liso traço 1:5, e = 3 cm, c/ junta plástica 3 x 27 mm.","Pisos : Cimentados, em Concreto Simples, tipo Tech-Stone e de Alta Resistência",null,"m²","0.79",52.58,41.28]
["Composição Auxiliar",87904,"SINAPI","Chapisco aplicado em alvenaria (com presença de vãos) e estruturas de concreto de fachada, com colher de pedreiro.  argamassa traço 1:3 com preparo manual. af_10/2022.","REVE - REVESTIMENTO E TRATAMENTO DE SUPERFÍCIES",null,"m²","0.31",8.92,2.8]
["Composição Auxiliar",87529,"SINAPI","Massa única, em argamassa traço 1:2:8, preparo mecânico, aplicada manualmente em paredes internas de ambientes com área entre 5m² e 10m², e = 17,5mm, com taliscas. af_03/2024.","REVE - REVESTIMENTO E TRATAMENTO DE SUPERFÍCIES",null,"m²","0.31",38.25,12.01]
["Composição Auxiliar",84651,"SINAPI","Pintura com tinta impermeavel mineral em po, duas demaos.","PINT - PINTURAS",null,"m²","0.31",14.36,4.51]
["Insumo",765,"SINAPI","Bucha de reducao de ferro galvanizado, com rosca bsp, de 1\" x 3/4\".","Material",null,"un","2.00",11.17,22.34]
["Insumo",9887,"SINAPI","Uniao de ferro galvanizado, com rosca bsp, com assento plano, de 2\".","Material",null,"un","2.00",113.7,227.4]
["Insumo",21013,"SINAPI","Tubo aco galvanizado com costura, classe leve, dn 50 mm ( 2\"),  e = 3,00 mm,  *4,40* kg/m (nbr 5580).","Material",null,"m","1.80",67.989999999999995,122.38]
["Insumo",6298,"SINAPI","Te de ferro galvanizado, de 2\".","Material",null,"un","1.00",74.06,74.06]
["Insumo",3471,"SINAPI","Cotovelo 90 graus de ferro galvanizado, com rosca bsp, de 2\".","Material",null,"un","1.00",55.7,55.7]
["Insumo",113,"SINAPI","Adaptador pvc soldavel curto com bolsa e rosca, 60 mm x 2\", para agua fria.","Material",null,"un","1.00",9.8699999999999992,9.8699999999999992]
["Insumo",818,"SINAPI","Bucha de reducao de pvc, soldavel, curta, com 60 x 50 mm, para agua fria predial.","Material",null,"un","1.00",6.02,6.02]
["Insumo",7604,"SINAPI","Torneira metalica cromada para tanque / jardim, sem bico , cano longo, de parede, padrao popular / uso geral, 1/2 \" ou 3/4 \" (ref 1126).","Material",null,"un","2.00",61.17,122.34]
["Insumo",119,"SINAPI","Adesivo plastico para pvc, bisnaga com 75 gr.","Material",null,"un","1.00",8,8]
["Insumo",3146,"SINAPI","Fita veda rosca em rolos de 18 mm x 10 m (l x c).","Material",null,"un","1.00",4.41,4.41]
["Insumo",771,"SINAPI","Bucha de reducao de ferro galvanizado, com rosca bsp, de 2\" x 1\".","Material",null,"un","2.00",31.01,62.02]
[{"$nulls":4},"MO sem LS =>",68.239999999999995,"ls =>","74.29","MO com LS =>",142.53]
[{"$nulls":4},"Valor do BDI =>",280.21282200000002,null,"Valor com BDI =>",null,1344.04]
[{"$nulls":6},"quant. =>","1.00","Preço Total =>",1344.04]
[]
[8,null,null,"Cavalete.",{"$nulls":5},1917.41]
["8.1","Código","Banco","Descrição.","Tipo",null,"und","Quant.","Valor Unit","Total"]
["Composição","COMPOSIÇÃO - 15","Próprio","Fornecimento de conexões e instalação do cavalete com hidrômetro e clorador de pastilhas.","INHI - INSTALAÇÕES HIDROS SANITÁRIAS",null,"un","1.00",1517.66,1517.66]
["Composição Auxiliar",88248,"SINAPI","Auxiliar de encanador ou bombeiro hidráulico com encargos complementares.","SEDI - SERVIÇOS DIVERSOS",null,"h","3.00",21.18,63.54]
["Insumo",791,"SINAPI","Bucha de reducao de ferro galvanizado, com rosca bsp, de 1 1/2\" x 1\".","Material",null,"un","1.00",23.11,23.11]
["Insumo",9862,"SINAPI","Tubo pvc, roscavel, 1 1/2\",  agua fria predial.","Material",null,"m","1.50",27.69,41.54]
["Insumo",11831,"SINAPI","Torneira plastica para tanque 1/2 \" ou 3/4 \" com bico para mangueira.","Material",null,"un","1.00",16.239999999999998,16.239999999999998]
["Insumo",2121,"SBC","Te de reducao ferro galvanizado 1.1/2\" x 1\".","Material",null,"un","1.00",57.49,57.49]
["Insumo",9569,"ORSE","Adaptador pvc bsxrm d= 35mm x 1 1/2\", linha irriga-lf, tigre ou similar un.","Material",null,"un","1.00",3.04,3.04]
["Insumo",3939,"SINAPI","Luva de ferro galvanizado, com rosca bsp, de 1 1/2\".","Material",null,"un","1.00",25.6,25.6]
["Insumo",1798,"SINAPI","Curva 90 graus de ferro galvanizado, com rosca bsp macho, de 2\".","Material",null,"un","1.00",142.72,142.72]
["Insumo",9887,"SINAPI","Uniao de ferro galvanizado, com rosca bsp, com assento plano, de 2\".","Material",null,"un","2.00",113.7,227.4]
["Insumo"," 00004181/SINAPI ","ORSE","Niple de ferro galvanizado, com rosca bsp, de 2\".","Material",null,"un","2.00",39.24,78.48]
["Insumo",6028,"SINAPI","Registro gaveta bruto em latao forjado, bitola 2 \" (ref 1509).","Material",null,"un","1.00",123.89,123.89]
["Insumo",12775,"SINAPI","Hidrometro multijato / medidor de agua, dn 1\", vazao maxima de 7 m3/h, para agua potavel fria, relojoaria plana, classe b, horizontal (sem conexoes).","Material",null,"un","1.00",350.65,350.65]
["Insumo",771,"SINAPI","Bucha de reducao de ferro galvanizado, com rosca bsp, de 2\" x 1\".","Material",null,"un","1.00",31.01,31.01]
["Insumo",6305,"SINAPI","Te de reducao de ferro galvanizado, com rosca bsp, de 2\" x 1\".","Material",null,"un","1.00",81.98,81.98]
["Insumo",12464,"ORSE","Clorador dosador de cloro de pastilhas automático.","Material",null,"un","1.00",250.97,250.97]
[{"$nulls":4},"MO sem LS =>",21.06,"ls =>","22.92","MO com LS =>",43.98]
[{"$nulls":4},"Valor do BDI =>",399.751644,null,"Valor com BDI =>",null,1917.41]
[{"$nulls":6},"quant. =>","1.00","Preço Total =>",1917.41]
[]
[9,null,null,"Instalações hidráulicas poço e adutora.",{"$nulls":5},19844.46]
["9.1","Código","Banco","Descrição.","Tipo",null,"und","Quant.","Valor Unit","Total"]
["Composição","COMPOSIÇÃO - 16","Próprio","Fornecimento e instalação da rede adutora poço-reservatório-bebedouro em pn80 e dn50mm.","SEDI - SERVIÇOS DIVERSOS",null,"m","1.00",26.96,26.96]
["Composição Auxiliar",88316,"SINAPI","Servente com encargos complementares.","SEDI - SERVIÇOS DIVERSOS",null,"h","0.05",21.48,1.07]
["Composição Auxiliar",93358,"SINAPI","Escavação manual de vala com profundidade menor ou igual a 1,30 m. af_02/2021.","MOVT - MOVIMENTO DE TERRA",null,"m³","0.05",84.97,4.25]
["Insumo",9875,"SINAPI","Tubo pvc, soldavel, de 50 mm, agua fria (nbr-5648).","Material",null,"m","1.00",13.64,13.64]
["Insumo",119,"SINAPI","Adesivo plastico para pvc, bisnaga com 75 gr.","Material",null,"un","1.00",8,8]
[{"$nulls":4},"MO sem LS =>",1.71,"ls =>","1.86","MO com LS =>",3.57]
[{"$nulls":4},"Valor do BDI =>",7.1012639999999996,null,"Valor com BDI =>",null,34.06]
[{"$nulls":6},"quant. =>","400.00","Preço Total =>",13624]
[]
["9.2","Código","Banco","Descrição.","Tipo",null,"und","Quant.","Valor Unit","Total"]
["Composição","COMPOSIÇÃO - 17","Próprio","Montagem hidráulica do equipamento de bombeamento.","INHI - INSTALAÇÕES HIDROS SANITÁRIAS",null,"un","1.00",151.97999999999999,151.97999999999999]
["Composição Auxiliar",88267,"SINAPI","Encanador ou bombeiro hidráulico com encargos complementares.","SEDI - SERVIÇOS DIVERSOS",null,"h","3.00",29.48,88.44]
["Composição Auxiliar",88248,"SINAPI","Auxiliar de encanador ou bombeiro hidráulico com encargos complementares.","SEDI - SERVIÇOS DIVERSOS",null,"h","3.00",21.18,63.54]
[{"$nulls":4},"MO sem LS =>",54.04,"ls =>","58.82","MO com LS =>",112.86]
[{"$nulls":4},"Valor do BDI =>",40.031531999999999,null,"Valor com BDI =>",null,192.01]
[{"$nulls":6},"quant. =>","1.00","Preço Total =>",192.01]
[]
["9.3","Código","Banco","Descrição.","Tipo",null,"und","Quant.","Valor Unit","Total"]
["Insumo",38200,"SINAPI","Corda de poliamida 12 mm tipo bombeiro, para trabalho em altura.","Material",null,"100m","1.00",554.87,554.87]
[{"$nulls":4},"MO sem LS =>",0,"ls =>","0.00","MO com LS =>",0]
[{"$nulls":4},"Valor do BDI =>",84.78,null,"Valor com BDI =>",null,639.65]
[{"$nulls":6},"quant. =>","0.93","Preço Total =>",594.87]
[]
["9.4","Código","Banco","Descrição.","Tipo",null,"und","Quant.","Valor Unit","Total"]
["Insumo",9860,"SINAPI","Tubo pvc, roscavel,  2\", para agua fria predial.","Material",null,"m","1.00",39.619999999999997,39.619999999999997]
[{"$nulls":4},"MO sem LS =>",0,"ls =>","0.00","MO com LS =>",0]
[{"$nulls":4},"Valor do BDI =>",10.44,null,"Valor com BDI =>",null,50.06]
[{"$nulls":6},"quant. =>","90.00","Preço Total =>",4505.3999999999996]
[]
["9.5","Código","Banco","Descrição.","Tipo",null,"und","Quant.","Valor Unit","Total"]
["Insumo",3912,"SINAPI","Luva de ferro galvanizado, com rosca bsp, de 2\".","Material",null,"un","1.00",39.21,39.21]
[{"$nulls":4},"MO sem LS =>",0,"ls =>","0.00","MO com LS =>",0]
[{"$nulls":4},"Valor do BDI =>",10.33,null,"Valor com BDI =>",null,49.54]
[{"$nulls":6},"quant. =>","16.00","Preço Total =>",792.64]
[]
["9.6","Código","Banco","Descrição.","Tipo",null,"und","Quant.","Valor Unit","Total"]
["Insumo",5128,"ORSE","Tampa de poço galvanizada em 6\" un.","Serviços",null,"un","1.00",107.28,107.28]
[{"$nulls":4},"MO sem LS =>",0,"ls =>","0.00","MO com LS =>",0]
[{"$nulls":4},"Valor do BDI =>",28.26,null,"Valor com BDI =>",null,135.54]
[{"$nulls":6},"quant. =>","1.00","Preço Total =>",135.54]
[]
[10,null,null,"Estrutura de fixação para módulos fotovoltáicos.",{"$nulls":5},5046.72]
["10.1","Código","Banco","Descrição.","Tipo",null,"und","Quant.","Valor Unit","Total"]
["Composição","COMPOSIÇÃO - 18","Próprio","Serviço de fixação de estruturas para os módulos fotovoltaicos e suportes de concreto, incluso materiais.","SEDI - SERVIÇOS DIVERSOS",null,"m²","1.00",249.66,249.66]
["Composição Auxiliar",94975,"SINAPI","Concreto fck = 15mpa, traço 1:3,4:3,5 (em massa seca de cimento/ areia média/ brita 1) - preparo manual. af_05/2021.","FUES - FUNDAÇÕES E ESTRUTURAS",null,"m³","0.09",509.03,48.1]
["Composição Auxiliar",93358,"SINAPI","Escavação manual de vala com profundidade menor ou igual a 1,30 m. af_02/2021.","MOVT - MOVIMENTO DE TERRA",null,"m³","0.06",84.97,5.31]
["Composição Auxiliar",96534,"SINAPI","Fabricação, montagem e desmontagem de fôrma para bloco de coroamento, em madeira serrada, e=25 mm, 4 utilizações. af_06/2017.","FUES - FUNDAÇÕES E ESTRUTURAS",null,"m²","0.03",86.69,2.77]
["Composição Auxiliar",88316,"SINAPI","Servente com encargos complementares.","SEDI - SERVIÇOS DIVERSOS",null,"h","2.64",21.48,56.64]
["Composição Auxiliar",88278,"SINAPI","Montador de estrutura metálica com encargos complementares.","SEDI - SERVIÇOS DIVERSOS",null,"h","2.64",22.35,58.94]
["Insumo",15690,"SBC","Estrutura metalica tesoura c/coluna 20/35m(24,72kg/m2).","Material",null,"m²","1.00",77.900000000000006,77.900000000000006]
[{"$nulls":4},"MO sem LS =>",45.15,"ls =>","49.14","MO com LS =>",94.29]
[{"$nulls":4},"Valor do BDI =>",65.760444000000007,null,"Valor com BDI =>",null,315.42]
[{"$nulls":6},"quant. =>","16.00","Preço Total =>",5046.72]
[]
[11,null,null,"Instalações elétricas.",{"$nulls":5},20315.25]
["11.1","Código","Banco","Descrição.","Tipo",null,"und","Quant.","Valor Unit","Total"]
["Composição","COMPOSIÇÃO - 19","Próprio","Montagem e instalação elétrica do kit de bombeamento e sistema fotovoltaico inclusive sistema de aterramento.","INEL - INSTALAÇÃO ELÉTRICA/ELETRIFICAÇÃO E ILUMINAÇÃO EXTERNA",null,"un","1.00",1054.45,1054.45]
["Composição Auxiliar",88247,"SINAPI","Auxiliar de eletricista com encargos complementares.","SEDI - SERVIÇOS DIVERSOS",null,"h","8.00",22.18,177.44]
["Insumo",20111,"SINAPI","Fita isolante adesiva antichama, uso ate 750 v, em rolo de 19 mm x 20 m.","Material",null,"un","1.00",9.1,9.1]
["Insumo",2674,"SINAPI","Fornecimento de  eletroduto de pvc rigido roscavel de 3/4 \", sem luva.","Material",null,"m","15.00",4.21,63.15]
["Insumo",12034,"SINAPI","Fornecimento de  curva 180 graus, de pvc rigido roscavel, de 3/4\", para eletroduto.","Material",null,"un","1.00",2.71,2.71]
["Insumo",39272,"SINAPI","Fornecimento de  curva 90 graus, curta, de pvc rigido roscavel, de 3/4\", para eletroduto.","Material",null,"un","2.00",1.48,2.96]
["Insumo",3379,"SINAPI","Haste de aterramento em aco com 3,00 m de comprimento e dn = 5/8\", revestida com baixa camada de cobre, sem conector.","Material",null,"un","0.66",79.37,52.38]
["Insumo",1891,"SINAPI","Fornecimento de  luva em pvc rigido roscavel, de 3/4\", para eletroduto.","Material",null,"un","9.00",0.68,6.12]
["Insumo",425,"SINAPI","Grampo metalico tipo olhal para haste de aterramento de 5/8'', condutor de *10* a 50 mm2.","Material",null,"un","2.00",7.53,15.06]
["Insumo",34643,"SINAPI","Fornecimento de  caixa de inspecao para aterramento e para raios, em polipropileno,  diametro = 300 mm x altura = 400 mm.","Material",null,"un","2.00",38.79,77.58]
["Insumo",867,"SINAPI","Cabo de cobre nu 50 mm2 meio-duro.","Material",null,"m","7.50",56.7,425.25]
["Insumo",54581,"SIURB INFRA","Dps - dispositivo de proteção contra surtos – 45ka – 500 volts - corrente contínua - classe ii - p/ sistema fotovoltáico.","Material",null,"un","1.00",222.7,222.7]
[{"$nulls":4},"MO sem LS =>",57.38,"ls =>","62.46","MO com LS =>",119.84]
[{"$nulls":4},"Valor do BDI =>",277.74212999999997,null,"Valor com BDI =>",null,1332.19]
[{"$nulls":6},"quant. =>","1.00","Preço Total =>",1332.19]
[]
["11.2","Código","Banco","Descrição.","Tipo",null,"und","Quant.","Valor Unit","Total"]
["Insumo",34622,"SINAPI","Fornecimento de  cabo flexivel pvc 750 v, 3 condutores de 6,0 mm2.","Material",null,"m","1.00",22.29,22.29]
[{"$nulls":4},"MO sem LS =>",0,"ls =>","0.00","MO com LS =>",0]
[{"$nulls":4},"Valor do BDI =>",3.41,null,"Valor com BDI =>",null,25.7]
[{"$nulls":6},"quant. =>","105.00","Preço Total =>",2698.5]
[]
["11.3","Código","Banco","Descrição.","Tipo",null,"und","Quant.","Valor Unit","Total"]
["Composição","COMPOSIÇÃO - 20","Próprio","Fornecimento e instalação de automático de bóia superior e inferior.","ASTU - ASSENTAMENTO DE TUBOS E PECAS",null,"un","1.00",55.07,55.07]
["Composição Auxiliar",88264,"SINAPI","Eletricista com encargos complementares.","SEDI - SERVIÇOS DIVERSOS",null,"h","0.20",30.66,6.13]
["Composição Auxiliar",88247,"SINAPI","Auxiliar de eletricista com encargos complementares.","SEDI - SERVIÇOS DIVERSOS",null,"h","0.20",22.18,4.4400000000000004]
["Insumo",7588,"SINAPI","Automatico de boia superior / inferior, *15* a / 250 v.","Material",null,"un","1.00",43.5,43.5]
["Insumo",21127,"SINAPI","Fita isolante adesiva antichama, uso ate 750 v, em rolo de 19 mm x 5 m.","Material",null,"un","0.10",3.44,0.34]
["Insumo",3146,"SINAPI","Fita veda rosca em rolos de 18 mm x 10 m (l x c).","Material",null,"un","0.15",4.41,0.66]
[{"$nulls":4},"MO sem LS =>",3.68,"ls =>","2024-01-04","MO com LS =>",7.69]
[{"$nulls":4},"Valor do BDI =>",14.505438,null,"Valor com BDI =>",null,69.58]
[{"$nulls":6},"quant. =>","1.00","Preço Total =>",69.58]
[]
["11.4","Código","Banco","Descrição.","Tipo",null,"und","Quant.","Valor Unit","Total"]
["Insumo",39257,"SINAPI","Cabo multipolar de cobre, flexivel, classe 4 ou 5, isolacao em hepr, cobertura em pvc-st2, antichama bwf-b, 0,6/1 kv, 3 condutores de 1,5 mm2.","Material",null,"m","1.00",6.06,6.06]
[{"$nulls":4},"MO sem LS =>",0,"ls =>","0.00","MO com LS =>",0]
[{"$nulls":4},"Valor do BDI =>",1.6,null,"Valor com BDI =>",null,7.66]
[{"$nulls":6},"quant. =>","200.00","Preço Total =>",1532]
[]
["11.5","Código","Banco","Descrição.","Tipo",null,"und","Quant.","Valor Unit","Total"]
["Insumo","COTAÇÃO-001","Próprio","Fornecimento de kit de bombeamento fotovoltaico, incluindo uma bomba cc de 2200w com controladora de carga externa,  caixa de proteção metálica, módulos fotovoltaicos compatíveis com a geração de 3300wp além de componentes elétricos necessários para interligação dos painéis, como cabos, conectores mc4 e presilhas de fixação.","Serviços",null,"un","1.00",11621.8,11621.8]
[{"$nulls":4},"MO sem LS =>",0,"ls =>","0.00","MO com LS =>",0]
[{"$nulls":4},"Valor do BDI =>",3061.18,null,"Valor com BDI =>",null,14682.98]
[{"$nulls":6},"quant. =>","1.00","Preço Total =>",14682.98]
[]
[12,null,null,"Urbanização.",{"$nulls":5},3692.49]
["12.1","Código","Banco","Descrição.","Tipo",null,"und","Quant.","Valor Unit","Total"]
["Composição","COMPOSIÇÃO - 21","Próprio","Cerca com mourões de concreto de 15x15cm, espaçados de 3m e cravados a 0,5m, escoras de 10x10cm nos cantos, e 9 fios de arame de aço ovalado 15x17.","SEDI - SERVIÇOS DIVERSOS",null,"m","1.00",82.19,82.19]
["Composição Auxiliar",88309,"SINAPI","Pedreiro com encargos complementares.","SEDI - SERVIÇOS DIVERSOS",null,"h","0.34",30.25,10.130000000000001]
["Composição Auxiliar",88316,"SINAPI","Servente com encargos complementares.","SEDI - SERVIÇOS DIVERSOS",null,"h","0.67",21.48,14.41]
["Composição Auxiliar",94975,"SINAPI","Concreto fck = 15mpa, traço 1:3,4:3,5 (em massa seca de cimento/ areia média/ brita 1) - preparo manual. af_05/2021.","FUES - FUNDAÇÕES E ESTRUTURAS",null,"m³","0.03",509.03,14.66]
["Insumo",43130,"SINAPI","Arame galvanizado 12 bwg, d = 2,76 mm (0,048 kg/m) ou 14 bwg, d = 2,11 mm (0,026 kg/m).","Material",null,"kg","0.10",24.3,2.38]
["Insumo",346,"SINAPI","Arame de aco ovalado 15 x 17 ( 45,7 kg, 700 kgf), rolo 1000 m.","Material",null,"kg","0.41",28.78,11.66]
["Insumo",4111,"SINAPI","Escora pre-moldada em concreto, *10 x 10* cm, h = 2,30m.","Material",null,"un","0.16",57.03,9.1199999999999992]
["Insumo"," I1533 ","SEINFRA","Mourão concreto base 15x15cm h=2.3 c/ 12 furos.","Material",null,"un","0.42",47.22,19.829999999999998]
[{"$nulls":4},"MO sem LS =>",9.5500000000000007,"ls =>","10.40","MO com LS =>",19.95]
[{"$nulls":4},"Valor do BDI =>",21.648845999999999,null,"Valor com BDI =>",null,103.84]
[{"$nulls":6},"quant. =>","28.00","Preço Total =>",2907.52]
[]
["12.2","Código","Banco","Descrição.","Tipo",null,"und","Quant.","Valor Unit","Total"]
["Composição","COMPOSIÇÃO - 22","Próprio","Serviço de instalação de portão de ferro com suporte e batedor conforme projeto, incluso material.","SEDI - SERVIÇOS DIVERSOS",null,"m²","1.00",414.21,414.21]
["Composição Auxiliar",88309,"SINAPI","Pedreiro com encargos complementares.","SEDI - SERVIÇOS DIVERSOS",null,"h","1.50",30.25,45.38]
["Composição Auxiliar",88316,"SINAPI","Servente com encargos complementares.","SEDI - SERVIÇOS DIVERSOS",null,"h","1.50",21.48,32.22]
["Insumo",367,"SINAPI","Areia grossa - posto jazida/fornecedor (retirado na jazida, sem transporte).","Material",null,"m³","0.06",141.83000000000001,8.65]
["Insumo",1379,"SINAPI","Cimento portland composto cp ii-32.","Material",null,"kg","4.83",0.7,3.38]
["Insumo",4948,"SINAPI","Portao de abrir / giro, em gradil de metalon redondo de 3/4\"  vertical, com requadro, acabamento natural - completo.","Material",null,"m²","1.00",324.58,324.58]
[{"$nulls":4},"MO sem LS =>",26.88,"ls =>","29.27","MO com LS =>",56.15]
[{"$nulls":4},"Valor do BDI =>",109.102914,null,"Valor com BDI =>",null,523.30999999999995]
[{"$nulls":6},"quant. =>","1.50","Preço Total =>",784.97]
[]
[13,null,null,"Outros serviços e insumos excepcionais.",{"$nulls":5},14284.32]
["13.1","Código","Banco","Descrição.","Tipo",null,"und","Quant.","Valor Unit","Total"]
["Composição","COMPOSIÇÃO - 23","Próprio","Execução de tamponamento conforme especificação.","SEDI - SERVIÇOS DIVERSOS",null,"m³","1.00",612.79,612.79]
["Composição Auxiliar",87316,"SINAPI","Argamassa traço 1:4 (em volume de cimento e areia grossa úmida) para chapisco convencional, preparo mecânico com betoneira 400 l. af_08/2019.","SEDI - SERVIÇOS DIVERSOS",null,"m³","1.00",478.32,478.32]
["Composição Auxiliar",88316,"SINAPI","Servente com encargos complementares.","SEDI - SERVIÇOS DIVERSOS",null,"h","1.00",21.48,21.48]
["Insumo",4721,"SINAPI","Pedra britada n. 1 (9,5 a 19 mm) posto pedreira/fornecedor, sem frete.","Material",null,"m³","1.00",112.99,112.99]
[{"$nulls":4},"MO sem LS =>",36.479999999999997,"ls =>","39.71","MO com LS =>",76.19]
[{"$nulls":4},"Valor do BDI =>",161.408886,null,"Valor com BDI =>",null,774.2]
[{"$nulls":6},"quant. =>","0.08","Preço Total =>",61.94]
[]
["13.2","Código","Banco","Descrição.","Tipo",null,"und","Quant.","Valor Unit","Total"]
["Insumo",13747,"ORSE","Revestimento tubo liso aço sch-40 em 12\".","Serviços",null,"m","1.00",921.04,921.04]
[{"$nulls":4},"MO sem LS =>",0,"ls =>","0.00","MO com LS =>",0]
[{"$nulls":4},"Valor do BDI =>",242.6,null,"Valor com BDI =>",null,1163.6400000000001]
[{"$nulls":6},"quant. =>","6.00","Preço Total =>",6981.84]
[]
["13.3","Código","Banco","Descrição.","Tipo",null,"und","Quant.","Valor Unit","Total"]
["Insumo"," M3929 ","SICRO3","Tubo em aço-carbono - e = 3,00 mm e d = 150 mm (6\").","Material",null,"m","1.00",171.2287,171.2287]
[{"$nulls":4},"MO sem LS =>",0,"ls =>","0.00","MO com LS =>",0]
[{"$nulls":4},"Valor do BDI =>",45.1,null,"Valor com BDI =>",null,216.33]
[{"$nulls":6},"quant. =>","6.00","Preço Total =>",1297.98]
[]
["13.4","Código","Banco","Descrição.","Tipo",null,"und","Quant.","Valor Unit","Total"]
["Insumo"," M039706073 ","EMBASA","Filtro nold em aço galvanizado dn 6\".","Material",null,"m","1.00",763.9,763.9]
[{"$nulls":4},"MO sem LS =>",0,"ls =>","0.00","MO com LS =>",0]
[{"$nulls":4},"Valor do BDI =>",201.21,null,"Valor com BDI =>",null,965.11]
[{"$nulls":6},"quant. =>","6.00","Preço Total =>",5790.66]
[]
["13.5","Código","Banco","Descrição.","Tipo",null,"und","Quant.","Valor Unit","Total"]
["Composição","COMPOSIÇÃO - 24","Próprio","Limpeza manual , remoção de cerca, capina e instalação dos equipamentos (área do poço, painéis solares, bebedouro e reservatório).","SEDI - SERVIÇOS DIVERSOS",null,"m²","1.00",1.72,1.72]
["Composição Auxiliar",88316,"SINAPI","Servente com encargos complementares.","SEDI - SERVIÇOS DIVERSOS",null,"h","0.08",21.48,1.72]
[{"$nulls":4},"MO sem LS =>",0.55000000000000004,"ls =>","0.60","MO com LS =>",1.1499999999999999]
[{"$nulls":4},"Valor do BDI =>",0.45304800000000001,null,"Valor com BDI =>",null,2.17]
[{"$nulls":6},"quant. =>","70.00","Preço Total =>",151.9]

{"sheet":"Crono. - GO - T","index":7,"n_rows":27,"n_cols":15,"rows_kept":27,"cut":false,"hidden":false,"merged":[[0,0,6,14],[7,0,8,14],[23,0,23,1],[23,2,26,2],[24,0,24,1],[25,0,25,1],[26,0,26,1]]}
["OBJETO: EXECUÇÃO DE SERVIÇOS DE PERFURAÇÃO E INSTALAÇÃO DE POÇOS TUBULARES EM MUNICÍPIOS LOCALIZADOS NO GOIÁS, NA ÁREA DE ATUAÇÃO DA CODEVASF"]
[]
[]
[]
[]
[]
[]
["CRONOGRAMA FÍSICO-FINANCEIRO POÇO TOTALMENTE REVESTIDO"]
[]
["ITEM","ESPECIFICAÇÃO DOS SERVIÇOS","VALOR TOTAL (R$)","Mês 01","Mês 02","Mês 03","Mês 04","Mês 05","Mês 06","Mês 07","Mês 08","Mês 09","Mês 10","Mês 11","Mês 12"]
["1","Serviços preliminares.",140256.35,11688.029166666667,11688.029166666667,11688.029166666667,11688.029166666667,11688.029166666667,11688.029166666667,11688.029166666667,11688.029166666667,11688.029166666667,11688.029166666667,11688.029166666667,11688.029166666667]
["2","Mobilizaçâo e desmobilizaçâo equipes perfuraçâo e instalação.",105021,8751.75,8751.75,8751.75,8751.75,8751.75,8751.75,8751.75,8751.75,8751.75,8751.75,8751.75,8751.75]
["3","Perfuração e completação de poço tubular.",4469972.46,372497.70500000002,372497.70500000002,372497.70500000002,372497.70500000002,372497.70500000002,372497.70500000002,372497.70500000002,372497.70500000002,372497.70500000002,372497.70500000002,372497.70500000002,372497.70500000002]
["4","Pós perfuração.",507495.24,42291.27,42291.27,42291.27,42291.27,42291.27,42291.27,42291.27,42291.27,42291.27,42291.27,42291.27,42291.27]
["5","Reservação.",1101988.69,91832.390833333324,91832.390833333324,91832.390833333324,91832.390833333324,91832.390833333324,91832.390833333324,91832.390833333324,91832.390833333324,91832.390833333324,91832.390833333324,91832.390833333324,91832.390833333324]
["6","Bebedouro.",84598.080000000002,7049.84,7049.84,7049.84,7049.84,7049.84,7049.84,7049.84,7049.84,7049.84,7049.84,7049.84,7049.84]
["7","Chafariz.",56449.68,4704.1400000000003,4704.1400000000003,4704.1400000000003,4704.1400000000003,4704.1400000000003,4704.1400000000003,4704.1400000000003,4704.1400000000003,4704.1400000000003,4704.1400000000003,4704.1400000000003,4704.1400000000003]
["8","Cavalete.",80531.22,6710.9350000000004,6710.9350000000004,6710.9350000000004,6710.9350000000004,6710.9350000000004,6710.9350000000004,6710.9350000000004,6710.9350000000004,6710.9350000000004,6710.9350000000004,6710.9350000000004,6710.9350000000004]
["9","Instalações hidráulicas.",813458.29,67788.190833333341,67788.190833333341,67788.190833333341,67788.190833333341,67788.190833333341,67788.190833333341,67788.190833333341,67788.190833333341,67788.190833333341,67788.190833333341,67788.190833333341,67788.190833333341]
["10","Estrutura de fixação para módulos fotovoltáicos.",201099.18,16758.264999999999,16758.264999999999,16758.264999999999,16758.264999999999,16758.264999999999,16758.264999999999,16758.264999999999,16758.264999999999,16758.264999999999,16758.264999999999,16758.264999999999,16758.264999999999]
["11","Instalações elétricas e bóia elétrica.",847612.5,70634.375,70634.375,70634.375,70634.375,70634.375,70634.375,70634.375,70634.375,70634.375,70634.375,70634.375,70634.375]
["12","Urbanização.",155084.37,12923.6975,12923.6975,12923.6975,12923.6975,12923.6975,12923.6975,12923.6975,12923.6975,12923.6975,12923.6975,12923.6975,12923.6975]
["13","Outros serviços e insumos excepcionais.",288705.46000000002,24058.788333333334,24058.788333333334,24058.788333333334,24058.788333333334,24058.788333333334,24058.788333333334,24058.788333333334,24058.788333333334,24058.788333333334,24058.788333333334,24058.788333333334,24058.788333333334]
["TOTAL",null,8852272.5199999996,737689.37666666671,737689.37666666671,737689.37666666671,737689.37666666671,737689.37666666671,737689.37666666671,737689.37666666671,737689.37666666671,737689.37666666671,737689.37666666671,737689.37666666671,737689.37666666671]
["PERCENTUAL",null,null,8.3333333333333343E-2,8.3333333333333343E-2,8.3333333333333343E-2,8.3333333333333343E-2,8.3333333333333343E-2,8.3333333333333343E-2,8.3333333333333343E-2,8.3333333333333343E-2,8.3333333333333343E-2,8.3333333333333343E-2,8.3333333333333343E-2,8.3333333333333343E-2]
["CUSTO ACUMULADO",null,null,737689.37666666671,1475378.7533333334,2213068.13,2950757.5066666668,3688446.8833333338,4426136.2600000007,5163825.6366666676,5901515.0133333346,6639204.3900000015,7376893.7666666685,8114583.1433333354,8852272.5200000014]
["PERCENTUAL ACUMULADO",null,null,8.3333333333333343E-2,0.16666666666666669,0.25,0.33333333333333337,0.41666666666666674,0.50000000000000011,0.58333333333333348,0.66666666666666685,0.75000000000000022,0.83333333333333359,0.91666666666666696,1.0000000000000002]

{"sheet":"CAPA TO","index":8,"n_rows":7,"n_cols":2,"rows_kept":7,"cut":false,"hidden":false,"merged":[[6,1,16,11]]}
[]
[]
[]
[]
[]
[]
[null,"EXECUÇÃO DE SERVIÇOS DE PERFURAÇÃO E INSTALAÇÃO DE POÇOS TUBULARES NO TOCANTINS"]

{"sheet":"Planilha Resumo TO","index":9,"n_rows":15,"n_cols":7,"rows_kept":15,"cut":false,"hidden":false,"merged":[[12,1,12,2],[14,1,14,2],[1,1,1,6],[2,1,2,6],[3,1,3,6],[4,1,4,6],[8,1,8,2],[8,4,8,5],[12,4,12,6],[14,4,14,6]]}
[]
[null,"OBJETO: EXECUÇÃO DE SERVIÇOS DE PERFURAÇÃO E INSTALAÇÃO DE POÇOS TUBULARES EM MUNICÍPIOS LOCALIZADOS NO ESTADO DO TOCANTINS, NA ÁREA DE ATUAÇÃO DA CODEVASF."]
[null,"PLANILHA ORÇAMENTÁRIA ESTIMATIVA GERAL"]
[null,"DATABASE DO ORÇAMENTO: SETEMBRO/2024 - NÃO DESONERADO"]
[null,"PLANILHA RESUMIDA - Grupo 2 TOCANTINS"]
[null,"ITEM","DISCRIMINAÇÃO","UND","Quantidade de Poços","PREÇO \nUNITÁRIO","TOTAL"]
[null,3,"Perfuração e instalação de poço tubular parcialmente revestido, instalado com sistema fotovoltaico, bomba submersa, reservatório e bebedouro para animais.","un",69,149624.01999999999,10324057.35]
[null,4,"Perfuração e instalação de poços poço tubular totalmente revestido, instalado com sistema fotovoltaico, bomba submersa, reservatório e bebedouro para animais.","un",81,215076.78,17421219.550000001]
[null,"TOTAL GERAL ESTIMADO GRUPO",null,"un",150,null,27745276.899999999]
[]
[]
[]
[null,"Base de Preços Consultados",null,null,"SINAPI - 08/2024 - Tocantins\nSBC - 10/2024 - Tocantins\nSICRO3 - 04/2024 - Tocantins\nORSE - 06/2024 - Sergipe\nSEINFRA - 028 - Ceará\nCPOS/CDHU - 09/2024 - São Paulo\nFDE - 07/2024 - São Paulo\nEMBASA - 05/2024 - Bahia"]
[]
[null,"Encargos Sociais",null,null,"Não Desonerado: \nHorista: 111,11%\nMensalista: 67,32%"]

{"sheet":"Orçamento Sintético - TO - P","index":10,"n_rows":59,"n_cols":12,"rows_kept":59,"cut":false,"hidden":false,"merged":[[0,2,1,5]]}
[null,null,"OBJETO: EXECUÇÃO DE SERVIÇOS DE PERFURAÇÃO E INSTALAÇÃO DE POÇOS TUBULARES EM MUNICÍPIOS LOCALIZADOS NO ESTADO DO TOCANTINS, NA ÁREA DE ATUAÇÃO DA CODEVASF.",{"$nulls":4},"Quantidade de Poços","BDI SERVIÇO","BDI INSUMO","Total","Preço Unitário Por Poço"]
[{"$nulls":7},69,0.26340000000000002,0.15279999999999999,10324057.35,149624.01999999999]
["Item","Código","Banco","TIPO","Descrição.","un.","Mem. calc.","Quanti.","Valor Unit","Valor Unit com BDI","Total","Peso (%)"]
[1,null,null,null,"Serviços preliminares.",{"$nulls":5},106449.39,1.0310809635322299E-2]
["1.1","COMPOSIÇÃO - 1","Próprio","Serviço","Administração local da obra - poço parcialmente revestido.","un.",1,69,223.84,282.8,19513.2,1.8900708644358703E-3]
["1.2","COMPOSIÇÃO - 2","Próprio","Serviço","Serviço de locação geológica de campo com relatório hidro geológico e perfil construtivo e geológico esperado. relatório de viabilidade de implantação das estruturas e vistorias preliminares.","un.",1,69,593.79999999999995,750.21,51764.49,5.0139676916847037E-3]
["1.3",103689,"SINAPI","Insumo","Fornecimento e instalação de placa de obra com chapa galvanizada e estrutura de madeira. .","m²",0.72,49.68,461.35,531.84,26421.81,2.5592467287098132E-3]
["1.4","Composição - A","Próprio","Insumo","Emissão de Outorga e Licenciamento (taxas)","und",1,69,110,126.81,8749.89,8.4752435049191197E-4]
[2,null,null,null,"Mobilizaçâo e desmobilizaçâo equipes perfuraçâo e instalação.",{"$nulls":5},183195,1.7744477174954865E-2]
["2.1","COMPOSIÇÃO - 3","Próprio","Serviço","Transporte de comboio perfuração.","km",150,10350,5.0599999999999996,6.39,66136.5,6.4060570140091295E-3]
["2.2","COMPOSIÇÃO - 4","Próprio","Serviço","Transporte de comboio instalação.","km",150,10350,6.21,7.85,81247.5,7.8697257527342197E-3]
["2.3","COMPOSIÇÃO - 5","Próprio","Serviço","Transporte de equipe teste de vazão.","km",150,10350,2.74,3.46,35811,3.4686944082115158E-3]
[3,null,null,null,"Perfuração e completação de poço tubular.",{"$nulls":5},2066844.86,0.20019695648048683]
["3.1",5051,"ORSE","Insumo","Perfuraçao em rocha metassedimentar - metassedimento alterado / compacto dn 6\"  (poço 120m).","m",90,6210,156.31,180.19,1118979.8999999999,0.10838567261542768]
["3.2",5057,"ORSE","Insumo","Perfuração rocha sedimentar sedimento / camadas inconsolidadas dn 12.1/2\" - poço até 150m.","m",30,2070,247.66,285.5,590985,5.7243482863837444E-2]
["3.3","COMPOSIÇÃO - 6","Próprio","Serviço","Serviço de lançamento cimentação anelar, incluso materiais.","m³",1.74,120.06,541.72,684.41,82170.259999999995,7.9591053414673259E-3]
["3.4",9854,"SINAPI","Insumo","Tubo pvc de revestimento geomecanico nervurado standard, dn = 154 mm, comprimento = 2 m.","m",30,2070,115.12,132.71,274709.7,2.6608695659754353E-2]
[4,null,null,null,"Pós perfuração.",{"$nulls":5},811399.29,7.8593063026717883E-2]
["4.1",6305,"ORSE","Insumo","Desenvolvimento com compressor 250psi / 750cfm.","h",2,138,411.16,473.99,65410.62,6.3357474471991389E-3]
["4.2","COMPOSIÇÃO - 7","Próprio","Serviço","Inspeção ótica em poço tubular câmera com rotação de 360º, visada lateral, com fonte própria de luz, entregue vídeo em cores e marcação de profundidades.","m",120,8280,9.42,11.9,98532,9.5439221867553853E-3]
["4.3","COMPOSIÇÃO - 8","Próprio","Serviço","Serviço de coleta e análise físico-química e bacteriológica.","un.",1,69,621.19000000000005,784.81,54151.89,5.2452139855654716E-3]
["4.4"," 24.80.22 ","EMBASA","Serviço","Ensaio de bombeamento poço tubular incluso materiais e grupo gerador.","h",24,1656,255.47,322.76,534490.56000000006,5.1771366806675101E-2]
["4.5","COMPOSIÇÃO - 9","Próprio","Serviço","Serviço de instalação de laje sanitária com dimensões (1,5x1,5x0,3) metros , incluso material.","un.",1,69,674.67,852.38,58814.22,5.696812600522798E-3]
[5,null,null,null,"Reservação.",{"$nulls":5},2003040.6,0.19401680289968556]
["5.1","COMPOSIÇÃO - 10","Próprio","Serviço","Fornecimento e instalação de reservatório e base elevada 10 m³.","un.",0.8,55.2,27100.81,34239.160000000003,1890001.63,0.18306771901068528]
["5.2","COMPOSIÇÃO - 11","Próprio","Serviço","Fornecimento e execução de reservatório apoiado de 5 m³.","un.",0.2,13.8,6483.48,8191.23,113038.97,1.0949083889000288E-2]
[6,null,null,null,"Bebedouro.",{"$nulls":5},143051.49,1.3856130894119838E-2]
["6.1","COMPOSIÇÃO - 12","Próprio","Serviço","Serviço de execução do bebedouro em concreto armado, incluso materiais.","un.",1,69,1640.98,2073.21,143051.49,1.3856130894119838E-2]
[7,null,null,null,"Chafariz.",{"$nulls":5},91252.5,8.8388214929859925E-3]
["7.1","COMPOSIÇÃO - 13","Próprio","Serviço","Fornecimento de material e instalação do chafariz.","un.",1,69,1046.78,1322.5,91252.5,8.8388214929859925E-3]
[8,null,null,null,"Cavalete.",{"$nulls":5},127126.98,1.2313664646583932E-2]
["8.1","COMPOSIÇÃO - 14","Próprio","Serviço","Fornecimento de conexões e instalação do cavalete com hidrômetro e clorador de pastilhas.","un.",1,69,1458.3,1842.42,127126.98,1.2313664646583932E-2]
[9,null,null,null,"Instalações hidráulicas.",{"$nulls":5},1410053.03,0.13657934881580255]
["9.1","COMPOSIÇÃO - 15","Próprio","Serviço","Fornecimento e instalação da rede adutora poço-reservatório-bebedouro em pn80 e dn50mm.","m",400,27600,28.22,35.65,983940,9.5305553489588093E-2]
["9.2","COMPOSIÇÃO - 16","Próprio","Serviço","Montagem hidráulica do equipamento de bombeamento.","un.",1,69,157.83000000000001,199.4,13758.6,1.332673728318644E-3]
["9.3",38200,"SINAPI","Insumo","Corda de poliamida 12 mm tipo bombeiro, para trabalho em altura.","100m",0.93,64.17,682.92,787.27,50519.12,4.8933397294620802E-3]
["9.4",9860,"SINAPI","Insumo","Tubo pvc, roscavel,  2\", para agua fria predial.","m",90,6210,43.3,49.92,310003.20000000001,3.0027264426228707E-2]
["9.5",3912,"SINAPI","Insumo","Luva de ferro galvanizado, com rosca bsp, de 2\".","un.",16,1104,34.020000000000003,39.22,43298.879999999997,4.1939790270537382E-3]
["9.6",5128,"ORSE","Insumo","Tampa de poço galvanizada em 6\" un.","un.",1,69,107.28,123.67,8533.23,8.265384151512874E-4]
[10,null,null,null,"Estrutura de fixação para módulos fotovoltáicos.",{"$nulls":5},221662,2.1470434780178745E-2]
["10.1","COMPOSIÇÃO - 17","Próprio","Serviço","Serviço de fixação de estruturas para os módulos fotovoltaicos e suportes de concreto, incluso materiais.","m²",10.119999999999999,698.28,251.26,317.44,221662,2.1470434780178745E-2]
[11,null,null,null,"Instalações elétricas e bóia elétrica.",{"$nulls":5},1221811.29,0.11834603863373541]
["11.1","COMPOSIÇÃO - 18","Próprio","Serviço","Montagem e instalação elétrica do kit de bombeamento e sistema fotovoltaico inclusive sistema de aterramento.","un.",1,69,1077.3599999999999,1361.14,93918.66,9.0970687992158444E-3]
["11.2",34622,"SINAPI","Insumo","Fornecimento de  cabo flexivel pvc 750 v, 3 condutores de 6,0 mm2.","m",105,7245,21.51,24.8,179676,1.7403622811142171E-2]
["11.3","COMPOSIÇÃO - 19","Próprio","Serviço","Fornecimento e instalação de automático de bóia superior e inferior.","un.",1,69,65.86,83.21,5741.49,5.5612728652655152E-4]
["11.4",39257,"SINAPI","Insumo","Cabo multipolar de cobre, flexivel, classe 4 ou 5, isolacao em hepr, cobertura em pvc-st2, antichama bwf-b, 0,6/1 kv, 3 condutores de 1,5 mm2.","m",200,13800,5.85,6.74,93012,9.0092486748923374E-3]
["11.5","COTAÇÃO-001","Próprio","Serviço","Fornecimento de kit de bombeamento fotovoltaico, incluindo uma bomba cc de 1500w com controladora de carga externa, caixa de proteção metálica, módulos fotovoltaicos compatíveis com a geração de 2200wp além de componentes elétricos necessários para interligação dos painéis, como cabos, conectores mc4 e presilhas de fixação.","un.",1,69,9744.39,12311.06,849463.14,8.2279971061958515E-2]
[12,null,null,null,"Urbanização.",{"$nulls":5},274038.33,2.6543665993874008E-2]
["12.1","COMPOSIÇÃO - 20","Próprio","Serviço","Cerca com mourões de concreto de 15x15cm, espaçados de 3m e cravados a 0,5m, escoras de 10x10cm nos cantos, e 9 fios de arame de aço ovalado 15x17.","m",28,1932,80.63,101.87,196812.84,1.9063516728720999E-2]
["12.2","COMPOSIÇÃO - 21","Próprio","Serviço","Serviço de instalação de portão de ferro com suporte e batedor conforme projeto, incluso material.","m²",1.5,103.5,590.58000000000004,746.14,77225.490000000005,7.4801492651530074E-3]
[13,null,null,null,"Outros serviços e insumos excepcionais.",{"$nulls":5},1664132.59,0.16118978552555213]
["13.1","COMPOSIÇÃO - 22","Próprio","Serviço","Fornecimento e instalação do pré filtro para revestimento interno.","m³",1.212,83.63,1652.4,2087.64,174589.33,1.6910922138571809E-2]
["13.2","COMPOSIÇÃO - 23","Próprio","Serviço","Execução de tamponamento conforme especificação.","m³",0.24,16.559999999999999,703.83,889.22,14725.48,1.4263268307009162E-3]
["13.3","COMPOSIÇÃO - 24","Próprio","Serviço","Fornecimento e instalação do filtro para revestimento interno ø 4 1/2\".","m",0.6,41.4,104.24,131.69999999999999,5452.38,5.2812376134272446E-4]
["13.4","COMPOSIÇÃO - 25","Próprio","Serviço","Fornecimento e instalação do revestimento interno ø 4 1/2\".","m",34.799999999999997,2401.1999999999998,95.47,120.62,289632.74,2.805415837795593E-2]
["13.5"," M3929 ","SICRO3","Insumo","Tubo em aço-carbono - e = 3,00 mm e d = 150 mm (6\").","m",9,621,171.2287,197.39,122579.19,1.1873160506997766E-2]
["13.6",41699,"SINAPI","Insumo","Tubo de revestimento, em aco, corpo schedule 40, ponteira schedule 80, rosqueavel e segmentado para perfuracao, diametro 8.","m",6,414,2189.0100000000002,2523.4899999999998,1044724.86,0.101193244533846]
["13.7"," M039706073 ","EMBASA","Insumo","Filtro nold em aço galvanizado dn 6\".","m",0.04,2.76,763.9,880.62,2430.5100000000002,2.35421977775046E-4]
["13.8","COMPOSIÇÃO - 26","Próprio","Serviço","Limpeza manual , remoção de cerca, capina e instalação dos equipamentos (área do poço, painéis solares, bebedouro e reservatório).","m²",70,4830,1.64,2.0699999999999998,9998.1,9.6842739836194348E-4]

{"sheet":"Orçamento Analítico - TO - P","index":11,"n_rows":445,"n_cols":10,"rows_kept":445,"cut":false,"hidden":false,"merged":[[424,7,424,8],[430,7,430,8],[436,7,436,8],[443,7,443,8],[400,7,400,8],[398,4,398,5],[403,4,403,5],[404,4,404,5],[405,4,405,5],[406,4,406,5],[407,4,407,5],[409,7,409,8],[418,7,418,8],[380,7,380,8],[383,5,383,6],[384,4,384,5],[385,4,385,5],[386,4,386,5],[387,4,387,5],[388,4,388,5],[389,4,389,5],[391,7,391,8],[369,7,369,8],[360,4,360,5],[361,4,361,5],[362,4,362,5],[363,4,363,5],[364,4,364,5],[365,4,365,5],[366,4,366,5],[372,4,372,5],[433,4,433,5],[434,4,434,5],[439,4,439,5],[440,4,440,5],[441,4,441,5],[412,4,412,5],[413,4,413,5],[414,4,414,5],[415,4,415,5],[416,4,416,5],[421,4,421,5],[422,4,422,5],[244,4,244,5],[245,4,245,5],[246,4,246,5],[247,4,247,5],[248,4,248,5],[249,4,249,5],[250,4,250,5],[427,4,427,5],[428,4,428,5],[367,4,367,5],[373,4,373,5],[374,4,374,5],[375,4,375,5],[376,4,376,5],[377,4,377,5],[378,4,378,5],[394,4,394,5],[395,4,395,5],[396,4,396,5],[397,4,397,5],[235,4,235,5],[236,4,236,5],[237,4,237,5],[238,4,238,5],[239,4,239,5],[240,4,240,5],[241,4,241,5],[242,4,242,5],[243,4,243,5],[223,4,223,5],[224,4,224,5],[225,4,225,5],[226,4,226,5],[227,4,227,5],[228,4,228,5],[230,7,230,8],[233,5,233,6],[234,4,234,5],[214,4,214,5],[215,4,215,5],[216,4,216,5],[217,4,217,5],[218,4,218,5],[219,4,219,5],[220,4,220,5],[221,4,221,5],[222,4,222,5],[203,7,203,8],[206,5,206,6],[207,4,207,5],[208,4,208,5],[209,4,209,5],[210,4,210,5],[211,4,211,5],[212,4,212,5],[213,4,213,5],[193,4,193,5],[194,4,194,5],[195,4,195,5],[196,4,196,5],[197,4,197,5],[198,4,198,5],[199,4,199,5],[200,4,200,5],[201,4,201,5],[184,4,184,5],[185,4,185,5],[186,4,186,5],[187,4,187,5],[188,4,188,5],[189,4,189,5],[190,4,190,5],[191,4,191,5],[192,4,192,5],[172,4,172,5],[173,4,173,5],[174,4,174,5],[175,4,175,5],[177,7,177,8],[180,5,180,6],[181,4,181,5],[182,4,182,5],[183,4,183,5],[163,4,163,5],[164,4,164,5],[165,4,165,5],[166,4,166,5],[167,4,167,5],[168,4,168,5],[169,4,169,5],[170,4,170,5],[171,4,171,5],[151,4,151,5],[152,4,152,5],[153,4,153,5],[154,4,154,5],[155,4,155,5],[156,4,156,5],[157,4,157,5],[158,4,158,5],[160,7,160,8],[142,4,142,5],[143,4,143,5],[144,4,144,5],[145,4,145,5],[146,4,146,5],[147,4,147,5],[148,4,148,5],[149,4,149,5],[150,4,150,5],[62,7,62,8],[134,4,134,5],[135,4,135,5],[136,4,136,5],[137,4,137,5],[138,4,138,5],[139,4,139,5],[140,4,140,5],[141,4,141,5],[49,4,49,5],[50,4,50,5],[51,4,51,5],[52,4,52,5],[54,7,54,8],[57,4,57,5],[58,4,58,5],[59,4,59,5],[60,4,60,5],[34,4,34,5],[35,4,35,5],[37,7,37,8],[40,5,40,6],[41,4,41,5],[42,4,42,5],[43,4,43,5],[44,4,44,5],[46,7,46,8],[133,5,133,6],[0,2,2,7],[3,0,3,9],[5,5,5,6],[6,4,6,5],[7,4,7,5],[8,4,8,5],[11,7,11,8],[9,4,9,5],[14,4,14,5],[15,4,15,5],[16,4,16,5],[17,4,17,5],[18,4,18,5],[20,7,20,8],[23,4,23,5],[24,4,24,5],[27,4,27,5],[28,4,28,5],[29,4,29,5],[30,4,30,5],[31,4,31,5],[32,4,32,5],[33,4,33,5],[118,4,118,5],[120,7,120,8],[123,4,123,5],[124,4,124,5],[125,4,125,5],[126,4,126,5],[127,4,127,5],[128,4,128,5],[130,7,130,8],[104,7,104,8],[107,4,107,5],[108,4,108,5],[109,4,109,5],[112,7,112,8],[110,4,110,5],[115,4,115,5],[116,4,116,5],[117,4,117,5],[359,4,359,5],[65,5,65,6],[66,4,66,5],[67,4,67,5],[69,7,69,8],[72,4,72,5],[73,4,73,5],[75,7,75,8],[78,4,78,5],[79,4,79,5],[80,4,80,5],[82,7,82,8],[85,4,85,5],[86,4,86,5],[88,7,88,8],[91,5,91,6],[92,4,92,5],[93,4,93,5],[94,4,94,5],[96,7,96,8],[99,4,99,5],[100,4,100,5],[101,4,101,5],[102,4,102,5],[308,7,308,8],[311,5,311,6],[312,4,312,5],[326,7,326,8],[332,7,332,8],[343,7,343,8],[349,7,349,8],[355,7,355,8],[358,5,358,6],[298,5,298,6],[299,4,299,5],[300,4,300,5],[301,4,301,5],[302,4,302,5],[303,4,303,5],[304,4,304,5],[305,4,305,5],[306,4,306,5],[266,4,266,5],[267,4,267,5],[268,4,268,5],[269,4,269,5],[271,7,271,8],[283,7,283,8],[289,7,289,8],[295,7,295,8],[274,4,274,5],[275,4,275,5],[277,7,277,8],[280,4,280,5],[281,4,281,5],[286,4,286,5],[287,4,287,5],[292,4,292,5],[293,4,293,5],[252,7,252,8],[255,5,255,6],[256,4,256,5],[257,4,257,5],[258,4,258,5],[259,4,259,5],[260,4,260,5],[261,4,261,5],[263,7,263,8],[322,4,322,5],[323,4,323,5],[324,4,324,5],[329,4,329,5],[330,4,330,5],[346,4,346,5],[347,4,347,5],[352,4,352,5],[353,4,353,5],[335,4,335,5],[336,4,336,5],[337,4,337,5],[338,4,338,5],[339,4,339,5],[340,4,340,5],[341,4,341,5],[313,4,313,5],[314,4,314,5],[315,4,315,5],[316,4,316,5],[317,4,317,5],[318,4,318,5],[319,4,319,5],[320,4,320,5],[321,4,321,5]]}
[null,null,"OBJETO: EXECUÇÃO DE SERVIÇOS DE PERFURAÇÃO E INSTALAÇÃO DE POÇOS TUBULARES EM MUNICÍPIOS LOCALIZADOS NO ESTADO DO TOCANTINS, NA ÁREA DE ATUAÇÃO DA CODEVASF."]
[]
[]
["PLANILHA ANALÍTICA - POÇO PARCIALMENTE REVESTIDO - TOCANTINS"]
[]
[1,null,null,"Serviços preliminares.",{"$nulls":5},1452.68]
["1.1","Código","Banco","Descrição.","Tipo",null,"Und","Quant.","Valor Unit","Total"]
["Composição","COMPOSIÇÃO - 1","Próprio","Administração local da obra - poço parcialmente revestido.","CANT - CANTEIRO DE OBRAS",null,"un","1.00",223.84,223.84]
["Composição Auxiliar",12710,"SBC","Despesas gerais de manutencao canteiro de obras.","INSTALACOES PROVISORIAS",null,"mes","0.03",1805.82,54.17]
["Composição Auxiliar",100321,"SINAPI","Técnico em segurança do trabalho com encargos complementares.","SEDI - SERVIÇOS DIVERSOS",null,"mes","0.03",5655.53,169.67]
[{"$nulls":4},"MO sem LS =>",74.42,"ls =>","82.70","MO com LS =>",157.12]
[{"$nulls":4},"Valor do BDI =>",58.959456000000003,null,"Valor com BDI =>",null,282.8]
[{"$nulls":6},"quant. =>","1.00","Preço Total =>",282.8]
[]
["1.2","Código","Banco","Descrição.","Tipo",null,"und","Quant.","Valor Unit","Total"]
["Composição","COMPOSIÇÃO - 2","Próprio","Serviço de locação geológica de campo com relatório hidro geológico e perfil construtivo e geológico esperado. relatório de viabilidade de implantação das estruturas e vistorias preliminares.","SERT - SERVIÇOS TÉCNICOS",null,"un","1.00",593.79999999999995,593.79999999999995]
["Composição Auxiliar","1945-01-30","EMBASA","Geologo senior.",3001,null,"hora","5.00",97.41,487.05]
["Insumo",5896,"ORSE","Veículo tipo sedan ou pick-up capacidade 0,6 ton h.","Equipamento",null,"h","5.00",8.33,41.65]
["Insumo",4222,"SINAPI","Gasolina comum.","Material",null,"l","10.00",6.51,65.099999999999994]
[{"$nulls":4},"MO sem LS =>",230.71,"ls =>","256.34","MO com LS =>",487.05]
[{"$nulls":4},"Valor do BDI =>",156.40692000000001,null,"Valor com BDI =>",null,750.21]
[{"$nulls":6},"quant. =>","1.00","Preço Total =>",750.21]
[]
["1.4","Código","Banco","Descrição.","Tipo",null,"und","Quant.","Valor Unit","Total"]
["Composição","Composição - A","Próprio","Emissão de Outorga e Licenciamento (taxas)","Outorga/Licenciamneto",null,"und","1.00",110,110]
[]
[]
["1.3","Código","Banco","Descrição.","Tipo",null,"und","Quant.","Valor Unit","Total"]
["Composição",103689,"SINAPI","Fornecimento e instalação de placa de obra com chapa galvanizada e estrutura de madeira. af_03/2022_ps.","PAVI - PAVIMENTAÇÃO",null,"m²","1.00",461.35,461.35]
["Composição Auxiliar",102234,"SINAPI","Pintura imunizante para madeira, 2 demãos. af_01/2021.","PINT - PINTURAS",null,"m²","0.50",23.64,11.82]
["Composição Auxiliar",88262,"SINAPI","Carpinteiro de formas com encargos complementares.","SEDI - SERVIÇOS DIVERSOS",null,"h","0.37",27.12,10.11]
["Composição Auxiliar",88316,"SINAPI","Servente com encargos complementares.","SEDI - SERVIÇOS DIVERSOS",null,"h","2024-12-01",20.47,22.9]
["Insumo",4509,"SINAPI","Sarrafo *2,5 x 10* cm em pinus, mista ou equivalente da regiao - bruta.","Material",null,"m","3.21",4.95,15.88]
["Insumo",4813,"SINAPI","Placa de obra (para construcao civil) em chapa galvanizada *n. 22*, adesivada, de *2,4 x 1,2* m (sem postes para fixacao).","Material",null,"m²","1.00",400,400]
["Insumo",5065,"SINAPI","Prego de aco polido com cabeca 10 x 10 (7/8 x 17).","Material",null,"kg","0.01",34.83,0.39]
["Insumo",5069,"SINAPI","Prego de aco polido com cabeca 17 x 27 (2 1/2 x 11).","Material",null,"kg","0.01",18.66,0.25]
[{"$nulls":4},"MO sem LS =>",13.49,"ls =>","14.99","MO com LS =>",28.48]
[{"$nulls":4},"Valor do BDI =>",121.51958999999999,null,"Valor com BDI =>",null,582.87]
[{"$nulls":6},"quant. =>","0.72","Preço Total =>",419.67]
[]
[2,null,null,"Mobilizaçâo e desmobilizaçâo equipes perfuraçâo e instalação.",{"$nulls":5},2655]
["2.1","Código","Banco","Descrição.","Tipo",null,"und","Quant.","Valor Unit","Total"]
["Composição","COMPOSIÇÃO - 3","Próprio","Transporte de comboio perfuração.","TRAN - TRANSPORTES, CARGAS E DESCARGAS",null,"km","1.00",5.0599999999999996,5.0599999999999996]
["Composição Auxiliar",5824,"SINAPI","Caminhão toco, pbt 16.000 kg, carga útil máx. 10.685 kg, dist. entre eixos 4,8 m, potência 189 cv, inclusive carroceria fixa aberta de madeira p/ transporte geral de carga seca, dimen. aprox. 2,5 x 7,00 x 0,50 m - chp diurno. af_06/2014.","CHOR - CUSTOS HORÁRIOS DE MÁQUINAS E EQUIPAMENTOS",null,"chp","0.02",235.41,3.92]
["Composição Auxiliar",5826,"SINAPI","Caminhão toco, pbt 16.000 kg, carga útil máx. 10.685 kg, dist. entre eixos 4,8 m, potência 189 cv, inclusive carroceria fixa aberta de madeira p/ transporte geral de carga seca, dimen. aprox. 2,5 x 7,00 x 0,50 m - chi diurno. af_06/2014.","CHOR - CUSTOS HORÁRIOS DE MÁQUINAS E EQUIPAMENTOS",null,"chi","0.02",68.62,1.1399999999999999]
[{"$nulls":4},"MO sem LS =>",0.32,"ls =>","0.36","MO com LS =>",0.68]
[{"$nulls":4},"Valor do BDI =>",1.3328040000000001,null,"Valor com BDI =>",null,6.39]
[{"$nulls":6},"quant. =>","150.00","Preço Total =>",958.5]
[]
["2.2","Código","Banco","Descrição.","Tipo",null,"und","Quant.","Valor Unit","Total"]
["Composição","COMPOSIÇÃO - 4","Próprio","Transporte de comboio instalação.","TRAN - TRANSPORTES, CARGAS E DESCARGAS",null,"km","1.00",6.21,6.21]
["Composição Auxiliar",5928,"SINAPI","Guindauto hidráulico, capacidade máxima de carga 6200 kg, momento máximo de carga 11,7 tm, alcance máximo horizontal 9,70 m, inclusive caminhão toco pbt 16.000 kg, potência de 189 cv - chp diurno. af_06/2014.","CHOR - CUSTOS HORÁRIOS DE MÁQUINAS E EQUIPAMENTOS",null,"chp","0.02",294.64999999999998,4.91]
["Composição Auxiliar",5930,"SINAPI","Guindauto hidráulico, capacidade máxima de carga 6200 kg, momento máximo de carga 11,7 tm, alcance máximo horizontal 9,70 m, inclusive caminhão toco pbt 16.000 kg, potência de 189 cv - chi diurno. af_06/2014.","CHOR - CUSTOS HORÁRIOS DE MÁQUINAS E EQUIPAMENTOS",null,"chi","0.02",78.180000000000007,1.3]
[{"$nulls":4},"MO sem LS =>",0.33,"ls =>","0.37","MO com LS =>",0.7]
[{"$nulls":4},"Valor do BDI =>",1.6357139999999999,null,"Valor com BDI =>",null,7.85]
[{"$nulls":6},"quant. =>","150.00","Preço Total =>",1177.5]
[]
["2.3","Código","Banco","Descrição.","Tipo",null,"und","Quant.","Valor Unit","Total"]
["Composição","COMPOSIÇÃO - 5","Próprio","Transporte de equipe teste de vazão.","TRAN - TRANSPORTES, CARGAS E DESCARGAS",null,"km","1.00",2.74,2.74]
["Composição Auxiliar",73467,"SINAPI","Caminhão toco, pbt 14.300 kg, carga útil máx. 9.710 kg, dist. entre eixos 3,56 m, potência 185 cv, inclusive carroceria fixa aberta de madeira p/ transporte geral de carga seca, dimen. aprox. 2,50 x 6,50 x 0,50 m - chp diurno. af_06/2014.","CHOR - CUSTOS HORÁRIOS DE MÁQUINAS E EQUIPAMENTOS",null,"chp","0.01",265.55,2.2000000000000002]
["Composição Auxiliar",91395,"SINAPI","Caminhão toco, pbt 14.300 kg, carga útil máx. 9.710 kg, dist. entre eixos 3,56 m, potência 185 cv, inclusive carroceria fixa aberta de madeira p/ transporte geral de carga seca, dimen. aprox. 2,50 x 6,50 x 0,50 m - chi diurno. af_06/2014.","CHOR - CUSTOS HORÁRIOS DE MÁQUINAS E EQUIPAMENTOS",null,"chi","0.01",64.86,0.54]
[{"$nulls":4},"MO sem LS =>",0.16,"ls =>","0.18","MO com LS =>",0.34]
[{"$nulls":4},"Valor do BDI =>",0.72171600000000002,null,"Valor com BDI =>",null,3.46]
[{"$nulls":6},"quant. =>","150.00","Preço Total =>",519]
[]
[3,null,null,"Perfuração e completação de poço tubular.",{"$nulls":5},32713.97]
["3.1","Código","Banco","Descrição.","Tipo",null,"und","Quant.","Valor Unit","Total"]
["Insumo",5051,"ORSE","Perfuraçao em rocha metassedimentar - metassedimento alterado / compacto dn 6\"  (poço 120m).","Serviços",null,"m","1.00",156.31,156.31]
[{"$nulls":4},"MO sem LS =>",0,"ls =>","0.00","MO com LS =>",0]
[{"$nulls":4},"Valor do BDI =>",41.17,null,"Valor com BDI =>",null,197.48]
[{"$nulls":6},"quant. =>","90.00","Preço Total =>",17773.2]
[]
["3.2","Código","Banco","Descrição.","Tipo",null,"und","Quant.","Valor Unit","Total"]
["Insumo",5057,"ORSE","Perfuração rocha sedimentar sedimento / camadas inconsolidadas dn 12.1/2\" - poço até 150m.","Serviços",null,"m","1.00",247.66,247.66]
[{"$nulls":4},"MO sem LS =>",0,"ls =>","0.00","MO com LS =>",0]
[{"$nulls":4},"Valor do BDI =>",65.23,null,"Valor com BDI =>",null,312.89]
[{"$nulls":6},"quant. =>","30.00","Preço Total =>",9386.7000000000007]
[]
["3.3","Código","Banco","Descrição.","Tipo",null,"und","Quant.","Valor Unit","Total"]
["Composição","COMPOSIÇÃO - 6","Próprio","Serviço de lançamento cimentação anelar, incluso materiais.","SEDI - SERVIÇOS DIVERSOS",null,"m³","1.00",541.72,541.72]
["Composição Auxiliar",1903,"ORSE","Argamassa cimento e areia traço t-1 (1:3) - 1 saco cimento 50kg / 3 padiolas areia dim. 0.35 x 0.45 x 0.23 m - confecção mecânica e transporte.","Argamassas",null,"m³","1.00",541.72,541.72]
[{"$nulls":4},"MO sem LS =>",25.86,"ls =>","28.74","MO com LS =>",54.6]
[{"$nulls":4},"Valor do BDI =>",142.68904800000001,null,"Valor com BDI =>",null,684.41]
[{"$nulls":6},"quant. =>","1.74","Preço Total =>",1190.8699999999999]
[]
["3.4","Código","Banco","Descrição.","Tipo",null,"und","Quant.","Valor Unit","Total"]
["Insumo",9854,"SINAPI","Tubo pvc de revestimento geomecanico nervurado standard, dn = 154 mm, comprimento = 2 m.","Material",null,"m","1.00",115.12,115.12]
[{"$nulls":4},"MO sem LS =>",0,"ls =>","0.00","MO com LS =>",0]
[{"$nulls":4},"Valor do BDI =>",30.32,null,"Valor com BDI =>",null,145.44]
[{"$nulls":6},"quant. =>","30.00","Preço Total =>",4363.2]
[]
[4,null,null,"Pós perfuração.",{"$nulls":5},11850.35]
["4.1","Código","Banco","Descrição.","Tipo",null,"und","Quant.","Valor Unit","Total"]
["Composição",6305,"ORSE","Desenvolvimento com compressor 250psi / 750cfm.","Conversão InfoWOrca",null,"h","1.00",411.16,411.16]
["Insumo",5030,"ORSE","Desenvolvimento com compressor 250psi - 750cfm h.","Serviços",null,"h","1.00",411.16,411.16]
[{"$nulls":4},"MO sem LS =>",0,"ls =>","0.00","MO com LS =>",0]
[{"$nulls":4},"Valor do BDI =>",108.299544,null,"Valor com BDI =>",null,519.46]
[{"$nulls":6},"quant. =>","2.00","Preço Total =>",1038.92]
[]
["4.2","Código","Banco","Descrição.","Tipo",null,"und","Quant.","Valor Unit","Total"]
["Composição","COMPOSIÇÃO - 7","Próprio","Inspeção ótica em poço tubular câmera com rotação de 360º, visada lateral, com fonte própria de luz, entregue vídeo em cores e marcação de profundidades.","SEES - SERVIÇOS ESPECIAIS",null,"m","1.00",9.42,9.42]
["Insumo"," H020050004 ","EMBASA","Aparelho de perfilagem optica.","Material",null,"m","1.00",4.4000000000000004,4.4000000000000004]
["Insumo"," B590000022 ","EMBASA","Tecnico medio.","Mão de Obra",null,"h","0.08",60.147199999999998,5.0199999999999996]
[{"$nulls":4},"MO sem LS =>",2.38,"ls =>","2.64","MO com LS =>",5.0199999999999996]
[{"$nulls":4},"Valor do BDI =>",2.4812280000000002,null,"Valor com BDI =>",null,11.9]
[{"$nulls":6},"quant. =>","120.00","Preço Total =>",1428]
[]
["4.3","Código","Banco","Descrição.","Tipo",null,"und","Quant.","Valor Unit","Total"]
["Composição","COMPOSIÇÃO - 8","Próprio","Serviço de coleta e análise físico-química e bacteriológica.","SEDI - SERVIÇOS DIVERSOS",null,"un","1.00",621.19000000000005,621.19000000000005]
["Composição Auxiliar",6312,"ORSE","Análise físico-química da água.","Conversão InfoWOrca",null,"un","1.00",565.21,565.21]
["Composição Auxiliar",6313,"ORSE","Análise bacteriológica da água.","Conversão InfoWOrca",null,"un","1.00",55.98,55.98]
[{"$nulls":4},"MO sem LS =>",0,"ls =>","0.00","MO com LS =>",0]
[{"$nulls":4},"Valor do BDI =>",163.62144599999999,null,"Valor com BDI =>",null,784.81]
[{"$nulls":6},"quant. =>","1.00","Preço Total =>",784.81]
[]
["4.4","Código","Banco","Descrição.","Tipo",null,"und","Quant.","Valor Unit","Total"]
["Composição"," 24.80.22 ","EMBASA","Ensaio de bombeamento poço tubular incluso materiais e grupo gerador.",2480,null,"h","1.00",255.47,255.47]
["Composição Auxiliar"," 24.00.15 ","EMBASA","Equipe (3 profissionais campo) - bombeio.",2400,null,"h","1.00",190.55,190.55]
["Insumo"," H020050001 ","EMBASA","Unidade de ensaio e bombeamento - ueb1 ate 150m3 no sedimento.","Material",null,"h","1.00",64.92,64.92]
[{"$nulls":4},"MO sem LS =>",90.26,"ls =>","100.29","MO com LS =>",190.55]
[{"$nulls":4},"Valor do BDI =>",67.290797999999995,null,"Valor com BDI =>",null,322.76]
[{"$nulls":6},"quant. =>","24.00","Preço Total =>",7746.24]
[]
["4.5","Código","Banco","Descrição.","Tipo",null,"und","Quant.","Valor Unit","Total"]
["Composição","COMPOSIÇÃO - 9","Próprio","Serviço de instalação de laje sanitária com dimensões (1,5x1,5x0,3) metros , incluso material.","SEDI - SERVIÇOS DIVERSOS",null,"un","1.00",674.67,674.67]
["Composição Auxiliar",92522,"SINAPI","Montagem e desmontagem de fôrma de laje maciça, pé-direito simples, em chapa de madeira compensada resinada, 8 utilizações. af_09/2020.","FUES - FUNDAÇÕES E ESTRUTURAS",null,"m²","1.80",45.02,81.040000000000006]
["Composição Auxiliar",93358,"SINAPI","Escavação manual de vala com profundidade menor ou igual a 1,30 m. af_02/2021.","MOVT - MOVIMENTO DE TERRA",null,"m³","0.23",80.98,18.22]
["Composição Auxiliar",94975,"SINAPI","Concreto fck = 15mpa, traço 1:3,4:3,5 (em massa seca de cimento/ areia média/ brita 1) - preparo manual. af_05/2021.","FUES - FUNDAÇÕES E ESTRUTURAS",null,"m³","0.68",565.04999999999995,381.41]
["Composição Auxiliar",103670,"SINAPI","Lançamento com uso de baldes, adensamento e acabamento de concreto em estruturas. af_02/2022.","FUES - FUNDAÇÕES E ESTRUTURAS",null,"m³","0.68",287.41000000000003,194]
[{"$nulls":4},"MO sem LS =>",109.71,"ls =>","121.90","MO com LS =>",231.61]
[{"$nulls":4},"Valor do BDI =>",177.708078,null,"Valor com BDI =>",null,852.38]
[{"$nulls":6},"quant. =>","1.00","Preço Total =>",852.38]
[]
[5,null,null,"Reservação.",{"$nulls":5},29029.58]
["5.1","Código","Banco","Descrição.","Tipo",null,"und","Quant.","Valor Unit","Total"]
["Composição","COMPOSIÇÃO - 10","Próprio","Fornecimento e instalação de reservatório e base elevada 10 m³.","ASTU - ASSENTAMENTO DE TUBOS E PECAS",null,"un","1.00",27100.81,27100.81]
["Composição Auxiliar",92759,"SINAPI","Armação de pilar ou viga de estrutura convencional de concreto armado utilizando aço ca-60 de 5,0 mm - montagem. af_06/2022.","FUES - FUNDAÇÕES E ESTRUTURAS",null,"kg","2024-10-29",14.66,426.61]
["Composição Auxiliar",92761,"SINAPI","Armação de pilar ou viga de estrutura convencional de concreto armado utilizando aço ca-50 de 8,0 mm - montagem. af_06/2022.","FUES - FUNDAÇÕES E ESTRUTURAS",null,"kg","48.00",13.12,629.76]
["Composição Auxiliar",93358,"SINAPI","Escavação manual de vala com profundidade menor ou igual a 1,30 m. af_02/2021.","MOVT - MOVIMENTO DE TERRA",null,"m³","5.20",80.98,421.1]
["Composição Auxiliar",92763,"SINAPI","Armação de pilar ou viga de estrutura convencional de concreto armado utilizando aço ca-50 de 12,5 mm - montagem. af_06/2022.","FUES - FUNDAÇÕES E ESTRUTURAS",null,"kg","118.40",9.8699999999999992,1168.6099999999999]
["Composição Auxiliar",94970,"SINAPI","Concreto fck = 20mpa, traço 1:2,7:3 (em massa seca de cimento/ areia média/ brita 1) - preparo mecânico com betoneira 600 l. af_05/2021.","FUES - FUNDAÇÕES E ESTRUTURAS",null,"m³","4.89",547.76,2678.55]
["Composição Auxiliar",103670,"SINAPI","Lançamento com uso de baldes, adensamento e acabamento de concreto em estruturas. af_02/2022.","FUES - FUNDAÇÕES E ESTRUTURAS",null,"m³","6.85",287.41000000000003,1968.76]
["Composição Auxiliar",84651,"SINAPI","Pintura com tinta impermeavel mineral em po, duas demaos.","PINT - PINTURAS",null,"m²","28.66",14.07,403.25]
["Composição Auxiliar",90776,"SINAPI","Encarregado geral com encargos complementares.","SEDI - SERVIÇOS DIVERSOS",null,"h","1.00",30.45,30.45]
["Composição Auxiliar",102482,"SINAPI","Concreto fck = 25mpa, traço 1:2,2:2,5 (em massa seca de cimento/ areia média/ seixo rolado) - preparo mecânico com betoneira 600 l. af_05/2021.","FUES - FUNDAÇÕES E ESTRUTURAS",null,"m³","1.96",786.75,1542.03]
["Composição Auxiliar",92263,"SINAPI","Fabricação de fôrma para pilares e estruturas similares, em chapa de madeira compensada resinada, e = 17 mm. af_09/2020.","FUES - FUNDAÇÕES E ESTRUTURAS",null,"m²","2024-10-18",168.66,3052.75]
["Composição Auxiliar",89272,"SINAPI","Guindaste hidráulico autopropelido, com lança telescópica 28,80 m, capacidade máxima 30 t, potência 97 kw, tração 4 x 4 - chp diurno. af_11/2014.","CHOR - CUSTOS HORÁRIOS DE MÁQUINAS E EQUIPAMENTOS",null,"chp","13.00",219.68,2855.84]
["Composição Auxiliar",5824,"SINAPI","Caminhão toco, pbt 16.000 kg, carga útil máx. 10.685 kg, dist. entre eixos 4,8 m, potência 189 cv, inclusive carroceria fixa aberta de madeira p/ transporte geral de carga seca, dimen. aprox. 2,5 x 7,00 x 0,50 m - chp diurno. af_06/2014.","CHOR - CUSTOS HORÁRIOS DE MÁQUINAS E EQUIPAMENTOS",null,"chp","24.00",235.41,5649.84]
["Composição Auxiliar",88267,"SINAPI","Encanador ou bombeiro hidráulico com encargos complementares.","SEDI - SERVIÇOS DIVERSOS",null,"h","4.00",29.48,117.92]
["Composição Auxiliar",88248,"SINAPI","Auxiliar de encanador ou bombeiro hidráulico com encargos complementares.","SEDI - SERVIÇOS DIVERSOS",null,"h","4.00",23.13,92.52]
["Insumo",11677,"SINAPI","Registro de esfera, pvc, com volante, vs, soldavel, dn 50 mm, com corpo dividido.","Material",null,"un","1.00",33.799999999999997,33.799999999999997]
["Insumo",3146,"SINAPI","Fita veda rosca em rolos de 18 mm x 10 m (l x c).","Material",null,"un","0.18",3.25,0.59]
["Insumo",37106,"SINAPI","Caixa d'agua / reservatorio em poliester reforcado com fibra de vidro, 10000 litros, com tampa.","Material",null,"un","1.00",5695.08,5695.08]
["Insumo",9875,"SINAPI","Tubo pvc, soldavel, de 50 mm, agua fria (nbr-5648).","Material",null,"m","15.20",14.9,226.48]
["Insumo",113,"SINAPI","Adaptador pvc soldavel curto com bolsa e rosca, 60 mm x 2\", para agua fria.","Material",null,"un","1.00",10.78,10.78]
["Insumo",3871,"SINAPI","Luva soldavel com rosca, pvc, 50 mm x 1 1/2\", para agua fria predial.","Material",null,"un","1.00",17.64,17.64]
["Insumo",3540,"SINAPI","Joelho pvc, soldavel, 90 graus, 50 mm, cor marrom, para agua fria predial.","Material",null,"un","5.00",4.82,24.1]
["Insumo",99,"SINAPI","Adaptador pvc soldavel, com flange e anel de vedacao, 50 mm x 1 1/2\", para caixa d'agua.","Material",null,"un","2.00",25.32,50.64]
["Insumo",119,"SINAPI","Adesivo plastico para pvc, bisnaga com 75 gr.","Material",null,"un","0.45",8.25,3.71]
[{"$nulls":4},"MO sem LS =>",1978.98,"ls =>","2199.26","MO com LS =>",4178.24]
[{"$nulls":4},"Valor do BDI =>",7138.3533539999999,null,"Valor com BDI =>",null,34239.160000000003]
[{"$nulls":6},"quant. =>","0.80","Preço Total =>",27391.33]
[]
["5.2","Código","Banco","Descrição.","Tipo",null,"und","Quant.","Valor Unit","Total"]
["Composição","COMPOSIÇÃO - 11","Próprio","Fornecimento e execução de reservatório apoiado de 5 m³.","SEDI - SERVIÇOS DIVERSOS",null,"un","1.00",6483.48,6483.48]
["Composição Auxiliar",5928,"SINAPI","Guindauto hidráulico, capacidade máxima de carga 6200 kg, momento máximo de carga 11,7 tm, alcance máximo horizontal 9,70 m, inclusive caminhão toco pbt 16.000 kg, potência de 189 cv - chp diurno. af_06/2014.","CHOR - CUSTOS HORÁRIOS DE MÁQUINAS E EQUIPAMENTOS",null,"chp","4.00",294.64999999999998,1178.5999999999999]
["Composição Auxiliar",88309,"SINAPI","Pedreiro com encargos complementares.","SEDI - SERVIÇOS DIVERSOS",null,"h","3.00",27.49,82.47]
["Composição Auxiliar",88316,"SINAPI","Servente com encargos complementares.","SEDI - SERVIÇOS DIVERSOS",null,"h","3.00",20.47,61.41]
["Composição Auxiliar",88262,"SINAPI","Carpinteiro de formas com encargos complementares.","SEDI - SERVIÇOS DIVERSOS",null,"h","3.00",27.12,81.36]
["Composição Auxiliar",102617,"SINAPI","Caixa d´água em poliéster reforçado com fibra de vidro, 5000 litros - fornecimento e instalação. af_06/2021.","INHI - INSTALAÇÕES HIDROS SANITÁRIAS",null,"un","1.00",3860.21,3860.21]
["Composição Auxiliar",92783,"SINAPI","Armação de laje de uma estrutura convencional de concreto armado em uma edificação térrea ou sobrado utilizando aço ca-60 de 4,2 mm - montagem. af_12/2015.","FUES - FUNDAÇÕES E ESTRUTURAS",null,"kg","3.20",18.690000000000001,59.81]
["Composição Auxiliar",92759,"SINAPI","Armação de pilar ou viga de estrutura convencional de concreto armado utilizando aço ca-60 de 5,0 mm - montagem. af_06/2022.","FUES - FUNDAÇÕES E ESTRUTURAS",null,"kg","5.60",14.66,82.1]
["Composição Auxiliar",94964,"SINAPI","Concreto fck = 20mpa, traço 1:2,7:3 (em massa seca de cimento/ areia média/ brita 1) - preparo mecânico com betoneira 400 l. af_05/2021.","FUES - FUNDAÇÕES E ESTRUTURAS",null,"m³","1.56",559.24,872.41]
["Composição Auxiliar",84651,"SINAPI","Pintura com tinta impermeavel mineral em po, duas demaos.","PINT - PINTURAS",null,"m²","2.70",14.07,37.99]
["Composição Auxiliar",92783,"SINAPI","Armação de laje de uma estrutura convencional de concreto armado em uma edificação térrea ou sobrado utilizando aço ca-60 de 4,2 mm - montagem. af_12/2015.","FUES - FUNDAÇÕES E ESTRUTURAS",null,"kg","3.20",18.690000000000001,59.81]
["Insumo",7155,"SINAPI","Tela de aco soldada nervurada, ca-60, q-138, (2,20 kg/m2), diametro do fio = 4,2 mm, largura = 2,45 m, espacamento da malha = 10  x 10 cm.","Material",null,"m²","6.16",17.420000000000002,107.31]
[{"$nulls":4},"MO sem LS =>",262.75,"ls =>","292.06","MO com LS =>",554.80999999999995]
[{"$nulls":4},"Valor do BDI =>",1707.748632,null,"Valor com BDI =>",null,8191.23]
[{"$nulls":6},"quant. =>","0.20","Preço Total =>",1638.25]
[]
[6,null,null,"Bebedouro.",{"$nulls":5},2073.21]
["6.1","Código","Banco","Descrição.","Tipo",null,"und","Quant.","Valor Unit","Total"]
["Composição","COMPOSIÇÃO - 12","Próprio","Serviço de execução do bebedouro em concreto armado, incluso materiais.","SEDI - SERVIÇOS DIVERSOS",null,"un","1.00",1640.98,1640.98]
["Composição Auxiliar",5928,"SINAPI","Guindauto hidráulico, capacidade máxima de carga 6200 kg, momento máximo de carga 11,7 tm, alcance máximo horizontal 9,70 m, inclusive caminhão toco pbt 16.000 kg, potência de 189 cv - chp diurno. af_06/2014.","CHOR - CUSTOS HORÁRIOS DE MÁQUINAS E EQUIPAMENTOS",null,"chp","2.00",294.64999999999998,589.29999999999995]
["Composição Auxiliar",87445,"SINAPI","Betoneira capacidade nominal 400 l, capacidade de mistura 310 l, motor a diesel potência 5,0 hp, sem carregador - chp diurno. af_05/2023.","CHOR - CUSTOS HORÁRIOS DE MÁQUINAS E EQUIPAMENTOS",null,"chp","0.50",5.29,2.65]
["Composição Auxiliar",88377,"SINAPI","Operador de betoneira estacionária/misturador com encargos complementares.","SEDI - SERVIÇOS DIVERSOS",null,"h","0.50",21.1,10.55]
["Composição Auxiliar",88310,"SINAPI","Pintor com encargos complementares.","SEDI - SERVIÇOS DIVERSOS",null,"h","0.30",31.72,9.52]
["Composição Auxiliar",100301,"SINAPI","Ajudante de pintor com encargos complementares.","SEDI - SERVIÇOS DIVERSOS",null,"h","0.10",25.39,2.54]
["Composição Auxiliar",88245,"SINAPI","Armador com encargos complementares.","SEDI - SERVIÇOS DIVERSOS",null,"h","3.00",27.26,81.78]
["Composição Auxiliar",88262,"SINAPI","Carpinteiro de formas com encargos complementares.","SEDI - SERVIÇOS DIVERSOS",null,"h","2.00",27.12,54.24]
["Composição Auxiliar",88316,"SINAPI","Servente com encargos complementares.","SEDI - SERVIÇOS DIVERSOS",null,"h","5.00",20.47,102.35]
["Composição Auxiliar",88309,"SINAPI","Pedreiro com encargos complementares.","SEDI - SERVIÇOS DIVERSOS",null,"h","4.00",27.49,109.96]
["Insumo",43055,"SINAPI","Aco ca-50, 12,5 mm ou 16,0 mm, vergalhao.","Material",null,"kg","12.00",7.5,90]
["Insumo",43059,"SINAPI","Aco ca-60, 4,2 mm, ou 5,0 mm, ou 6,0 mm, ou 7,0 mm, vergalhao.","Material",null,"kg","13.00",8.19,106.47]
["Insumo",32,"SINAPI","Aco ca-50, 6,3 mm, vergalhao.","Material",null,"kg","6.00",9.1300000000000008,54.78]
["Insumo",370,"SINAPI","Areia media - posto jazida/fornecedor (retirado na jazida, sem transporte).","Material",null,"m³","0.32",122.5,39.200000000000003]
["Insumo",1379,"SINAPI","Cimento portland composto cp ii-32.","Material",null,"kg","127.00",0.92,116.84]
["Insumo",4718,"SINAPI","Pedra britada n. 2 (19 a 38 mm) posto pedreira/fornecedor, sem frete.","Material",null,"m³","0.08",140.04,11.2]
["Insumo",4721,"SINAPI","Pedra britada n. 1 (9,5 a 19 mm) posto pedreira/fornecedor, sem frete.","Material",null,"m³","0.23",139.30000000000001,32.04]
["Insumo",3767,"SINAPI","Lixa em folha para parede ou madeira, numero 120, cor vermelha.","Material",null,"un","0.12",1.67,0.2]
["Insumo",7356,"SINAPI","Tinta latex acrilica premium, cor branco fosco.","Material",null,"l","0.18",31.44,5.66]
["Insumo",43681,"SINAPI","Chapa/painel de madeira compensada resinada (madeirite resinado rosa) para forma de concreto, de 2200 x 1100 mm, e = 8 a 12 mm.","Material",null,"m²","7.30",30.37,221.7]
[{"$nulls":4},"MO sem LS =>",148.84,"ls =>","165.37","MO com LS =>",314.20999999999998]
[{"$nulls":4},"Valor do BDI =>",432.23413199999999,null,"Valor com BDI =>",null,2073.21]
[{"$nulls":6},"quant. =>","1.00","Preço Total =>",2073.21]
[]
[7,null,null,"Chafariz.",{"$nulls":5},1322.5]
["7.1","Código","Banco","Descrição.","Tipo",null,"und","Quant.","Valor Unit","Total"]
["Composição","COMPOSIÇÃO - 13","Próprio","Fornecimento de material e instalação do chafariz.","ASTU - ASSENTAMENTO DE TUBOS E PECAS",null,"un","1.00",1046.78,1046.78]
["Composição Auxiliar",88267,"SINAPI","Encanador ou bombeiro hidráulico com encargos complementares.","SEDI - SERVIÇOS DIVERSOS",null,"h","2.00",29.48,58.96]
["Composição Auxiliar",88248,"SINAPI","Auxiliar de encanador ou bombeiro hidráulico com encargos complementares.","SEDI - SERVIÇOS DIVERSOS",null,"h","2.00",23.13,46.26]
["Composição Auxiliar",93358,"SINAPI","Escavação manual de vala com profundidade menor ou igual a 1,30 m. af_02/2021.","MOVT - MOVIMENTO DE TERRA",null,"m³","0.09",80.98,7.69]
["Composição Auxiliar",92270,"SINAPI","Fabricação de fôrma para vigas, com madeira serrada, e = 25 mm. af_09/2020.","FUES - FUNDAÇÕES E ESTRUTURAS",null,"m²","0.63",173.83,109.17]
["Composição Auxiliar",94975,"SINAPI","Concreto fck = 15mpa, traço 1:3,4:3,5 (em massa seca de cimento/ areia média/ brita 1) - preparo manual. af_05/2021.","FUES - FUNDAÇÕES E ESTRUTURAS",null,"m³","0.16",565.04999999999995,88.71]
["Composição Auxiliar",2171,"ORSE","Piso cimentado liso traço 1:5, e = 3 cm, c/ junta plástica 3 x 27 mm.","Pisos : Cimentados, em Concreto Simples, tipo Tech-Stone e de Alta Resistência",null,"m²","0.79",52.58,41.28]
["Composição Auxiliar",87904,"SINAPI","Chapisco aplicado em alvenaria (com presença de vãos) e estruturas de concreto de fachada, com colher de pedreiro.  argamassa traço 1:3 com preparo manual. af_10/2022.","REVE - REVESTIMENTO E TRATAMENTO DE SUPERFÍCIES",null,"m²","0.31",8.6199999999999992,2.71]
["Composição Auxiliar",87529,"SINAPI","Massa única, em argamassa traço 1:2:8, preparo mecânico, aplicada manualmente em paredes internas de ambientes com área entre 5m² e 10m², e = 17,5mm, com taliscas. af_03/2024.","REVE - REVESTIMENTO E TRATAMENTO DE SUPERFÍCIES",null,"m²","0.31",38.450000000000003,12.07]
["Composição Auxiliar",84651,"SINAPI","Pintura com tinta impermeavel mineral em po, duas demaos.","PINT - PINTURAS",null,"m²","0.31",14.07,4.42]
["Insumo",765,"SINAPI","Bucha de reducao de ferro galvanizado, com rosca bsp, de 1\" x 3/4\".","Material",null,"un","2.00",9.69,19.38]
["Insumo",9887,"SINAPI","Uniao de ferro galvanizado, com rosca bsp, com assento plano, de 2\".","Material",null,"un","2.00",98.64,197.28]
["Insumo",21013,"SINAPI","Tubo aco galvanizado com costura, classe leve, dn 50 mm ( 2\"),  e = 3,00 mm,  *4,40* kg/m (nbr 5580).","Material",null,"m","1.80",78.84,141.91]
["Insumo",6298,"SINAPI","Te de ferro galvanizado, de 2\".","Material",null,"un","1.00",64.239999999999995,64.239999999999995]
["Insumo",3471,"SINAPI","Cotovelo 90 graus de ferro galvanizado, com rosca bsp, de 2\".","Material",null,"un","1.00",48.32,48.32]
["Insumo",113,"SINAPI","Adaptador pvc soldavel curto com bolsa e rosca, 60 mm x 2\", para agua fria.","Material",null,"un","1.00",10.78,10.78]
["Insumo",818,"SINAPI","Bucha de reducao de pvc, soldavel, curta, com 60 x 50 mm, para agua fria predial.","Material",null,"un","1.00",6.58,6.58]
["Insumo",7604,"SINAPI","Torneira metalica cromada para tanque / jardim, sem bico , cano longo, de parede, padrao popular / uso geral, 1/2 \" ou 3/4 \" (ref 1126).","Material",null,"un","2.00",60.86,121.72]
["Insumo",119,"SINAPI","Adesivo plastico para pvc, bisnaga com 75 gr.","Material",null,"un","1.00",8.25,8.25]
["Insumo",3146,"SINAPI","Fita veda rosca em rolos de 18 mm x 10 m (l x c).","Material",null,"un","1.00",3.25,3.25]
["Insumo",771,"SINAPI","Bucha de reducao de ferro galvanizado, com rosca bsp, de 2\" x 1\".","Material",null,"un","2.00",26.9,53.8]
[{"$nulls":4},"MO sem LS =>",69.790000000000006,"ls =>","77.55","MO com LS =>",147.34]
[{"$nulls":4},"Valor do BDI =>",275.72185200000001,null,"Valor com BDI =>",null,1322.5]
[{"$nulls":6},"quant. =>","1.00","Preço Total =>",1322.5]
[]
[8,null,null,"Cavalete.",{"$nulls":5},1842.42]
["8.1","Código","Banco","Descrição.","Tipo",null,"und","Quant.","Valor Unit","Total"]
["Composição","COMPOSIÇÃO - 14","Próprio","Fornecimento de conexões e instalação do cavalete com hidrômetro e clorador de pastilhas.","INHI - INSTALAÇÕES HIDROS SANITÁRIAS",null,"un","1.00",1458.3,1458.3]
["Composição Auxiliar",88248,"SINAPI","Auxiliar de encanador ou bombeiro hidráulico com encargos complementares.","SEDI - SERVIÇOS DIVERSOS",null,"h","3.00",23.13,69.39]
["Insumo",791,"SINAPI","Bucha de reducao de ferro galvanizado, com rosca bsp, de 1 1/2\" x 1\".","Material",null,"un","1.00",20.05,20.05]
["Insumo",9862,"SINAPI","Tubo pvc, roscavel, 1 1/2\",  agua fria predial.","Material",null,"m","1.50",30.26,45.39]
["Insumo",11831,"SINAPI","Torneira plastica para tanque 1/2 \" ou 3/4 \" com bico para mangueira.","Material",null,"un","1.00",14.35,14.35]
["Insumo",2121,"SBC","Te de reducao ferro galvanizado 1.1/2\" x 1\".","Material",null,"un","1.00",57.49,57.49]
["Insumo",9569,"ORSE","Adaptador pvc bsxrm d= 35mm x 1 1/2\", linha irriga-lf, tigre ou similar un.","Material",null,"un","1.00",3.04,3.04]
["Insumo",3939,"SINAPI","Luva de ferro galvanizado, com rosca bsp, de 1 1/2\".","Material",null,"un","1.00",22.21,22.21]
["Insumo",1798,"SINAPI","Curva 90 graus de ferro galvanizado, com rosca bsp macho, de 2\".","Material",null,"un","1.00",123.81,123.81]
["Insumo",9887,"SINAPI","Uniao de ferro galvanizado, com rosca bsp, com assento plano, de 2\".","Material",null,"un","2.00",98.64,197.28]
["Insumo"," 00004181/SINAPI ","ORSE","Niple de ferro galvanizado, com rosca bsp, de 2\".","Material",null,"un","2.00",39.24,78.48]
["Insumo",6028,"SINAPI","Registro gaveta bruto em latao forjado, bitola 2 \" (ref 1509).","Material",null,"un","1.00",127.17,127.17]
["Insumo",12775,"SINAPI","Hidrometro multijato / medidor de agua, dn 1\", vazao maxima de 7 m3/h, para agua potavel fria, relojoaria plana, classe b, horizontal (sem conexoes).","Material",null,"un","1.00",350.65,350.65]
["Insumo",771,"SINAPI","Bucha de reducao de ferro galvanizado, com rosca bsp, de 2\" x 1\".","Material",null,"un","1.00",26.9,26.9]
["Insumo",6305,"SINAPI","Te de reducao de ferro galvanizado, com rosca bsp, de 2\" x 1\".","Material",null,"un","1.00",71.12,71.12]
["Insumo",12464,"ORSE","Clorador dosador de cloro de pastilhas automático.","Material",null,"un","1.00",250.97,250.97]
[{"$nulls":4},"MO sem LS =>",24.31,"ls =>","2024-02-27","MO com LS =>",51.33]
[{"$nulls":4},"Valor do BDI =>",384.11622,null,"Valor com BDI =>",null,1842.42]
[{"$nulls":6},"quant. =>","1.00","Preço Total =>",1842.42]
[]
[9,null,null,"Instalações hidráulicas.",{"$nulls":5},20938.68]
["9.1","Código","Banco","Descrição.","Tipo",null,"und","Quant.","Valor Unit","Total"]
["Composição","COMPOSIÇÃO - 15","Próprio","Fornecimento e instalação da rede adutora poço-reservatório-bebedouro em pn80 e dn50mm.","SEDI - SERVIÇOS DIVERSOS",null,"m","1.00",28.22,28.22]
["Composição Auxiliar",88316,"SINAPI","Servente com encargos complementares.","SEDI - SERVIÇOS DIVERSOS",null,"h","0.05",20.47,1.02]
["Composição Auxiliar",93358,"SINAPI","Escavação manual de vala com profundidade menor ou igual a 1,30 m. af_02/2021.","MOVT - MOVIMENTO DE TERRA",null,"m³","0.05",80.98,4.05]
["Insumo",9875,"SINAPI","Tubo pvc, soldavel, de 50 mm, agua fria (nbr-5648).","Material",null,"m","1.00",14.9,14.9]
["Insumo",119,"SINAPI","Adesivo plastico para pvc, bisnaga com 75 gr.","Material",null,"un","1.00",8.25,8.25]
[{"$nulls":4},"MO sem LS =>",1.63,"ls =>","1.81","MO com LS =>",3.44]
[{"$nulls":4},"Valor do BDI =>",7.4331480000000001,null,"Valor com BDI =>",null,35.65]
[{"$nulls":6},"quant. =>","400.00","Preço Total =>",14260]
[]
["9.2","Código","Banco","Descrição.","Tipo",null,"und","Quant.","Valor Unit","Total"]
["Composição","COMPOSIÇÃO - 16","Próprio","Montagem hidráulica do equipamento de bombeamento.","INHI - INSTALAÇÕES HIDROS SANITÁRIAS",null,"un","1.00",157.83000000000001,157.83000000000001]
["Composição Auxiliar",88267,"SINAPI","Encanador ou bombeiro hidráulico com encargos complementares.","SEDI - SERVIÇOS DIVERSOS",null,"h","3.00",29.48,88.44]
["Composição Auxiliar",88248,"SINAPI","Auxiliar de encanador ou bombeiro hidráulico com encargos complementares.","SEDI - SERVIÇOS DIVERSOS",null,"h","3.00",23.13,69.39]
[{"$nulls":4},"MO sem LS =>",57.65,"ls =>","64.06","MO com LS =>",121.71]
[{"$nulls":4},"Valor do BDI =>",41.572422000000003,null,"Valor com BDI =>",null,199.4]
[{"$nulls":6},"quant. =>","1.00","Preço Total =>",199.4]
[]
["9.3","Código","Banco","Descrição.","Tipo",null,"und","Quant.","Valor Unit","Total"]
["Insumo",38200,"SINAPI","Corda de poliamida 12 mm tipo bombeiro, para trabalho em altura.","Material",null,"100m","1.00",682.92,682.92]
[{"$nulls":4},"MO sem LS =>",0,"ls =>","0.00","MO com LS =>",0]
[{"$nulls":4},"Valor do BDI =>",104.35,null,"Valor com BDI =>",null,787.27]
[{"$nulls":6},"quant. =>","0.93","Preço Total =>",732.16]
[]
["9.4","Código","Banco","Descrição.","Tipo",null,"und","Quant.","Valor Unit","Total"]
["Insumo",9860,"SINAPI","Tubo pvc, roscavel,  2\", para agua fria predial.","Material",null,"m","1.00",43.3,43.3]
[{"$nulls":4},"MO sem LS =>",0,"ls =>","0.00","MO com LS =>",0]
[{"$nulls":4},"Valor do BDI =>",11.41,null,"Valor com BDI =>",null,54.71]
[{"$nulls":6},"quant. =>","90.00","Preço Total =>",4923.8999999999996]
[]
["9.5","Código","Banco","Descrição.","Tipo",null,"und","Quant.","Valor Unit","Total"]
["Insumo",3912,"SINAPI","Luva de ferro galvanizado, com rosca bsp, de 2\".","Material",null,"un","1.00",34.020000000000003,34.020000000000003]
[{"$nulls":4},"MO sem LS =>",0,"ls =>","0.00","MO com LS =>",0]
[{"$nulls":4},"Valor do BDI =>",8.9600000000000009,null,"Valor com BDI =>",null,42.98]
[{"$nulls":6},"quant. =>","16.00","Preço Total =>",687.68]
[]
["9.6","Código","Banco","Descrição.","Tipo",null,"und","Quant.","Valor Unit","Total"]
["Insumo",5128,"ORSE","Tampa de poço galvanizada em 6\" un.","Serviços",null,"un","1.00",107.28,107.28]
[{"$nulls":4},"MO sem LS =>",0,"ls =>","0.00","MO com LS =>",0]
[{"$nulls":4},"Valor do BDI =>",28.26,null,"Valor com BDI =>",null,135.54]
[{"$nulls":6},"quant. =>","1.00","Preço Total =>",135.54]
[]
[10,null,null,"Estrutura de fixação para módulos fotovoltáicos.",{"$nulls":5},5079.04]
["10.1","Código","Banco","Descrição.","Tipo",null,"und","Quant.","Valor Unit","Total"]
["Composição","COMPOSIÇÃO - 17","Próprio","Serviço de fixação de estruturas para os módulos fotovoltaicos e suportes de concreto, incluso materiais.","SEDI - SERVIÇOS DIVERSOS",null,"m²","1.00",251.26,251.26]
["Composição Auxiliar",94975,"SINAPI","Concreto fck = 15mpa, traço 1:3,4:3,5 (em massa seca de cimento/ areia média/ brita 1) - preparo manual. af_05/2021.","FUES - FUNDAÇÕES E ESTRUTURAS",null,"m³","0.09",565.04999999999995,53.4]
["Composição Auxiliar",93358,"SINAPI","Escavação manual de vala com profundidade menor ou igual a 1,30 m. af_02/2021.","MOVT - MOVIMENTO DE TERRA",null,"m³","0.06",80.98,5.0599999999999996]
["Composição Auxiliar",96534,"SINAPI","Fabricação, montagem e desmontagem de fôrma para bloco de coroamento, em madeira serrada, e=25 mm, 4 utilizações. af_06/2017.","FUES - FUNDAÇÕES E ESTRUTURAS",null,"m²","0.03",81,2.59]
["Composição Auxiliar",88316,"SINAPI","Servente com encargos complementares.","SEDI - SERVIÇOS DIVERSOS",null,"h","2.64",20.47,53.98]
["Composição Auxiliar",88278,"SINAPI","Montador de estrutura metálica com encargos complementares.","SEDI - SERVIÇOS DIVERSOS",null,"h","2.64",22.12,58.33]
["Insumo",15690,"SBC","Estrutura metalica tesoura c/coluna 20/35m(24,72kg/m2).","Material",null,"m²","1.00",77.900000000000006,77.900000000000006]
[{"$nulls":4},"MO sem LS =>",44.13,"ls =>","49.04","MO com LS =>",93.17]
[{"$nulls":4},"Valor do BDI =>",66.181883999999997,null,"Valor com BDI =>",null,317.44]
[{"$nulls":6},"quant. =>","16.00","Preço Total =>",5079.04]
[]
[11,null,null,"Instalações elétricas e bóia elétrica.",{"$nulls":5},17837.41]
["11.1","Código","Banco","Descrição.","Tipo",null,"und","Quant.","Valor Unit","Total"]
["Composição","COMPOSIÇÃO - 18","Próprio","Montagem e instalação elétrica do kit de bombeamento e sistema fotovoltaico inclusive sistema de aterramento.","INEL - INSTALAÇÃO ELÉTRICA/ELETRIFICAÇÃO E ILUMINAÇÃO EXTERNA",null,"un","1.00",1077.3599999999999,1077.3599999999999]
["Composição Auxiliar",88247,"SINAPI","Auxiliar de eletricista com encargos complementares.","SEDI - SERVIÇOS DIVERSOS",null,"h","8.00",24.18,193.44]
["Insumo",20111,"SINAPI","Fita isolante adesiva antichama, uso ate 750 v, em rolo de 19 mm x 20 m.","Material",null,"un","1.00",9.98,9.98]
["Insumo",2674,"SINAPI","Fornecimento de  eletroduto de pvc rigido roscavel de 3/4 \", sem luva.","Material",null,"m","15.00",5.44,81.599999999999994]
["Insumo",12034,"SINAPI","Fornecimento de  curva 180 graus, de pvc rigido roscavel, de 3/4\", para eletroduto.","Material",null,"un","1.00",5.89,5.89]
["Insumo",39272,"SINAPI","Fornecimento de  curva 90 graus, curta, de pvc rigido roscavel, de 3/4\", para eletroduto.","Material",null,"un","2.00",3.22,6.44]
["Insumo",3379,"SINAPI","Haste de aterramento em aco com 3,00 m de comprimento e dn = 5/8\", revestida com baixa camada de cobre, sem conector.","Material",null,"un","0.66",55.38,36.549999999999997]
["Insumo",1891,"SINAPI","Fornecimento de  luva em pvc rigido roscavel, de 3/4\", para eletroduto.","Material",null,"un","9.00",1.49,13.41]
["Insumo",425,"SINAPI","Grampo metalico tipo olhal para haste de aterramento de 5/8'', condutor de *10* a 50 mm2.","Material",null,"un","2.00",5.25,10.5]
["Insumo",34643,"SINAPI","Fornecimento de  caixa de inspecao para aterramento e para raios, em polipropileno,  diametro = 300 mm x altura = 400 mm.","Material",null,"un","2.00",43.26,86.52]
["Insumo",867,"SINAPI","Cabo de cobre nu 50 mm2 meio-duro.","Material",null,"m","7.50",54.71,410.33]
["Insumo",54581,"SIURB INFRA","Dps - dispositivo de proteção contra surtos – 45ka – 500 volts - corrente contínua - classe ii - p/ sistema fotovoltáico.","Material",null,"un","1.00",222.7,222.7]
[{"$nulls":4},"MO sem LS =>",66.239999999999995,"ls =>","73.60","MO com LS =>",139.84]
[{"$nulls":4},"Valor do BDI =>",283.77662400000003,null,"Valor com BDI =>",null,1361.14]
[{"$nulls":6},"quant. =>","1.00","Preço Total =>",1361.14]
[]
["11.2","Código","Banco","Descrição.","Tipo",null,"und","Quant.","Valor Unit","Total"]
["Insumo",34622,"SINAPI","Fornecimento de  cabo flexivel pvc 750 v, 3 condutores de 6,0 mm2.","Material",null,"m","1.00",21.51,21.51]
[{"$nulls":4},"MO sem LS =>",0,"ls =>","0.00","MO com LS =>",0]
[{"$nulls":4},"Valor do BDI =>",3.29,null,"Valor com BDI =>",null,24.8]
[{"$nulls":6},"quant. =>","105.00","Preço Total =>",2604]
[]
["11.3","Código","Banco","Descrição.","Tipo",null,"und","Quant.","Valor Unit","Total"]
["Composição","COMPOSIÇÃO - 19","Próprio","Fornecimento e instalação de automático de bóia superior e inferior.","ASTU - ASSENTAMENTO DE TUBOS E PECAS",null,"un","1.00",65.86,65.86]
["Composição Auxiliar",88264,"SINAPI","Eletricista com encargos complementares.","SEDI - SERVIÇOS DIVERSOS",null,"h","0.20",30.67,6.13]
["Composição Auxiliar",88247,"SINAPI","Auxiliar de eletricista com encargos complementares.","SEDI - SERVIÇOS DIVERSOS",null,"h","0.20",24.18,4.84]
["Insumo",7588,"SINAPI","Automatico de boia superior / inferior, *15* a / 250 v.","Material",null,"un","1.00",54.02,54.02]
["Insumo",21127,"SINAPI","Fita isolante adesiva antichama, uso ate 750 v, em rolo de 19 mm x 5 m.","Material",null,"un","0.10",3.77,0.38]
["Insumo",3146,"SINAPI","Fita veda rosca em rolos de 18 mm x 10 m (l x c).","Material",null,"un","0.15",3.25,0.49]
[{"$nulls":4},"MO sem LS =>",3.93,"ls =>","4.36","MO com LS =>",8.2899999999999991]
[{"$nulls":4},"Valor do BDI =>",17.347524,null,"Valor com BDI =>",null,83.21]
[{"$nulls":6},"quant. =>","1.00","Preço Total =>",83.21]
[]
["11.4","Código","Banco","Descrição.","Tipo",null,"und","Quant.","Valor Unit","Total"]
["Insumo",39257,"SINAPI","Cabo multipolar de cobre, flexivel, classe 4 ou 5, isolacao em hepr, cobertura em pvc-st2, antichama bwf-b, 0,6/1 kv, 3 condutores de 1,5 mm2.","Material",null,"m","1.00",5.85,5.85]
[{"$nulls":4},"MO sem LS =>",0,"ls =>","0.00","MO com LS =>",0]
[{"$nulls":4},"Valor do BDI =>",1.54,null,"Valor com BDI =>",null,7.39]
[{"$nulls":6},"quant. =>","200.00","Preço Total =>",1478]
[]
["11.5","Código","Banco","Descrição.","Tipo",null,"und","Quant.","Valor Unit","Total"]
["Insumo","COTAÇÃO-001","Próprio","Fornecimento de kit de bombeamento fotovoltaico, incluindo uma bomba cc de 1500w com controladora de carga externa, caixa de proteção metálica, módulos fotovoltaicos compatíveis com a geração de 2200wp além de componentes elétricos necessários para interligação dos painéis, como cabos, conectores mc4 e presilhas de fixação.","Serviços",null,"un","1.00",9744.39,9744.39]
[{"$nulls":4},"MO sem LS =>",0,"ls =>","0.00","MO com LS =>",0]
[{"$nulls":4},"Valor do BDI =>",2566.67,null,"Valor com BDI =>",null,12311.06]
[{"$nulls":6},"quant. =>","1.00","Preço Total =>",12311.06]
[]
[12,null,null,"Urbanização.",{"$nulls":5},3971.57]
["12.1","Código","Banco","Descrição.","Tipo",null,"und","Quant.","Valor Unit","Total"]
["Composição","COMPOSIÇÃO - 20","Próprio","Cerca com mourões de concreto de 15x15cm, espaçados de 3m e cravados a 0,5m, escoras de 10x10cm nos cantos, e 9 fios de arame de aço ovalado 15x17.","SEDI - SERVIÇOS DIVERSOS",null,"m","1.00",80.63,80.63]
["Composição Auxiliar",88309,"SINAPI","Pedreiro com encargos complementares.","SEDI - SERVIÇOS DIVERSOS",null,"h","0.34",27.49,9.2100000000000009]
["Composição Auxiliar",88316,"SINAPI","Servente com encargos complementares.","SEDI - SERVIÇOS DIVERSOS",null,"h","0.67",20.47,13.74]
["Composição Auxiliar",94975,"SINAPI","Concreto fck = 15mpa, traço 1:3,4:3,5 (em massa seca de cimento/ areia média/ brita 1) - preparo manual. af_05/2021.","FUES - FUNDAÇÕES E ESTRUTURAS",null,"m³","0.03",565.04999999999995,16.27]
["Insumo",43130,"SINAPI","Arame galvanizado 12 bwg, d = 2,76 mm (0,048 kg/m) ou 14 bwg, d = 2,11 mm (0,026 kg/m).","Material",null,"kg","0.10",20.5,2.0099999999999998]
["Insumo",346,"SINAPI","Arame de aco ovalado 15 x 17 ( 45,7 kg, 700 kgf), rolo 1000 m.","Material",null,"kg","0.41",24.28,9.83]
["Insumo",4111,"SINAPI","Escora pre-moldada em concreto, *10 x 10* cm, h = 2,30m.","Material",null,"un","0.16",60.88,9.74]
["Insumo"," I1533 ","SEINFRA","Mourão concreto base 15x15cm h=2.3 c/ 12 furos.","Material",null,"un","0.42",47.22,19.829999999999998]
[{"$nulls":4},"MO sem LS =>",8.8800000000000008,"ls =>","9.87","MO com LS =>",18.75]
[{"$nulls":4},"Valor do BDI =>",21.237942,null,"Valor com BDI =>",null,101.87]
[{"$nulls":6},"quant. =>","28.00","Preço Total =>",2852.36]
[]
["12.2","Código","Banco","Descrição.","Tipo",null,"und","Quant.","Valor Unit","Total"]
["Composição","COMPOSIÇÃO - 21","Próprio","Serviço de instalação de portão de ferro com suporte e batedor conforme projeto, incluso material.","SEDI - SERVIÇOS DIVERSOS",null,"m²","1.00",590.58000000000004,590.58000000000004]
["Composição Auxiliar",88309,"SINAPI","Pedreiro com encargos complementares.","SEDI - SERVIÇOS DIVERSOS",null,"h","1.50",27.49,41.24]
["Composição Auxiliar",88316,"SINAPI","Servente com encargos complementares.","SEDI - SERVIÇOS DIVERSOS",null,"h","1.50",20.47,30.71]
["Insumo",367,"SINAPI","Areia grossa - posto jazida/fornecedor (retirado na jazida, sem transporte).","Material",null,"m³","0.06",124.1,7.57]
["Insumo",1379,"SINAPI","Cimento portland composto cp ii-32.","Material",null,"kg","4.83",0.92,4.4400000000000004]
["Insumo",4948,"SINAPI","Portao de abrir / giro, em gradil de metalon redondo de 3/4\"  vertical, com requadro, acabamento natural - completo.","Material",null,"m²","1.00",506.62,506.62]
[{"$nulls":4},"MO sem LS =>",24.63,"ls =>","27.36","MO com LS =>",51.99]
[{"$nulls":4},"Valor do BDI =>",155.558772,null,"Valor com BDI =>",null,746.14]
[{"$nulls":6},"quant. =>","1.50","Preço Total =>",1119.21]
[]
[13,null,null,"Outros serviços e insumos excepcionais.",{"$nulls":5},8968.66]
["13.1","Código","Banco","Descrição.","Tipo",null,"und","Quant.","Valor Unit","Total"]
["Composição","COMPOSIÇÃO - 22","Próprio","Fornecimento e instalação do pré filtro para revestimento interno.","ASTU - ASSENTAMENTO DE TUBOS E PECAS",null,"m³","1.00",1652.4,1652.4]
["Composição Auxiliar",90776,"SINAPI","Encarregado geral com encargos complementares.","SEDI - SERVIÇOS DIVERSOS",null,"h","0.40",30.45,12.18]
["Composição Auxiliar",88297,"SINAPI","Operador de máquinas e equipamentos com encargos complementares.","SEDI - SERVIÇOS DIVERSOS",null,"h","0.40",26.49,10.6]
["Composição Auxiliar",88316,"SINAPI","Servente com encargos complementares.","SEDI - SERVIÇOS DIVERSOS",null,"h","0.50",20.47,10.24]
["Insumo",5073,"ORSE","Pré-filtro comum.","Serviços",null,"m³","1.00",1619.38,1619.38]
[{"$nulls":4},"MO sem LS =>",12.51,"ls =>","13.91","MO com LS =>",26.42]
[{"$nulls":4},"Valor do BDI =>",435.24216000000001,null,"Valor com BDI =>",null,2087.64]
[{"$nulls":6},"quant. =>","0.18","Preço Total =>",375.78]
[]
["13.2","Código","Banco","Descrição.","Tipo",null,"und","Quant.","Valor Unit","Total"]
["Composição","COMPOSIÇÃO - 23","Próprio","Execução de tamponamento conforme especificação.","SEDI - SERVIÇOS DIVERSOS",null,"m³","1.00",703.83,703.83]
["Composição Auxiliar",87316,"SINAPI","Argamassa traço 1:4 (em volume de cimento e areia grossa úmida) para chapisco convencional, preparo mecânico com betoneira 400 l. af_08/2019.","SEDI - SERVIÇOS DIVERSOS",null,"m³","1.00",544.05999999999995,544.05999999999995]
["Composição Auxiliar",88316,"SINAPI","Servente com encargos complementares.","SEDI - SERVIÇOS DIVERSOS",null,"h","1.00",20.47,20.47]
["Insumo",4721,"SINAPI","Pedra britada n. 1 (9,5 a 19 mm) posto pedreira/fornecedor, sem frete.","Material",null,"m³","1.00",139.30000000000001,139.30000000000001]
[{"$nulls":4},"MO sem LS =>",40.82,"ls =>","45.35","MO com LS =>",86.17]
[{"$nulls":4},"Valor do BDI =>",185.388822,null,"Valor com BDI =>",null,889.22]
[{"$nulls":6},"quant. =>","0.24","Preço Total =>",213.41]
[]
["13.3","Código","Banco","Descrição.","Tipo",null,"und","Quant.","Valor Unit","Total"]
["Composição","COMPOSIÇÃO - 24","Próprio","Fornecimento e instalação do filtro para revestimento interno ø 4 1/2\".","ASTU - ASSENTAMENTO DE TUBOS E PECAS",null,"m","1.00",104.24,104.24]
["Composição Auxiliar",88316,"SINAPI","Servente com encargos complementares.","SEDI - SERVIÇOS DIVERSOS",null,"h","0.65",20.47,13.31]
["Composição Auxiliar",90776,"SINAPI","Encarregado geral com encargos complementares.","SEDI - SERVIÇOS DIVERSOS",null,"h","0.65",30.45,19.79]
["Insumo","COTAÇÃO-002","Próprio","Fornecimento tubo filtro geomecânico classe reforçado diâmetro ø 4 1/2\" com junta roscável.","Material",null,"m","1.00",71.14,71.14]
[{"$nulls":4},"MO sem LS =>",12.81,"ls =>","14.23","MO com LS =>",27.04]
[{"$nulls":4},"Valor do BDI =>",27.456816,null,"Valor com BDI =>",null,131.69999999999999]
[{"$nulls":6},"quant. =>","0.60","Preço Total =>",79.02]
[]
["13.4","Código","Banco","Descrição.","Tipo",null,"und","Quant.","Valor Unit","Total"]
["Composição","COMPOSIÇÃO - 25","Próprio","Fornecimento e instalação do revestimento interno ø 4 1/2\".","ASTU - ASSENTAMENTO DE TUBOS E PECAS",null,"m","1.00",95.47,95.47]
["Composição Auxiliar",88316,"SINAPI","Servente com encargos complementares.","SEDI - SERVIÇOS DIVERSOS",null,"h","0.65",20.47,13.31]
["Composição Auxiliar",90776,"SINAPI","Encarregado geral com encargos complementares.","SEDI - SERVIÇOS DIVERSOS",null,"h","0.65",30.45,19.79]
["Insumo","COTAÇÃO-003","Próprio","Fornecimento tubo revestimento geomecânico classe reforçado ø 4 1/2\" com junta roscável.","Material",null,"m","1.00",62.37,62.37]
[{"$nulls":4},"MO sem LS =>",12.81,"ls =>","14.23","MO com LS =>",27.04]
[{"$nulls":4},"Valor do BDI =>",25.146798,null,"Valor com BDI =>",null,120.62]
[{"$nulls":6},"quant. =>","0.60","Preço Total =>",72.37]
[]
["13.5","Código","Banco","Descrição.","Tipo",null,"und","Quant.","Valor Unit","Total"]
["Insumo"," M3929 ","SICRO3","Tubo em aço-carbono - e = 3,00 mm e d = 150 mm (6\").","Material",null,"m","1.00",171.2287,171.2287]
[{"$nulls":4},"MO sem LS =>",0,"ls =>","0.00","MO com LS =>",0]
[{"$nulls":4},"Valor do BDI =>",45.1,null,"Valor com BDI =>",null,216.33]
[{"$nulls":6},"quant. =>","9.00","Preço Total =>",1946.97]
[]
["13.6","Código","Banco","Descrição.","Tipo",null,"und","Quant.","Valor Unit","Total"]
["Insumo",41699,"SINAPI","Tubo de revestimento, em aco, corpo schedule 40, ponteira schedule 80, rosqueavel e segmentado para perfuracao, diametro 8.","Material",null,"m","1.00",2189.0100000000002,2189.0100000000002]
[{"$nulls":4},"MO sem LS =>",0,"ls =>","0.00","MO com LS =>",0]
[{"$nulls":4},"Valor do BDI =>",576.59,null,"Valor com BDI =>",null,2765.6]
[{"$nulls":6},"quant. =>","1.80","Preço Total =>",4978.08]
[]
["13.7","Código","Banco","Descrição.","Tipo",null,"und","Quant.","Valor Unit","Total"]
["Insumo"," M039706073 ","EMBASA","Filtro nold em aço galvanizado dn 6\".","Material",null,"m","1.00",763.9,763.9]
[{"$nulls":4},"MO sem LS =>",0,"ls =>","0.00","MO com LS =>",0]
[{"$nulls":4},"Valor do BDI =>",201.21,null,"Valor com BDI =>",null,965.11]
[{"$nulls":6},"quant. =>","1.20","Preço Total =>",1158.1300000000001]
[]
["13.8","Código","Banco","Descrição.","Tipo",null,"und","Quant.","Valor Unit","Total"]
["Composição","COMPOSIÇÃO - 26","Próprio","Limpeza manual , remoção de cerca, capina e instalação dos equipamentos (área do poço, painéis solares, bebedouro e reservatório).","SEDI - SERVIÇOS DIVERSOS",null,"m²","1.00",1.64,1.64]
["Composição Auxiliar",88316,"SINAPI","Servente com encargos complementares.","SEDI - SERVIÇOS DIVERSOS",null,"h","0.08",20.47,1.64]
[{"$nulls":4},"MO sem LS =>",0.53,"ls =>","0.58","MO com LS =>",1.1100000000000001]
[{"$nulls":4},"Valor do BDI =>",0.43197600000000003,null,"Valor com BDI =>",null,2.0699999999999998]
[{"$nulls":6},"quant. =>","70.00","Preço Total =>",144.9]

{"sheet":"Crono. - TO - P","index":12,"n_rows":27,"n_cols":15,"rows_kept":27,"cut":false,"hidden":false,"merged":[[0,0,6,14],[7,0,8,14],[23,0,23,1],[23,2,26,2],[24,0,24,1],[25,0,25,1],[26,0,26,1]]}
["OBJETO: EXECUÇÃO DE SERVIÇOS DE PERFURAÇÃO E INSTALAÇÃO DE POÇOS TUBULARES EM MUNICÍPIOS LOCALIZADOS NO ESTADO DO TOCANTINS, NA ÁREA DE ATUAÇÃO DA CODEVASF."]
[]
[]
[]
[]
[]
[]
["CRONOGRAMA FÍSICO-FINANCEIRO POÇO PARCIALMENTE REVESTIDO"]
[]
["ITEM","ESPECIFICAÇÃO DOS SERVIÇOS","VALOR TOTAL (R$)","Mês 01","Mês 02","Mês 03","Mês 04","Mês 05","Mês 06","Mês 07","Mês 08","Mês 09","Mês 10","Mês 11","Mês 12"]
["1","Serviços preliminares.",106449.39,8870.7824999999993,8870.7824999999993,8870.7824999999993,8870.7824999999993,8870.7824999999993,8870.7824999999993,8870.7824999999993,8870.7824999999993,8870.7824999999993,8870.7824999999993,8870.7824999999993,8870.7824999999993]
["2","Mobilizaçâo e desmobilizaçâo equipes perfuraçâo e instalação.",183195,15266.25,15266.25,15266.25,15266.25,15266.25,15266.25,15266.25,15266.25,15266.25,15266.25,15266.25,15266.25]
["3","Perfuração e completação de poço tubular.",2066844.86,172237.07166666668,172237.07166666668,172237.07166666668,172237.07166666668,172237.07166666668,172237.07166666668,172237.07166666668,172237.07166666668,172237.07166666668,172237.07166666668,172237.07166666668,172237.07166666668]
["4","Pós perfuração.",811399.29,67616.607499999998,67616.607499999998,67616.607499999998,67616.607499999998,67616.607499999998,67616.607499999998,67616.607499999998,67616.607499999998,67616.607499999998,67616.607499999998,67616.607499999998,67616.607499999998]
["5","Reservação.",2003040.6,166920.05000000002,166920.05000000002,166920.05000000002,166920.05000000002,166920.05000000002,166920.05000000002,166920.05000000002,166920.05000000002,166920.05000000002,166920.05000000002,166920.05000000002,166920.05000000002]
["6","Bebedouro.",143051.49,11920.957499999999,11920.957499999999,11920.957499999999,11920.957499999999,11920.957499999999,11920.957499999999,11920.957499999999,11920.957499999999,11920.957499999999,11920.957499999999,11920.957499999999,11920.957499999999]
["7","Chafariz.",91252.5,7604.375,7604.375,7604.375,7604.375,7604.375,7604.375,7604.375,7604.375,7604.375,7604.375,7604.375,7604.375]
["8","Cavalete.",127126.98,10593.914999999999,10593.914999999999,10593.914999999999,10593.914999999999,10593.914999999999,10593.914999999999,10593.914999999999,10593.914999999999,10593.914999999999,10593.914999999999,10593.914999999999,10593.914999999999]
["9","Instalações hidráulicas.",1410053.03,117504.41916666667,117504.41916666667,117504.41916666667,117504.41916666667,117504.41916666667,117504.41916666667,117504.41916666667,117504.41916666667,117504.41916666667,117504.41916666667,117504.41916666667,117504.41916666667]
["10","Estrutura de fixação para módulos fotovoltáicos.",221662,18471.833333333332,18471.833333333332,18471.833333333332,18471.833333333332,18471.833333333332,18471.833333333332,18471.833333333332,18471.833333333332,18471.833333333332,18471.833333333332,18471.833333333332,18471.833333333332]
["11","Instalações elétricas e bóia elétrica.",1221811.29,101817.6075,101817.6075,101817.6075,101817.6075,101817.6075,101817.6075,101817.6075,101817.6075,101817.6075,101817.6075,101817.6075,101817.6075]
["12","Urbanização.",274038.33,22836.5275,22836.5275,22836.5275,22836.5275,22836.5275,22836.5275,22836.5275,22836.5275,22836.5275,22836.5275,22836.5275,22836.5275]
["13","Outros serviços e insumos excepcionais.",1664132.59,138677.71583333335,138677.71583333335,138677.71583333335,138677.71583333335,138677.71583333335,138677.71583333335,138677.71583333335,138677.71583333335,138677.71583333335,138677.71583333335,138677.71583333335,138677.71583333335]
["TOTAL",null,10324057.350000001,860338.11250000005,860338.11250000005,860338.11250000005,860338.11250000005,860338.11250000005,860338.11250000005,860338.11250000005,860338.11250000005,860338.11250000005,860338.11250000005,860338.11250000005,860338.11250000005]
["PERCENTUAL",null,null,8.3333333333333329E-2,8.3333333333333329E-2,8.3333333333333329E-2,8.3333333333333329E-2,8.3333333333333329E-2,8.3333333333333329E-2,8.3333333333333329E-2,8.3333333333333329E-2,8.3333333333333329E-2,8.3333333333333329E-2,8.3333333333333329E-2,8.3333333333333329E-2]
["CUSTO ACUMULADO",null,null,860338.11250000005,1720676.2250000001,2581014.3375000004,3441352.45,4301690.5625,5162028.6749999998,6022366.7874999996,6882704.8999999994,7743043.0124999993,8603381.125,9463719.2375000007,10324057.350000001]
["PERCENTUAL ACUMULADO",null,null,8.3333333333333329E-2,0.16666666666666666,0.25,0.33333333333333331,0.41666666666666663,0.49999999999999994,0.58333333333333326,0.66666666666666663,0.75,0.83333333333333337,0.91666666666666674,1]

{"sheet":"Orçamento Sintético - TO - T","index":13,"n_rows":58,"n_cols":12,"rows_kept":58,"cut":false,"hidden":false,"merged":[[0,2,1,5]]}
[null,null,"OBJETO: EXECUÇÃO DE SERVIÇOS DE PERFURAÇÃO E INSTALAÇÃO DE POÇOS TUBULARES EM MUNICÍPIOS LOCALIZADOS NO ESTADO DO TOCANTINS, NA ÁREA DE ATUAÇÃO DA CODEVASF.",{"$nulls":4},"Quantidade de Poços","BDI SERVIÇO","BDI INSUMO","Total","Preço Unitário Por Poço"]
[{"$nulls":7},81,0.26340000000000002,0.15279999999999999,17421219.550000001,215076.78]
["Item","Código","Banco","TIPO","Descrição.","un.","Mem. calc.","Quanti.","Valor Unit","Valor Unit com BDI","Total","Peso (%)"]
[1,null,null,null,"Serviços preliminares.",{"$nulls":5},277674.06,1.593884166392932E-2]
["1.1","COMPOSIÇÃO - 1","Próprio","Serviço","Administração local da obra - poço totalmente revestido.","un.",1,81,1716.11,2168.13,175618.53,1.0080725376083099E-2]
["1.2","COMPOSIÇÃO - 2","Próprio","Serviço","Serviço de locação geológica de campo com relatório hidro geológico e perfil construtivo e geológico esperado. relatório de viabilidade de implantação das estruturas e vistorias preliminares.","un.",1,81,593.79999999999995,750.21,60767.01,3.4881031046991198E-3]
["1.3",103689,"SINAPI","Insumo","Fornecimento e instalação de placa de obra com chapa galvanizada e estrutura de madeira. .","m²",0.72,58.32,461.35,531.84,31016.91,1.7804097991520921E-3]
["1.4","Composição - A","Próprio","Insumo","Emissão de Outorga e Licenciamento (taxas)","und",1,81,110,126.81,10271.61,5.896033839950086E-4]
[2,null,null,null,"Mobilizaçâo e desmobilizaçâo equipe campo.",{"$nulls":5},215055,1.2344428550640704E-2]
["2.1","COMPOSIÇÃO - 3","Próprio","Serviço","Transporte de comboio perfuração.","km",150,12150,5.0599999999999996,6.39,77638.5,4.4565479343838471E-3]
["2.2","COMPOSIÇÃO - 4","Próprio","Serviço","Transporte de comboio instalação.","km",150,12150,6.21,7.85,95377.5,5.4747889334762446E-3]
["2.3","COMPOSIÇÃO - 5","Próprio","Serviço","Transporte de equipe teste de vazão.","km",150,12150,2.74,3.46,42039,2.413091682780612E-3]
[3,null,null,null,"Perfuração e completação de poço tubular.",{"$nulls":5},8620682.4900000002,0.49483806028952776]
["3.1","COMPOSIÇÃO - 6","Próprio","Serviço","Perfuração diâmetro de ø 12 1/4\" em rocha - incluso mão de obra para instalação do revestimento e completação anelar.","m",150,12150,326.51,412.51,5011996.5,0.28769492776411282]
["3.2",5073,"ORSE","Insumo","Fornecimento de pré-filtro comum m3.","m³",7.5138999999999996,608.63,1619.38,1866.82,1136202.6599999999,6.5219467370755901E-2]
["3.3",5091,"ORSE","Insumo","Revestimento filtro pvc geomecânico reforçado dn 150mm.","m",15,1215,221.38,255.21,310080.15000000002,1.7798992149203469E-2]
["3.4",5024,"ORSE","Insumo","Centralizador em 6\".","un.",10,810,267.02,307.82,249334.2,1.431209791509688E-2]
["3.5",9850,"SINAPI","Insumo","Tubo pvc de revestimento geomecanico nervurado reforcado, dn = 150 mm, comprimento = 2 m.","m",134,10854,147.75,170.33,1848761.82,0.10612126290550078]
["3.6","COMPOSIÇÃO - 7","Próprio","Serviço","Serviço de lançamento cimentação anelar, incluso materiais.","m³",1.1599999999999999,93.96,541.72,684.41,64307.16,3.6913121848579193E-3]
[4,null,null,null,"Pós perfuração.",{"$nulls":5},981429.21,5.6335275907822419E-2]
["4.1",6305,"ORSE","Insumo","Desenvolvimento com compressor 250psi / 750cfm.","h",2,162,411.16,473.99,76786.38,4.4076351704091807E-3]
["4.2","COMPOSIÇÃO - 8","Próprio","Serviço","Inspeção ótica em poço tubular câmera com rotação de 360º, visada lateral, com fonte própria de luz, entregue vídeo em cores e marcação de profundidades.","m",150,12150,9.42,11.9,144585,8.2993615679448803E-3]
["4.3","COMPOSIÇÃO - 9","Próprio","Serviço","Serviço de coleta e análise físico-química e bacteriológica.","un.",1,81,621.19000000000005,784.81,63569.61,3.6489758835511602E-3]
["4.4","COMPOSIÇÃO - 10","Próprio","Serviço","Serviço de instalação de laje sanitária com dimensões (1,5x1,5x0,3) , incluso material.","un.",1,81,674.67,852.38,69042.78,3.9631427525405362E-3]
["4.5"," 24.80.22 ","EMBASA","Serviço","Ensaio de bombeamento poço tubular incluso materiais e grupo gerador.","h",24,1944,255.47,322.76,627445.43999999994,3.6016160533376661E-2]
[5,null,null,null,"Reservação.",{"$nulls":5},2351395.5,0.13497307081466636]
["5.1","COMPOSIÇÃO - 11","Próprio","Serviço","Fornecimento e instalação de reservatório e base elevada 10 m³.","un.",0.8,64.8,27100.81,34239.160000000003,2218697.5699999998,0.12735604207456303]
["5.2","COMPOSIÇÃO - 12","Próprio","Serviço","Fornecimento e execução de reservatório apoiado de 5 m³.","un.",0.2,16.2,6483.48,8191.23,132697.93,7.617028740103329E-3]
[6,null,null,null,"Bebedouro.",{"$nulls":5},167930.01,9.6393946197641488E-3]
["6.1","COMPOSIÇÃO - 13","Próprio","Serviço","Serviço de execução do bebedouro em concreto armado, incluso materiais.","un.",1,81,1640.98,2073.21,167930.01,9.6393946197641488E-3]
[7,null,null,null,"Chafariz.",{"$nulls":5},107122.5,6.1489667639255483E-3]
["7.1","COMPOSIÇÃO - 14","Próprio","Serviço","Fornecimento de material e instalação do chafariz.","un.",1,81,1046.78,1322.5,107122.5,6.1489667639255483E-3]
[8,null,null,null,"Cavalete.",{"$nulls":5},149236.01999999999,8.5663359888028031E-3]
["8.1","COMPOSIÇÃO - 15","Próprio","Serviço","Fornecimento de conexões e instalação do cavalete com hidrômetro e clorador de pastilhas.","un.",1,81,1458.3,1842.42,149236.01999999999,8.5663359888028031E-3]
[9,null,null,null,"Instalações hidráulicas poço e adutora.",{"$nulls":5},1655279.64,9.5015141462929317E-2]
["9.1","COMPOSIÇÃO - 16","Próprio","Serviço","Fornecimento e instalação da rede adutora poço-reservatório-bebedouro em pn80 e dn50mm.","m",400,32400,28.22,35.65,1155060,6.630190249797982E-2]
["9.2","COMPOSIÇÃO - 17","Próprio","Serviço","Montagem hidráulica do equipamento de bombeamento.","un.",1,81,157.83000000000001,199.4,16151.4,9.2711075442476699E-4]
["9.3",38200,"SINAPI","Insumo","Corda de poliamida 12 mm tipo bombeiro, para trabalho em altura.","100m",0.93,75.33,682.92,787.27,59305.05,3.4041847546775221E-3]
["9.4",9860,"SINAPI","Insumo","Tubo pvc, roscavel,  2\", para agua fria predial.","m",90,7290,43.3,49.92,363916.79999999999,2.088928383891471E-2]
["9.5",3912,"SINAPI","Insumo","Luva de ferro galvanizado, com rosca bsp, de 2\".","un.",16,1296,34.020000000000003,39.22,50829.120000000003,2.9176556700934294E-3]
["9.6",5128,"ORSE","Insumo","Tampa de poço galvanizada em 6\" un.","un.",1,81,107.28,123.67,10017.27,5.7500394683907192E-4]
[10,null,null,null,"Estrutura de fixação para módulos fotovoltáicos.",{"$nulls":5},390317.88,2.2404739167643403E-2]
["10.1","COMPOSIÇÃO - 18","Próprio","Serviço","Serviço de fixação de estruturas para os módulos fotovoltaicos e suportes de concreto, incluso materiais.","m²",15.18,1229.58,251.26,317.44,390317.88,2.2404739167643403E-2]
[11,null,null,null,"Instalações elétricas.",{"$nulls":5},1626425.73,9.3358890595004296E-2]
["11.1","COMPOSIÇÃO - 19","Próprio","Serviço","Montagem e instalação elétrica do kit de bombeamento e sistema fotovoltaico inclusive sistema de aterramento.","un.",1,81,1077.3599999999999,1361.14,110252.34,6.3286235319845903E-3]
["11.2",34622,"SINAPI","Insumo","Fornecimento de  cabo flexivel pvc 750 v, 3 condutores de 6,0 mm2.","m",105,8505,21.51,24.8,210924,1.2107303934413708E-2]
["11.3","COMPOSIÇÃO - 20","Próprio","Serviço","Fornecimento e instalação de automático de bóia superior e inferior.","un.",1,81,65.86,83.21,6740.01,3.8688508463232129E-4]
["11.3",39257,"SINAPI","Insumo","Cabo multipolar de cobre, flexivel, classe 4 ou 5, isolacao em hepr, cobertura em pvc-st2, antichama bwf-b, 0,6/1 kv, 3 condutores de 1,5 mm2.","m",200,16200,5.85,6.74,109188,6.2675290720390466E-3]
["11.4","COTAÇÃO-001","Próprio","Serviço","Fornecimento de kit de bombeamento fotovoltaico, incluindo uma bomba cc de 2200w com controladora de carga externa,  caixa de proteção metálica, módulos fotovoltaicos compatíveis com a geração de 3300wp além de componentes elétricos necessários para interligação dos painéis, como cabos, conectores mc4 e presilhas de fixação.","un.",1,81,11621.8,14682.98,1189321.3799999999,6.8268548971934628E-2]
[12,null,null,null,"Urbanização.",{"$nulls":5},321697.17,1.8465823766052013E-2]
["12.1","COMPOSIÇÃO - 21","Próprio","Serviço","Cerca com mourões de concreto de 15x15cm, espaçados de 3m e cravados a 0,5m, escoras de 10x10cm nos cantos, e 9 fios de arame de aço ovalado 15x17.","m",28,2268,80.63,101.87,231041.16,1.326205432041639E-2]
["12.2","COMPOSIÇÃO - 22","Próprio","Serviço","Serviço de instalação de portão de ferro com suporte e batedor conforme projeto, incluso material.","m²",1.5,121.5,590.58000000000004,746.14,90656.01,5.2037694456356235E-3]
[13,null,null,null,"Outros serviços e insumos excepcionais.",{"$nulls":5},556974.34,3.1971030409291862E-2]
["13.1","COMPOSIÇÃO - 23","Próprio","Serviço","Execução de tamponamento conforme especificação.","m³",0.08,6.48,703.83,889.22,5762.15,3.3075468588535177E-4]
["13.2",13747,"ORSE","Insumo","Revestimento tubo liso aço sch-40 em 12\".","m",6,486,921.04,1061.77,516020.22,2.962021220839272E-2]
["13.3"," M3929 ","SICRO3","Insumo","Tubo em aço-carbono - e = 3,00 mm e d = 150 mm (6\").","m",1.44,116.64,171.2287,197.39,23023.57,1.3215819899359456E-3]
["13.4"," M039706073 ","EMBASA","Insumo","Filtro nold em aço galvanizado dn 6\".","m",6.0000000000000001E-3,0.49,763.9,880.62,431.5,2.4768644856438881E-5]
["13.5","COMPOSIÇÃO - 24","Próprio","Serviço","Limpeza manual , remoção de cerca, capina e instalação dos equipamentos (área do poço, painéis solares, bebedouro e reservatório).","m²",70,5670,1.64,2.0699999999999998,11736.9,6.7371288022140784E-4]

{"sheet":"Orçamento Analítico - TO - T","index":14,"n_rows":428,"n_cols":10,"rows_kept":428,"cut":false,"hidden":false,"merged":[[386,4,386,5],[387,4,387,5],[388,4,388,5],[389,4,389,5],[390,4,390,5],[374,4,374,5],[375,4,375,5],[376,4,376,5],[377,4,377,5],[378,4,378,5],[379,4,379,5],[381,7,381,8],[384,4,384,5],[385,4,385,5],[359,4,359,5],[361,7,361,8],[364,4,364,5],[365,4,365,5],[367,7,367,8],[370,5,370,6],[371,4,371,5],[372,4,372,5],[373,4,373,5],[347,4,347,5],[348,4,348,5],[349,4,349,5],[350,4,350,5],[351,4,351,5],[352,4,352,5],[353,4,353,5],[355,7,355,8],[358,4,358,5],[332,4,332,5],[333,4,333,5],[334,4,334,5],[335,4,335,5],[338,7,338,8],[344,7,344,8],[336,4,336,5],[341,4,341,5],[342,4,342,5],[323,5,323,6],[324,4,324,5],[325,4,325,5],[326,4,326,5],[327,4,327,5],[328,4,328,5],[329,4,329,5],[330,4,330,5],[331,4,331,5],[408,7,408,8],[414,7,414,8],[420,7,420,8],[427,7,427,8],[392,7,392,8],[395,5,395,6],[396,4,396,5],[397,4,397,5],[398,4,398,5],[399,4,399,5],[402,7,402,8],[423,4,423,5],[424,4,424,5],[425,4,425,5],[400,4,400,5],[405,4,405,5],[406,4,406,5],[411,4,411,5],[412,4,412,5],[417,4,417,5],[418,4,418,5],[311,4,311,5],[312,4,312,5],[313,4,313,5],[314,4,314,5],[315,4,315,5],[316,4,316,5],[317,4,317,5],[318,4,318,5],[320,7,320,8],[280,4,280,5],[301,7,301,8],[307,7,307,8],[310,5,310,6],[281,4,281,5],[283,7,283,8],[286,4,286,5],[287,4,287,5],[289,7,289,8],[292,4,292,5],[295,7,295,8],[293,4,293,5],[298,4,298,5],[299,4,299,5],[304,4,304,5],[305,4,305,5],[268,4,268,5],[269,4,269,5],[270,4,270,5],[271,4,271,5],[272,4,272,5],[273,4,273,5],[275,7,275,8],[278,4,278,5],[279,4,279,5],[256,4,256,5],[257,4,257,5],[258,4,258,5],[259,4,259,5],[260,4,260,5],[261,4,261,5],[262,4,262,5],[264,7,264,8],[267,5,267,6],[247,4,247,5],[248,4,248,5],[249,4,249,5],[250,4,250,5],[251,4,251,5],[252,4,252,5],[253,4,253,5],[254,4,254,5],[255,4,255,5],[235,4,235,5],[236,4,236,5],[237,4,237,5],[238,4,238,5],[239,4,239,5],[240,4,240,5],[242,7,242,8],[245,5,245,6],[246,4,246,5],[226,4,226,5],[227,4,227,5],[228,4,228,5],[229,4,229,5],[230,4,230,5],[231,4,231,5],[232,4,232,5],[233,4,233,5],[234,4,234,5],[215,7,215,8],[218,5,218,6],[219,4,219,5],[220,4,220,5],[221,4,221,5],[222,4,222,5],[223,4,223,5],[224,4,224,5],[225,4,225,5],[205,4,205,5],[206,4,206,5],[207,4,207,5],[208,4,208,5],[209,4,209,5],[210,4,210,5],[211,4,211,5],[212,4,212,5],[213,4,213,5],[196,4,196,5],[197,4,197,5],[198,4,198,5],[199,4,199,5],[200,4,200,5],[201,4,201,5],[202,4,202,5],[203,4,203,5],[204,4,204,5],[184,4,184,5],[185,4,185,5],[186,4,186,5],[187,4,187,5],[189,7,189,8],[192,5,192,6],[193,4,193,5],[194,4,194,5],[195,4,195,5],[175,4,175,5],[176,4,176,5],[177,4,177,5],[178,4,178,5],[179,4,179,5],[180,4,180,5],[181,4,181,5],[182,4,182,5],[183,4,183,5],[163,4,163,5],[164,4,164,5],[165,4,165,5],[166,4,166,5],[167,4,167,5],[168,4,168,5],[169,4,169,5],[170,4,170,5],[172,7,172,8],[154,4,154,5],[155,4,155,5],[156,4,156,5],[157,4,157,5],[158,4,158,5],[159,4,159,5],[160,4,160,5],[161,4,161,5],[162,4,162,5],[145,5,145,6],[146,4,146,5],[147,4,147,5],[148,4,148,5],[149,4,149,5],[150,4,150,5],[151,4,151,5],[152,4,152,5],[153,4,153,5],[121,4,121,5],[122,4,122,5],[127,4,127,5],[128,4,128,5],[124,7,124,8],[134,7,134,8],[142,7,142,8],[75,7,75,8],[81,7,81,8],[87,7,87,8],[93,7,93,8],[100,7,100,8],[108,7,108,8],[116,7,116,8],[129,4,129,5],[130,4,130,5],[131,4,131,5],[132,4,132,5],[137,4,137,5],[138,4,138,5],[139,4,139,5],[140,4,140,5],[104,4,104,5],[105,4,105,5],[106,4,106,5],[111,4,111,5],[112,4,112,5],[113,4,113,5],[114,4,114,5],[119,4,119,5],[120,4,120,5],[79,4,79,5],[84,4,84,5],[85,4,85,5],[90,4,90,5],[91,4,91,5],[96,4,96,5],[97,4,97,5],[98,4,98,5],[103,5,103,6],[63,5,63,6],[64,4,64,5],[65,4,65,5],[66,4,66,5],[67,4,67,5],[69,7,69,8],[72,4,72,5],[73,4,73,5],[78,4,78,5],[48,4,48,5],[49,4,49,5],[50,4,50,5],[52,7,52,8],[55,4,55,5],[56,4,56,5],[57,4,57,5],[58,4,58,5],[60,7,60,8],[35,4,35,5],[36,4,36,5],[38,5,38,6],[39,4,39,5],[40,4,40,5],[41,4,41,5],[44,7,44,8],[42,4,42,5],[47,4,47,5],[14,4,14,5],[15,4,15,5],[16,4,16,5],[17,4,17,5],[19,7,19,8],[29,4,29,5],[30,4,30,5],[32,7,32,8],[22,4,22,5],[23,4,23,5],[24,4,24,5],[25,4,25,5],[26,4,26,5],[27,4,27,5],[28,4,28,5],[0,2,2,7],[3,0,3,9],[4,5,4,6],[5,4,5,5],[6,4,6,5],[7,4,7,5],[10,7,10,8],[8,4,8,5],[13,4,13,5]]}
[null,null,"OBJETO: EXECUÇÃO DE SERVIÇOS DE PERFURAÇÃO E INSTALAÇÃO DE POÇOS TUBULARES EM MUNICÍPIOS LOCALIZADOS NO ESTADO DO TOCANTINS, NA ÁREA DE ATUAÇÃO DA CODEVASF."]
[]
[]
["PLANILHA ANALÍTICA - POÇO TOTALMENTE REVESTIDO - TOCANTINS"]
[1,null,null,"Serviços preliminares.",{"$nulls":5},3338.01]
["1.1","Código","Banco","Descrição.","Tipo",null,"Und","Quant.","Valor Unit","Total"]
["Composição","COMPOSIÇÃO - 1","Próprio","Administração local da obra - poço totalmente revestido.","CANT - CANTEIRO DE OBRAS",null,"un","1.00",1716.11,1716.11]
["Composição Auxiliar",12710,"SBC","Despesas gerais de manutencao canteiro de obras.","INSTALACOES PROVISORIAS",null,"mes","0.23",1805.82,415.34]
["Composição Auxiliar",100321,"SINAPI","Técnico em segurança do trabalho com encargos complementares.","SEDI - SERVIÇOS DIVERSOS",null,"mes","0.23",5655.53,1300.77]
[{"$nulls":4},"MO sem LS =>",570.58000000000004,"ls =>","633.98","MO com LS =>",1204.56]
[{"$nulls":4},"Valor do BDI =>",452.02337399999999,null,"Valor com BDI =>",null,2168.13]
[{"$nulls":6},"quant. =>","1.00","Preço Total =>",2168.13]
[]
["1.2","Código","Banco","Descrição.","Tipo",null,"und","Quant.","Valor Unit","Total"]
["Composição","COMPOSIÇÃO - 2","Próprio","Serviço de locação geológica de campo com relatório hidro geológico e perfil construtivo e geológico esperado. relatório de viabilidade de implantação das estruturas e vistorias preliminares.","SERT - SERVIÇOS TÉCNICOS",null,"un","1.00",593.79999999999995,593.79999999999995]
["Composição Auxiliar","1945-01-30","EMBASA","Geologo senior.",3001,null,"hora","5.00",97.41,487.05]
["Insumo",5896,"ORSE","Veículo tipo sedan ou pick-up capacidade 0,6 ton h.","Equipamento",null,"h","5.00",8.33,41.65]
["Insumo",4222,"SINAPI","Gasolina comum.","Material",null,"l","10.00",6.51,65.099999999999994]
[{"$nulls":4},"MO sem LS =>",230.71,"ls =>","256.34","MO com LS =>",487.05]
[{"$nulls":4},"Valor do BDI =>",156.40692000000001,null,"Valor com BDI =>",null,750.21]
[{"$nulls":6},"quant. =>","1.00","Preço Total =>",750.21]
[]
["1.3","Código","Banco","Descrição.","Tipo",null,"und","Quant.","Valor Unit","Total"]
["Composição",103689,"SINAPI","Fornecimento e instalação de placa de obra com chapa galvanizada e estrutura de madeira. af_03/2022_ps.","PAVI - PAVIMENTAÇÃO",null,"m²","1.00",461.35,461.35]
["Composição Auxiliar",102234,"SINAPI","Pintura imunizante para madeira, 2 demãos. af_01/2021.","PINT - PINTURAS",null,"m²","0.50",23.64,11.82]
["Composição Auxiliar",88262,"SINAPI","Carpinteiro de formas com encargos complementares.","SEDI - SERVIÇOS DIVERSOS",null,"h","0.37",27.12,10.11]
["Composição Auxiliar",88316,"SINAPI","Servente com encargos complementares.","SEDI - SERVIÇOS DIVERSOS",null,"h","2024-12-01",20.47,22.9]
["Insumo",4509,"SINAPI","Sarrafo *2,5 x 10* cm em pinus, mista ou equivalente da regiao - bruta.","Material",null,"m","3.21",4.95,15.88]
["Insumo",4813,"SINAPI","Placa de obra (para construcao civil) em chapa galvanizada *n. 22*, adesivada, de *2,4 x 1,2* m (sem postes para fixacao).","Material",null,"m²","1.00",400,400]
["Insumo",5065,"SINAPI","Prego de aco polido com cabeca 10 x 10 (7/8 x 17).","Material",null,"kg","0.01",34.83,0.39]
["Insumo",5069,"SINAPI","Prego de aco polido com cabeca 17 x 27 (2 1/2 x 11).","Material",null,"kg","0.01",18.66,0.25]
[{"$nulls":4},"MO sem LS =>",13.49,"ls =>","14.99","MO com LS =>",28.48]
[{"$nulls":4},"Valor do BDI =>",121.51958999999999,null,"Valor com BDI =>",null,582.87]
[{"$nulls":6},"quant. =>","0.72","Preço Total =>",419.67]
[]
["1.4","Código","Banco","Descrição.","Tipo",null,"und","Quant.","Valor Unit","Total"]
["Composição","Composição - A","Próprio","Emissão de Outorga e Licenciamento (taxas)","Outorga/Licenciamneto",null,"und","1.00",110,110]
[]
[2,null,null,"Mobilizaçâo e desmobilizaçâo equipe campo.",{"$nulls":5},2655]
["2.1","Código","Banco","Descrição.","Tipo",null,"und","Quant.","Valor Unit","Total"]
["Composição","COMPOSIÇÃO - 3","Próprio","Transporte de comboio perfuração.","TRAN - TRANSPORTES, CARGAS E DESCARGAS",null,"km","1.00",5.0599999999999996,5.0599999999999996]
["Composição Auxiliar",5824,"SINAPI","Caminhão toco, pbt 16.000 kg, carga útil máx. 10.685 kg, dist. entre eixos 4,8 m, potência 189 cv, inclusive carroceria fixa aberta de madeira p/ transporte geral de carga seca, dimen. aprox. 2,5 x 7,00 x 0,50 m - chp diurno. af_06/2014.","CHOR - CUSTOS HORÁRIOS DE MÁQUINAS E EQUIPAMENTOS",null,"chp","0.02",235.41,3.92]
["Composição Auxiliar",5826,"SINAPI","Caminhão toco, pbt 16.000 kg, carga útil máx. 10.685 kg, dist. entre eixos 4,8 m, potência 189 cv, inclusive carroceria fixa aberta de madeira p/ transporte geral de carga seca, dimen. aprox. 2,5 x 7,00 x 0,50 m - chi diurno. af_06/2014.","CHOR - CUSTOS HORÁRIOS DE MÁQUINAS E EQUIPAMENTOS",null,"chi","0.02",68.62,1.1399999999999999]
[{"$nulls":4},"MO sem LS =>",0.32,"ls =>","0.36","MO com LS =>",0.68]
[{"$nulls":4},"Valor do BDI =>",1.3328040000000001,null,"Valor com BDI =>",null,6.39]
[{"$nulls":6},"quant. =>","150.00","Preço Total =>",958.5]
[]
["2.2","Código","Banco","Descrição.","Tipo",null,"und","Quant.","Valor Unit","Total"]
["Composição","COMPOSIÇÃO - 4","Próprio","Transporte de comboio instalação.","TRAN - TRANSPORTES, CARGAS E DESCARGAS",null,"km","1.00",6.21,6.21]
["Composição Auxiliar",5928,"SINAPI","Guindauto hidráulico, capacidade máxima de carga 6200 kg, momento máximo de carga 11,7 tm, alcance máximo horizontal 9,70 m, inclusive caminhão toco pbt 16.000 kg, potência de 189 cv - chp diurno. af_06/2014.","CHOR - CUSTOS HORÁRIOS DE MÁQUINAS E EQUIPAMENTOS",null,"chp","0.02",294.64999999999998,4.91]
["Composição Auxiliar",5930,"SINAPI","Guindauto hidráulico, capacidade máxima de carga 6200 kg, momento máximo de carga 11,7 tm, alcance máximo horizontal 9,70 m, inclusive caminhão toco pbt 16.000 kg, potência de 189 cv - chi diurno. af_06/2014.","CHOR - CUSTOS HORÁRIOS DE MÁQUINAS E EQUIPAMENTOS",null,"chi","0.02",78.180000000000007,1.3]
[{"$nulls":4},"MO sem LS =>",0.33,"ls =>","0.37","MO com LS =>",0.7]
[{"$nulls":4},"Valor do BDI =>",1.6357139999999999,null,"Valor com BDI =>",null,7.85]
[{"$nulls":6},"quant. =>","150.00","Preço Total =>",1177.5]
[]
["2.3","Código","Banco","Descrição.","Tipo",null,"und","Quant.","Valor Unit","Total"]
["Composição","COMPOSIÇÃO - 5","Próprio","Transporte de equipe teste de vazão.","TRAN - TRANSPORTES, CARGAS E DESCARGAS",null,"km","1.00",2.74,2.74]
["Composição Auxiliar",73467,"SINAPI","Caminhão toco, pbt 14.300 kg, carga útil máx. 9.710 kg, dist. entre eixos 3,56 m, potência 185 cv, inclusive carroceria fixa aberta de madeira p/ transporte geral de carga seca, dimen. aprox. 2,50 x 6,50 x 0,50 m - chp diurno. af_06/2014.","CHOR - CUSTOS HORÁRIOS DE MÁQUINAS E EQUIPAMENTOS",null,"chp","0.01",265.55,2.2000000000000002]
["Composição Auxiliar",91395,"SINAPI","Caminhão toco, pbt 14.300 kg, carga útil máx. 9.710 kg, dist. entre eixos 3,56 m, potência 185 cv, inclusive carroceria fixa aberta de madeira p/ transporte geral de carga seca, dimen. aprox. 2,50 x 6,50 x 0,50 m - chi diurno. af_06/2014.","CHOR - CUSTOS HORÁRIOS DE MÁQUINAS E EQUIPAMENTOS",null,"chi","0.01",64.86,0.54]
[{"$nulls":4},"MO sem LS =>",0.16,"ls =>","0.18","MO com LS =>",0.34]
[{"$nulls":4},"Valor do BDI =>",0.72171600000000002,null,"Valor com BDI =>",null,3.46]
[{"$nulls":6},"quant. =>","150.00","Preço Total =>",519]
[]
[3,null,null,"Perfuração e completação de poço tubular.",{"$nulls":5},108525.81]
["3.1","Código","Banco","Descrição.","Tipo",null,"und","Quant.","Valor Unit","Total"]
["Composição","COMPOSIÇÃO - 6","Próprio","Perfuração diâmetro de ø 12 1/4\" em rocha - incluso mão de obra para instalação do revestimento e completação anelar.","SERT - SERVIÇOS TÉCNICOS",null,"m","1.00",326.51,326.51]
["Composição Auxiliar",6224,"ORSE","Perfuração em sedimento / camadas inconsolidadas dn 12.1/2\" - poço de 150 a 250m.","Conversão InfoWOrca",null,"m","1.00",318.61,318.61]
["Insumo",43366,"SINAPI","Bentonita, argila constituida por  montmorilonita.","Material",null,"kg","5.00",1.58,7.9]
[{"$nulls":4},"MO sem LS =>",0,"ls =>","0.00","MO com LS =>",0]
[{"$nulls":4},"Valor do BDI =>",86.002734000000004,null,"Valor com BDI =>",null,412.51]
[{"$nulls":6},"quant. =>","150.00","Preço Total =>",61876.5]
[]
["3.2","Código","Banco","Descrição.","Tipo",null,"und","Quant.","Valor Unit","Total"]
["Insumo",5073,"ORSE","Fornecimento de pré-filtro comum m3.","Serviços",null,"m³","1.00",1619.38,1619.38]
[{"$nulls":4},"MO sem LS =>",0,"ls =>","0.00","MO com LS =>",0]
[{"$nulls":4},"Valor do BDI =>",247.44,null,"Valor com BDI =>",null,1866.82]
[{"$nulls":6},"quant. =>","6.96","Preço Total =>",12993.07]
[]
["3.3","Código","Banco","Descrição.","Tipo",null,"und","Quant.","Valor Unit","Total"]
["Insumo",5091,"ORSE","Revestimento filtro pvc geomecânico reforçado dn 150mm.","Serviços",null,"m","1.00",221.38,221.38]
[{"$nulls":4},"MO sem LS =>",0,"ls =>","0.00","MO com LS =>",0]
[{"$nulls":4},"Valor do BDI =>",58.31,null,"Valor com BDI =>",null,279.69]
[{"$nulls":6},"quant. =>","16.00","Preço Total =>",4475.04]
[]
["3.4","Código","Banco","Descrição.","Tipo",null,"und","Quant.","Valor Unit","Total"]
["Insumo",5024,"ORSE","Centralizador em 6\".","Serviços",null,"un","1.00",267.02,267.02]
[{"$nulls":4},"MO sem LS =>",0,"ls =>","0.00","MO com LS =>",0]
[{"$nulls":4},"Valor do BDI =>",70.33,null,"Valor com BDI =>",null,337.35]
[{"$nulls":6},"quant. =>","10.00","Preço Total =>",3373.5]
[]
["3.5","Código","Banco","Descrição.","Tipo",null,"und","Quant.","Valor Unit","Total"]
["Insumo",9850,"SINAPI","Tubo pvc de revestimento geomecanico nervurado reforcado, dn = 150 mm, comprimento = 2 m.","Material",null,"m","1.00",147.75,147.75]
[{"$nulls":4},"MO sem LS =>",0,"ls =>","0.00","MO com LS =>",0]
[{"$nulls":4},"Valor do BDI =>",38.92,null,"Valor com BDI =>",null,186.67]
[{"$nulls":6},"quant. =>","134.00","Preço Total =>",25013.78]
[]
["3.6","Código","Banco","Descrição.","Tipo",null,"und","Quant.","Valor Unit","Total"]
["Composição","COMPOSIÇÃO - 7","Próprio","Serviço de lançamento cimentação anelar, incluso materiais.","SEDI - SERVIÇOS DIVERSOS",null,"m³","1.00",541.72,541.72]
["Composição Auxiliar",1903,"ORSE","Argamassa cimento e areia traço t-1 (1:3) - 1 saco cimento 50kg / 3 padiolas areia dim. 0.35 x 0.45 x 0.23 m - confecção mecânica e transporte.","Argamassas",null,"m³","1.00",541.72,541.72]
[{"$nulls":4},"MO sem LS =>",25.86,"ls =>","28.74","MO com LS =>",54.6]
[{"$nulls":4},"Valor do BDI =>",142.68904800000001,null,"Valor com BDI =>",null,684.41]
[{"$nulls":6},"quant. =>","1.16","Preço Total =>",793.92]
[]
[4,null,null,"Pós perfuração.",{"$nulls":5},12207.35]
["4.1","Código","Banco","Descrição.","Tipo",null,"und","Quant.","Valor Unit","Total"]
["Composição",6305,"ORSE","Desenvolvimento com compressor 250psi / 750cfm.","Conversão InfoWOrca",null,"h","1.00",411.16,411.16]
["Insumo",5030,"ORSE","Desenvolvimento com compressor 250psi - 750cfm h.","Serviços",null,"h","1.00",411.16,411.16]
[{"$nulls":4},"MO sem LS =>",0,"ls =>","0.00","MO com LS =>",0]
[{"$nulls":4},"Valor do BDI =>",108.299544,null,"Valor com BDI =>",null,519.46]
[{"$nulls":6},"quant. =>","2.00","Preço Total =>",1038.92]
[]
["4.2","Código","Banco","Descrição.","Tipo",null,"und","Quant.","Valor Unit","Total"]
["Composição","COMPOSIÇÃO - 8","Próprio","Inspeção ótica em poço tubular câmera com rotação de 360º, visada lateral, com fonte própria de luz, entregue vídeo em cores e marcação de profundidades.","SEES - SERVIÇOS ESPECIAIS",null,"m","1.00",9.42,9.42]
["Insumo"," H020050004 ","EMBASA","Aparelho de perfilagem optica.","Material",null,"m","1.00",4.4000000000000004,4.4000000000000004]
["Insumo"," B590000022 ","EMBASA","Tecnico medio.","Mão de Obra",null,"h","0.08",60.147199999999998,5.0199999999999996]
[{"$nulls":4},"MO sem LS =>",2.38,"ls =>","2.64","MO com LS =>",5.0199999999999996]
[{"$nulls":4},"Valor do BDI =>",2.4812280000000002,null,"Valor com BDI =>",null,11.9]
[{"$nulls":6},"quant. =>","150.00","Preço Total =>",1785]
[]
["4.3","Código","Banco","Descrição.","Tipo",null,"und","Quant.","Valor Unit","Total"]
["Composição","COMPOSIÇÃO - 9","Próprio","Serviço de coleta e análise físico-química e bacteriológica.","SEDI - SERVIÇOS DIVERSOS",null,"un","1.00",621.19000000000005,621.19000000000005]
["Composição Auxiliar",6312,"ORSE","Análise físico-química da água.","Conversão InfoWOrca",null,"un","1.00",565.21,565.21]
["Composição Auxiliar",6313,"ORSE","Análise bacteriológica da água.","Conversão InfoWOrca",null,"un","1.00",55.98,55.98]
[{"$nulls":4},"MO sem LS =>",0,"ls =>","0.00","MO com LS =>",0]
[{"$nulls":4},"Valor do BDI =>",163.62144599999999,null,"Valor com BDI =>",null,784.81]
[{"$nulls":6},"quant. =>","1.00","Preço Total =>",784.81]
[]
["4.4","Código","Banco","Descrição.","Tipo",null,"und","Quant.","Valor Unit","Total"]
["Composição","COMPOSIÇÃO - 10","Próprio","Serviço de instalação de laje sanitária com dimensões (1,5x1,5x0,3) , incluso material.","SEDI - SERVIÇOS DIVERSOS",null,"un","1.00",674.67,674.67]
["Composição Auxiliar",92522,"SINAPI","Montagem e desmontagem de fôrma de laje maciça, pé-direito simples, em chapa de madeira compensada resinada, 8 utilizações. af_09/2020.","FUES - FUNDAÇÕES E ESTRUTURAS",null,"m²","1.80",45.02,81.040000000000006]
["Composição Auxiliar",93358,"SINAPI","Escavação manual de vala com profundidade menor ou igual a 1,30 m. af_02/2021.","MOVT - MOVIMENTO DE TERRA",null,"m³","0.23",80.98,18.22]
["Composição Auxiliar",94975,"SINAPI","Concreto fck = 15mpa, traço 1:3,4:3,5 (em massa seca de cimento/ areia média/ brita 1) - preparo manual. af_05/2021.","FUES - FUNDAÇÕES E ESTRUTURAS",null,"m³","0.68",565.04999999999995,381.41]
["Composição Auxiliar",103670,"SINAPI","Lançamento com uso de baldes, adensamento e acabamento de concreto em estruturas. af_02/2022.","FUES - FUNDAÇÕES E ESTRUTURAS",null,"m³","0.68",287.41000000000003,194]
[{"$nulls":4},"MO sem LS =>",109.71,"ls =>","121.90","MO com LS =>",231.61]
[{"$nulls":4},"Valor do BDI =>",177.708078,null,"Valor com BDI =>",null,852.38]
[{"$nulls":6},"quant. =>","1.00","Preço Total =>",852.38]
[]
["4.5","Código","Banco","Descrição.","Tipo",null,"und","Quant.","Valor Unit","Total"]
["Composição"," 24.80.22 ","EMBASA","Ensaio de bombeamento poço tubular incluso materiais e grupo gerador.",2480,null,"h","1.00",255.47,255.47]
["Composição Auxiliar"," 24.00.15 ","EMBASA","Equipe (3 profissionais campo) - bombeio.",2400,null,"h","1.00",190.55,190.55]
["Insumo"," H020050001 ","EMBASA","Unidade de ensaio e bombeamento - ueb1 ate 150m3 no sedimento.","Material",null,"h","1.00",64.92,64.92]
[{"$nulls":4},"MO sem LS =>",90.26,"ls =>","100.29","MO com LS =>",190.55]
[{"$nulls":4},"Valor do BDI =>",67.290797999999995,null,"Valor com BDI =>",null,322.76]
[{"$nulls":6},"quant. =>","24.00","Preço Total =>",7746.24]
[]
[5,null,null,"Reservação.",{"$nulls":5},29029.58]
["5.1","Código","Banco","Descrição.","Tipo",null,"und","Quant.","Valor Unit","Total"]
["Composição","COMPOSIÇÃO - 11","Próprio","Fornecimento e instalação de reservatório e base elevada 10 m³.","ASTU - ASSENTAMENTO DE TUBOS E PECAS",null,"un","1.00",27100.81,27100.81]
["Composição Auxiliar",92759,"SINAPI","Armação de pilar ou viga de estrutura convencional de concreto armado utilizando aço ca-60 de 5,0 mm - montagem. af_06/2022.","FUES - FUNDAÇÕES E ESTRUTURAS",null,"kg","2024-10-29",14.66,426.61]
["Composição Auxiliar",92761,"SINAPI","Armação de pilar ou viga de estrutura convencional de concreto armado utilizando aço ca-50 de 8,0 mm - montagem. af_06/2022.","FUES - FUNDAÇÕES E ESTRUTURAS",null,"kg","48.00",13.12,629.76]
["Composição Auxiliar",93358,"SINAPI","Escavação manual de vala com profundidade menor ou igual a 1,30 m. af_02/2021.","MOVT - MOVIMENTO DE TERRA",null,"m³","5.20",80.98,421.1]
["Composição Auxiliar",92763,"SINAPI","Armação de pilar ou viga de estrutura convencional de concreto armado utilizando aço ca-50 de 12,5 mm - montagem. af_06/2022.","FUES - FUNDAÇÕES E ESTRUTURAS",null,"kg","118.40",9.8699999999999992,1168.6099999999999]
["Composição Auxiliar",94970,"SINAPI","Concreto fck = 20mpa, traço 1:2,7:3 (em massa seca de cimento/ areia média/ brita 1) - preparo mecânico com betoneira 600 l. af_05/2021.","FUES - FUNDAÇÕES E ESTRUTURAS",null,"m³","4.89",547.76,2678.55]
["Composição Auxiliar",103670,"SINAPI","Lançamento com uso de baldes, adensamento e acabamento de concreto em estruturas. af_02/2022.","FUES - FUNDAÇÕES E ESTRUTURAS",null,"m³","6.85",287.41000000000003,1968.76]
["Composição Auxiliar",84651,"SINAPI","Pintura com tinta impermeavel mineral em po, duas demaos.","PINT - PINTURAS",null,"m²","28.66",14.07,403.25]
["Composição Auxiliar",90776,"SINAPI","Encarregado geral com encargos complementares.","SEDI - SERVIÇOS DIVERSOS",null,"h","1.00",30.45,30.45]
["Composição Auxiliar",102482,"SINAPI","Concreto fck = 25mpa, traço 1:2,2:2,5 (em massa seca de cimento/ areia média/ seixo rolado) - preparo mecânico com betoneira 600 l. af_05/2021.","FUES - FUNDAÇÕES E ESTRUTURAS",null,"m³","1.96",786.75,1542.03]
["Composição Auxiliar",92263,"SINAPI","Fabricação de fôrma para pilares e estruturas similares, em chapa de madeira compensada resinada, e = 17 mm. af_09/2020.","FUES - FUNDAÇÕES E ESTRUTURAS",null,"m²","2024-10-18",168.66,3052.75]
["Composição Auxiliar",89272,"SINAPI","Guindaste hidráulico autopropelido, com lança telescópica 28,80 m, capacidade máxima 30 t, potência 97 kw, tração 4 x 4 - chp diurno. af_11/2014.","CHOR - CUSTOS HORÁRIOS DE MÁQUINAS E EQUIPAMENTOS",null,"chp","13.00",219.68,2855.84]
["Composição Auxiliar",5824,"SINAPI","Caminhão toco, pbt 16.000 kg, carga útil máx. 10.685 kg, dist. entre eixos 4,8 m, potência 189 cv, inclusive carroceria fixa aberta de madeira p/ transporte geral de carga seca, dimen. aprox. 2,5 x 7,00 x 0,50 m - chp diurno. af_06/2014.","CHOR - CUSTOS HORÁRIOS DE MÁQUINAS E EQUIPAMENTOS",null,"chp","24.00",235.41,5649.84]
["Composição Auxiliar",88267,"SINAPI","Encanador ou bombeiro hidráulico com encargos complementares.","SEDI - SERVIÇOS DIVERSOS",null,"h","4.00",29.48,117.92]
["Composição Auxiliar",88248,"SINAPI","Auxiliar de encanador ou bombeiro hidráulico com encargos complementares.","SEDI - SERVIÇOS DIVERSOS",null,"h","4.00",23.13,92.52]
["Insumo",11677,"SINAPI","Registro de esfera, pvc, com volante, vs, soldavel, dn 50 mm, com corpo dividido.","Material",null,"un","1.00",33.799999999999997,33.799999999999997]
["Insumo",3146,"SINAPI","Fita veda rosca em rolos de 18 mm x 10 m (l x c).","Material",null,"un","0.18",3.25,0.59]
["Insumo",37106,"SINAPI","Caixa d'agua / reservatorio em poliester reforcado com fibra de vidro, 10000 litros, com tampa.","Material",null,"un","1.00",5695.08,5695.08]
["Insumo",9875,"SINAPI","Tubo pvc, soldavel, de 50 mm, agua fria (nbr-5648).","Material",null,"m","15.20",14.9,226.48]
["Insumo",113,"SINAPI","Adaptador pvc soldavel curto com bolsa e rosca, 60 mm x 2\", para agua fria.","Material",null,"un","1.00",10.78,10.78]
["Insumo",3871,"SINAPI","Luva soldavel com rosca, pvc, 50 mm x 1 1/2\", para agua fria predial.","Material",null,"un","1.00",17.64,17.64]
["Insumo",3540,"SINAPI","Joelho pvc, soldavel, 90 graus, 50 mm, cor marrom, para agua fria predial.","Material",null,"un","5.00",4.82,24.1]
["Insumo",99,"SINAPI","Adaptador pvc soldavel, com flange e anel de vedacao, 50 mm x 1 1/2\", para caixa d'agua.","Material",null,"un","2.00",25.32,50.64]
["Insumo",119,"SINAPI","Adesivo plastico para pvc, bisnaga com 75 gr.","Material",null,"un","0.45",8.25,3.71]
[{"$nulls":4},"MO sem LS =>",1978.98,"ls =>","2199.26","MO com LS =>",4178.24]
[{"$nulls":4},"Valor do BDI =>",7138.3533539999999,null,"Valor com BDI =>",null,34239.160000000003]
[{"$nulls":6},"quant. =>","0.80","Preço Total =>",27391.33]
[]
["5.2","Código","Banco","Descrição.","Tipo",null,"und","Quant.","Valor Unit","Total"]
["Composição","COMPOSIÇÃO - 12","Próprio","Fornecimento e execução de reservatório apoiado de 5 m³.","SEDI - SERVIÇOS DIVERSOS",null,"un","1.00",6483.48,6483.48]
["Composição Auxiliar",5928,"SINAPI","Guindauto hidráulico, capacidade máxima de carga 6200 kg, momento máximo de carga 11,7 tm, alcance máximo horizontal 9,70 m, inclusive caminhão toco pbt 16.000 kg, potência de 189 cv - chp diurno. af_06/2014.","CHOR - CUSTOS HORÁRIOS DE MÁQUINAS E EQUIPAMENTOS",null,"chp","4.00",294.64999999999998,1178.5999999999999]
["Composição Auxiliar",88309,"SINAPI","Pedreiro com encargos complementares.","SEDI - SERVIÇOS DIVERSOS",null,"h","3.00",27.49,82.47]
["Composição Auxiliar",88316,"SINAPI","Servente com encargos complementares.","SEDI - SERVIÇOS DIVERSOS",null,"h","3.00",20.47,61.41]
["Composição Auxiliar",88262,"SINAPI","Carpinteiro de formas com encargos complementares.","SEDI - SERVIÇOS DIVERSOS",null,"h","3.00",27.12,81.36]
["Composição Auxiliar",102617,"SINAPI","Caixa d´água em poliéster reforçado com fibra de vidro, 5000 litros - fornecimento e instalação. af_06/2021.","INHI - INSTALAÇÕES HIDROS SANITÁRIAS",null,"un","1.00",3860.21,3860.21]
["Composição Auxiliar",92783,"SINAPI","Armação de laje de uma estrutura convencional de concreto armado em uma edificação térrea ou sobrado utilizando aço ca-60 de 4,2 mm - montagem. af_12/2015.","FUES - FUNDAÇÕES E ESTRUTURAS",null,"kg","3.20",18.690000000000001,59.81]
["Composição Auxiliar",92759,"SINAPI","Armação de pilar ou viga de estrutura convencional de concreto armado utilizando aço ca-60 de 5,0 mm - montagem. af_06/2022.","FUES - FUNDAÇÕES E ESTRUTURAS",null,"kg","5.60",14.66,82.1]
["Composição Auxiliar",94964,"SINAPI","Concreto fck = 20mpa, traço 1:2,7:3 (em massa seca de cimento/ areia média/ brita 1) - preparo mecânico com betoneira 400 l. af_05/2021.","FUES - FUNDAÇÕES E ESTRUTURAS",null,"m³","1.56",559.24,872.41]
["Composição Auxiliar",84651,"SINAPI","Pintura com tinta impermeavel mineral em po, duas demaos.","PINT - PINTURAS",null,"m²","2.70",14.07,37.99]
["Composição Auxiliar",92783,"SINAPI","Armação de laje de uma estrutura convencional de concreto armado em uma edificação térrea ou sobrado utilizando aço ca-60 de 4,2 mm - montagem. af_12/2015.","FUES - FUNDAÇÕES E ESTRUTURAS",null,"kg","3.20",18.690000000000001,59.81]
["Insumo",7155,"SINAPI","Tela de aco soldada nervurada, ca-60, q-138, (2,20 kg/m2), diametro do fio = 4,2 mm, largura = 2,45 m, espacamento da malha = 10  x 10 cm.","Material",null,"m²","6.16",17.420000000000002,107.31]
[{"$nulls":4},"MO sem LS =>",262.75,"ls =>","292.06","MO com LS =>",554.80999999999995]
[{"$nulls":4},"Valor do BDI =>",1707.748632,null,"Valor com BDI =>",null,8191.23]
[{"$nulls":6},"quant. =>","0.20","Preço Total =>",1638.25]
[]
[6,null,null,"Bebedouro.",{"$nulls":5},2073.21]
["6.1","Código","Banco","Descrição.","Tipo",null,"und","Quant.","Valor Unit","Total"]
["Composição","COMPOSIÇÃO - 13","Próprio","Serviço de execução do bebedouro em concreto armado, incluso materiais.","SEDI - SERVIÇOS DIVERSOS",null,"un","1.00",1640.98,1640.98]
["Composição Auxiliar",5928,"SINAPI","Guindauto hidráulico, capacidade máxima de carga 6200 kg, momento máximo de carga 11,7 tm, alcance máximo horizontal 9,70 m, inclusive caminhão toco pbt 16.000 kg, potência de 189 cv - chp diurno. af_06/2014.","CHOR - CUSTOS HORÁRIOS DE MÁQUINAS E EQUIPAMENTOS",null,"chp","2.00",294.64999999999998,589.29999999999995]
["Composição Auxiliar",87445,"SINAPI","Betoneira capacidade nominal 400 l, capacidade de mistura 310 l, motor a diesel potência 5,0 hp, sem carregador - chp diurno. af_05/2023.","CHOR - CUSTOS HORÁRIOS DE MÁQUINAS E EQUIPAMENTOS",null,"chp","0.50",5.29,2.65]
["Composição Auxiliar",88377,"SINAPI","Operador de betoneira estacionária/misturador com encargos complementares.","SEDI - SERVIÇOS DIVERSOS",null,"h","0.50",21.1,10.55]
["Composição Auxiliar",88310,"SINAPI","Pintor com encargos complementares.","SEDI - SERVIÇOS DIVERSOS",null,"h","0.30",31.72,9.52]
["Composição Auxiliar",100301,"SINAPI","Ajudante de pintor com encargos complementares.","SEDI - SERVIÇOS DIVERSOS",null,"h","0.10",25.39,2.54]
["Composição Auxiliar",88245,"SINAPI","Armador com encargos complementares.","SEDI - SERVIÇOS DIVERSOS",null,"h","3.00",27.26,81.78]
["Composição Auxiliar",88262,"SINAPI","Carpinteiro de formas com encargos complementares.","SEDI - SERVIÇOS DIVERSOS",null,"h","2.00",27.12,54.24]
["Composição Auxiliar",88316,"SINAPI","Servente com encargos complementares.","SEDI - SERVIÇOS DIVERSOS",null,"h","5.00",20.47,102.35]
["Composição Auxiliar",88309,"SINAPI","Pedreiro com encargos complementares.","SEDI - SERVIÇOS DIVERSOS",null,"h","4.00",27.49,109.96]
["Insumo",43055,"SINAPI","Aco ca-50, 12,5 mm ou 16,0 mm, vergalhao.","Material",null,"kg","12.00",7.5,90]
["Insumo",43059,"SINAPI","Aco ca-60, 4,2 mm, ou 5,0 mm, ou 6,0 mm, ou 7,0 mm, vergalhao.","Material",null,"kg","13.00",8.19,106.47]
["Insumo",32,"SINAPI","Aco ca-50, 6,3 mm, vergalhao.","Material",null,"kg","6.00",9.1300000000000008,54.78]
["Insumo",370,"SINAPI","Areia media - posto jazida/fornecedor (retirado na jazida, sem transporte).","Material",null,"m³","0.32",122.5,39.200000000000003]
["Insumo",1379,"SINAPI","Cimento portland composto cp ii-32.","Material",null,"kg","127.00",0.92,116.84]
["Insumo",4718,"SINAPI","Pedra britada n. 2 (19 a 38 mm) posto pedreira/fornecedor, sem frete.","Material",null,"m³","0.08",140.04,11.2]
["Insumo",4721,"SINAPI","Pedra britada n. 1 (9,5 a 19 mm) posto pedreira/fornecedor, sem frete.","Material",null,"m³","0.23",139.30000000000001,32.04]
["Insumo",3767,"SINAPI","Lixa em folha para parede ou madeira, numero 120, cor vermelha.","Material",null,"un","0.12",1.67,0.2]
["Insumo",7356,"SINAPI","Tinta latex acrilica premium, cor branco fosco.","Material",null,"l","0.18",31.44,5.66]
["Insumo",43681,"SINAPI","Chapa/painel de madeira compensada resinada (madeirite resinado rosa) para forma de concreto, de 2200 x 1100 mm, e = 8 a 12 mm.","Material",null,"m²","7.30",30.37,221.7]
[{"$nulls":4},"MO sem LS =>",148.84,"ls =>","165.37","MO com LS =>",314.20999999999998]
[{"$nulls":4},"Valor do BDI =>",432.23413199999999,null,"Valor com BDI =>",null,2073.21]
[{"$nulls":6},"quant. =>","1.00","Preço Total =>",2073.21]
[]
[7,null,null,"Chafariz.",{"$nulls":5},1322.5]
["7.1","Código","Banco","Descrição.","Tipo",null,"und","Quant.","Valor Unit","Total"]
["Composição","COMPOSIÇÃO - 14","Próprio","Fornecimento de material e instalação do chafariz.","ASTU - ASSENTAMENTO DE TUBOS E PECAS",null,"un","1.00",1046.78,1046.78]
["Composição Auxiliar",88267,"SINAPI","Encanador ou bombeiro hidráulico com encargos complementares.","SEDI - SERVIÇOS DIVERSOS",null,"h","2.00",29.48,58.96]
["Composição Auxiliar",88248,"SINAPI","Auxiliar de encanador ou bombeiro hidráulico com encargos complementares.","SEDI - SERVIÇOS DIVERSOS",null,"h","2.00",23.13,46.26]
["Composição Auxiliar",93358,"SINAPI","Escavação manual de vala com profundidade menor ou igual a 1,30 m. af_02/2021.","MOVT - MOVIMENTO DE TERRA",null,"m³","0.09",80.98,7.69]
["Composição Auxiliar",92270,"SINAPI","Fabricação de fôrma para vigas, com madeira serrada, e = 25 mm. af_09/2020.","FUES - FUNDAÇÕES E ESTRUTURAS",null,"m²","0.63",173.83,109.17]
["Composição Auxiliar",94975,"SINAPI","Concreto fck = 15mpa, traço 1:3,4:3,5 (em massa seca de cimento/ areia média/ brita 1) - preparo manual. af_05/2021.","FUES - FUNDAÇÕES E ESTRUTURAS",null,"m³","0.16",565.04999999999995,88.71]
["Composição Auxiliar",2171,"ORSE","Piso cimentado liso traço 1:5, e = 3 cm, c/ junta plástica 3 x 27 mm.","Pisos : Cimentados, em Concreto Simples, tipo Tech-Stone e de Alta Resistência",null,"m²","0.79",52.58,41.28]
["Composição Auxiliar",87904,"SINAPI","Chapisco aplicado em alvenaria (com presença de vãos) e estruturas de concreto de fachada, com colher de pedreiro.  argamassa traço 1:3 com preparo manual. af_10/2022.","REVE - REVESTIMENTO E TRATAMENTO DE SUPERFÍCIES",null,"m²","0.31",8.6199999999999992,2.71]
["Composição Auxiliar",87529,"SINAPI","Massa única, em argamassa traço 1:2:8, preparo mecânico, aplicada manualmente em paredes internas de ambientes com área entre 5m² e 10m², e = 17,5mm, com taliscas. af_03/2024.","REVE - REVESTIMENTO E TRATAMENTO DE SUPERFÍCIES",null,"m²","0.31",38.450000000000003,12.07]
["Composição Auxiliar",84651,"SINAPI","Pintura com tinta impermeavel mineral em po, duas demaos.","PINT - PINTURAS",null,"m²","0.31",14.07,4.42]
["Insumo",765,"SINAPI","Bucha de reducao de ferro galvanizado, com rosca bsp, de 1\" x 3/4\".","Material",null,"un","2.00",9.69,19.38]
["Insumo",9887,"SINAPI","Uniao de ferro galvanizado, com rosca bsp, com assento plano, de 2\".","Material",null,"un","2.00",98.64,197.28]
["Insumo",21013,"SINAPI","Tubo aco galvanizado com costura, classe leve, dn 50 mm ( 2\"),  e = 3,00 mm,  *4,40* kg/m (nbr 5580).","Material",null,"m","1.80",78.84,141.91]
["Insumo",6298,"SINAPI","Te de ferro galvanizado, de 2\".","Material",null,"un","1.00",64.239999999999995,64.239999999999995]
["Insumo",3471,"SINAPI","Cotovelo 90 graus de ferro galvanizado, com rosca bsp, de 2\".","Material",null,"un","1.00",48.32,48.32]
["Insumo",113,"SINAPI","Adaptador pvc soldavel curto com bolsa e rosca, 60 mm x 2\", para agua fria.","Material",null,"un","1.00",10.78,10.78]
["Insumo",818,"SINAPI","Bucha de reducao de pvc, soldavel, curta, com 60 x 50 mm, para agua fria predial.","Material",null,"un","1.00",6.58,6.58]
["Insumo",7604,"SINAPI","Torneira metalica cromada para tanque / jardim, sem bico , cano longo, de parede, padrao popular / uso geral, 1/2 \" ou 3/4 \" (ref 1126).","Material",null,"un","2.00",60.86,121.72]
["Insumo",119,"SINAPI","Adesivo plastico para pvc, bisnaga com 75 gr.","Material",null,"un","1.00",8.25,8.25]
["Insumo",3146,"SINAPI","Fita veda rosca em rolos de 18 mm x 10 m (l x c).","Material",null,"un","1.00",3.25,3.25]
["Insumo",771,"SINAPI","Bucha de reducao de ferro galvanizado, com rosca bsp, de 2\" x 1\".","Material",null,"un","2.00",26.9,53.8]
[{"$nulls":4},"MO sem LS =>",69.790000000000006,"ls =>","77.55","MO com LS =>",147.34]
[{"$nulls":4},"Valor do BDI =>",275.72185200000001,null,"Valor com BDI =>",null,1322.5]
[{"$nulls":6},"quant. =>","1.00","Preço Total =>",1322.5]
[]
[8,null,null,"Cavalete.",{"$nulls":5},1842.42]
["8.1","Código","Banco","Descrição.","Tipo",null,"und","Quant.","Valor Unit","Total"]
["Composição","COMPOSIÇÃO - 15","Próprio","Fornecimento de conexões e instalação do cavalete com hidrômetro e clorador de pastilhas.","INHI - INSTALAÇÕES HIDROS SANITÁRIAS",null,"un","1.00",1458.3,1458.3]
["Composição Auxiliar",88248,"SINAPI","Auxiliar de encanador ou bombeiro hidráulico com encargos complementares.","SEDI - SERVIÇOS DIVERSOS",null,"h","3.00",23.13,69.39]
["Insumo",791,"SINAPI","Bucha de reducao de ferro galvanizado, com rosca bsp, de 1 1/2\" x 1\".","Material",null,"un","1.00",20.05,20.05]
["Insumo",9862,"SINAPI","Tubo pvc, roscavel, 1 1/2\",  agua fria predial.","Material",null,"m","1.50",30.26,45.39]
["Insumo",11831,"SINAPI","Torneira plastica para tanque 1/2 \" ou 3/4 \" com bico para mangueira.","Material",null,"un","1.00",14.35,14.35]
["Insumo",2121,"SBC","Te de reducao ferro galvanizado 1.1/2\" x 1\".","Material",null,"un","1.00",57.49,57.49]
["Insumo",9569,"ORSE","Adaptador pvc bsxrm d= 35mm x 1 1/2\", linha irriga-lf, tigre ou similar un.","Material",null,"un","1.00",3.04,3.04]
["Insumo",3939,"SINAPI","Luva de ferro galvanizado, com rosca bsp, de 1 1/2\".","Material",null,"un","1.00",22.21,22.21]
["Insumo",1798,"SINAPI","Curva 90 graus de ferro galvanizado, com rosca bsp macho, de 2\".","Material",null,"un","1.00",123.81,123.81]
["Insumo",9887,"SINAPI","Uniao de ferro galvanizado, com rosca bsp, com assento plano, de 2\".","Material",null,"un","2.00",98.64,197.28]
["Insumo"," 00004181/SINAPI ","ORSE","Niple de ferro galvanizado, com rosca bsp, de 2\".","Material",null,"un","2.00",39.24,78.48]
["Insumo",6028,"SINAPI","Registro gaveta bruto em latao forjado, bitola 2 \" (ref 1509).","Material",null,"un","1.00",127.17,127.17]
["Insumo",12775,"SINAPI","Hidrometro multijato / medidor de agua, dn 1\", vazao maxima de 7 m3/h, para agua potavel fria, relojoaria plana, classe b, horizontal (sem conexoes).","Material",null,"un","1.00",350.65,350.65]
["Insumo",771,"SINAPI","Bucha de reducao de ferro galvanizado, com rosca bsp, de 2\" x 1\".","Material",null,"un","1.00",26.9,26.9]
["Insumo",6305,"SINAPI","Te de reducao de ferro galvanizado, com rosca bsp, de 2\" x 1\".","Material",null,"un","1.00",71.12,71.12]
["Insumo",12464,"ORSE","Clorador dosador de cloro de pastilhas automático.","Material",null,"un","1.00",250.97,250.97]
[{"$nulls":4},"MO sem LS =>",24.31,"ls =>","2024-02-27","MO com LS =>",51.33]
[{"$nulls":4},"Valor do BDI =>",384.11622,null,"Valor com BDI =>",null,1842.42]
[{"$nulls":6},"quant. =>","1.00","Preço Total =>",1842.42]
[]
[9,null,null,"Instalações hidráulicas poço e adutora.",{"$nulls":5},20938.68]
["9.1","Código","Banco","Descrição.","Tipo",null,"und","Quant.","Valor Unit","Total"]
["Composição","COMPOSIÇÃO - 16","Próprio","Fornecimento e instalação da rede adutora poço-reservatório-bebedouro em pn80 e dn50mm.","SEDI - SERVIÇOS DIVERSOS",null,"m","1.00",28.22,28.22]
["Composição Auxiliar",88316,"SINAPI","Servente com encargos complementares.","SEDI - SERVIÇOS DIVERSOS",null,"h","0.05",20.47,1.02]
["Composição Auxiliar",93358,"SINAPI","Escavação manual de vala com profundidade menor ou igual a 1,30 m. af_02/2021.","MOVT - MOVIMENTO DE TERRA",null,"m³","0.05",80.98,4.05]
["Insumo",9875,"SINAPI","Tubo pvc, soldavel, de 50 mm, agua fria (nbr-5648).","Material",null,"m","1.00",14.9,14.9]
["Insumo",119,"SINAPI","Adesivo plastico para pvc, bisnaga com 75 gr.","Material",null,"un","1.00",8.25,8.25]
[{"$nulls":4},"MO sem LS =>",1.63,"ls =>","1.81","MO com LS =>",3.44]
[{"$nulls":4},"Valor do BDI =>",7.4331480000000001,null,"Valor com BDI =>",null,35.65]
[{"$nulls":6},"quant. =>","400.00","Preço Total =>",14260]
[]
["9.2","Código","Banco","Descrição.","Tipo",null,"und","Quant.","Valor Unit","Total"]
["Composição","COMPOSIÇÃO - 17","Próprio","Montagem hidráulica do equipamento de bombeamento.","INHI - INSTALAÇÕES HIDROS SANITÁRIAS",null,"un","1.00",157.83000000000001,157.83000000000001]
["Composição Auxiliar",88267,"SINAPI","Encanador ou bombeiro hidráulico com encargos complementares.","SEDI - SERVIÇOS DIVERSOS",null,"h","3.00",29.48,88.44]
["Composição Auxiliar",88248,"SINAPI","Auxiliar de encanador ou bombeiro hidráulico com encargos complementares.","SEDI - SERVIÇOS DIVERSOS",null,"h","3.00",23.13,69.39]
[{"$nulls":4},"MO sem LS =>",57.65,"ls =>","64.06","MO com LS =>",121.71]
[{"$nulls":4},"Valor do BDI =>",41.572422000000003,null,"Valor com BDI =>",null,199.4]
[{"$nulls":6},"quant. =>","1.00","Preço Total =>",199.4]
[]
["9.3","Código","Banco","Descrição.","Tipo",null,"und","Quant.","Valor Unit","Total"]
["Insumo",38200,"SINAPI","Corda de poliamida 12 mm tipo bombeiro, para trabalho em altura.","Material",null,"100m","1.00",682.92,682.92]
[{"$nulls":4},"MO sem LS =>",0,"ls =>","0.00","MO com LS =>",0]
[{"$nulls":4},"Valor do BDI =>",104.35,null,"Valor com BDI =>",null,787.27]
[{"$nulls":6},"quant. =>","0.93","Preço Total =>",732.16]
[]
["9.4","Código","Banco","Descrição.","Tipo",null,"und","Quant.","Valor Unit","Total"]
["Insumo",9860,"SINAPI","Tubo pvc, roscavel,  2\", para agua fria predial.","Material",null,"m","1.00",43.3,43.3]
[{"$nulls":4},"MO sem LS =>",0,"ls =>","0.00","MO com LS =>",0]
[{"$nulls":4},"Valor do BDI =>",11.41,null,"Valor com BDI =>",null,54.71]
[{"$nulls":6},"quant. =>","90.00","Preço Total =>",4923.8999999999996]
[]
["9.5","Código","Banco","Descrição.","Tipo",null,"und","Quant.","Valor Unit","Total"]
["Insumo",3912,"SINAPI","Luva de ferro galvanizado, com rosca bsp, de 2\".","Material",null,"un","1.00",34.020000000000003,34.020000000000003]
[{"$nulls":4},"MO sem LS =>",0,"ls =>","0.00","MO com LS =>",0]
[{"$nulls":4},"Valor do BDI =>",8.9600000000000009,null,"Valor com BDI =>",null,42.98]
[{"$nulls":6},"quant. =>","16.00","Preço Total =>",687.68]
[]
["9.6","Código","Banco","Descrição.","Tipo",null,"und","Quant.","Valor Unit","Total"]
["Insumo",5128,"ORSE","Tampa de poço galvanizada em 6\" un.","Serviços",null,"un","1.00",107.28,107.28]
[{"$nulls":4},"MO sem LS =>",0,"ls =>","0.00","MO com LS =>",0]
[{"$nulls":4},"Valor do BDI =>",28.26,null,"Valor com BDI =>",null,135.54]
[{"$nulls":6},"quant. =>","1.00","Preço Total =>",135.54]
[]
[10,null,null,"Estrutura de fixação para módulos fotovoltáicos.",{"$nulls":5},5079.04]
["10.1","Código","Banco","Descrição.","Tipo",null,"und","Quant.","Valor Unit","Total"]
["Composição","COMPOSIÇÃO - 18","Próprio","Serviço de fixação de estruturas para os módulos fotovoltaicos e suportes de concreto, incluso materiais.","SEDI - SERVIÇOS DIVERSOS",null,"m²","1.00",251.26,251.26]
["Composição Auxiliar",94975,"SINAPI","Concreto fck = 15mpa, traço 1:3,4:3,5 (em massa seca de cimento/ areia média/ brita 1) - preparo manual. af_05/2021.","FUES - FUNDAÇÕES E ESTRUTURAS",null,"m³","0.09",565.04999999999995,53.4]
["Composição Auxiliar",93358,"SINAPI","Escavação manual de vala com profundidade menor ou igual a 1,30 m. af_02/2021.","MOVT - MOVIMENTO DE TERRA",null,"m³","0.06",80.98,5.0599999999999996]
["Composição Auxiliar",96534,"SINAPI","Fabricação, montagem e desmontagem de fôrma para bloco de coroamento, em madeira serrada, e=25 mm, 4 utilizações. af_06/2017.","FUES - FUNDAÇÕES E ESTRUTURAS",null,"m²","0.03",81,2.59]
["Composição Auxiliar",88316,"SINAPI","Servente com encargos complementares.","SEDI - SERVIÇOS DIVERSOS",null,"h","2.64",20.47,53.98]
["Composição Auxiliar",88278,"SINAPI","Montador de estrutura metálica com encargos complementares.","SEDI - SERVIÇOS DIVERSOS",null,"h","2.64",22.12,58.33]
["Insumo",15690,"SBC","Estrutura metalica tesoura c/coluna 20/35m(24,72kg/m2).","Material",null,"m²","1.00",77.900000000000006,77.900000000000006]
[{"$nulls":4},"MO sem LS =>",44.13,"ls =>","49.04","MO com LS =>",93.17]
[{"$nulls":4},"Valor do BDI =>",66.181883999999997,null,"Valor com BDI =>",null,317.44]
[{"$nulls":6},"quant. =>","16.00","Preço Total =>",5079.04]
[]
[11,null,null,"Instalações elétricas.",{"$nulls":5},20209.330000000002]
["11.1","Código","Banco","Descrição.","Tipo",null,"und","Quant.","Valor Unit","Total"]
["Composição","COMPOSIÇÃO - 19","Próprio","Montagem e instalação elétrica do kit de bombeamento e sistema fotovoltaico inclusive sistema de aterramento.","INEL - INSTALAÇÃO ELÉTRICA/ELETRIFICAÇÃO E ILUMINAÇÃO EXTERNA",null,"un","1.00",1077.3599999999999,1077.3599999999999]
["Composição Auxiliar",88247,"SINAPI","Auxiliar de eletricista com encargos complementares.","SEDI - SERVIÇOS DIVERSOS",null,"h","8.00",24.18,193.44]
["Insumo",20111,"SINAPI","Fita isolante adesiva antichama, uso ate 750 v, em rolo de 19 mm x 20 m.","Material",null,"un","1.00",9.98,9.98]
["Insumo",2674,"SINAPI","Fornecimento de  eletroduto de pvc rigido roscavel de 3/4 \", sem luva.","Material",null,"m","15.00",5.44,81.599999999999994]
["Insumo",12034,"SINAPI","Fornecimento de  curva 180 graus, de pvc rigido roscavel, de 3/4\", para eletroduto.","Material",null,"un","1.00",5.89,5.89]
["Insumo",39272,"SINAPI","Fornecimento de  curva 90 graus, curta, de pvc rigido roscavel, de 3/4\", para eletroduto.","Material",null,"un","2.00",3.22,6.44]
["Insumo",3379,"SINAPI","Haste de aterramento em aco com 3,00 m de comprimento e dn = 5/8\", revestida com baixa camada de cobre, sem conector.","Material",null,"un","0.66",55.38,36.549999999999997]
["Insumo",1891,"SINAPI","Fornecimento de  luva em pvc rigido roscavel, de 3/4\", para eletroduto.","Material",null,"un","9.00",1.49,13.41]
["Insumo",425,"SINAPI","Grampo metalico tipo olhal para haste de aterramento de 5/8'', condutor de *10* a 50 mm2.","Material",null,"un","2.00",5.25,10.5]
["Insumo",34643,"SINAPI","Fornecimento de  caixa de inspecao para aterramento e para raios, em polipropileno,  diametro = 300 mm x altura = 400 mm.","Material",null,"un","2.00",43.26,86.52]
["Insumo",867,"SINAPI","Cabo de cobre nu 50 mm2 meio-duro.","Material",null,"m","7.50",54.71,410.33]
["Insumo",54581,"SIURB INFRA","Dps - dispositivo de proteção contra surtos – 45ka – 500 volts - corrente contínua - classe ii - p/ sistema fotovoltáico.","Material",null,"un","1.00",222.7,222.7]
[{"$nulls":4},"MO sem LS =>",66.239999999999995,"ls =>","73.60","MO com LS =>",139.84]
[{"$nulls":4},"Valor do BDI =>",283.77662400000003,null,"Valor com BDI =>",null,1361.14]
[{"$nulls":6},"quant. =>","1.00","Preço Total =>",1361.14]
[]
["11.2","Código","Banco","Descrição.","Tipo",null,"und","Quant.","Valor Unit","Total"]
["Insumo",34622,"SINAPI","Fornecimento de  cabo flexivel pvc 750 v, 3 condutores de 6,0 mm2.","Material",null,"m","1.00",21.51,21.51]
[{"$nulls":4},"MO sem LS =>",0,"ls =>","0.00","MO com LS =>",0]
[{"$nulls":4},"Valor do BDI =>",3.29,null,"Valor com BDI =>",null,24.8]
[{"$nulls":6},"quant. =>","105.00","Preço Total =>",2604]
[]
["11.3","Código","Banco","Descrição.","Tipo",null,"und","Quant.","Valor Unit","Total"]
["Composição","COMPOSIÇÃO - 20","Próprio","Fornecimento e instalação de automático de bóia superior e inferior.","ASTU - ASSENTAMENTO DE TUBOS E PECAS",null,"un","1.00",65.86,65.86]
["Composição Auxiliar",88264,"SINAPI","Eletricista com encargos complementares.","SEDI - SERVIÇOS DIVERSOS",null,"h","0.20",30.67,6.13]
["Composição Auxiliar",88247,"SINAPI","Auxiliar de eletricista com encargos complementares.","SEDI - SERVIÇOS DIVERSOS",null,"h","0.20",24.18,4.84]
["Insumo",7588,"SINAPI","Automatico de boia superior / inferior, *15* a / 250 v.","Material",null,"un","1.00",54.02,54.02]
["Insumo",21127,"SINAPI","Fita isolante adesiva antichama, uso ate 750 v, em rolo de 19 mm x 5 m.","Material",null,"un","0.10",3.77,0.38]
["Insumo",3146,"SINAPI","Fita veda rosca em rolos de 18 mm x 10 m (l x c).","Material",null,"un","0.15",3.25,0.49]
[{"$nulls":4},"MO sem LS =>",3.93,"ls =>","4.36","MO com LS =>",8.2899999999999991]
[{"$nulls":4},"Valor do BDI =>",17.347524,null,"Valor com BDI =>",null,83.21]
[{"$nulls":6},"quant. =>","1.00","Preço Total =>",83.21]
[]
["11.3","Código","Banco","Descrição.","Tipo",null,"und","Quant.","Valor Unit","Total"]
["Insumo",39257,"SINAPI","Cabo multipolar de cobre, flexivel, classe 4 ou 5, isolacao em hepr, cobertura em pvc-st2, antichama bwf-b, 0,6/1 kv, 3 condutores de 1,5 mm2.","Material",null,"m","1.00",5.85,5.85]
[{"$nulls":4},"MO sem LS =>",0,"ls =>","0.00","MO com LS =>",0]
[{"$nulls":4},"Valor do BDI =>",1.54,null,"Valor com BDI =>",null,7.39]
[{"$nulls":6},"quant. =>","200.00","Preço Total =>",1478]
[]
["11.4","Código","Banco","Descrição.","Tipo",null,"und","Quant.","Valor Unit","Total"]
["Insumo","COTAÇÃO-001","Próprio","Fornecimento de kit de bombeamento fotovoltaico, incluindo uma bomba cc de 2200w com controladora de carga externa,  caixa de proteção metálica, módulos fotovoltaicos compatíveis com a geração de 3300wp além de componentes elétricos necessários para interligação dos painéis, como cabos, conectores mc4 e presilhas de fixação.","Serviços",null,"un","1.00",11621.8,11621.8]
[{"$nulls":4},"MO sem LS =>",0,"ls =>","0.00","MO com LS =>",0]
[{"$nulls":4},"Valor do BDI =>",3061.18,null,"Valor com BDI =>",null,14682.98]
[{"$nulls":6},"quant. =>","1.00","Preço Total =>",14682.98]
[]
[12,null,null,"Urbanização.",{"$nulls":5},3971.57]
["12.1","Código","Banco","Descrição.","Tipo",null,"und","Quant.","Valor Unit","Total"]
["Composição","COMPOSIÇÃO - 21","Próprio","Cerca com mourões de concreto de 15x15cm, espaçados de 3m e cravados a 0,5m, escoras de 10x10cm nos cantos, e 9 fios de arame de aço ovalado 15x17.","SEDI - SERVIÇOS DIVERSOS",null,"m","1.00",80.63,80.63]
["Composição Auxiliar",88309,"SINAPI","Pedreiro com encargos complementares.","SEDI - SERVIÇOS DIVERSOS",null,"h","0.34",27.49,9.2100000000000009]
["Composição Auxiliar",88316,"SINAPI","Servente com encargos complementares.","SEDI - SERVIÇOS DIVERSOS",null,"h","0.67",20.47,13.74]
["Composição Auxiliar",94975,"SINAPI","Concreto fck = 15mpa, traço 1:3,4:3,5 (em massa seca de cimento/ areia média/ brita 1) - preparo manual. af_05/2021.","FUES - FUNDAÇÕES E ESTRUTURAS",null,"m³","0.03",565.04999999999995,16.27]
["Insumo",43130,"SINAPI","Arame galvanizado 12 bwg, d = 2,76 mm (0,048 kg/m) ou 14 bwg, d = 2,11 mm (0,026 kg/m).","Material",null,"kg","0.10",20.5,2.0099999999999998]
["Insumo",346,"SINAPI","Arame de aco ovalado 15 x 17 ( 45,7 kg, 700 kgf), rolo 1000 m.","Material",null,"kg","0.41",24.28,9.83]
["Insumo",4111,"SINAPI","Escora pre-moldada em concreto, *10 x 10* cm, h = 2,30m.","Material",null,"un","0.16",60.88,9.74]
["Insumo"," I1533 ","SEINFRA","Mourão concreto base 15x15cm h=2.3 c/ 12 furos.","Material",null,"un","0.42",47.22,19.829999999999998]
[{"$nulls":4},"MO sem LS =>",8.8800000000000008,"ls =>","9.87","MO com LS =>",18.75]
[{"$nulls":4},"Valor do BDI =>",21.237942,null,"Valor com BDI =>",null,101.87]
[{"$nulls":6},"quant. =>","28.00","Preço Total =>",2852.36]
[]
["12.2","Código","Banco","Descrição.","Tipo",null,"und","Quant.","Valor Unit","Total"]
["Composição","COMPOSIÇÃO - 22","Próprio","Serviço de instalação de portão de ferro com suporte e batedor conforme projeto, incluso material.","SEDI - SERVIÇOS DIVERSOS",null,"m²","1.00",590.58000000000004,590.58000000000004]
["Composição Auxiliar",88309,"SINAPI","Pedreiro com encargos complementares.","SEDI - SERVIÇOS DIVERSOS",null,"h","1.50",27.49,41.24]
["Composição Auxiliar",88316,"SINAPI","Servente com encargos complementares.","SEDI - SERVIÇOS DIVERSOS",null,"h","1.50",20.47,30.71]
["Insumo",367,"SINAPI","Areia grossa - posto jazida/fornecedor (retirado na jazida, sem transporte).","Material",null,"m³","0.06",124.1,7.57]
["Insumo",1379,"SINAPI","Cimento portland composto cp ii-32.","Material",null,"kg","4.83",0.92,4.4400000000000004]
["Insumo",4948,"SINAPI","Portao de abrir / giro, em gradil de metalon redondo de 3/4\"  vertical, com requadro, acabamento natural - completo.","Material",null,"m²","1.00",506.62,506.62]
[{"$nulls":4},"MO sem LS =>",24.63,"ls =>","27.36","MO com LS =>",51.99]
[{"$nulls":4},"Valor do BDI =>",155.558772,null,"Valor com BDI =>",null,746.14]
[{"$nulls":6},"quant. =>","1.50","Preço Total =>",1119.21]
[]
[13,null,null,"Outros serviços e insumos excepcionais.",{"$nulls":5},14286.52]
["13.1","Código","Banco","Descrição.","Tipo",null,"und","Quant.","Valor Unit","Total"]
["Composição","COMPOSIÇÃO - 23","Próprio","Execução de tamponamento conforme especificação.","SEDI - SERVIÇOS DIVERSOS",null,"m³","1.00",703.83,703.83]
["Composição Auxiliar",87316,"SINAPI","Argamassa traço 1:4 (em volume de cimento e areia grossa úmida) para chapisco convencional, preparo mecânico com betoneira 400 l. af_08/2019.","SEDI - SERVIÇOS DIVERSOS",null,"m³","1.00",544.05999999999995,544.05999999999995]
["Composição Auxiliar",88316,"SINAPI","Servente com encargos complementares.","SEDI - SERVIÇOS DIVERSOS",null,"h","1.00",20.47,20.47]
["Insumo",4721,"SINAPI","Pedra britada n. 1 (9,5 a 19 mm) posto pedreira/fornecedor, sem frete.","Material",null,"m³","1.00",139.30000000000001,139.30000000000001]
[{"$nulls":4},"MO sem LS =>",40.82,"ls =>","45.35","MO com LS =>",86.17]
[{"$nulls":4},"Valor do BDI =>",185.388822,null,"Valor com BDI =>",null,889.22]
[{"$nulls":6},"quant. =>","0.08","Preço Total =>",71.14]
[]
["13.2","Código","Banco","Descrição.","Tipo",null,"und","Quant.","Valor Unit","Total"]
["Insumo",13747,"ORSE","Revestimento tubo liso aço sch-40 em 12\".","Serviços",null,"m","1.00",921.04,921.04]
[{"$nulls":4},"MO sem LS =>",0,"ls =>","0.00","MO com LS =>",0]
[{"$nulls":4},"Valor do BDI =>",242.6,null,"Valor com BDI =>",null,1163.6400000000001]
[{"$nulls":6},"quant. =>","6.00","Preço Total =>",6981.84]
[]
["13.3","Código","Banco","Descrição.","Tipo",null,"und","Quant.","Valor Unit","Total"]
["Insumo"," M3929 ","SICRO3","Tubo em aço-carbono - e = 3,00 mm e d = 150 mm (6\").","Material",null,"m","1.00",171.2287,171.2287]
[{"$nulls":4},"MO sem LS =>",0,"ls =>","0.00","MO com LS =>",0]
[{"$nulls":4},"Valor do BDI =>",45.1,null,"Valor com BDI =>",null,216.33]
[{"$nulls":6},"quant. =>","6.00","Preço Total =>",1297.98]
[]
["13.4","Código","Banco","Descrição.","Tipo",null,"und","Quant.","Valor Unit","Total"]
["Insumo"," M039706073 ","EMBASA","Filtro nold em aço galvanizado dn 6\".","Material",null,"m","1.00",763.9,763.9]
[{"$nulls":4},"MO sem LS =>",0,"ls =>","0.00","MO com LS =>",0]
[{"$nulls":4},"Valor do BDI =>",201.21,null,"Valor com BDI =>",null,965.11]
[{"$nulls":6},"quant. =>","6.00","Preço Total =>",5790.66]
[]
["13.5","Código","Banco","Descrição.","Tipo",null,"und","Quant.","Valor Unit","Total"]
["Composição","COMPOSIÇÃO - 24","Próprio","Limpeza manual , remoção de cerca, capina e instalação dos equipamentos (área do poço, painéis solares, bebedouro e reservatório).","SEDI - SERVIÇOS DIVERSOS",null,"m²","1.00",1.64,1.64]
["Composição Auxiliar",88316,"SINAPI","Servente com encargos complementares.","SEDI - SERVIÇOS DIVERSOS",null,"h","0.08",20.47,1.64]
[{"$nulls":4},"MO sem LS =>",0.53,"ls =>","0.58","MO com LS =>",1.1100000000000001]
[{"$nulls":4},"Valor do BDI =>",0.43197600000000003,null,"Valor com BDI =>",null,2.0699999999999998]

{"sheet":"Crono. - TO - T","index":15,"n_rows":27,"n_cols":15,"rows_kept":27,"cut":false,"hidden":false,"merged":[[0,0,6,14],[7,0,8,14],[23,0,23,1],[23,2,26,2],[24,0,24,1],[25,0,25,1],[26,0,26,1]]}
["OBJETO: EXECUÇÃO DE SERVIÇOS DE PERFURAÇÃO E INSTALAÇÃO DE POÇOS TUBULARES EM MUNICÍPIOS LOCALIZADOS NO ESTADO DO TOCANTINS, NA ÁREA DE ATUAÇÃO DA CODEVASF."]
[]
[]
[]
[]
[]
[]
["CRONOGRAMA FÍSICO-FINANCEIRO POÇO TOTALMENTE REVESTIDO"]
[]
["ITEM","ESPECIFICAÇÃO DOS SERVIÇOS","VALOR TOTAL (R$)","Mês 01","Mês 02","Mês 03","Mês 04","Mês 05","Mês 06","Mês 07","Mês 08","Mês 09","Mês 10","Mês 11","Mês 12"]
["1","Serviços preliminares.",277674.06,23139.505000000001,23139.505000000001,23139.505000000001,23139.505000000001,23139.505000000001,23139.505000000001,23139.505000000001,23139.505000000001,23139.505000000001,23139.505000000001,23139.505000000001,23139.505000000001]
["2","Mobilizaçâo e desmobilizaçâo equipe campo.",215055,17921.25,17921.25,17921.25,17921.25,17921.25,17921.25,17921.25,17921.25,17921.25,17921.25,17921.25,17921.25]
["3","Perfuração e completação de poço tubular.",8620682.4900000002,718390.20750000002,718390.20750000002,718390.20750000002,718390.20750000002,718390.20750000002,718390.20750000002,718390.20750000002,718390.20750000002,718390.20750000002,718390.20750000002,718390.20750000002,718390.20750000002]
["4","Pós perfuração.",981429.21,81785.767500000002,81785.767500000002,81785.767500000002,81785.767500000002,81785.767500000002,81785.767500000002,81785.767500000002,81785.767500000002,81785.767500000002,81785.767500000002,81785.767500000002,81785.767500000002]
["5","Reservação.",2351395.5,195949.625,195949.625,195949.625,195949.625,195949.625,195949.625,195949.625,195949.625,195949.625,195949.625,195949.625,195949.625]
["6","Bebedouro.",167930.01,13994.167500000001,13994.167500000001,13994.167500000001,13994.167500000001,13994.167500000001,13994.167500000001,13994.167500000001,13994.167500000001,13994.167500000001,13994.167500000001,13994.167500000001,13994.167500000001]
["7","Chafariz.",107122.5,8926.875,8926.875,8926.875,8926.875,8926.875,8926.875,8926.875,8926.875,8926.875,8926.875,8926.875,8926.875]
["8","Cavalete.",149236.01999999999,12436.334999999999,12436.334999999999,12436.334999999999,12436.334999999999,12436.334999999999,12436.334999999999,12436.334999999999,12436.334999999999,12436.334999999999,12436.334999999999,12436.334999999999,12436.334999999999]
["9","Instalações hidráulicas poço e adutora.",1655279.64,137939.97,137939.97,137939.97,137939.97,137939.97,137939.97,137939.97,137939.97,137939.97,137939.97,137939.97,137939.97]
["10","Estrutura de fixação para módulos fotovoltáicos.",390317.88,32526.49,32526.49,32526.49,32526.49,32526.49,32526.49,32526.49,32526.49,32526.49,32526.49,32526.49,32526.49]
["11","Instalações elétricas.",1626425.73,135535.47750000001,135535.47750000001,135535.47750000001,135535.47750000001,135535.47750000001,135535.47750000001,135535.47750000001,135535.47750000001,135535.47750000001,135535.47750000001,135535.47750000001,135535.47750000001]
["12","Urbanização.",321697.17,26808.0975,26808.0975,26808.0975,26808.0975,26808.0975,26808.0975,26808.0975,26808.0975,26808.0975,26808.0975,26808.0975,26808.0975]
["13","Outros serviços e insumos excepcionais.",556974.34,46414.528333333328,46414.528333333328,46414.528333333328,46414.528333333328,46414.528333333328,46414.528333333328,46414.528333333328,46414.528333333328,46414.528333333328,46414.528333333328,46414.528333333328,46414.528333333328]
["TOTAL",null,17421219.550000004,1451768.2958333332,1451768.2958333332,1451768.2958333332,1451768.2958333332,1451768.2958333332,1451768.2958333332,1451768.2958333332,1451768.2958333332,1451768.2958333332,1451768.2958333332,1451768.2958333332,1451768.2958333332]
["PERCENTUAL",null,null,8.3333333333333301E-2,8.3333333333333301E-2,8.3333333333333301E-2,8.3333333333333301E-2,8.3333333333333301E-2,8.3333333333333301E-2,8.3333333333333301E-2,8.3333333333333301E-2,8.3333333333333301E-2,8.3333333333333301E-2,8.3333333333333301E-2,8.3333333333333301E-2]
["CUSTO ACUMULADO",null,null,1451768.2958333332,2903536.5916666663,4355304.8874999993,5807073.1833333327,7258841.479166666,8710609.7749999985,10162378.070833331,11614146.366666663,13065914.662499996,14517682.958333328,15969451.254166661,17421219.549999993]
["PERCENTUAL ACUMULADO",null,null,8.3333333333333301E-2,0.1666666666666666,0.24999999999999989,0.3333333333333332,0.41666666666666652,0.49999999999999983,0.58333333333333315,0.66666666666666641,0.74999999999999967,0.83333333333333293,0.91666666666666619,0.99999999999999944]

{"sheet":"CAPA DF","index":16,"n_rows":7,"n_cols":2,"rows_kept":7,"cut":false,"hidden":false,"merged":[[6,1,16,11]]}
[]
[]
[]
[]
[]
[]
[null,"EXECUÇÃO DE SERVIÇOS DE PERFURAÇÃO E INSTALAÇÃO DE POÇOS TUBULARES NO DISTRITO FEDERAL"]

{"sheet":"Planilha Resumo DF","index":17,"n_rows":15,"n_cols":7,"rows_kept":15,"cut":false,"hidden":false,"merged":[[12,1,12,2],[14,1,14,2],[1,1,1,6],[2,1,2,6],[3,1,3,6],[4,1,4,6],[8,1,8,2],[8,4,8,5],[12,4,12,6],[14,4,14,6]]}
[]
[null,"OBJETO: EXECUÇÃO DE SERVIÇOS DE PERFURAÇÃO E INSTALAÇÃO DE POÇOS TUBULARES EM MUNICÍPIOS LOCALIZADOS NO DISTRITO FEDERAL, NA ÁREA DE ATUAÇÃO DA CODEVASF"]
[null,"PLANILHA ORÇAMENTÁRIA ESTIMATIVA GERAL"]
[null,"DATABASE DO ORÇAMENTO: SETEMBRO/2024 - NÃO DESONERADO"]
[null,"PLANILHA RESUMIDA - Grupo 3 Distrito Federal"]
[null,"ITEM","DISCRIMINAÇÃO","UND","Quantidade de Poços","PREÇO \nUNITÁRIO","TOTAL"]
[null,5,"Perfuração e instalação de poço tubular parcialmente revestido, instalado com sistema fotovoltaico, bomba submersa, reservatório e bebedouro para animais.","un",21,148224.79999999999,3112720.82]
[null,6,"Perfuração e instalação de poços poço tubular totalmente revestido, instalado com sistema fotovoltaico, bomba submersa, reservatório e bebedouro para animais.","un",9,216340.85,1947067.68]
[null,"TOTAL GERAL ESTIMADO GRUPO",null,"un",30,null,5059788.5]
[]
[]
[]
[null,"Base de Preços Consultados",null,null,"SINAPI - 08/2024 - Distrito Federal\n SBC - 10/2024 - Distrito Federal\n SICRO3 - 04/2024 - Distrito Federal\n ORSE - 06/2024 - Sergipe\n SEINFRA - 028 - Ceará\n CPOS/CDHU - 09/2024 - São Paulo\n FDE - 07/2024 - São Paulo\n EMBASA - 05/2024 - Bahia"]
[]
[null,"Encargos Sociais",null,null,"Não Desonerado: \nHorista: 110,14%\nMensalista: 70,04%"]

{"sheet":"Orçamento Sintético - DF - T","index":18,"n_rows":57,"n_cols":12,"rows_kept":57,"cut":false,"hidden":false,"merged":[[0,2,1,5]]}
[null,null,"OBJETO: EXECUÇÃO DE SERVIÇOS DE PERFURAÇÃO E INSTALAÇÃO DE POÇOS TUBULARES EM MUNICÍPIOS LOCALIZADOS NO DISTRITO FEDERAL, NA ÁREA DE ATUAÇÃO DA CODEVASF",{"$nulls":4},"Quantidade de Poços","BDI SERVIÇO","BDI INSUMO","Total","Preço Unitário Por Poço"]
[{"$nulls":7},9,0.26340000000000002,0.15279999999999999,1947067.68,216340.85]
["Item","Código","Banco","TIPO","Descrição.","un.","Mem. calc.","Quanti.","Valor Unit","Valor Unit com BDI","Total","Peso (%)"]
[1,null,null,null,"Serviços preliminares.",{"$nulls":5},39205.71,2.0135771551608315E-2]
["1.1","COMPOSIÇÃO - 1","Próprio","Serviço","Administração local da obra - poço totalmente revestido.","un.",1,9,2554.46,3227.3,29045.7,1.4917663262737741E-2]
["1.2","COMPOSIÇÃO - 2","Próprio","Serviço","Serviço de locação geológica de campo com relatório hidro geológico e perfil construtivo e geológico esperado. relatório de viabilidade de implantação das estruturas e vistorias preliminares.","un.",1,9,589.6,744.9,6704.1,3.4431776916968807E-3]
["1.3",103689,"SINAPI","Insumo","Fornecimento e instalação de placa de obra com chapa galvanizada e estrutura de madeira. .","m²",0.72,6.48,462.63,533.32000000000005,3455.91,1.7749305971736945E-3]
[2,null,null,null,"Mobilizaçâo e desmobilizaçâo equipe campo.",{"$nulls":5},22086,1.1343211243689279E-2]
["2.1","COMPOSIÇÃO - 3","Próprio","Serviço","Transporte de comboio perfuração.","km",150,1350,4.63,5.85,7897.5,4.0560993750355925E-3]
["2.2","COMPOSIÇÃO - 4","Próprio","Serviço","Transporte de comboio instalação.","km",150,1350,5.78,7.3,9855,5.0614573397880043E-3]
["2.3","COMPOSIÇÃO - 5","Próprio","Serviço","Transporte de equipe teste de vazão.","km",150,1350,2.54,3.21,4333.5,2.225654528865684E-3]
[3,null,null,null,"Perfuração e completação de poço tubular.",{"$nulls":5},957861.91,0.49195100911951867]
["3.1","COMPOSIÇÃO - 6","Próprio","Serviço","Perfuração diâmetro de ø 12 1/4\" em rocha - incluso mão de obra para instalação do revestimento e completação anelar.","m",150,1350,326.51,412.51,556888.5,0.28601394071725333]
["3.2",5073,"ORSE","Insumo","Fornecimento de pré-filtro comum m3.","m³",7.5138999999999996,67.63,1619.38,1866.82,126253.04,6.4842656111471178E-2]
["3.3",5091,"ORSE","Insumo","Revestimento filtro pvc geomecânico reforçado dn 150mm.","m",15,135,221.38,255.21,34453.35,1.7694993529962965E-2]
["3.4",5024,"ORSE","Insumo","Centralizador em 6\".","un.",10,90,267.02,307.82,27703.8,1.4228473044141947E-2]
["3.5",9850,"SINAPI","Insumo","Tubo pvc de revestimento geomecanico nervurado reforcado, dn = 150 mm, comprimento = 2 m.","m",134,1206,147.75,170.33,205417.98,0.10550120168395996]
["3.6","COMPOSIÇÃO - 7","Próprio","Serviço","Serviço de lançamento cimentação anelar, incluso materiais.","m³",1.1599999999999999,10.44,541.72,684.41,7145.24,3.6697440327292576E-3]
[4,null,null,null,"Pós perfuração.",{"$nulls":5},110438.46,5.6720401213788324E-2]
["4.1",6305,"ORSE","Serviço","Desenvolvimento com compressor 250psi / 750cfm.","h",2,18,411.16,519.46,9350.2800000000007,4.8022367666233365E-3]
["4.2","COMPOSIÇÃO - 8","Próprio","Serviço","Inspeção ótica em poço tubular câmera com rotação de 360º, visada lateral, com fonte própria de luz, entregue vídeo em cores e marcação de profundidades.","m",150,1350,9.42,11.9,16065,8.250868814174965E-3]
["4.3","COMPOSIÇÃO - 9","Próprio","Serviço","Serviço de coleta e análise físico-química e bacteriológica.","un.",1,9,621.19000000000005,784.81,7063.29,3.6276551003096105E-3]
["4.4","COMPOSIÇÃO - 10","Próprio","Serviço","Serviço de instalação de laje sanitária com dimensões (1,5x1,5x0,3) , incluso material.","un.",1,9,725,915.97,8243.73,4.2339206205713404E-3]
["4.5"," 24.80.22 ","EMBASA","Serviço","Ensaio de bombeamento poço tubular incluso materiais e grupo gerador.","h",24,216,255.47,322.76,69716.160000000003,3.5805719912109069E-2]
[5,null,null,null,"Reservação.",{"$nulls":5},247302.54,0.1270128113882513]
["5.1","COMPOSIÇÃO - 11","Próprio","Serviço","Fornecimento e instalação de reservatório e base elevada 10 m³.","un.",0.8,7.2,25717.94,32492.05,233942.76,0.12015132416968681]
["5.2","COMPOSIÇÃO - 12","Próprio","Serviço","Fornecimento e execução de reservatório apoiado de 5 m³.","un.",0.2,1.8,5874.7,7422.1,13359.78,6.8614872185644828E-3]
[6,null,null,null,"Bebedouro.",{"$nulls":5},18173.7,9.3338820148254949E-3]
["6.1","COMPOSIÇÃO - 13","Próprio","Serviço","Serviço de execução do bebedouro em concreto armado, incluso materiais.","un.",1,9,1598.31,2019.3,18173.7,9.3338820148254949E-3]
[7,null,null,null,"Chafariz.",{"$nulls":5},12207.06,6.2694584915507405E-3]
["7.1","COMPOSIÇÃO - 14","Próprio","Serviço","Fornecimento de material e instalação do chafariz.","un.",1,9,1073.56,1356.34,12207.06,6.2694584915507405E-3]
[8,null,null,null,"Cavalete.",{"$nulls":5},17731.349999999999,9.1066942264687988E-3]
["8.1","COMPOSIÇÃO - 15","Próprio","Serviço","Fornecimento de conexões e instalação do cavalete com hidrômetro e clorador de pastilhas.","un.",1,9,1559.4,1970.15,17731.349999999999,9.1066942264687988E-3]
[9,null,null,null,"Instalações hidráulicas poço e adutora.",{"$nulls":5},187546.3,9.6322434975655291E-2]
["9.1","COMPOSIÇÃO - 16","Próprio","Serviço","Fornecimento e instalação da rede adutora poço-reservatório-bebedouro em pn80 e dn50mm.","m",400,3600,28.99,36.630000000000003,131868,6.7726459308286607E-2]
["9.2","COMPOSIÇÃO - 17","Próprio","Serviço","Montagem hidráulica do equipamento de bombeamento.","un.",1,9,161.91,204.56,1841.04,9.4554494376898081E-4]
["9.3",38200,"SINAPI","Insumo","Corda de poliamida 12 mm tipo bombeiro, para trabalho em altura.","100m",0.93,8.3699999999999992,662.01,763.17,6387.73,3.28069232806535E-3]
["9.4",9860,"SINAPI","Insumo","Tubo pvc, roscavel,  2\", para agua fria predial.","m",90,810,42.65,49.17,39827.699999999997,2.0455221155948722E-2]
["9.5",3912,"SINAPI","Insumo","Luva de ferro galvanizado, com rosca bsp, de 2\".","un.",16,144,39.21,45.2,6508.8,3.3428730119951454E-3]
["9.6",5128,"ORSE","Insumo","Tampa de poço galvanizada em 6\" un.","un.",1,9,107.28,123.67,1113.03,5.7164422759048623E-4]
[10,null,null,null,"Estrutura de fixação para módulos fotovoltáicos.",{"$nulls":5},46944,2.4110101812177376E-2]
["10.1","COMPOSIÇÃO - 18","Próprio","Serviço","Serviço de fixação de estruturas para os módulos fotovoltaicos e suportes de concreto, incluso materiais.","m²",15.18,136.62,271.97000000000003,343.61,46944,2.4110101812177376E-2]
[11,null,null,null,"Instalações elétricas.",{"$nulls":5},190085.31,9.7626452306989145E-2]
["11.1","COMPOSIÇÃO - 19","Próprio","Serviço","Montagem e instalação elétrica do kit de bombeamento e sistema fotovoltaico inclusive sistema de aterramento.","un.",1,9,1206.6300000000001,1524.46,13720.14,7.0465655307883285E-3]
["11.2",34622,"SINAPI","Insumo","Fornecimento de  cabo flexivel pvc 750 v, 3 condutores de 6,0 mm2.","m",105,945,26.26,30.27,28605.15,1.4691399941475071E-2]
["11.3","COMPOSIÇÃO - 20","Próprio","Serviço","Fornecimento e instalação de automático de bóia superior e inferior.","un.",1,9,70.290000000000006,88.8,799.2,4.1046338974719157E-4]
["11.4",39257,"SINAPI","Insumo","Cabo multipolar de cobre, flexivel, classe 4 ou 5, isolacao em hepr, cobertura em pvc-st2, antichama bwf-b, 0,6/1 kv, 3 condutores de 1,5 mm2.","m",200,1800,7.14,8.23,14814,7.6083641838274466E-3]
["11.5","COTAÇÃO-001","Próprio","Serviço","Fornecimento de kit de bombeamento fotovoltaico, incluindo uma bomba cc de 2200w com controladora de carga externa,  caixa de proteção metálica, módulos fotovoltaicos compatíveis com a geração de 3300wp além de componentes elétricos necessários para interligação dos painéis, como cabos, conectores mc4 e presilhas de fixação.","un.",1,9,11621.8,14682.98,132146.82,6.7869659261151113E-2]
[12,null,null,null,"Urbanização.",{"$nulls":5},35358.800000000003,1.8160026157899144E-2]
["12.1","COMPOSIÇÃO - 21","Próprio","Serviço","Cerca com mourões de concreto de 15x15cm, espaçados de 3m e cravados a 0,5m, escoras de 10x10cm nos cantos, e 9 fios de arame de aço ovalado 15x17.","m",28,252,81.66,103.17,25998.84,1.3352817812681272E-2]
["12.2","COMPOSIÇÃO - 22","Próprio","Serviço","Serviço de instalação de portão de ferro com suporte e batedor conforme projeto, incluso material.","m²",1.5,13.5,548.78,693.33,9359.9599999999991,4.8072083452178711E-3]
[13,null,null,null,"Outros serviços e insumos excepcionais.",{"$nulls":5},62126.54,3.1907745497578188E-2]
["13.1","COMPOSIÇÃO - 23","Próprio","Serviço","Execução de tamponamento conforme especificação.","m³",0.08,0.72,771.68,974.94,701.96,3.6052162295662984E-4]
["13.2",13747,"ORSE","Insumo","Revestimento tubo liso aço sch-40 em 12\".","m",6,54,921.04,1061.77,57335.58,2.9447142792694295E-2]
["13.3"," M3929 ","SICRO3","Insumo","Tubo em aço-carbono - e = 3,00 mm e d = 150 mm (6\").","m",1.44,12.96,171.2287,197.39,2558.17,1.3138577699569232E-3]
["13.4"," M039706073 ","EMBASA","Insumo","Filtro nold em aço galvanizado dn 6\".","m",6.0000000000000001E-3,0.05,763.9,880.62,44.03,2.2613492305516572E-5]
["13.5","COMPOSIÇÃO - 24","Próprio","Serviço","Limpeza manual , remoção de cerca, capina e instalação dos equipamentos (área do poço, painéis solares, bebedouro e reservatório).","m²",70,630,1.87,2.36,1486.8,7.6360981966482023E-4]

{"sheet":"Orçamento Analítico - DF - T","index":19,"n_rows":426,"n_cols":10,"rows_kept":426,"cut":false,"hidden":false,"merged":[[368,4,368,5],[369,4,369,5],[335,7,335,8],[338,4,338,5],[339,4,339,5],[341,7,341,8],[358,7,358,8],[364,7,364,8],[367,5,367,6],[344,4,344,5],[345,4,345,5],[346,4,346,5],[347,4,347,5],[348,4,348,5],[349,4,349,5],[352,7,352,8],[350,4,350,5],[355,4,355,5],[356,4,356,5],[361,4,361,5],[362,4,362,5],[325,4,325,5],[326,4,326,5],[327,4,327,5],[328,4,328,5],[329,4,329,5],[330,4,330,5],[331,4,331,5],[332,4,332,5],[333,4,333,5],[420,4,420,5],[421,4,421,5],[422,4,422,5],[417,7,417,8],[424,7,424,8],[397,4,397,5],[399,7,399,8],[402,4,402,5],[403,4,403,5],[405,7,405,8],[408,4,408,5],[411,7,411,8],[389,7,389,8],[392,5,392,6],[393,4,393,5],[394,4,394,5],[395,4,395,5],[396,4,396,5],[409,4,409,5],[414,4,414,5],[415,4,415,5],[378,7,378,8],[376,4,376,5],[381,4,381,5],[382,4,382,5],[383,4,383,5],[384,4,384,5],[385,4,385,5],[386,4,386,5],[387,4,387,5],[301,4,301,5],[302,4,302,5],[304,7,304,8],[370,4,370,5],[371,4,371,5],[372,4,372,5],[373,4,373,5],[374,4,374,5],[375,4,375,5],[307,5,307,6],[308,4,308,5],[309,4,309,5],[310,4,310,5],[311,4,311,5],[312,4,312,5],[313,4,313,5],[314,4,314,5],[315,4,315,5],[317,7,317,8],[320,5,320,6],[321,4,321,5],[322,4,322,5],[323,4,323,5],[324,4,324,5],[261,7,261,8],[264,5,264,6],[265,4,265,5],[266,4,266,5],[267,4,267,5],[290,4,290,5],[295,4,295,5],[296,4,296,5],[298,7,298,8],[289,4,289,5],[292,7,292,8],[220,4,220,5],[221,4,221,5],[222,4,222,5],[223,4,223,5],[224,4,224,5],[225,4,225,5],[226,4,226,5],[227,4,227,5],[228,4,228,5],[229,4,229,5],[230,4,230,5],[231,4,231,5],[232,4,232,5],[233,4,233,5],[234,4,234,5],[235,4,235,5],[236,4,236,5],[237,4,237,5],[239,7,239,8],[242,5,242,6],[243,4,243,5],[244,4,244,5],[272,7,272,8],[275,4,275,5],[276,4,276,5],[277,4,277,5],[278,4,278,5],[280,7,280,8],[283,4,283,5],[284,4,284,5],[286,7,286,8],[212,7,212,8],[215,5,215,6],[216,4,216,5],[217,4,217,5],[218,4,218,5],[219,4,219,5],[268,4,268,5],[269,4,269,5],[270,4,270,5],[245,4,245,5],[246,4,246,5],[247,4,247,5],[248,4,248,5],[249,4,249,5],[250,4,250,5],[251,4,251,5],[252,4,252,5],[253,4,253,5],[254,4,254,5],[255,4,255,5],[256,4,256,5],[257,4,257,5],[258,4,258,5],[259,4,259,5],[186,7,186,8],[189,5,189,6],[190,4,190,5],[191,4,191,5],[192,4,192,5],[193,4,193,5],[194,4,194,5],[195,4,195,5],[210,4,210,5],[169,7,169,8],[159,4,159,5],[160,4,160,5],[161,4,161,5],[162,4,162,5],[163,4,163,5],[164,4,164,5],[165,4,165,5],[172,4,172,5],[202,4,202,5],[203,4,203,5],[204,4,204,5],[205,4,205,5],[206,4,206,5],[207,4,207,5],[208,4,208,5],[209,4,209,5],[152,4,152,5],[153,4,153,5],[154,4,154,5],[155,4,155,5],[156,4,156,5],[157,4,157,5],[158,4,158,5],[166,4,166,5],[167,4,167,5],[173,4,173,5],[174,4,174,5],[175,4,175,5],[176,4,176,5],[177,4,177,5],[178,4,178,5],[179,4,179,5],[149,4,149,5],[150,4,150,5],[151,4,151,5],[196,4,196,5],[197,4,197,5],[198,4,198,5],[199,4,199,5],[200,4,200,5],[201,4,201,5],[180,4,180,5],[181,4,181,5],[182,4,182,5],[183,4,183,5],[184,4,184,5],[136,4,136,5],[137,4,137,5],[142,5,142,6],[143,4,143,5],[144,4,144,5],[145,4,145,5],[146,4,146,5],[147,4,147,5],[148,4,148,5],[119,4,119,5],[124,4,124,5],[125,4,125,5],[126,4,126,5],[127,4,127,5],[128,4,128,5],[129,4,129,5],[134,4,134,5],[135,4,135,5],[121,7,121,8],[131,7,131,8],[139,7,139,8],[75,4,75,5],[76,4,76,5],[78,7,78,8],[81,4,81,5],[82,4,82,5],[87,4,87,5],[88,4,88,5],[93,4,93,5],[94,4,94,5],[95,4,95,5],[100,5,100,6],[101,4,101,5],[102,4,102,5],[103,4,103,5],[108,4,108,5],[109,4,109,5],[110,4,110,5],[111,4,111,5],[116,4,116,5],[117,4,117,5],[118,4,118,5],[66,7,66,8],[69,4,69,5],[70,4,70,5],[72,7,72,8],[84,7,84,8],[90,7,90,8],[97,7,97,8],[105,7,105,8],[113,7,113,8],[53,4,53,5],[54,4,54,5],[55,4,55,5],[57,7,57,8],[60,5,60,6],[61,4,61,5],[62,4,62,5],[63,4,63,5],[64,4,64,5],[38,4,38,5],[39,4,39,5],[41,7,41,8],[44,4,44,5],[45,4,45,5],[46,4,46,5],[47,4,47,5],[49,7,49,8],[52,4,52,5],[26,4,26,5],[27,4,27,5],[28,4,28,5],[29,4,29,5],[30,4,30,5],[32,7,32,8],[35,5,35,6],[36,4,36,5],[37,4,37,5],[14,4,14,5],[15,4,15,5],[16,4,16,5],[17,4,17,5],[19,7,19,8],[22,4,22,5],[23,4,23,5],[24,4,24,5],[25,4,25,5],[0,2,2,7],[3,0,3,9],[4,5,4,6],[5,4,5,5],[6,4,6,5],[7,4,7,5],[10,7,10,8],[8,4,8,5],[13,4,13,5]]}
[null,null,"OBJETO: EXECUÇÃO DE SERVIÇOS DE PERFURAÇÃO E INSTALAÇÃO DE POÇOS TUBULARES EM MUNICÍPIOS LOCALIZADOS NO DISTRITO FEDERAL, NA ÁREA DE ATUAÇÃO DA CODEVASF"]
[]
[]
["PLANILHA ANALÍTICA - POÇO TOTALMENTE REVESTIDO - DISTRITO FEDERAL"]
[1,null,null,"Serviços preliminares.",{"$nulls":5},4393.03]
["1.1","Código","Banco","Descrição.","Tipo",null,"Und","Quant.","Valor Unit","Total"]
["Composição","COMPOSIÇÃO - 1","Próprio","Administração local da obra - poço totalmente revestido.","CANT - CANTEIRO DE OBRAS",null,"un","1.00",2554.46,2554.46]
["Composição Auxiliar",12710,"SBC","Despesas gerais de manutencao canteiro de obras.","INSTALACOES PROVISORIAS",null,"mes","0.23",1805.82,415.34]
["Composição Auxiliar",100321,"SINAPI","Técnico em segurança do trabalho com encargos complementares.","SEDI - SERVIÇOS DIVERSOS",null,"mes","0.23",9300.51,2139.12]
[{"$nulls":4},"MO sem LS =>",972.16,"ls =>","1070.74","MO com LS =>",2042.9]
[{"$nulls":4},"Valor do BDI =>",672.84476400000005,null,"Valor com BDI =>",null,3227.3]
[{"$nulls":6},"quant. =>","1.00","Preço Total =>",3227.3]
[]
["1.2","Código","Banco","Descrição.","Tipo",null,"und","Quant.","Valor Unit","Total"]
["Composição","COMPOSIÇÃO - 2","Próprio","Serviço de locação geológica de campo com relatório hidro geológico e perfil construtivo e geológico esperado. relatório de viabilidade de implantação das estruturas e vistorias preliminares.","SERT - SERVIÇOS TÉCNICOS",null,"un","1.00",589.6,589.6]
["Composição Auxiliar","1945-01-30","EMBASA","Geologo senior.",3001,null,"hora","5.00",97.41,487.05]
["Insumo",5896,"ORSE","Veículo tipo sedan ou pick-up capacidade 0,6 ton h.","Equipamento",null,"h","5.00",8.33,41.65]
["Insumo",4222,"SINAPI","Gasolina comum.","Material",null,"l","10.00",6.09,60.9]
[{"$nulls":4},"MO sem LS =>",231.77,"ls =>","255.28","MO com LS =>",487.05]
[{"$nulls":4},"Valor do BDI =>",155.30063999999999,null,"Valor com BDI =>",null,744.9]
[{"$nulls":6},"quant. =>","1.00","Preço Total =>",744.9]
[]
["1.3","Código","Banco","Descrição.","Tipo",null,"und","Quant.","Valor Unit","Total"]
["Composição",103689,"SINAPI","Fornecimento e instalação de placa de obra com chapa galvanizada e estrutura de madeira. af_03/2022_ps.","PAVI - PAVIMENTAÇÃO",null,"m²","1.00",462.63,462.63]
["Composição Auxiliar",102234,"SINAPI","Pintura imunizante para madeira, 2 demãos. af_01/2021.","PINT - PINTURAS",null,"m²","0.50",23.86,11.93]
["Composição Auxiliar",88262,"SINAPI","Carpinteiro de formas com encargos complementares.","SEDI - SERVIÇOS DIVERSOS",null,"h","0.37",30.72,11.46]
["Composição Auxiliar",88316,"SINAPI","Servente com encargos complementares.","SEDI - SERVIÇOS DIVERSOS",null,"h","2024-12-01",23.4,26.18]
["Insumo",4509,"SINAPI","Sarrafo *2,5 x 10* cm em pinus, mista ou equivalente da regiao - bruta.","Material",null,"m","3.21",3.85,12.35]
["Insumo",4813,"SINAPI","Placa de obra (para construcao civil) em chapa galvanizada *n. 22*, adesivada, de *2,4 x 1,2* m (sem postes para fixacao).","Material",null,"m²","1.00",400,400]
["Insumo",5065,"SINAPI","Prego de aco polido com cabeca 10 x 10 (7/8 x 17).","Material",null,"kg","0.01",38.700000000000003,0.44]
["Insumo",5069,"SINAPI","Prego de aco polido com cabeca 17 x 27 (2 1/2 x 11).","Material",null,"kg","0.01",20.74,0.27]
[{"$nulls":4},"MO sem LS =>",14.18,"ls =>","15.63","MO com LS =>",29.81]
[{"$nulls":4},"Valor do BDI =>",121.856742,null,"Valor com BDI =>",null,584.49]
[{"$nulls":6},"quant. =>","0.72","Preço Total =>",420.83]
[]
[2,null,null,"Mobilizaçâo e desmobilizaçâo equipe campo.",{"$nulls":5},2454]
["2.1","Código","Banco","Descrição.","Tipo",null,"und","Quant.","Valor Unit","Total"]
["Composição","COMPOSIÇÃO - 3","Próprio","Transporte de comboio perfuração.","TRAN - TRANSPORTES, CARGAS E DESCARGAS",null,"km","1.00",4.63,4.63]
["Composição Auxiliar",5824,"SINAPI","Caminhão toco, pbt 16.000 kg, carga útil máx. 10.685 kg, dist. entre eixos 4,8 m, potência 189 cv, inclusive carroceria fixa aberta de madeira p/ transporte geral de carga seca, dimen. aprox. 2,5 x 7,00 x 0,50 m - chp diurno. af_06/2014.","CHOR - CUSTOS HORÁRIOS DE MÁQUINAS E EQUIPAMENTOS",null,"chp","0.02",215.53,3.59]
["Composição Auxiliar",5826,"SINAPI","Caminhão toco, pbt 16.000 kg, carga útil máx. 10.685 kg, dist. entre eixos 4,8 m, potência 189 cv, inclusive carroceria fixa aberta de madeira p/ transporte geral de carga seca, dimen. aprox. 2,5 x 7,00 x 0,50 m - chi diurno. af_06/2014.","CHOR - CUSTOS HORÁRIOS DE MÁQUINAS E EQUIPAMENTOS",null,"chi","0.02",62.4,1.04]
[{"$nulls":4},"MO sem LS =>",0.35,"ls =>","0.39","MO com LS =>",0.74]
[{"$nulls":4},"Valor do BDI =>",1.2195419999999999,null,"Valor com BDI =>",null,5.85]
[{"$nulls":6},"quant. =>","150.00","Preço Total =>",877.5]
[]
["2.2","Código","Banco","Descrição.","Tipo",null,"und","Quant.","Valor Unit","Total"]
["Composição","COMPOSIÇÃO - 4","Próprio","Transporte de comboio instalação.","TRAN - TRANSPORTES, CARGAS E DESCARGAS",null,"km","1.00",5.78,5.78]
["Composição Auxiliar",5928,"SINAPI","Guindauto hidráulico, capacidade máxima de carga 6200 kg, momento máximo de carga 11,7 tm, alcance máximo horizontal 9,70 m, inclusive caminhão toco pbt 16.000 kg, potência de 189 cv - chp diurno. af_06/2014.","CHOR - CUSTOS HORÁRIOS DE MÁQUINAS E EQUIPAMENTOS",null,"chp","0.02",274.37,4.57]
["Composição Auxiliar",5930,"SINAPI","Guindauto hidráulico, capacidade máxima de carga 6200 kg, momento máximo de carga 11,7 tm, alcance máximo horizontal 9,70 m, inclusive caminhão toco pbt 16.000 kg, potência de 189 cv - chi diurno. af_06/2014.","CHOR - CUSTOS HORÁRIOS DE MÁQUINAS E EQUIPAMENTOS",null,"chi","0.02",72.459999999999994,1.21]
[{"$nulls":4},"MO sem LS =>",0.37,"ls =>","0.41","MO com LS =>",0.78]
[{"$nulls":4},"Valor do BDI =>",1.5224519999999999,null,"Valor com BDI =>",null,7.3]
[{"$nulls":6},"quant. =>","150.00","Preço Total =>",1095]
[]
["2.3","Código","Banco","Descrição.","Tipo",null,"und","Quant.","Valor Unit","Total"]
["Composição","COMPOSIÇÃO - 5","Próprio","Transporte de equipe teste de vazão.","TRAN - TRANSPORTES, CARGAS E DESCARGAS",null,"km","1.00",2.54,2.54]
["Composição Auxiliar",73467,"SINAPI","Caminhão toco, pbt 14.300 kg, carga útil máx. 9.710 kg, dist. entre eixos 3,56 m, potência 185 cv, inclusive carroceria fixa aberta de madeira p/ transporte geral de carga seca, dimen. aprox. 2,50 x 6,50 x 0,50 m - chp diurno. af_06/2014.","CHOR - CUSTOS HORÁRIOS DE MÁQUINAS E EQUIPAMENTOS",null,"chp","0.01",246.97,2.0499999999999998]
["Composição Auxiliar",91395,"SINAPI","Caminhão toco, pbt 14.300 kg, carga útil máx. 9.710 kg, dist. entre eixos 3,56 m, potência 185 cv, inclusive carroceria fixa aberta de madeira p/ transporte geral de carga seca, dimen. aprox. 2,50 x 6,50 x 0,50 m - chi diurno. af_06/2014.","CHOR - CUSTOS HORÁRIOS DE MÁQUINAS E EQUIPAMENTOS",null,"chi","0.01",59.53,0.49]
[{"$nulls":4},"MO sem LS =>",0.17,"ls =>","0.19","MO com LS =>",0.36]
[{"$nulls":4},"Valor do BDI =>",0.66903599999999996,null,"Valor com BDI =>",null,3.21]
[{"$nulls":6},"quant. =>","150.00","Preço Total =>",481.5]
[]
[3,null,null,"Perfuração e completação de poço tubular.",{"$nulls":5},108525.81]
["3.1","Código","Banco","Descrição.","Tipo",null,"und","Quant.","Valor Unit","Total"]
["Composição","COMPOSIÇÃO - 6","Próprio","Perfuração diâmetro de ø 12 1/4\" em rocha - incluso mão de obra para instalação do revestimento e completação anelar.","SERT - SERVIÇOS TÉCNICOS",null,"m","1.00",326.51,326.51]
["Composição Auxiliar",6224,"ORSE","Perfuração em sedimento / camadas inconsolidadas dn 12.1/2\" - poço de 150 a 250m.","Conversão InfoWOrca",null,"m","1.00",318.61,318.61]
["Insumo",43366,"SINAPI","Bentonita, argila constituida por  montmorilonita.","Material",null,"kg","5.00",1.58,7.9]
[{"$nulls":4},"MO sem LS =>",0,"ls =>","0.00","MO com LS =>",0]
[{"$nulls":4},"Valor do BDI =>",86.002734000000004,null,"Valor com BDI =>",null,412.51]
[{"$nulls":6},"quant. =>","150.00","Preço Total =>",61876.5]
[]
["3.2","Código","Banco","Descrição.","Tipo",null,"und","Quant.","Valor Unit","Total"]
["Insumo",5073,"ORSE","Fornecimento de pré-filtro comum m3.","Serviços",null,"m³","1.00",1619.38,1619.38]
[{"$nulls":4},"MO sem LS =>",0,"ls =>","0.00","MO com LS =>",0]
[{"$nulls":4},"Valor do BDI =>",247.44,null,"Valor com BDI =>",null,1866.82]
[{"$nulls":6},"quant. =>","6.96","Preço Total =>",12993.07]
[]
["3.3","Código","Banco","Descrição.","Tipo",null,"und","Quant.","Valor Unit","Total"]
["Insumo",5091,"ORSE","Revestimento filtro pvc geomecânico reforçado dn 150mm.","Serviços",null,"m","1.00",221.38,221.38]
[{"$nulls":4},"MO sem LS =>",0,"ls =>","0.00","MO com LS =>",0]
[{"$nulls":4},"Valor do BDI =>",58.31,null,"Valor com BDI =>",null,279.69]
[{"$nulls":6},"quant. =>","16.00","Preço Total =>",4475.04]
[]
["3.4","Código","Banco","Descrição.","Tipo",null,"und","Quant.","Valor Unit","Total"]
["Insumo",5024,"ORSE","Centralizador em 6\".","Serviços",null,"un","1.00",267.02,267.02]
[{"$nulls":4},"MO sem LS =>",0,"ls =>","0.00","MO com LS =>",0]
[{"$nulls":4},"Valor do BDI =>",70.33,null,"Valor com BDI =>",null,337.35]
[{"$nulls":6},"quant. =>","10.00","Preço Total =>",3373.5]
[]
["3.5","Código","Banco","Descrição.","Tipo",null,"und","Quant.","Valor Unit","Total"]
["Insumo",9850,"SINAPI","Tubo pvc de revestimento geomecanico nervurado reforcado, dn = 150 mm, comprimento = 2 m.","Material",null,"m","1.00",147.75,147.75]
[{"$nulls":4},"MO sem LS =>",0,"ls =>","0.00","MO com LS =>",0]
[{"$nulls":4},"Valor do BDI =>",38.92,null,"Valor com BDI =>",null,186.67]
[{"$nulls":6},"quant. =>","134.00","Preço Total =>",25013.78]
[]
["3.6","Código","Banco","Descrição.","Tipo",null,"und","Quant.","Valor Unit","Total"]
["Composição","COMPOSIÇÃO - 7","Próprio","Serviço de lançamento cimentação anelar, incluso materiais.","SEDI - SERVIÇOS DIVERSOS",null,"m³","1.00",541.72,541.72]
["Composição Auxiliar",1903,"ORSE","Argamassa cimento e areia traço t-1 (1:3) - 1 saco cimento 50kg / 3 padiolas areia dim. 0.35 x 0.45 x 0.23 m - confecção mecânica e transporte.","Argamassas",null,"m³","1.00",541.72,541.72]
[{"$nulls":4},"MO sem LS =>",25.98,"ls =>","28.62","MO com LS =>",54.6]
[{"$nulls":4},"Valor do BDI =>",142.68904800000001,null,"Valor com BDI =>",null,684.41]
[{"$nulls":6},"quant. =>","1.16","Preço Total =>",793.92]
[]
[4,null,null,"Pós perfuração.",{"$nulls":5},12270.94]
["4.1","Código","Banco","Descrição.","Tipo",null,"und","Quant.","Valor Unit","Total"]
["Composição",6305,"ORSE","Desenvolvimento com compressor 250psi / 750cfm.","Conversão InfoWOrca",null,"h","1.00",411.16,411.16]
["Insumo",5030,"ORSE","Desenvolvimento com compressor 250psi - 750cfm h.","Serviços",null,"h","1.00",411.16,411.16]
[{"$nulls":4},"MO sem LS =>",0,"ls =>","0.00","MO com LS =>",0]
[{"$nulls":4},"Valor do BDI =>",108.299544,null,"Valor com BDI =>",null,519.46]
[{"$nulls":6},"quant. =>","2.00","Preço Total =>",1038.92]
[]
["4.2","Código","Banco","Descrição.","Tipo",null,"und","Quant.","Valor Unit","Total"]
["Composição","COMPOSIÇÃO - 8","Próprio","Inspeção ótica em poço tubular câmera com rotação de 360º, visada lateral, com fonte própria de luz, entregue vídeo em cores e marcação de profundidades.","SEES - SERVIÇOS ESPECIAIS",null,"m","1.00",9.42,9.42]
["Insumo"," H020050004 ","EMBASA","Aparelho de perfilagem optica.","Material",null,"m","1.00",4.4000000000000004,4.4000000000000004]
["Insumo"," B590000022 ","EMBASA","Tecnico medio.","Mão de Obra",null,"h","0.08",60.147199999999998,5.0199999999999996]
[{"$nulls":4},"MO sem LS =>",2.39,"ls =>","2.63","MO com LS =>",5.0199999999999996]
[{"$nulls":4},"Valor do BDI =>",2.4812280000000002,null,"Valor com BDI =>",null,11.9]
[{"$nulls":6},"quant. =>","150.00","Preço Total =>",1785]
[]
["4.3","Código","Banco","Descrição.","Tipo",null,"und","Quant.","Valor Unit","Total"]
["Composição","COMPOSIÇÃO - 9","Próprio","Serviço de coleta e análise físico-química e bacteriológica.","SEDI - SERVIÇOS DIVERSOS",null,"un","1.00",621.19000000000005,621.19000000000005]
["Composição Auxiliar",6312,"ORSE","Análise físico-química da água.","Conversão InfoWOrca",null,"un","1.00",565.21,565.21]
["Composição Auxiliar",6313,"ORSE","Análise bacteriológica da água.","Conversão InfoWOrca",null,"un","1.00",55.98,55.98]
[{"$nulls":4},"MO sem LS =>",0,"ls =>","0.00","MO com LS =>",0]
[{"$nulls":4},"Valor do BDI =>",163.62144599999999,null,"Valor com BDI =>",null,784.81]
[{"$nulls":6},"quant. =>","1.00","Preço Total =>",784.81]
[]
["4.4","Código","Banco","Descrição.","Tipo",null,"und","Quant.","Valor Unit","Total"]
["Composição","COMPOSIÇÃO - 10","Próprio","Serviço de instalação de laje sanitária com dimensões (1,5x1,5x0,3) , incluso material.","SEDI - SERVIÇOS DIVERSOS",null,"un","1.00",725,725]
["Composição Auxiliar",92522,"SINAPI","Montagem e desmontagem de fôrma de laje maciça, pé-direito simples, em chapa de madeira compensada resinada, 8 utilizações. af_09/2020.","FUES - FUNDAÇÕES E ESTRUTURAS",null,"m²","1.80",42,75.599999999999994]
["Composição Auxiliar",93358,"SINAPI","Escavação manual de vala com profundidade menor ou igual a 1,30 m. af_02/2021.","MOVT - MOVIMENTO DE TERRA",null,"m³","0.23",92.57,20.83]
["Composição Auxiliar",94975,"SINAPI","Concreto fck = 15mpa, traço 1:3,4:3,5 (em massa seca de cimento/ areia média/ brita 1) - preparo manual. af_05/2021.","FUES - FUNDAÇÕES E ESTRUTURAS",null,"m³","0.68",604.61,408.11]
["Composição Auxiliar",103670,"SINAPI","Lançamento com uso de baldes, adensamento e acabamento de concreto em estruturas. af_02/2022.","FUES - FUNDAÇÕES E ESTRUTURAS",null,"m³","0.68",326.61,220.46]
[{"$nulls":4},"MO sem LS =>",117.6,"ls =>","129.52","MO com LS =>",247.12]
[{"$nulls":4},"Valor do BDI =>",190.965,null,"Valor com BDI =>",null,915.97]
[{"$nulls":6},"quant. =>","1.00","Preço Total =>",915.97]
[]
["4.5","Código","Banco","Descrição.","Tipo",null,"und","Quant.","Valor Unit","Total"]
["Composição"," 24.80.22 ","EMBASA","Ensaio de bombeamento poço tubular incluso materiais e grupo gerador.",2480,null,"h","1.00",255.47,255.47]
["Composição Auxiliar"," 24.00.15 ","EMBASA","Equipe (3 profissionais campo) - bombeio.",2400,null,"h","1.00",190.55,190.55]
["Insumo"," H020050001 ","EMBASA","Unidade de ensaio e bombeamento - ueb1 ate 150m3 no sedimento.","Material",null,"h","1.00",64.92,64.92]
[{"$nulls":4},"MO sem LS =>",90.68,"ls =>","99.87","MO com LS =>",190.55]
[{"$nulls":4},"Valor do BDI =>",67.290797999999995,null,"Valor com BDI =>",null,322.76]
[{"$nulls":6},"quant. =>","24.00","Preço Total =>",7746.24]
[]
[5,null,null,"Reservação.",{"$nulls":5},27478.06]
["5.1","Código","Banco","Descrição.","Tipo",null,"und","Quant.","Valor Unit","Total"]
["Composição","COMPOSIÇÃO - 11","Próprio","Fornecimento e instalação de reservatório e base elevada 10 m³.","ASTU - ASSENTAMENTO DE TUBOS E PECAS",null,"un","1.00",25717.94,25717.94]
["Composição Auxiliar",92759,"SINAPI","Armação de pilar ou viga de estrutura convencional de concreto armado utilizando aço ca-60 de 5,0 mm - montagem. af_06/2022.","FUES - FUNDAÇÕES E ESTRUTURAS",null,"kg","2024-10-29",15.04,437.66]
["Composição Auxiliar",92761,"SINAPI","Armação de pilar ou viga de estrutura convencional de concreto armado utilizando aço ca-50 de 8,0 mm - montagem. af_06/2022.","FUES - FUNDAÇÕES E ESTRUTURAS",null,"kg","48.00",13.12,629.76]
["Composição Auxiliar",93358,"SINAPI","Escavação manual de vala com profundidade menor ou igual a 1,30 m. af_02/2021.","MOVT - MOVIMENTO DE TERRA",null,"m³","5.20",92.57,481.36]
["Composição Auxiliar",92763,"SINAPI","Armação de pilar ou viga de estrutura convencional de concreto armado utilizando aço ca-50 de 12,5 mm - montagem. af_06/2022.","FUES - FUNDAÇÕES E ESTRUTURAS",null,"kg","118.40",9.75,1154.4000000000001]
["Composição Auxiliar",94970,"SINAPI","Concreto fck = 20mpa, traço 1:2,7:3 (em massa seca de cimento/ areia média/ brita 1) - preparo mecânico com betoneira 600 l. af_05/2021.","FUES - FUNDAÇÕES E ESTRUTURAS",null,"m³","4.89",564.33000000000004,2759.57]
["Composição Auxiliar",103670,"SINAPI","Lançamento com uso de baldes, adensamento e acabamento de concreto em estruturas. af_02/2022.","FUES - FUNDAÇÕES E ESTRUTURAS",null,"m³","6.85",326.61,2237.2800000000002]
["Composição Auxiliar",84651,"SINAPI","Pintura com tinta impermeavel mineral em po, duas demaos.","PINT - PINTURAS",null,"m²","28.66",14.64,419.58]
["Composição Auxiliar",90776,"SINAPI","Encarregado geral com encargos complementares.","SEDI - SERVIÇOS DIVERSOS",null,"h","1.00",25.09,25.09]
["Composição Auxiliar",102482,"SINAPI","Concreto fck = 25mpa, traço 1:2,2:2,5 (em massa seca de cimento/ areia média/ seixo rolado) - preparo mecânico com betoneira 600 l. af_05/2021.","FUES - FUNDAÇÕES E ESTRUTURAS",null,"m³","1.96",864.61,1694.64]
["Composição Auxiliar",92263,"SINAPI","Fabricação de fôrma para pilares e estruturas similares, em chapa de madeira compensada resinada, e = 17 mm. af_09/2020.","FUES - FUNDAÇÕES E ESTRUTURAS",null,"m²","2024-10-18",145.13,2626.85]
["Composição Auxiliar",89272,"SINAPI","Guindaste hidráulico autopropelido, com lança telescópica 28,80 m, capacidade máxima 30 t, potência 97 kw, tração 4 x 4 - chp diurno. af_11/2014.","CHOR - CUSTOS HORÁRIOS DE MÁQUINAS E EQUIPAMENTOS",null,"chp","13.00",216.47,2814.11]
["Composição Auxiliar",5824,"SINAPI","Caminhão toco, pbt 16.000 kg, carga útil máx. 10.685 kg, dist. entre eixos 4,8 m, potência 189 cv, inclusive carroceria fixa aberta de madeira p/ transporte geral de carga seca, dimen. aprox. 2,5 x 7,00 x 0,50 m - chp diurno. af_06/2014.","CHOR - CUSTOS HORÁRIOS DE MÁQUINAS E EQUIPAMENTOS",null,"chp","24.00",215.53,5172.72]
["Composição Auxiliar",88267,"SINAPI","Encanador ou bombeiro hidráulico com encargos complementares.","SEDI - SERVIÇOS DIVERSOS",null,"h","4.00",30.33,121.32]
["Composição Auxiliar",88248,"SINAPI","Auxiliar de encanador ou bombeiro hidráulico com encargos complementares.","SEDI - SERVIÇOS DIVERSOS",null,"h","4.00",23.64,94.56]
["Insumo",11677,"SINAPI","Registro de esfera, pvc, com volante, vs, soldavel, dn 50 mm, com corpo dividido.","Material",null,"un","1.00",66.05,66.05]
["Insumo",3146,"SINAPI","Fita veda rosca em rolos de 18 mm x 10 m (l x c).","Material",null,"un","0.18",3.9,0.7]
["Insumo",37106,"SINAPI","Caixa d'agua / reservatorio em poliester reforcado com fibra de vidro, 10000 litros, com tampa.","Material",null,"un","1.00",4653.6899999999996,4653.6899999999996]
["Insumo",9875,"SINAPI","Tubo pvc, soldavel, de 50 mm, agua fria (nbr-5648).","Material",null,"m","15.20",14.68,223.14]
["Insumo",113,"SINAPI","Adaptador pvc soldavel curto com bolsa e rosca, 60 mm x 2\", para agua fria.","Material",null,"un","1.00",10.62,10.62]
["Insumo",3871,"SINAPI","Luva soldavel com rosca, pvc, 50 mm x 1 1/2\", para agua fria predial.","Material",null,"un","1.00",17.38,17.38]
["Insumo",3540,"SINAPI","Joelho pvc, soldavel, 90 graus, 50 mm, cor marrom, para agua fria predial.","Material",null,"un","5.00",4.75,23.75]
["Insumo",99,"SINAPI","Adaptador pvc soldavel, com flange e anel de vedacao, 50 mm x 1 1/2\", para caixa d'agua.","Material",null,"un","2.00",24.94,49.88]
["Insumo",119,"SINAPI","Adesivo plastico para pvc, bisnaga com 75 gr.","Material",null,"un","0.45",8.51,3.83]
[{"$nulls":4},"MO sem LS =>",2049.65,"ls =>","2257.63","MO com LS =>",4307.28]
[{"$nulls":4},"Valor do BDI =>",6774.1053959999999,null,"Valor com BDI =>",null,32492.05]
[{"$nulls":6},"quant. =>","0.80","Preço Total =>",25993.64]
[]
["5.2","Código","Banco","Descrição.","Tipo",null,"und","Quant.","Valor Unit","Total"]
["Composição","COMPOSIÇÃO - 12","Próprio","Fornecimento e execução de reservatório apoiado de 5 m³.","SEDI - SERVIÇOS DIVERSOS",null,"un","1.00",5874.7,5874.7]
["Composição Auxiliar",5928,"SINAPI","Guindauto hidráulico, capacidade máxima de carga 6200 kg, momento máximo de carga 11,7 tm, alcance máximo horizontal 9,70 m, inclusive caminhão toco pbt 16.000 kg, potência de 189 cv - chp diurno. af_06/2014.","CHOR - CUSTOS HORÁRIOS DE MÁQUINAS E EQUIPAMENTOS",null,"chp","4.00",274.37,1097.48]
["Composição Auxiliar",88309,"SINAPI","Pedreiro com encargos complementares.","SEDI - SERVIÇOS DIVERSOS",null,"h","3.00",31.1,93.3]
["Composição Auxiliar",88316,"SINAPI","Servente com encargos complementares.","SEDI - SERVIÇOS DIVERSOS",null,"h","3.00",23.4,70.2]
["Composição Auxiliar",88262,"SINAPI","Carpinteiro de formas com encargos complementares.","SEDI - SERVIÇOS DIVERSOS",null,"h","3.00",30.72,92.16]
["Composição Auxiliar",102617,"SINAPI","Caixa d´água em poliéster reforçado com fibra de vidro, 5000 litros - fornecimento e instalação. af_06/2021.","INHI - INSTALAÇÕES HIDROS SANITÁRIAS",null,"un","1.00",3256.92,3256.92]
["Composição Auxiliar",92783,"SINAPI","Armação de laje de uma estrutura convencional de concreto armado em uma edificação térrea ou sobrado utilizando aço ca-60 de 4,2 mm - montagem. af_12/2015.","FUES - FUNDAÇÕES E ESTRUTURAS",null,"kg","3.20",19.510000000000002,62.43]
["Composição Auxiliar",92759,"SINAPI","Armação de pilar ou viga de estrutura convencional de concreto armado utilizando aço ca-60 de 5,0 mm - montagem. af_06/2022.","FUES - FUNDAÇÕES E ESTRUTURAS",null,"kg","5.60",15.04,84.22]
["Composição Auxiliar",94964,"SINAPI","Concreto fck = 20mpa, traço 1:2,7:3 (em massa seca de cimento/ areia média/ brita 1) - preparo mecânico com betoneira 400 l. af_05/2021.","FUES - FUNDAÇÕES E ESTRUTURAS",null,"m³","1.56",578.79999999999995,902.93]
["Composição Auxiliar",84651,"SINAPI","Pintura com tinta impermeavel mineral em po, duas demaos.","PINT - PINTURAS",null,"m²","2.70",14.64,39.53]
["Composição Auxiliar",92783,"SINAPI","Armação de laje de uma estrutura convencional de concreto armado em uma edificação térrea ou sobrado utilizando aço ca-60 de 4,2 mm - montagem. af_12/2015.","FUES - FUNDAÇÕES E ESTRUTURAS",null,"kg","3.20",19.510000000000002,62.43]
["Insumo",7155,"SINAPI","Tela de aco soldada nervurada, ca-60, q-138, (2,20 kg/m2), diametro do fio = 4,2 mm, largura = 2,45 m, espacamento da malha = 10  x 10 cm.","Material",null,"m²","6.16",18.36,113.1]
[{"$nulls":4},"MO sem LS =>",272.33999999999997,"ls =>","299.97","MO com LS =>",572.30999999999995]
[{"$nulls":4},"Valor do BDI =>",1547.39598,null,"Valor com BDI =>",null,7422.1]
[{"$nulls":6},"quant. =>","0.20","Preço Total =>",1484.42]
[]
[6,null,null,"Bebedouro.",{"$nulls":5},2019.3]
["6.1","Código","Banco","Descrição.","Tipo",null,"und","Quant.","Valor Unit","Total"]
["Composição","COMPOSIÇÃO - 13","Próprio","Serviço de execução do bebedouro em concreto armado, incluso materiais.","SEDI - SERVIÇOS DIVERSOS",null,"un","1.00",1598.31,1598.31]
["Composição Auxiliar",5928,"SINAPI","Guindauto hidráulico, capacidade máxima de carga 6200 kg, momento máximo de carga 11,7 tm, alcance máximo horizontal 9,70 m, inclusive caminhão toco pbt 16.000 kg, potência de 189 cv - chp diurno. af_06/2014.","CHOR - CUSTOS HORÁRIOS DE MÁQUINAS E EQUIPAMENTOS",null,"chp","2.00",274.37,548.74]
["Composição Auxiliar",87445,"SINAPI","Betoneira capacidade nominal 400 l, capacidade de mistura 310 l, motor a diesel potência 5,0 hp, sem carregador - chp diurno. af_05/2023.","CHOR - CUSTOS HORÁRIOS DE MÁQUINAS E EQUIPAMENTOS",null,"chp","0.50",5.27,2.64]
["Composição Auxiliar",88377,"SINAPI","Operador de betoneira estacionária/misturador com encargos complementares.","SEDI - SERVIÇOS DIVERSOS",null,"h","0.50",25.72,12.86]
["Composição Auxiliar",88310,"SINAPI","Pintor com encargos complementares.","SEDI - SERVIÇOS DIVERSOS",null,"h","0.30",32.58,9.77]
["Composição Auxiliar",100301,"SINAPI","Ajudante de pintor com encargos complementares.","SEDI - SERVIÇOS DIVERSOS",null,"h","0.10",25.91,2.59]
["Composição Auxiliar",88245,"SINAPI","Armador com encargos complementares.","SEDI - SERVIÇOS DIVERSOS",null,"h","3.00",30.86,92.58]
["Composição Auxiliar",88262,"SINAPI","Carpinteiro de formas com encargos complementares.","SEDI - SERVIÇOS DIVERSOS",null,"h","2.00",30.72,61.44]
["Composição Auxiliar",88316,"SINAPI","Servente com encargos complementares.","SEDI - SERVIÇOS DIVERSOS",null,"h","5.00",23.4,117]
["Composição Auxiliar",88309,"SINAPI","Pedreiro com encargos complementares.","SEDI - SERVIÇOS DIVERSOS",null,"h","4.00",31.1,124.4]
["Insumo",43055,"SINAPI","Aco ca-50, 12,5 mm ou 16,0 mm, vergalhao.","Material",null,"kg","12.00",7.37,88.44]
["Insumo",43059,"SINAPI","Aco ca-60, 4,2 mm, ou 5,0 mm, ou 6,0 mm, ou 7,0 mm, vergalhao.","Material",null,"kg","13.00",8.0500000000000007,104.65]
["Insumo",32,"SINAPI","Aco ca-50, 6,3 mm, vergalhao.","Material",null,"kg","6.00",8.9700000000000006,53.82]
["Insumo",370,"SINAPI","Areia media - posto jazida/fornecedor (retirado na jazida, sem transporte).","Material",null,"m³","0.32",195,62.4]
["Insumo",1379,"SINAPI","Cimento portland composto cp ii-32.","Material",null,"kg","127.00",0.66,83.82]
["Insumo",4718,"SINAPI","Pedra britada n. 2 (19 a 38 mm) posto pedreira/fornecedor, sem frete.","Material",null,"m³","0.08",198.43,15.87]
["Insumo",4721,"SINAPI","Pedra britada n. 1 (9,5 a 19 mm) posto pedreira/fornecedor, sem frete.","Material",null,"m³","0.23",197.39,45.4]
["Insumo",3767,"SINAPI","Lixa em folha para parede ou madeira, numero 120, cor vermelha.","Material",null,"un","0.12",1.35,0.16]
["Insumo",7356,"SINAPI","Tinta latex acrilica premium, cor branco fosco.","Material",null,"l","0.18",32.22,5.8]
["Insumo",43681,"SINAPI","Chapa/painel de madeira compensada resinada (madeirite resinado rosa) para forma de concreto, de 2200 x 1100 mm, e = 8 a 12 mm.","Material",null,"m²","7.30",22.73,165.93]
[{"$nulls":4},"MO sem LS =>",160.96,"ls =>","177.28","MO com LS =>",338.24]
[{"$nulls":4},"Valor do BDI =>",420.99485399999998,null,"Valor com BDI =>",null,2019.3]
[{"$nulls":6},"quant. =>","1.00","Preço Total =>",2019.3]
[]
[7,null,null,"Chafariz.",{"$nulls":5},1356.34]
["7.1","Código","Banco","Descrição.","Tipo",null,"und","Quant.","Valor Unit","Total"]
["Composição","COMPOSIÇÃO - 14","Próprio","Fornecimento de material e instalação do chafariz.","ASTU - ASSENTAMENTO DE TUBOS E PECAS",null,"un","1.00",1073.56,1073.56]
["Composição Auxiliar",88267,"SINAPI","Encanador ou bombeiro hidráulico com encargos complementares.","SEDI - SERVIÇOS DIVERSOS",null,"h","2.00",30.33,60.66]
["Composição Auxiliar",88248,"SINAPI","Auxiliar de encanador ou bombeiro hidráulico com encargos complementares.","SEDI - SERVIÇOS DIVERSOS",null,"h","2.00",23.64,47.28]
["Composição Auxiliar",93358,"SINAPI","Escavação manual de vala com profundidade menor ou igual a 1,30 m. af_02/2021.","MOVT - MOVIMENTO DE TERRA",null,"m³","0.09",92.57,8.7899999999999991]
["Composição Auxiliar",92270,"SINAPI","Fabricação de fôrma para vigas, com madeira serrada, e = 25 mm. af_09/2020.","FUES - FUNDAÇÕES E ESTRUTURAS",null,"m²","0.63",173.66,109.06]
["Composição Auxiliar",94975,"SINAPI","Concreto fck = 15mpa, traço 1:3,4:3,5 (em massa seca de cimento/ areia média/ brita 1) - preparo manual. af_05/2021.","FUES - FUNDAÇÕES E ESTRUTURAS",null,"m³","0.16",604.61,94.92]
["Composição Auxiliar",2171,"ORSE","Piso cimentado liso traço 1:5, e = 3 cm, c/ junta plástica 3 x 27 mm.","Pisos : Cimentados, em Concreto Simples, tipo Tech-Stone e de Alta Resistência",null,"m²","0.79",52.58,41.28]
["Composição Auxiliar",87904,"SINAPI","Chapisco aplicado em alvenaria (com presença de vãos) e estruturas de concreto de fachada, com colher de pedreiro.  argamassa traço 1:3 com preparo manual. af_10/2022.","REVE - REVESTIMENTO E TRATAMENTO DE SUPERFÍCIES",null,"m²","0.31",9.3800000000000008,2.95]
["Composição Auxiliar",87529,"SINAPI","Massa única, em argamassa traço 1:2:8, preparo mecânico, aplicada manualmente em paredes internas de ambientes com área entre 5m² e 10m², e = 17,5mm, com taliscas. af_03/2024.","REVE - REVESTIMENTO E TRATAMENTO DE SUPERFÍCIES",null,"m²","0.31",42.58,13.37]
["Composição Auxiliar",84651,"SINAPI","Pintura com tinta impermeavel mineral em po, duas demaos.","PINT - PINTURAS",null,"m²","0.31",14.64,4.5999999999999996]
["Insumo",765,"SINAPI","Bucha de reducao de ferro galvanizado, com rosca bsp, de 1\" x 3/4\".","Material",null,"un","2.00",11.17,22.34]
["Insumo",9887,"SINAPI","Uniao de ferro galvanizado, com rosca bsp, com assento plano, de 2\".","Material",null,"un","2.00",113.7,227.4]
["Insumo",21013,"SINAPI","Tubo aco galvanizado com costura, classe leve, dn 50 mm ( 2\"),  e = 3,00 mm,  *4,40* kg/m (nbr 5580).","Material",null,"m","1.80",67.989999999999995,122.38]
["Insumo",6298,"SINAPI","Te de ferro galvanizado, de 2\".","Material",null,"un","1.00",74.06,74.06]
["Insumo",3471,"SINAPI","Cotovelo 90 graus de ferro galvanizado, com rosca bsp, de 2\".","Material",null,"un","1.00",55.7,55.7]
["Insumo",113,"SINAPI","Adaptador pvc soldavel curto com bolsa e rosca, 60 mm x 2\", para agua fria.","Material",null,"un","1.00",10.62,10.62]
["Insumo",818,"SINAPI","Bucha de reducao de pvc, soldavel, curta, com 60 x 50 mm, para agua fria predial.","Material",null,"un","1.00",6.48,6.48]
["Insumo",7604,"SINAPI","Torneira metalica cromada para tanque / jardim, sem bico , cano longo, de parede, padrao popular / uso geral, 1/2 \" ou 3/4 \" (ref 1126).","Material",null,"un","2.00",48.62,97.24]
["Insumo",119,"SINAPI","Adesivo plastico para pvc, bisnaga com 75 gr.","Material",null,"un","1.00",8.51,8.51]
["Insumo",3146,"SINAPI","Fita veda rosca em rolos de 18 mm x 10 m (l x c).","Material",null,"un","1.00",3.9,3.9]
["Insumo",771,"SINAPI","Bucha de reducao de ferro galvanizado, com rosca bsp, de 2\" x 1\".","Material",null,"un","2.00",31.01,62.02]
[{"$nulls":4},"MO sem LS =>",68.38,"ls =>","75.31","MO com LS =>",143.69]
[{"$nulls":4},"Valor do BDI =>",282.77570400000002,null,"Valor com BDI =>",null,1356.34]
[{"$nulls":6},"quant. =>","1.00","Preço Total =>",1356.34]
[]
[8,null,null,"Cavalete.",{"$nulls":5},1970.15]
["8.1","Código","Banco","Descrição.","Tipo",null,"und","Quant.","Valor Unit","Total"]
["Composição","COMPOSIÇÃO - 15","Próprio","Fornecimento de conexões e instalação do cavalete com hidrômetro e clorador de pastilhas.","INHI - INSTALAÇÕES HIDROS SANITÁRIAS",null,"un","1.00",1559.4,1559.4]
["Composição Auxiliar",88248,"SINAPI","Auxiliar de encanador ou bombeiro hidráulico com encargos complementares.","SEDI - SERVIÇOS DIVERSOS",null,"h","3.00",23.64,70.92]
["Insumo",791,"SINAPI","Bucha de reducao de ferro galvanizado, com rosca bsp, de 1 1/2\" x 1\".","Material",null,"un","1.00",23.11,23.11]
["Insumo",9862,"SINAPI","Tubo pvc, roscavel, 1 1/2\",  agua fria predial.","Material",null,"m","1.50",29.8,44.7]
["Insumo",11831,"SINAPI","Torneira plastica para tanque 1/2 \" ou 3/4 \" com bico para mangueira.","Material",null,"un","1.00",17.12,17.12]
["Insumo",2121,"SBC","Te de reducao ferro galvanizado 1.1/2\" x 1\".","Material",null,"un","1.00",57.49,57.49]
["Insumo",9569,"ORSE","Adaptador pvc bsxrm d= 35mm x 1 1/2\", linha irriga-lf, tigre ou similar un.","Material",null,"un","1.00",3.04,3.04]
["Insumo",3939,"SINAPI","Luva de ferro galvanizado, com rosca bsp, de 1 1/2\".","Material",null,"un","1.00",25.6,25.6]
["Insumo",1798,"SINAPI","Curva 90 graus de ferro galvanizado, com rosca bsp macho, de 2\".","Material",null,"un","1.00",142.72,142.72]
["Insumo",9887,"SINAPI","Uniao de ferro galvanizado, com rosca bsp, com assento plano, de 2\".","Material",null,"un","2.00",113.7,227.4]
["Insumo"," 00004181/SINAPI ","ORSE","Niple de ferro galvanizado, com rosca bsp, de 2\".","Material",null,"un","2.00",39.24,78.48]
["Insumo",6028,"SINAPI","Registro gaveta bruto em latao forjado, bitola 2 \" (ref 1509).","Material",null,"un","1.00",154.21,154.21]
["Insumo",12775,"SINAPI","Hidrometro multijato / medidor de agua, dn 1\", vazao maxima de 7 m3/h, para agua potavel fria, relojoaria plana, classe b, horizontal (sem conexoes).","Material",null,"un","1.00",350.65,350.65]
["Insumo",771,"SINAPI","Bucha de reducao de ferro galvanizado, com rosca bsp, de 2\" x 1\".","Material",null,"un","1.00",31.01,31.01]
["Insumo",6305,"SINAPI","Te de reducao de ferro galvanizado, com rosca bsp, de 2\" x 1\".","Material",null,"un","1.00",81.98,81.98]
["Insumo",12464,"ORSE","Clorador dosador de cloro de pastilhas automático.","Material",null,"un","1.00",250.97,250.97]
[{"$nulls":4},"MO sem LS =>",22.26,"ls =>","24.51","MO com LS =>",46.77]
[{"$nulls":4},"Valor do BDI =>",410.74596000000003,null,"Valor com BDI =>",null,1970.15]
[{"$nulls":6},"quant. =>","1.00","Preço Total =>",1970.15]
[]
[9,null,null,"Instalações hidráulicas poço e adutora.",{"$nulls":5},21343.69]
["9.1","Código","Banco","Descrição.","Tipo",null,"und","Quant.","Valor Unit","Total"]
["Composição","COMPOSIÇÃO - 16","Próprio","Fornecimento e instalação da rede adutora poço-reservatório-bebedouro em pn80 e dn50mm.","SEDI - SERVIÇOS DIVERSOS",null,"m","1.00",28.99,28.99]
["Composição Auxiliar",88316,"SINAPI","Servente com encargos complementares.","SEDI - SERVIÇOS DIVERSOS",null,"h","0.05",23.4,1.17]
["Composição Auxiliar",93358,"SINAPI","Escavação manual de vala com profundidade menor ou igual a 1,30 m. af_02/2021.","MOVT - MOVIMENTO DE TERRA",null,"m³","0.05",92.57,4.63]
["Insumo",9875,"SINAPI","Tubo pvc, soldavel, de 50 mm, agua fria (nbr-5648).","Material",null,"m","1.00",14.68,14.68]
["Insumo",119,"SINAPI","Adesivo plastico para pvc, bisnaga com 75 gr.","Material",null,"un","1.00",8.51,8.51]
[{"$nulls":4},"MO sem LS =>",1.74,"ls =>","1.92","MO com LS =>",3.66]
[{"$nulls":4},"Valor do BDI =>",7.6359659999999998,null,"Valor com BDI =>",null,36.630000000000003]
[{"$nulls":6},"quant. =>","400.00","Preço Total =>",14652]
[]
["9.2","Código","Banco","Descrição.","Tipo",null,"und","Quant.","Valor Unit","Total"]
["Composição","COMPOSIÇÃO - 17","Próprio","Montagem hidráulica do equipamento de bombeamento.","INHI - INSTALAÇÕES HIDROS SANITÁRIAS",null,"un","1.00",161.91,161.91]
["Composição Auxiliar",88267,"SINAPI","Encanador ou bombeiro hidráulico com encargos complementares.","SEDI - SERVIÇOS DIVERSOS",null,"h","3.00",30.33,90.99]
["Composição Auxiliar",88248,"SINAPI","Auxiliar de encanador ou bombeiro hidráulico com encargos complementares.","SEDI - SERVIÇOS DIVERSOS",null,"h","3.00",23.64,70.92]
[{"$nulls":4},"MO sem LS =>",54.06,"ls =>","59.55","MO com LS =>",113.61]
[{"$nulls":4},"Valor do BDI =>",42.647094000000003,null,"Valor com BDI =>",null,204.56]
[{"$nulls":6},"quant. =>","1.00","Preço Total =>",204.56]
[]
["9.3","Código","Banco","Descrição.","Tipo",null,"und","Quant.","Valor Unit","Total"]
["Insumo",38200,"SINAPI","Corda de poliamida 12 mm tipo bombeiro, para trabalho em altura.","Material",null,"100m","1.00",662.01,662.01]
[{"$nulls":4},"MO sem LS =>",0,"ls =>","0.00","MO com LS =>",0]
[{"$nulls":4},"Valor do BDI =>",101.16,null,"Valor com BDI =>",null,763.17]
[{"$nulls":6},"quant. =>","0.93","Preço Total =>",709.75]
[]
["9.4","Código","Banco","Descrição.","Tipo",null,"und","Quant.","Valor Unit","Total"]
["Insumo",9860,"SINAPI","Tubo pvc, roscavel,  2\", para agua fria predial.","Material",null,"m","1.00",42.65,42.65]
[{"$nulls":4},"MO sem LS =>",0,"ls =>","0.00","MO com LS =>",0]
[{"$nulls":4},"Valor do BDI =>",11.23,null,"Valor com BDI =>",null,53.88]
[{"$nulls":6},"quant. =>","90.00","Preço Total =>",4849.2]
[]
["9.5","Código","Banco","Descrição.","Tipo",null,"und","Quant.","Valor Unit","Total"]
["Insumo",3912,"SINAPI","Luva de ferro galvanizado, com rosca bsp, de 2\".","Material",null,"un","1.00",39.21,39.21]
[{"$nulls":4},"MO sem LS =>",0,"ls =>","0.00","MO com LS =>",0]
[{"$nulls":4},"Valor do BDI =>",10.33,null,"Valor com BDI =>",null,49.54]
[{"$nulls":6},"quant. =>","16.00","Preço Total =>",792.64]
[]
["9.6","Código","Banco","Descrição.","Tipo",null,"und","Quant.","Valor Unit","Total"]
["Insumo",5128,"ORSE","Tampa de poço galvanizada em 6\" un.","Serviços",null,"un","1.00",107.28,107.28]
[{"$nulls":4},"MO sem LS =>",0,"ls =>","0.00","MO com LS =>",0]
[{"$nulls":4},"Valor do BDI =>",28.26,null,"Valor com BDI =>",null,135.54]
[{"$nulls":6},"quant. =>","1.00","Preço Total =>",135.54]
[]
[10,null,null,"Estrutura de fixação para módulos fotovoltáicos.",{"$nulls":5},5497.76]
["10.1","Código","Banco","Descrição.","Tipo",null,"und","Quant.","Valor Unit","Total"]
["Composição","COMPOSIÇÃO - 18","Próprio","Serviço de fixação de estruturas para os módulos fotovoltaicos e suportes de concreto, incluso materiais.","SEDI - SERVIÇOS DIVERSOS",null,"m²","1.00",271.97000000000003,271.97000000000003]
["Composição Auxiliar",94975,"SINAPI","Concreto fck = 15mpa, traço 1:3,4:3,5 (em massa seca de cimento/ areia média/ brita 1) - preparo manual. af_05/2021.","FUES - FUNDAÇÕES E ESTRUTURAS",null,"m³","0.09",604.61,57.14]
["Composição Auxiliar",93358,"SINAPI","Escavação manual de vala com profundidade menor ou igual a 1,30 m. af_02/2021.","MOVT - MOVIMENTO DE TERRA",null,"m³","0.06",92.57,5.79]
["Composição Auxiliar",96534,"SINAPI","Fabricação, montagem e desmontagem de fôrma para bloco de coroamento, em madeira serrada, e=25 mm, 4 utilizações. af_06/2017.","FUES - FUNDAÇÕES E ESTRUTURAS",null,"m²","0.03",79.849999999999994,2.56]
["Composição Auxiliar",88316,"SINAPI","Servente com encargos complementares.","SEDI - SERVIÇOS DIVERSOS",null,"h","2.64",23.4,61.71]
["Composição Auxiliar",88278,"SINAPI","Montador de estrutura metálica com encargos complementares.","SEDI - SERVIÇOS DIVERSOS",null,"h","2.64",25.36,66.87]
["Insumo",15690,"SBC","Estrutura metalica tesoura c/coluna 20/35m(24,72kg/m2).","Material",null,"m²","1.00",77.900000000000006,77.900000000000006]
[{"$nulls":4},"MO sem LS =>",47.36,"ls =>","52.16","MO com LS =>",99.52]
[{"$nulls":4},"Valor do BDI =>",71.636898000000002,null,"Valor com BDI =>",null,343.61]
[{"$nulls":6},"quant. =>","16.00","Preço Total =>",5497.76]
[]
[11,null,null,"Instalações elétricas.",{"$nulls":5},21278.59]
["11.1","Código","Banco","Descrição.","Tipo",null,"und","Quant.","Valor Unit","Total"]
["Composição","COMPOSIÇÃO - 19","Próprio","Montagem e instalação elétrica do kit de bombeamento e sistema fotovoltaico inclusive sistema de aterramento.","INEL - INSTALAÇÃO ELÉTRICA/ELETRIFICAÇÃO E ILUMINAÇÃO EXTERNA",null,"un","1.00",1206.6300000000001,1206.6300000000001]
["Composição Auxiliar",88247,"SINAPI","Auxiliar de eletricista com encargos complementares.","SEDI - SERVIÇOS DIVERSOS",null,"h","8.00",24.66,197.28]
["Insumo",20111,"SINAPI","Fita isolante adesiva antichama, uso ate 750 v, em rolo de 19 mm x 20 m.","Material",null,"un","1.00",12.5,12.5]
["Insumo",2674,"SINAPI","Fornecimento de  eletroduto de pvc rigido roscavel de 3/4 \", sem luva.","Material",null,"m","15.00",6,90]
["Insumo",12034,"SINAPI","Fornecimento de  curva 180 graus, de pvc rigido roscavel, de 3/4\", para eletroduto.","Material",null,"un","1.00",5.04,5.04]
["Insumo",39272,"SINAPI","Fornecimento de  curva 90 graus, curta, de pvc rigido roscavel, de 3/4\", para eletroduto.","Material",null,"un","2.00",2.75,5.5]
["Insumo",3379,"SINAPI","Haste de aterramento em aco com 3,00 m de comprimento e dn = 5/8\", revestida com baixa camada de cobre, sem conector.","Material",null,"un","0.66",59.35,39.17]
["Insumo",1891,"SINAPI","Fornecimento de  luva em pvc rigido roscavel, de 3/4\", para eletroduto.","Material",null,"un","9.00",1.27,11.43]
["Insumo",425,"SINAPI","Grampo metalico tipo olhal para haste de aterramento de 5/8'', condutor de *10* a 50 mm2.","Material",null,"un","2.00",5.63,11.26]
["Insumo",34643,"SINAPI","Fornecimento de  caixa de inspecao para aterramento e para raios, em polipropileno,  diametro = 300 mm x altura = 400 mm.","Material",null,"un","2.00",55.41,110.82]
["Insumo",867,"SINAPI","Cabo de cobre nu 50 mm2 meio-duro.","Material",null,"m","7.50",66.790000000000006,500.93]
["Insumo",54581,"SIURB INFRA","Dps - dispositivo de proteção contra surtos – 45ka – 500 volts - corrente contínua - classe ii - p/ sistema fotovoltáico.","Material",null,"un","1.00",222.7,222.7]
[{"$nulls":4},"MO sem LS =>",60.65,"ls =>","66.79","MO com LS =>",127.44]
[{"$nulls":4},"Valor do BDI =>",317.82634200000001,null,"Valor com BDI =>",null,1524.46]
[{"$nulls":6},"quant. =>","1.00","Preço Total =>",1524.46]
[]
["11.2","Código","Banco","Descrição.","Tipo",null,"und","Quant.","Valor Unit","Total"]
["Insumo",34622,"SINAPI","Fornecimento de  cabo flexivel pvc 750 v, 3 condutores de 6,0 mm2.","Material",null,"m","1.00",26.26,26.26]
[{"$nulls":4},"MO sem LS =>",0,"ls =>","0.00","MO com LS =>",0]
[{"$nulls":4},"Valor do BDI =>",4.01,null,"Valor com BDI =>",null,30.27]
[{"$nulls":6},"quant. =>","105.00","Preço Total =>",3178.35]
[]
["11.3","Código","Banco","Descrição.","Tipo",null,"und","Quant.","Valor Unit","Total"]
["Composição","COMPOSIÇÃO - 20","Próprio","Fornecimento e instalação de automático de bóia superior e inferior.","ASTU - ASSENTAMENTO DE TUBOS E PECAS",null,"un","1.00",70.290000000000006,70.290000000000006]
["Composição Auxiliar",88264,"SINAPI","Eletricista com encargos complementares.","SEDI - SERVIÇOS DIVERSOS",null,"h","0.20",31.5,6.3]
["Composição Auxiliar",88247,"SINAPI","Auxiliar de eletricista com encargos complementares.","SEDI - SERVIÇOS DIVERSOS",null,"h","0.20",24.66,4.93]
["Insumo",7588,"SINAPI","Automatico de boia superior / inferior, *15* a / 250 v.","Material",null,"un","1.00",58,58]
["Insumo",21127,"SINAPI","Fita isolante adesiva antichama, uso ate 750 v, em rolo de 19 mm x 5 m.","Material",null,"un","0.10",4.72,0.47]
["Insumo",3146,"SINAPI","Fita veda rosca em rolos de 18 mm x 10 m (l x c).","Material",null,"un","0.15",3.9,0.59]
[{"$nulls":4},"MO sem LS =>",3.68,"ls =>","2024-06-04","MO com LS =>",7.74]
[{"$nulls":4},"Valor do BDI =>",18.514385999999998,null,"Valor com BDI =>",null,88.8]
[{"$nulls":6},"quant. =>","1.00","Preço Total =>",88.8]
[]
["11.4","Código","Banco","Descrição.","Tipo",null,"und","Quant.","Valor Unit","Total"]
["Insumo",39257,"SINAPI","Cabo multipolar de cobre, flexivel, classe 4 ou 5, isolacao em hepr, cobertura em pvc-st2, antichama bwf-b, 0,6/1 kv, 3 condutores de 1,5 mm2.","Material",null,"m","1.00",7.14,7.14]
[{"$nulls":4},"MO sem LS =>",0,"ls =>","0.00","MO com LS =>",0]
[{"$nulls":4},"Valor do BDI =>",1.88,null,"Valor com BDI =>",null,9.02]
[{"$nulls":6},"quant. =>","200.00","Preço Total =>",1804]
[]
["11.5","Código","Banco","Descrição.","Tipo",null,"und","Quant.","Valor Unit","Total"]
["Insumo","COTAÇÃO-001","Próprio","Fornecimento de kit de bombeamento fotovoltaico, incluindo uma bomba cc de 2200w com controladora de carga externa,  caixa de proteção metálica, módulos fotovoltaicos compatíveis com a geração de 3300wp além de componentes elétricos necessários para interligação dos painéis, como cabos, conectores mc4 e presilhas de fixação.","Serviços",null,"un","1.00",11621.8,11621.8]
[{"$nulls":4},"MO sem LS =>",0,"ls =>","0.00","MO com LS =>",0]
[{"$nulls":4},"Valor do BDI =>",3061.18,null,"Valor com BDI =>",null,14682.98]
[{"$nulls":6},"quant. =>","1.00","Preço Total =>",14682.98]
[]
[12,null,null,"Urbanização.",{"$nulls":5},3928.76]
["12.1","Código","Banco","Descrição.","Tipo",null,"und","Quant.","Valor Unit","Total"]
["Composição","COMPOSIÇÃO - 21","Próprio","Cerca com mourões de concreto de 15x15cm, espaçados de 3m e cravados a 0,5m, escoras de 10x10cm nos cantos, e 9 fios de arame de aço ovalado 15x17.","SEDI - SERVIÇOS DIVERSOS",null,"m","1.00",81.66,81.66]
["Composição Auxiliar",88309,"SINAPI","Pedreiro com encargos complementares.","SEDI - SERVIÇOS DIVERSOS",null,"h","0.34",31.1,10.42]
["Composição Auxiliar",88316,"SINAPI","Servente com encargos complementares.","SEDI - SERVIÇOS DIVERSOS",null,"h","0.67",23.4,15.7]
["Composição Auxiliar",94975,"SINAPI","Concreto fck = 15mpa, traço 1:3,4:3,5 (em massa seca de cimento/ areia média/ brita 1) - preparo manual. af_05/2021.","FUES - FUNDAÇÕES E ESTRUTURAS",null,"m³","0.03",604.61,17.41]
["Insumo",43130,"SINAPI","Arame galvanizado 12 bwg, d = 2,76 mm (0,048 kg/m) ou 14 bwg, d = 2,11 mm (0,026 kg/m).","Material",null,"kg","0.10",17,1.67]
["Insumo",346,"SINAPI","Arame de aco ovalado 15 x 17 ( 45,7 kg, 700 kgf), rolo 1000 m.","Material",null,"kg","0.41",20.14,8.16]
["Insumo",4111,"SINAPI","Escora pre-moldada em concreto, *10 x 10* cm, h = 2,30m.","Material",null,"un","0.16",52.96,8.4700000000000006]
["Insumo"," I1533 ","SEINFRA","Mourão concreto base 15x15cm h=2.3 c/ 12 furos.","Material",null,"un","0.42",47.22,19.829999999999998]
[{"$nulls":4},"MO sem LS =>",9.5399999999999991,"ls =>","10.51","MO com LS =>",20.05]
[{"$nulls":4},"Valor do BDI =>",21.509243999999999,null,"Valor com BDI =>",null,103.17]
[{"$nulls":6},"quant. =>","28.00","Preço Total =>",2888.76]
[]
["12.2","Código","Banco","Descrição.","Tipo",null,"und","Quant.","Valor Unit","Total"]
["Composição","COMPOSIÇÃO - 22","Próprio","Serviço de instalação de portão de ferro com suporte e batedor conforme projeto, incluso material.","SEDI - SERVIÇOS DIVERSOS",null,"m²","1.00",548.78,548.78]
["Composição Auxiliar",88309,"SINAPI","Pedreiro com encargos complementares.","SEDI - SERVIÇOS DIVERSOS",null,"h","1.50",31.1,46.65]
["Composição Auxiliar",88316,"SINAPI","Servente com encargos complementares.","SEDI - SERVIÇOS DIVERSOS",null,"h","1.50",23.4,35.1]
["Insumo",367,"SINAPI","Areia grossa - posto jazida/fornecedor (retirado na jazida, sem transporte).","Material",null,"m³","0.06",197.54,12.05]
["Insumo",1379,"SINAPI","Cimento portland composto cp ii-32.","Material",null,"kg","4.83",0.66,3.19]
["Insumo",4948,"SINAPI","Portao de abrir / giro, em gradil de metalon redondo de 3/4\"  vertical, com requadro, acabamento natural - completo.","Material",null,"m²","1.00",451.79,451.79]
[{"$nulls":4},"MO sem LS =>",26.51,"ls =>","29.20","MO com LS =>",55.71]
[{"$nulls":4},"Valor do BDI =>",144.548652,null,"Valor com BDI =>",null,693.33]
[{"$nulls":6},"quant. =>","1.50","Preço Total =>",1040]
[]
[13,null,null,"Outros serviços e insumos excepcionais.",{"$nulls":5},14313.68]
["13.1","Código","Banco","Descrição.","Tipo",null,"und","Quant.","Valor Unit","Total"]
["Composição","COMPOSIÇÃO - 23","Próprio","Execução de tamponamento conforme especificação.","SEDI - SERVIÇOS DIVERSOS",null,"m³","1.00",771.68,771.68]
["Composição Auxiliar",87316,"SINAPI","Argamassa traço 1:4 (em volume de cimento e areia grossa úmida) para chapisco convencional, preparo mecânico com betoneira 400 l. af_08/2019.","SEDI - SERVIÇOS DIVERSOS",null,"m³","1.00",550.89,550.89]
["Composição Auxiliar",88316,"SINAPI","Servente com encargos complementares.","SEDI - SERVIÇOS DIVERSOS",null,"h","1.00",23.4,23.4]
["Insumo",4721,"SINAPI","Pedra britada n. 1 (9,5 a 19 mm) posto pedreira/fornecedor, sem frete.","Material",null,"m³","1.00",197.39,197.39]
[{"$nulls":4},"MO sem LS =>",47.15,"ls =>","51.94","MO com LS =>",99.09]
[{"$nulls":4},"Valor do BDI =>",203.26051200000001,null,"Valor com BDI =>",null,974.94]
[{"$nulls":6},"quant. =>","0.08","Preço Total =>",78]
[]
["13.2","Código","Banco","Descrição.","Tipo",null,"und","Quant.","Valor Unit","Total"]
["Insumo",13747,"ORSE","Revestimento tubo liso aço sch-40 em 12\".","Serviços",null,"m","1.00",921.04,921.04]
[{"$nulls":4},"MO sem LS =>",0,"ls =>","0.00","MO com LS =>",0]
[{"$nulls":4},"Valor do BDI =>",242.6,null,"Valor com BDI =>",null,1163.6400000000001]
[{"$nulls":6},"quant. =>","6.00","Preço Total =>",6981.84]
[]
["13.3","Código","Banco","Descrição.","Tipo",null,"und","Quant.","Valor Unit","Total"]
["Insumo"," M3929 ","SICRO3","Tubo em aço-carbono - e = 3,00 mm e d = 150 mm (6\").","Material",null,"m","1.00",171.2287,171.2287]
[{"$nulls":4},"MO sem LS =>",0,"ls =>","0.00","MO com LS =>",0]
[{"$nulls":4},"Valor do BDI =>",45.1,null,"Valor com BDI =>",null,216.33]
[{"$nulls":6},"quant. =>","6.00","Preço Total =>",1297.98]
[]
["13.4","Código","Banco","Descrição.","Tipo",null,"und","Quant.","Valor Unit","Total"]
["Insumo"," M039706073 ","EMBASA","Filtro nold em aço galvanizado dn 6\".","Material",null,"m","1.00",763.9,763.9]
[{"$nulls":4},"MO sem LS =>",0,"ls =>","0.00","MO com LS =>",0]
[{"$nulls":4},"Valor do BDI =>",201.21,null,"Valor com BDI =>",null,965.11]
[{"$nulls":6},"quant. =>","6.00","Preço Total =>",5790.66]
[]
["13.5","Código","Banco","Descrição.","Tipo",null,"und","Quant.","Valor Unit","Total"]
["Composição","COMPOSIÇÃO - 24","Próprio","Limpeza manual , remoção de cerca, capina e instalação dos equipamentos (área do poço, painéis solares, bebedouro e reservatório).","SEDI - SERVIÇOS DIVERSOS",null,"m²","1.00",1.87,1.87]
["Composição Auxiliar",88316,"SINAPI","Servente com encargos complementares.","SEDI - SERVIÇOS DIVERSOS",null,"h","0.08",23.4,1.87]
[{"$nulls":4},"MO sem LS =>",0.56000000000000005,"ls =>","0.62","MO com LS =>",1.18]
[{"$nulls":4},"Valor do BDI =>",0.492558,null,"Valor com BDI =>",null,2.36]
[{"$nulls":6},"quant. =>","70.00","Preço Total =>",165.2]

{"sheet":"Crono. - DF - T","index":20,"n_rows":27,"n_cols":15,"rows_kept":27,"cut":false,"hidden":false,"merged":[[0,0,6,14],[7,0,8,14],[23,0,23,1],[23,2,26,2],[24,0,24,1],[25,0,25,1],[26,0,26,1]]}
["OBJETO: EXECUÇÃO DE SERVIÇOS DE PERFURAÇÃO E INSTALAÇÃO DE POÇOS TUBULARES EM MUNICÍPIOS LOCALIZADOS NO DISTRITO FEDERAL, NA ÁREA DE ATUAÇÃO DA CODEVASF"]
[]
[]
[]
[]
[]
[]
["CRONOGRAMA FÍSICO-FINANCEIRO POÇO TOTALMENTE REVESTIDO"]
[]
["ITEM","ESPECIFICAÇÃO DOS SERVIÇOS","VALOR TOTAL (R$)","Mês 01","Mês 02","Mês 03","Mês 04","Mês 05","Mês 06","Mês 07","Mês 08","Mês 09","Mês 10","Mês 11","Mês 12"]
["1","Serviços preliminares.",39205.71,3267.1424999999999,3267.1424999999999,3267.1424999999999,3267.1424999999999,3267.1424999999999,3267.1424999999999,3267.1424999999999,3267.1424999999999,3267.1424999999999,3267.1424999999999,3267.1424999999999,3267.1424999999999]
["2","Mobilizaçâo e desmobilizaçâo equipe campo.",22086,1840.5,1840.5,1840.5,1840.5,1840.5,1840.5,1840.5,1840.5,1840.5,1840.5,1840.5,1840.5]
["3","Perfuração e completação de poço tubular.",957861.91,79821.825833333336,79821.825833333336,79821.825833333336,79821.825833333336,79821.825833333336,79821.825833333336,79821.825833333336,79821.825833333336,79821.825833333336,79821.825833333336,79821.825833333336,79821.825833333336]
["4","Pós perfuração.",110438.46,9203.2049999999999,9203.2049999999999,9203.2049999999999,9203.2049999999999,9203.2049999999999,9203.2049999999999,9203.2049999999999,9203.2049999999999,9203.2049999999999,9203.2049999999999,9203.2049999999999,9203.2049999999999]
["5","Reservação.",247302.54,20608.545000000002,20608.545000000002,20608.545000000002,20608.545000000002,20608.545000000002,20608.545000000002,20608.545000000002,20608.545000000002,20608.545000000002,20608.545000000002,20608.545000000002,20608.545000000002]
["6","Bebedouro.",18173.7,1514.4750000000001,1514.4750000000001,1514.4750000000001,1514.4750000000001,1514.4750000000001,1514.4750000000001,1514.4750000000001,1514.4750000000001,1514.4750000000001,1514.4750000000001,1514.4750000000001,1514.4750000000001]
["7","Chafariz.",12207.06,1017.255,1017.255,1017.255,1017.255,1017.255,1017.255,1017.255,1017.255,1017.255,1017.255,1017.255,1017.255]
["8","Cavalete.",17731.349999999999,1477.6125,1477.6125,1477.6125,1477.6125,1477.6125,1477.6125,1477.6125,1477.6125,1477.6125,1477.6125,1477.6125,1477.6125]
["9","Instalações hidráulicas poço e adutora.",187546.3,15628.858333333332,15628.858333333332,15628.858333333332,15628.858333333332,15628.858333333332,15628.858333333332,15628.858333333332,15628.858333333332,15628.858333333332,15628.858333333332,15628.858333333332,15628.858333333332]
["10","Estrutura de fixação para módulos fotovoltáicos.",46944,3912,3912,3912,3912,3912,3912,3912,3912,3912,3912,3912,3912]
["11","Instalações elétricas.",190085.31,15840.442499999999,15840.442499999999,15840.442499999999,15840.442499999999,15840.442499999999,15840.442499999999,15840.442499999999,15840.442499999999,15840.442499999999,15840.442499999999,15840.442499999999,15840.442499999999]
["12","Urbanização.",35358.800000000003,2946.5666666666671,2946.5666666666671,2946.5666666666671,2946.5666666666671,2946.5666666666671,2946.5666666666671,2946.5666666666671,2946.5666666666671,2946.5666666666671,2946.5666666666671,2946.5666666666671,2946.5666666666671]
["13","Outros serviços e insumos excepcionais.",62126.54,5177.211666666667,5177.211666666667,5177.211666666667,5177.211666666667,5177.211666666667,5177.211666666667,5177.211666666667,5177.211666666667,5177.211666666667,5177.211666666667,5177.211666666667,5177.211666666667]
["TOTAL",null,1947067.6800000004,162255.64000000004,162255.64000000004,162255.64000000004,162255.64000000004,162255.64000000004,162255.64000000004,162255.64000000004,162255.64000000004,162255.64000000004,162255.64000000004,162255.64000000004,162255.64000000004]
["PERCENTUAL",null,null,8.3333333333333343E-2,8.3333333333333343E-2,8.3333333333333343E-2,8.3333333333333343E-2,8.3333333333333343E-2,8.3333333333333343E-2,8.3333333333333343E-2,8.3333333333333343E-2,8.3333333333333343E-2,8.3333333333333343E-2,8.3333333333333343E-2,8.3333333333333343E-2]
["CUSTO ACUMULADO",null,null,162255.64000000004,324511.28000000009,486766.92000000016,649022.56000000017,811278.20000000019,973533.8400000002,1135789.4800000002,1298045.1200000003,1460300.7600000005,1622556.4000000006,1784812.0400000007,1947067.6800000009]
["PERCENTUAL ACUMULADO",null,null,8.3333333333333343E-2,0.16666666666666669,0.25,0.33333333333333337,0.41666666666666674,0.50000000000000011,0.58333333333333348,0.66666666666666685,0.75000000000000022,0.83333333333333359,0.91666666666666696,1.0000000000000002]

{"sheet":"Orçamento Sintético - DF - P","index":21,"n_rows":58,"n_cols":12,"rows_kept":58,"cut":false,"hidden":false,"merged":[[0,2,1,5]]}
[null,null,"OBJETO: EXECUÇÃO DE SERVIÇOS DE PERFURAÇÃO E INSTALAÇÃO DE POÇOS TUBULARES EM MUNICÍPIOS LOCALIZADOS NO DISTRITO FEDERAL, NA ÁREA DE ATUAÇÃO DA CODEVASF",{"$nulls":4},"Quantidade de Poços","BDI SERVIÇO","BDI INSUMO","Total","Preço Unitário Por Poço"]
[{"$nulls":7},21,0.26379999999999998,0.15279999999999999,3112720.82,148224.79999999999]
["Item","Código","Banco","TIPO","Descrição.","un.","Mem. calc.","Quanti.","Valor Unit","Valor Unit com BDI","Total","Peso (%)"]
[1,null,null,null,"Serviços preliminares.",{"$nulls":5},32554.63,1.0458576879374619E-2]
["1.1","COMPOSIÇÃO - 1","Próprio","Serviço","Administração local da obra - poço parcialmente revestido.","un.",1,21,333.19,421.09,8842.89,2.8408876064895533E-3]
["1.2","COMPOSIÇÃO - 2","Próprio","Serviço","Serviço de locação geológica de campo com relatório hidro geológico e perfil construtivo e geológico esperado. relatório de viabilidade de implantação das estruturas e vistorias preliminares.","un.",1,21,589.6,745.14,15647.94,5.0270939492736135E-3]
["1.3",103689,"SINAPI","Insumo","Fornecimento e instalação de placa de obra com chapa galvanizada e estrutura de madeira. .","m²",0.72,15.12,462.63,533.32000000000005,8063.8,2.5905953236114508E-3]
[2,null,null,null,"Mobilizaçâo e desmobilizaçâo equipes perfuraçâo e instalação.",{"$nulls":5},51534,1.655593385339325E-2]
["2.1","COMPOSIÇÃO - 3","Próprio","Serviço","Transporte de comboio perfuração.","km",150,3150,4.63,5.85,18427.5,5.920061921904066E-3]
["2.2","COMPOSIÇÃO - 4","Próprio","Serviço","Transporte de comboio instalação.","km",150,3150,5.78,7.3,22995,7.3874276974187497E-3]
["2.3","COMPOSIÇÃO - 5","Próprio","Serviço","Transporte de equipe teste de vazão.","km",150,3150,2.54,3.21,10111.5,3.2484442340704363E-3]
[3,null,null,null,"Perfuração e completação de poço tubular.",{"$nulls":5},629047.78,0.20208936694810942]
["3.1",5051,"ORSE","Insumo","Perfuraçao em rocha metassedimentar - metassedimento alterado / compacto dn 6\"  (poço 120m).","m",90,1890,156.31,180.19,340559.1,0.10940881617516858]
["3.2",5057,"ORSE","Insumo","Perfuração rocha sedimentar sedimento / camadas inconsolidadas dn 12.1/2\" - poço até 150m.","m",30,630,247.66,285.5,179865,5.7783852263371314E-2]
["3.3","COMPOSIÇÃO - 6","Próprio","Serviço","Serviço de lançamento cimentação anelar, incluso materiais.","m³",1.74,36.54,541.72,684.63,25016.38,8.036820982872471E-3]
["3.4",9854,"SINAPI","Insumo","Tubo pvc de revestimento geomecanico nervurado standard, dn = 154 mm, comprimento = 2 m.","m",30,630,115.12,132.71,83607.3,2.6859877526697048E-2]
[4,null,null,null,"Pós perfuração.",{"$nulls":5},250261.2,8.0399500781441757E-2]
["4.1",6305,"ORSE","Serviço","Desenvolvimento com compressor 250psi / 750cfm.","h",2,42,411.16,519.62,21824.04,7.0112423381419736E-3]
["4.2","COMPOSIÇÃO - 7","Próprio","Serviço","Inspeção ótica em poço tubular câmera com rotação de 360º, visada lateral, com fonte própria de luz, entregue vídeo em cores e marcação de profundidades.","m",120,2520,9.42,11.9,29988,9.6340152985515751E-3]
["4.3","COMPOSIÇÃO - 8","Próprio","Serviço","Serviço de coleta e análise físico-química e bacteriológica.","un.",1,21,621.19000000000005,785.06,16486.259999999998,5.2964146010370432E-3]
["4.4"," 24.80.22 ","EMBASA","Serviço","Ensaio de bombeamento poço tubular incluso materiais e grupo gerador.","h",24,504,255.47,322.86,162721.44,5.2276271920846412E-2]
["4.5","COMPOSIÇÃO - 9","Próprio","Serviço","Serviço de instalação de laje sanitária com dimensões (1,5x1,5x0,3) metros , incluso material.","un.",1,21,725,916.26,19241.46,6.1815566228647515E-3]
[5,null,null,null,"Reservação.",{"$nulls":5},577221.82999999996,0.18543964055215206]
["5.1","COMPOSIÇÃO - 10","Próprio","Serviço","Fornecimento e instalação de reservatório e base elevada 10 m³.","un.",0.8,16.8,25717.94,32502.33,546039.14,0.17542181633880036]
["5.2","COMPOSIÇÃO - 11","Próprio","Serviço","Fornecimento e execução de reservatório apoiado de 5 m³.","un.",0.2,4.2,5874.7,7424.45,31182.69,1.0017824213351713E-2]
[6,null,null,null,"Bebedouro.",{"$nulls":5},42418.74,1.3627544021117833E-2]
["6.1","COMPOSIÇÃO - 12","Próprio","Serviço","Serviço de execução do bebedouro em concreto armado, incluso materiais.","un.",1,21,1598.31,2019.94,42418.74,1.3627544021117833E-2]
[7,null,null,null,"Chafariz.",{"$nulls":5},28492.17,9.1534614402071553E-3]
["7.1","COMPOSIÇÃO - 13","Próprio","Serviço","Fornecimento de material e instalação do chafariz.","un.",1,21,1073.56,1356.77,28492.17,9.1534614402071553E-3]
[8,null,null,null,"Cavalete.",{"$nulls":5},41386.17,1.3295818158211825E-2]
["8.1","COMPOSIÇÃO - 14","Próprio","Serviço","Fornecimento de conexões e instalação do cavalete com hidrômetro e clorador de pastilhas.","un.",1,21,1559.4,1970.77,41386.17,1.3295818158211825E-2]
[9,null,null,null,"Instalações hidráulicas.",{"$nulls":5},437693.3,0.14061437736006149]
["9.1","COMPOSIÇÃO - 15","Próprio","Serviço","Fornecimento e instalação da rede adutora poço-reservatório-bebedouro em pn80 e dn50mm.","m",400,8400,28.99,36.64,307776,9.887684048709515E-2]
["9.2","COMPOSIÇÃO - 16","Próprio","Serviço","Montagem hidráulica do equipamento de bombeamento.","un.",1,21,161.91,204.62,4297.0200000000004,1.3804707355669632E-3]
["9.3",38200,"SINAPI","Insumo","Corda de poliamida 12 mm tipo bombeiro, para trabalho em altura.","100m",0.93,19.53,662.01,763.17,14904.71,4.7883221342028357E-3]
["9.4",9860,"SINAPI","Insumo","Tubo pvc, roscavel,  2\", para agua fria predial.","m",90,1890,42.65,49.17,92931.3,2.9855327661540816E-2]
["9.5",3912,"SINAPI","Insumo","Luva de ferro galvanizado, com rosca bsp, de 2\".","un.",16,336,39.21,45.2,15187.2,4.8790755349527306E-3]
["9.6",5128,"ORSE","Insumo","Tampa de poço galvanizada em 6\" un.","un.",1,21,107.28,123.67,2597.0700000000002,8.3434080670299253E-4]
[10,null,null,null,"Estrutura de fixação para módulos fotovoltáicos.",{"$nulls":5},73047.37,2.3467369617812369E-2]
["10.1","COMPOSIÇÃO - 17","Próprio","Serviço","Serviço de fixação de estruturas para os módulos fotovoltaicos e suportes de concreto, incluso materiais.","m²",10.119999999999999,212.52,271.97000000000003,343.72,73047.37,2.3467369617812369E-2]
[11,null,null,null,"Instalações elétricas e bóia elétrica.",{"$nulls":5},360676.68,0.11587183716655965]
["11.1","COMPOSIÇÃO - 18","Próprio","Serviço","Montagem e instalação elétrica do kit de bombeamento e sistema fotovoltaico inclusive sistema de aterramento.","un.",1,21,1206.6300000000001,1524.94,32023.74,1.0288021911325797E-2]
["11.2",34622,"SINAPI","Insumo","Fornecimento de  cabo flexivel pvc 750 v, 3 condutores de 6,0 mm2.","m",105,2205,26.26,30.27,66745.350000000006,2.14427678740556E-2]
["11.3","COMPOSIÇÃO - 19","Próprio","Serviço","Fornecimento e instalação de automático de bóia superior e inferior.","un.",1,21,70.290000000000006,88.83,1865.43,5.9929242224813475E-4]
["11.4",39257,"SINAPI","Insumo","Cabo multipolar de cobre, flexivel, classe 4 ou 5, isolacao em hepr, cobertura em pvc-st2, antichama bwf-b, 0,6/1 kv, 3 condutores de 1,5 mm2.","m",200,4200,7.14,8.23,1428,4.5876263326436069E-4]
["11.5","COTAÇÃO-001","Próprio","Serviço","Fornecimento de kit de bombeamento fotovoltaico, incluindo uma bomba cc de 1500w com controladora de carga externa, caixa de proteção metálica, módulos fotovoltaicos compatíveis com a geração de 2200wp além de componentes elétricos necessários para interligação dos painéis, como cabos, conectores mc4 e presilhas de fixação.","un.",1,21,9744.39,12314.96,258614.16,8.3082992325665753E-2]
[12,null,null,null,"Urbanização.",{"$nulls":5},82528.429999999993,2.6513277217068251E-2]
["12.1","COMPOSIÇÃO - 20","Próprio","Serviço","Cerca com mourões de concreto de 15x15cm, espaçados de 3m e cravados a 0,5m, escoras de 10x10cm nos cantos, e 9 fios de arame de aço ovalado 15x17.","m",28,588,81.66,103.2,60681.599999999999,1.9494713310010243E-2]
["12.2","COMPOSIÇÃO - 21","Próprio","Serviço","Serviço de instalação de portão de ferro com suporte e batedor conforme projeto, incluso material.","m²",1.5,31.5,548.78,693.55,21846.83,7.0185639070580071E-3]
[13,null,null,null,"Outros serviços e insumos excepcionais.",{"$nulls":5},505858.52,0.16251329600449038]
["13.1","COMPOSIÇÃO - 22","Próprio","Serviço","Fornecimento e instalação do pré filtro para revestimento interno.","m³",1.212,25.45,1651.44,2087.09,53116.44,1.7064312243717381E-2]
["13.2","COMPOSIÇÃO - 23","Próprio","Serviço","Execução de tamponamento conforme especificação.","m³",0.24,5.04,771.68,975.25,4915.26,1.5790879697331803E-3]
["13.3","COMPOSIÇÃO - 24","Próprio","Serviço","Fornecimento e instalação do filtro para revestimento interno ø 4 1/2\".","m",0.6,12.6,102.66,129.74,1634.72,5.2517398588929672E-4]
["13.4","COMPOSIÇÃO - 25","Próprio","Serviço","Fornecimento e instalação do revestimento interno ø 4 1/2\".","m",34.799999999999997,730.8,93.89,118.66,86716.73,2.7858820310136263E-2]
["13.5"," M3929 ","SICRO3","Insumo","Tubo em aço-carbono - e = 3,00 mm e d = 150 mm (6\").","m",9,189,171.2287,197.39,37306.71,1.1985241259124551E-2]
["13.6",41699,"SINAPI","Insumo","Tubo de revestimento, em aco, corpo schedule 40, ponteira schedule 80, rosqueavel e segmentado para perfuracao, diametro 8.","m",6,126,2189.0100000000002,2523.4899999999998,317959.74,0.10214849271320131]
["13.7"," M039706073 ","EMBASA","Insumo","Filtro nold em aço galvanizado dn 6\".","m",0.04,0.84,763.9,880.62,739.72,2.3764418422851045E-4]
["13.8","COMPOSIÇÃO - 26","Próprio","Serviço","Limpeza manual , remoção de cerca, capina e instalação dos equipamentos (área do poço, painéis solares, bebedouro e reservatório).","m²",70,1470,1.87,2.36,3469.2,1.114523338459888E-3]

{"sheet":"Orçamento Analítico - DF - P","index":22,"n_rows":447,"n_cols":10,"rows_kept":447,"cut":false,"hidden":false,"merged":[[354,4,354,5],[355,4,355,5],[321,7,321,8],[324,4,324,5],[325,4,325,5],[327,7,327,8],[344,7,344,8],[350,7,350,8],[353,5,353,6],[330,4,330,5],[331,4,331,5],[332,4,332,5],[333,4,333,5],[334,4,334,5],[335,4,335,5],[338,7,338,8],[336,4,336,5],[341,4,341,5],[342,4,342,5],[347,4,347,5],[348,4,348,5],[311,4,311,5],[312,4,312,5],[313,4,313,5],[314,4,314,5],[315,4,315,5],[316,4,316,5],[317,4,317,5],[318,4,318,5],[319,4,319,5],[299,4,299,5],[300,4,300,5],[301,4,301,5],[303,7,303,8],[306,5,306,6],[307,4,307,5],[308,4,308,5],[309,4,309,5],[310,4,310,5],[203,4,203,5],[204,4,204,5],[205,4,205,5],[293,5,293,6],[294,4,294,5],[295,4,295,5],[296,4,296,5],[297,4,297,5],[298,4,298,5],[177,4,177,5],[178,4,178,5],[179,4,179,5],[180,4,180,5],[181,4,181,5],[196,4,196,5],[198,7,198,8],[201,5,201,6],[202,4,202,5],[165,4,165,5],[166,4,166,5],[167,4,167,5],[168,4,168,5],[169,4,169,5],[170,4,170,5],[172,7,172,8],[175,5,175,6],[176,4,176,5],[155,7,155,8],[145,4,145,5],[146,4,146,5],[147,4,147,5],[148,4,148,5],[149,4,149,5],[150,4,150,5],[151,4,151,5],[158,4,158,5],[187,4,187,5],[188,4,188,5],[189,4,189,5],[190,4,190,5],[191,4,191,5],[192,4,192,5],[193,4,193,5],[194,4,194,5],[195,4,195,5],[134,4,134,5],[135,4,135,5],[136,4,136,5],[137,4,137,5],[182,4,182,5],[183,4,183,5],[184,4,184,5],[185,4,185,5],[186,4,186,5],[138,4,138,5],[139,4,139,5],[140,4,140,5],[141,4,141,5],[142,4,142,5],[143,4,143,5],[144,4,144,5],[152,4,152,5],[153,4,153,5],[159,4,159,5],[160,4,160,5],[161,4,161,5],[162,4,162,5],[163,4,163,5],[164,4,164,5],[53,4,53,5],[54,4,54,5],[55,4,55,5],[57,7,57,8],[60,5,60,6],[61,4,61,5],[131,4,131,5],[132,4,132,5],[133,4,133,5],[38,4,38,5],[39,4,39,5],[41,7,41,8],[44,4,44,5],[45,4,45,5],[46,4,46,5],[47,4,47,5],[49,7,49,8],[52,4,52,5],[26,4,26,5],[27,4,27,5],[28,4,28,5],[29,4,29,5],[30,4,30,5],[32,7,32,8],[35,5,35,6],[36,4,36,5],[37,4,37,5],[122,4,122,5],[123,4,123,5],[125,7,125,8],[128,5,128,6],[129,4,129,5],[130,4,130,5],[0,2,2,7],[3,0,3,9],[4,5,4,6],[5,4,5,5],[6,4,6,5],[7,4,7,5],[10,7,10,8],[8,4,8,5],[13,4,13,5],[14,4,14,5],[15,4,15,5],[16,4,16,5],[17,4,17,5],[19,7,19,8],[22,4,22,5],[23,4,23,5],[24,4,24,5],[25,4,25,5],[110,4,110,5],[111,4,111,5],[112,4,112,5],[113,4,113,5],[115,7,115,8],[118,4,118,5],[119,4,119,5],[120,4,120,5],[121,4,121,5],[95,4,95,5],[96,4,96,5],[99,7,99,8],[97,4,97,5],[102,4,102,5],[103,4,103,5],[104,4,104,5],[105,4,105,5],[107,7,107,8],[80,4,80,5],[81,4,81,5],[83,7,83,8],[86,5,86,6],[87,4,87,5],[88,4,88,5],[89,4,89,5],[91,7,91,8],[94,4,94,5],[62,4,62,5],[64,7,64,8],[67,4,67,5],[68,4,68,5],[70,7,70,8],[73,4,73,5],[74,4,74,5],[75,4,75,5],[77,7,77,8],[401,4,401,5],[404,7,404,8],[402,4,402,5],[407,4,407,5],[408,4,408,5],[409,4,409,5],[410,4,410,5],[411,4,411,5],[413,7,413,8],[389,4,389,5],[390,4,390,5],[391,4,391,5],[392,4,392,5],[393,4,393,5],[395,7,395,8],[398,4,398,5],[399,4,399,5],[400,4,400,5],[375,7,375,8],[378,5,378,6],[379,4,379,5],[380,4,380,5],[381,4,381,5],[382,4,382,5],[383,4,383,5],[384,4,384,5],[386,7,386,8],[429,4,429,5],[443,0,443,2],[444,0,444,2],[444,5,444,6],[444,7,444,9],[446,0,446,9],[425,7,425,8],[431,7,431,8],[442,0,442,2],[442,5,442,6],[442,7,442,9],[443,5,443,6],[443,7,443,9],[434,4,434,5],[435,4,435,5],[436,4,436,5],[438,7,438,8],[287,4,287,5],[288,4,288,5],[290,7,290,8],[416,4,416,5],[417,4,417,5],[419,7,419,8],[422,4,422,5],[423,4,423,5],[428,4,428,5],[356,4,356,5],[357,4,357,5],[358,4,358,5],[359,4,359,5],[360,4,360,5],[361,4,361,5],[364,7,364,8],[362,4,362,5],[367,4,367,5],[368,4,368,5],[369,4,369,5],[370,4,370,5],[371,4,371,5],[372,4,372,5],[373,4,373,5],[247,7,247,8],[250,5,250,6],[251,4,251,5],[252,4,252,5],[253,4,253,5],[276,4,276,5],[281,4,281,5],[282,4,282,5],[284,7,284,8],[237,4,237,5],[238,4,238,5],[239,4,239,5],[240,4,240,5],[241,4,241,5],[242,4,242,5],[243,4,243,5],[244,4,244,5],[245,4,245,5],[228,5,228,6],[229,4,229,5],[230,4,230,5],[231,4,231,5],[232,4,232,5],[233,4,233,5],[234,4,234,5],[235,4,235,5],[236,4,236,5],[269,4,269,5],[270,4,270,5],[272,7,272,8],[275,4,275,5],[278,7,278,8],[206,4,206,5],[207,4,207,5],[208,4,208,5],[209,4,209,5],[210,4,210,5],[211,4,211,5],[212,4,212,5],[213,4,213,5],[214,4,214,5],[215,4,215,5],[216,4,216,5],[217,4,217,5],[218,4,218,5],[219,4,219,5],[220,4,220,5],[221,4,221,5],[222,4,222,5],[223,4,223,5],[225,7,225,8],[254,4,254,5],[255,4,255,5],[256,4,256,5],[258,7,258,8],[261,4,261,5],[262,4,262,5],[263,4,263,5],[264,4,264,5],[266,7,266,8]]}
[{"$error":"#REF!"},null,"OBJETO: EXECUÇÃO DE SERVIÇOS DE PERFURAÇÃO E INSTALAÇÃO DE POÇOS TUBULARES EM MUNICÍPIOS LOCALIZADOS NO DISTRITO FEDERAL, NA ÁREA DE ATUAÇÃO DA CODEVASF"]
[]
[]
["PLANILHA ANALÍTICA - POÇO PARCIALMENTE REVESTIDO - DISTRITO FEDERAL"]
[1,null,null,"Serviços preliminares.",{"$nulls":5},1586.68]
["1.1","Código","Banco","Descrição.","Tipo",null,"Und","Quant.","Valor Unit","Total"]
["Composição","COMPOSIÇÃO - 1","Próprio","Administração local da obra - poço parcialmente revestido.","CANT - CANTEIRO DE OBRAS",null,"un","1.00",333.19,333.19]
["Composição Auxiliar",12710,"SBC","Despesas gerais de manutencao canteiro de obras.","INSTALACOES PROVISORIAS",null,"mes","0.03",1805.82,54.17]
["Composição Auxiliar",100321,"SINAPI","Técnico em segurança do trabalho com encargos complementares.","SEDI - SERVIÇOS DIVERSOS",null,"mes","0.03",9300.51,279.02]
[{"$nulls":4},"MO sem LS =>",126.8,"ls =>","139.67","MO com LS =>",266.47000000000003]
[{"$nulls":4},"Valor do BDI =>",87.762246000000005,null,"Valor com BDI =>",null,420.95]
[{"$nulls":6},"quant. =>","1.00","Preço Total =>",420.95]
[]
["1.2","Código","Banco","Descrição.","Tipo",null,"und","Quant.","Valor Unit","Total"]
["Composição","COMPOSIÇÃO - 2","Próprio","Serviço de locação geológica de campo com relatório hidro geológico e perfil construtivo e geológico esperado. relatório de viabilidade de implantação das estruturas e vistorias preliminares.","SERT - SERVIÇOS TÉCNICOS",null,"un","1.00",589.6,589.6]
["Composição Auxiliar","1945-01-30","EMBASA","Geologo senior.",3001,null,"hora","5.00",97.41,487.05]
["Insumo",5896,"ORSE","Veículo tipo sedan ou pick-up capacidade 0,6 ton h.","Equipamento",null,"h","5.00",8.33,41.65]
["Insumo",4222,"SINAPI","Gasolina comum.","Material",null,"l","10.00",6.09,60.9]
[{"$nulls":4},"MO sem LS =>",231.77,"ls =>","255.28","MO com LS =>",487.05]
[{"$nulls":4},"Valor do BDI =>",155.30063999999999,null,"Valor com BDI =>",null,744.9]
[{"$nulls":6},"quant. =>","1.00","Preço Total =>",744.9]
[]
["1.3","Código","Banco","Descrição.","Tipo",null,"und","Quant.","Valor Unit","Total"]
["Composição",103689,"SINAPI","Fornecimento e instalação de placa de obra com chapa galvanizada e estrutura de madeira. af_03/2022_ps.","PAVI - PAVIMENTAÇÃO",null,"m²","1.00",462.63,462.63]
["Composição Auxiliar",102234,"SINAPI","Pintura imunizante para madeira, 2 demãos. af_01/2021.","PINT - PINTURAS",null,"m²","0.50",23.86,11.93]
["Composição Auxiliar",88262,"SINAPI","Carpinteiro de formas com encargos complementares.","SEDI - SERVIÇOS DIVERSOS",null,"h","0.37",30.72,11.46]
["Composição Auxiliar",88316,"SINAPI","Servente com encargos complementares.","SEDI - SERVIÇOS DIVERSOS",null,"h","2024-12-01",23.4,26.18]
["Insumo",4509,"SINAPI","Sarrafo *2,5 x 10* cm em pinus, mista ou equivalente da regiao - bruta.","Material",null,"m","3.21",3.85,12.35]
["Insumo",4813,"SINAPI","Placa de obra (para construcao civil) em chapa galvanizada *n. 22*, adesivada, de *2,4 x 1,2* m (sem postes para fixacao).","Material",null,"m²","1.00",400,400]
["Insumo",5065,"SINAPI","Prego de aco polido com cabeca 10 x 10 (7/8 x 17).","Material",null,"kg","0.01",38.700000000000003,0.44]
["Insumo",5069,"SINAPI","Prego de aco polido com cabeca 17 x 27 (2 1/2 x 11).","Material",null,"kg","0.01",20.74,0.27]
[{"$nulls":4},"MO sem LS =>",14.18,"ls =>","15.63","MO com LS =>",29.81]
[{"$nulls":4},"Valor do BDI =>",121.856742,null,"Valor com BDI =>",null,584.49]
[{"$nulls":6},"quant. =>","0.72","Preço Total =>",420.83]
[]
[2,null,null,"Mobilizaçâo e desmobilizaçâo equipes perfuraçâo e instalação.",{"$nulls":5},2454]
["2.1","Código","Banco","Descrição.","Tipo",null,"und","Quant.","Valor Unit","Total"]
["Composição","COMPOSIÇÃO - 3","Próprio","Transporte de comboio perfuração.","TRAN - TRANSPORTES, CARGAS E DESCARGAS",null,"km","1.00",4.63,4.63]
["Composição Auxiliar",5824,"SINAPI","Caminhão toco, pbt 16.000 kg, carga útil máx. 10.685 kg, dist. entre eixos 4,8 m, potência 189 cv, inclusive carroceria fixa aberta de madeira p/ transporte geral de carga seca, dimen. aprox. 2,5 x 7,00 x 0,50 m - chp diurno. af_06/2014.","CHOR - CUSTOS HORÁRIOS DE MÁQUINAS E EQUIPAMENTOS",null,"chp","0.02",215.53,3.59]
["Composição Auxiliar",5826,"SINAPI","Caminhão toco, pbt 16.000 kg, carga útil máx. 10.685 kg, dist. entre eixos 4,8 m, potência 189 cv, inclusive carroceria fixa aberta de madeira p/ transporte geral de carga seca, dimen. aprox. 2,5 x 7,00 x 0,50 m - chi diurno. af_06/2014.","CHOR - CUSTOS HORÁRIOS DE MÁQUINAS E EQUIPAMENTOS",null,"chi","0.02",62.4,1.04]
[{"$nulls":4},"MO sem LS =>",0.35,"ls =>","0.39","MO com LS =>",0.74]
[{"$nulls":4},"Valor do BDI =>",1.2195419999999999,null,"Valor com BDI =>",null,5.85]
[{"$nulls":6},"quant. =>","150.00","Preço Total =>",877.5]
[]
["2.2","Código","Banco","Descrição.","Tipo",null,"und","Quant.","Valor Unit","Total"]
["Composição","COMPOSIÇÃO - 4","Próprio","Transporte de comboio instalação.","TRAN - TRANSPORTES, CARGAS E DESCARGAS",null,"km","1.00",5.78,5.78]
["Composição Auxiliar",5928,"SINAPI","Guindauto hidráulico, capacidade máxima de carga 6200 kg, momento máximo de carga 11,7 tm, alcance máximo horizontal 9,70 m, inclusive caminhão toco pbt 16.000 kg, potência de 189 cv - chp diurno. af_06/2014.","CHOR - CUSTOS HORÁRIOS DE MÁQUINAS E EQUIPAMENTOS",null,"chp","0.02",274.37,4.57]
["Composição Auxiliar",5930,"SINAPI","Guindauto hidráulico, capacidade máxima de carga 6200 kg, momento máximo de carga 11,7 tm, alcance máximo horizontal 9,70 m, inclusive caminhão toco pbt 16.000 kg, potência de 189 cv - chi diurno. af_06/2014.","CHOR - CUSTOS HORÁRIOS DE MÁQUINAS E EQUIPAMENTOS",null,"chi","0.02",72.459999999999994,1.21]
[{"$nulls":4},"MO sem LS =>",0.37,"ls =>","0.41","MO com LS =>",0.78]
[{"$nulls":4},"Valor do BDI =>",1.5224519999999999,null,"Valor com BDI =>",null,7.3]
[{"$nulls":6},"quant. =>","150.00","Preço Total =>",1095]
[]
["2.3","Código","Banco","Descrição.","Tipo",null,"und","Quant.","Valor Unit","Total"]
["Composição","COMPOSIÇÃO - 5","Próprio","Transporte de equipe teste de vazão.","TRAN - TRANSPORTES, CARGAS E DESCARGAS",null,"km","1.00",2.54,2.54]
["Composição Auxiliar",73467,"SINAPI","Caminhão toco, pbt 14.300 kg, carga útil máx. 9.710 kg, dist. entre eixos 3,56 m, potência 185 cv, inclusive carroceria fixa aberta de madeira p/ transporte geral de carga seca, dimen. aprox. 2,50 x 6,50 x 0,50 m - chp diurno. af_06/2014.","CHOR - CUSTOS HORÁRIOS DE MÁQUINAS E EQUIPAMENTOS",null,"chp","0.01",246.97,2.0499999999999998]
["Composição Auxiliar",91395,"SINAPI","Caminhão toco, pbt 14.300 kg, carga útil máx. 9.710 kg, dist. entre eixos 3,56 m, potência 185 cv, inclusive carroceria fixa aberta de madeira p/ transporte geral de carga seca, dimen. aprox. 2,50 x 6,50 x 0,50 m - chi diurno. af_06/2014.","CHOR - CUSTOS HORÁRIOS DE MÁQUINAS E EQUIPAMENTOS",null,"chi","0.01",59.53,0.49]
[{"$nulls":4},"MO sem LS =>",0.17,"ls =>","0.19","MO com LS =>",0.36]
[{"$nulls":4},"Valor do BDI =>",0.66903599999999996,null,"Valor com BDI =>",null,3.21]
[{"$nulls":6},"quant. =>","150.00","Preço Total =>",481.5]
[]
[3,null,null,"Perfuração e completação de poço tubular.",{"$nulls":5},32713.97]
["3.1","Código","Banco","Descrição.","Tipo",null,"und","Quant.","Valor Unit","Total"]
["Insumo",5051,"ORSE","Perfuraçao em rocha metassedimentar - metassedimento alterado / compacto dn 6\"  (poço 120m).","Serviços",null,"m","1.00",156.31,156.31]
[{"$nulls":4},"MO sem LS =>",0,"ls =>","0.00","MO com LS =>",0]
[{"$nulls":4},"Valor do BDI =>",41.17,null,"Valor com BDI =>",null,197.48]
[{"$nulls":6},"quant. =>","90.00","Preço Total =>",17773.2]
[]
["3.2","Código","Banco","Descrição.","Tipo",null,"und","Quant.","Valor Unit","Total"]
["Insumo",5057,"ORSE","Perfuração rocha sedimentar sedimento / camadas inconsolidadas dn 12.1/2\" - poço até 150m.","Serviços",null,"m","1.00",247.66,247.66]
[{"$nulls":4},"MO sem LS =>",0,"ls =>","0.00","MO com LS =>",0]
[{"$nulls":4},"Valor do BDI =>",65.23,null,"Valor com BDI =>",null,312.89]
[{"$nulls":6},"quant. =>","30.00","Preço Total =>",9386.7000000000007]
[]
["3.3","Código","Banco","Descrição.","Tipo",null,"und","Quant.","Valor Unit","Total"]
["Composição","COMPOSIÇÃO - 6","Próprio","Serviço de lançamento cimentação anelar, incluso materiais.","SEDI - SERVIÇOS DIVERSOS",null,"m³","1.00",541.72,541.72]
["Composição Auxiliar",1903,"ORSE","Argamassa cimento e areia traço t-1 (1:3) - 1 saco cimento 50kg / 3 padiolas areia dim. 0.35 x 0.45 x 0.23 m - confecção mecânica e transporte.","Argamassas",null,"m³","1.00",541.72,541.72]
[{"$nulls":4},"MO sem LS =>",25.98,"ls =>","28.62","MO com LS =>",54.6]
[{"$nulls":4},"Valor do BDI =>",142.68904800000001,null,"Valor com BDI =>",null,684.41]
[{"$nulls":6},"quant. =>","1.74","Preço Total =>",1190.8699999999999]
[]
["3.4","Código","Banco","Descrição.","Tipo",null,"und","Quant.","Valor Unit","Total"]
["Insumo",9854,"SINAPI","Tubo pvc de revestimento geomecanico nervurado standard, dn = 154 mm, comprimento = 2 m.","Material",null,"m","1.00",115.12,115.12]
[{"$nulls":4},"MO sem LS =>",0,"ls =>","0.00","MO com LS =>",0]
[{"$nulls":4},"Valor do BDI =>",30.32,null,"Valor com BDI =>",null,145.44]
[{"$nulls":6},"quant. =>","30.00","Preço Total =>",4363.2]
[]
[4,null,null,"Pós perfuração.",{"$nulls":5},11913.94]
["4.1","Código","Banco","Descrição.","Tipo",null,"und","Quant.","Valor Unit","Total"]
["Composição",6305,"ORSE","Desenvolvimento com compressor 250psi / 750cfm.","Conversão InfoWOrca",null,"h","1.00",411.16,411.16]
["Insumo",5030,"ORSE","Desenvolvimento com compressor 250psi - 750cfm h.","Serviços",null,"h","1.00",411.16,411.16]
[{"$nulls":4},"MO sem LS =>",0,"ls =>","0.00","MO com LS =>",0]
[{"$nulls":4},"Valor do BDI =>",108.299544,null,"Valor com BDI =>",null,519.46]
[{"$nulls":6},"quant. =>","2.00","Preço Total =>",1038.92]
[]
["4.2","Código","Banco","Descrição.","Tipo",null,"und","Quant.","Valor Unit","Total"]
["Composição","COMPOSIÇÃO - 7","Próprio","Inspeção ótica em poço tubular câmera com rotação de 360º, visada lateral, com fonte própria de luz, entregue vídeo em cores e marcação de profundidades.","SEES - SERVIÇOS ESPECIAIS",null,"m","1.00",9.42,9.42]
["Insumo"," H020050004 ","EMBASA","Aparelho de perfilagem optica.","Material",null,"m","1.00",4.4000000000000004,4.4000000000000004]
["Insumo"," B590000022 ","EMBASA","Tecnico medio.","Mão de Obra",null,"h","0.08",60.147199999999998,5.0199999999999996]
[{"$nulls":4},"MO sem LS =>",2.39,"ls =>","2.63","MO com LS =>",5.0199999999999996]
[{"$nulls":4},"Valor do BDI =>",2.4812280000000002,null,"Valor com BDI =>",null,11.9]
[{"$nulls":6},"quant. =>","120.00","Preço Total =>",1428]
[]
["4.3","Código","Banco","Descrição.","Tipo",null,"und","Quant.","Valor Unit","Total"]
["Composição","COMPOSIÇÃO - 8","Próprio","Serviço de coleta e análise físico-química e bacteriológica.","SEDI - SERVIÇOS DIVERSOS",null,"un","1.00",621.19000000000005,621.19000000000005]
["Composição Auxiliar",6312,"ORSE","Análise físico-química da água.","Conversão InfoWOrca",null,"un","1.00",565.21,565.21]
["Composição Auxiliar",6313,"ORSE","Análise bacteriológica da água.","Conversão InfoWOrca",null,"un","1.00",55.98,55.98]
[{"$nulls":4},"MO sem LS =>",0,"ls =>","0.00","MO com LS =>",0]
[{"$nulls":4},"Valor do BDI =>",163.62144599999999,null,"Valor com BDI =>",null,784.81]
[{"$nulls":6},"quant. =>","1.00","Preço Total =>",784.81]
[]
["4.4","Código","Banco","Descrição.","Tipo",null,"und","Quant.","Valor Unit","Total"]
["Composição"," 24.80.22 ","EMBASA","Ensaio de bombeamento poço tubular incluso materiais e grupo gerador.",2480,null,"h","1.00",255.47,255.47]
["Composição Auxiliar"," 24.00.15 ","EMBASA","Equipe (3 profissionais campo) - bombeio.",2400,null,"h","1.00",190.55,190.55]
["Insumo"," H020050001 ","EMBASA","Unidade de ensaio e bombeamento - ueb1 ate 150m3 no sedimento.","Material",null,"h","1.00",64.92,64.92]
[{"$nulls":4},"MO sem LS =>",90.68,"ls =>","99.87","MO com LS =>",190.55]
[{"$nulls":4},"Valor do BDI =>",67.290797999999995,null,"Valor com BDI =>",null,322.76]
[{"$nulls":6},"quant. =>","24.00","Preço Total =>",7746.24]
[]
["4.5","Código","Banco","Descrição.","Tipo",null,"und","Quant.","Valor Unit","Total"]
["Composição","COMPOSIÇÃO - 9","Próprio","Serviço de instalação de laje sanitária com dimensões (1,5x1,5x0,3) metros , incluso material.","SEDI - SERVIÇOS DIVERSOS",null,"un","1.00",725,725]
["Composição Auxiliar",92522,"SINAPI","Montagem e desmontagem de fôrma de laje maciça, pé-direito simples, em chapa de madeira compensada resinada, 8 utilizações. af_09/2020.","FUES - FUNDAÇÕES E ESTRUTURAS",null,"m²","1.80",42,75.599999999999994]
["Composição Auxiliar",93358,"SINAPI","Escavação manual de vala com profundidade menor ou igual a 1,30 m. af_02/2021.","MOVT - MOVIMENTO DE TERRA",null,"m³","0.23",92.57,20.83]
["Composição Auxiliar",94975,"SINAPI","Concreto fck = 15mpa, traço 1:3,4:3,5 (em massa seca de cimento/ areia média/ brita 1) - preparo manual. af_05/2021.","FUES - FUNDAÇÕES E ESTRUTURAS",null,"m³","0.68",604.61,408.11]
["Composição Auxiliar",103670,"SINAPI","Lançamento com uso de baldes, adensamento e acabamento de concreto em estruturas. af_02/2022.","FUES - FUNDAÇÕES E ESTRUTURAS",null,"m³","0.68",326.61,220.46]
[{"$nulls":4},"MO sem LS =>",117.6,"ls =>","129.52","MO com LS =>",247.12]
[{"$nulls":4},"Valor do BDI =>",190.965,null,"Valor com BDI =>",null,915.97]
[{"$nulls":6},"quant. =>","1.00","Preço Total =>",915.97]
[]
[5,null,null,"Reservação.",{"$nulls":5},27478.06]
["5.1","Código","Banco","Descrição.","Tipo",null,"und","Quant.","Valor Unit","Total"]
["Composição","COMPOSIÇÃO - 10","Próprio","Fornecimento e instalação de reservatório e base elevada 10 m³.","ASTU - ASSENTAMENTO DE TUBOS E PECAS",null,"un","1.00",25717.94,25717.94]
["Composição Auxiliar",92759,"SINAPI","Armação de pilar ou viga de estrutura convencional de concreto armado utilizando aço ca-60 de 5,0 mm - montagem. af_06/2022.","FUES - FUNDAÇÕES E ESTRUTURAS",null,"kg","2024-10-29",15.04,437.66]
["Composição Auxiliar",92761,"SINAPI","Armação de pilar ou viga de estrutura convencional de concreto armado utilizando aço ca-50 de 8,0 mm - montagem. af_06/2022.","FUES - FUNDAÇÕES E ESTRUTURAS",null,"kg","48.00",13.12,629.76]
["Composição Auxiliar",93358,"SINAPI","Escavação manual de vala com profundidade menor ou igual a 1,30 m. af_02/2021.","MOVT - MOVIMENTO DE TERRA",null,"m³","5.20",92.57,481.36]
["Composição Auxiliar",92763,"SINAPI","Armação de pilar ou viga de estrutura convencional de concreto armado utilizando aço ca-50 de 12,5 mm - montagem. af_06/2022.","FUES - FUNDAÇÕES E ESTRUTURAS",null,"kg","118.40",9.75,1154.4000000000001]
["Composição Auxiliar",94970,"SINAPI","Concreto fck = 20mpa, traço 1:2,7:3 (em massa seca de cimento/ areia média/ brita 1) - preparo mecânico com betoneira 600 l. af_05/2021.","FUES - FUNDAÇÕES E ESTRUTURAS",null,"m³","4.89",564.33000000000004,2759.57]
["Composição Auxiliar",103670,"SINAPI","Lançamento com uso de baldes, adensamento e acabamento de concreto em estruturas. af_02/2022.","FUES - FUNDAÇÕES E ESTRUTURAS",null,"m³","6.85",326.61,2237.2800000000002]
["Composição Auxiliar",84651,"SINAPI","Pintura com tinta impermeavel mineral em po, duas demaos.","PINT - PINTURAS",null,"m²","28.66",14.64,419.58]
["Composição Auxiliar",90776,"SINAPI","Encarregado geral com encargos complementares.","SEDI - SERVIÇOS DIVERSOS",null,"h","1.00",25.09,25.09]
["Composição Auxiliar",102482,"SINAPI","Concreto fck = 25mpa, traço 1:2,2:2,5 (em massa seca de cimento/ areia média/ seixo rolado) - preparo mecânico com betoneira 600 l. af_05/2021.","FUES - FUNDAÇÕES E ESTRUTURAS",null,"m³","1.96",864.61,1694.64]
["Composição Auxiliar",92263,"SINAPI","Fabricação de fôrma para pilares e estruturas similares, em chapa de madeira compensada resinada, e = 17 mm. af_09/2020.","FUES - FUNDAÇÕES E ESTRUTURAS",null,"m²","2024-10-18",145.13,2626.85]
["Composição Auxiliar",89272,"SINAPI","Guindaste hidráulico autopropelido, com lança telescópica 28,80 m, capacidade máxima 30 t, potência 97 kw, tração 4 x 4 - chp diurno. af_11/2014.","CHOR - CUSTOS HORÁRIOS DE MÁQUINAS E EQUIPAMENTOS",null,"chp","13.00",216.47,2814.11]
["Composição Auxiliar",5824,"SINAPI","Caminhão toco, pbt 16.000 kg, carga útil máx. 10.685 kg, dist. entre eixos 4,8 m, potência 189 cv, inclusive carroceria fixa aberta de madeira p/ transporte geral de carga seca, dimen. aprox. 2,5 x 7,00 x 0,50 m - chp diurno. af_06/2014.","CHOR - CUSTOS HORÁRIOS DE MÁQUINAS E EQUIPAMENTOS",null,"chp","24.00",215.53,5172.72]
["Composição Auxiliar",88267,"SINAPI","Encanador ou bombeiro hidráulico com encargos complementares.","SEDI - SERVIÇOS DIVERSOS",null,"h","4.00",30.33,121.32]
["Composição Auxiliar",88248,"SINAPI","Auxiliar de encanador ou bombeiro hidráulico com encargos complementares.","SEDI - SERVIÇOS DIVERSOS",null,"h","4.00",23.64,94.56]
["Insumo",11677,"SINAPI","Registro de esfera, pvc, com volante, vs, soldavel, dn 50 mm, com corpo dividido.","Material",null,"un","1.00",66.05,66.05]
["Insumo",3146,"SINAPI","Fita veda rosca em rolos de 18 mm x 10 m (l x c).","Material",null,"un","0.18",3.9,0.7]
["Insumo",37106,"SINAPI","Caixa d'agua / reservatorio em poliester reforcado com fibra de vidro, 10000 litros, com tampa.","Material",null,"un","1.00",4653.6899999999996,4653.6899999999996]
["Insumo",9875,"SINAPI","Tubo pvc, soldavel, de 50 mm, agua fria (nbr-5648).","Material",null,"m","15.20",14.68,223.14]
["Insumo",113,"SINAPI","Adaptador pvc soldavel curto com bolsa e rosca, 60 mm x 2\", para agua fria.","Material",null,"un","1.00",10.62,10.62]
["Insumo",3871,"SINAPI","Luva soldavel com rosca, pvc, 50 mm x 1 1/2\", para agua fria predial.","Material",null,"un","1.00",17.38,17.38]
["Insumo",3540,"SINAPI","Joelho pvc, soldavel, 90 graus, 50 mm, cor marrom, para agua fria predial.","Material",null,"un","5.00",4.75,23.75]
["Insumo",99,"SINAPI","Adaptador pvc soldavel, com flange e anel de vedacao, 50 mm x 1 1/2\", para caixa d'agua.","Material",null,"un","2.00",24.94,49.88]
["Insumo",119,"SINAPI","Adesivo plastico para pvc, bisnaga com 75 gr.","Material",null,"un","0.45",8.51,3.83]
[{"$nulls":4},"MO sem LS =>",2049.65,"ls =>","2257.63","MO com LS =>",4307.28]
[{"$nulls":4},"Valor do BDI =>",6774.1053959999999,null,"Valor com BDI =>",null,32492.05]
[{"$nulls":6},"quant. =>","0.80","Preço Total =>",25993.64]
[]
["5.2","Código","Banco","Descrição.","Tipo",null,"und","Quant.","Valor Unit","Total"]
["Composição","COMPOSIÇÃO - 11","Próprio","Fornecimento e execução de reservatório apoiado de 5 m³.","SEDI - SERVIÇOS DIVERSOS",null,"un","1.00",5874.7,5874.7]
["Composição Auxiliar",5928,"SINAPI","Guindauto hidráulico, capacidade máxima de carga 6200 kg, momento máximo de carga 11,7 tm, alcance máximo horizontal 9,70 m, inclusive caminhão toco pbt 16.000 kg, potência de 189 cv - chp diurno. af_06/2014.","CHOR - CUSTOS HORÁRIOS DE MÁQUINAS E EQUIPAMENTOS",null,"chp","4.00",274.37,1097.48]
["Composição Auxiliar",88309,"SINAPI","Pedreiro com encargos complementares.","SEDI - SERVIÇOS DIVERSOS",null,"h","3.00",31.1,93.3]
["Composição Auxiliar",88316,"SINAPI","Servente com encargos complementares.","SEDI - SERVIÇOS DIVERSOS",null,"h","3.00",23.4,70.2]
["Composição Auxiliar",88262,"SINAPI","Carpinteiro de formas com encargos complementares.","SEDI - SERVIÇOS DIVERSOS",null,"h","3.00",30.72,92.16]
["Composição Auxiliar",102617,"SINAPI","Caixa d´água em poliéster reforçado com fibra de vidro, 5000 litros - fornecimento e instalação. af_06/2021.","INHI - INSTALAÇÕES HIDROS SANITÁRIAS",null,"un","1.00",3256.92,3256.92]
["Composição Auxiliar",92783,"SINAPI","Armação de laje de uma estrutura convencional de concreto armado em uma edificação térrea ou sobrado utilizando aço ca-60 de 4,2 mm - montagem. af_12/2015.","FUES - FUNDAÇÕES E ESTRUTURAS",null,"kg","3.20",19.510000000000002,62.43]
["Composição Auxiliar",92759,"SINAPI","Armação de pilar ou viga de estrutura convencional de concreto armado utilizando aço ca-60 de 5,0 mm - montagem. af_06/2022.","FUES - FUNDAÇÕES E ESTRUTURAS",null,"kg","5.60",15.04,84.22]
["Composição Auxiliar",94964,"SINAPI","Concreto fck = 20mpa, traço 1:2,7:3 (em massa seca de cimento/ areia média/ brita 1) - preparo mecânico com betoneira 400 l. af_05/2021.","FUES - FUNDAÇÕES E ESTRUTURAS",null,"m³","1.56",578.79999999999995,902.93]
["Composição Auxiliar",84651,"SINAPI","Pintura com tinta impermeavel mineral em po, duas demaos.","PINT - PINTURAS",null,"m²","2.70",14.64,39.53]
["Composição Auxiliar",92783,"SINAPI","Armação de laje de uma estrutura convencional de concreto armado em uma edificação térrea ou sobrado utilizando aço ca-60 de 4,2 mm - montagem. af_12/2015.","FUES - FUNDAÇÕES E ESTRUTURAS",null,"kg","3.20",19.510000000000002,62.43]
["Insumo",7155,"SINAPI","Tela de aco soldada nervurada, ca-60, q-138, (2,20 kg/m2), diametro do fio = 4,2 mm, largura = 2,45 m, espacamento da malha = 10  x 10 cm.","Material",null,"m²","6.16",18.36,113.1]
[{"$nulls":4},"MO sem LS =>",272.33999999999997,"ls =>","299.97","MO com LS =>",572.30999999999995]
[{"$nulls":4},"Valor do BDI =>",1547.39598,null,"Valor com BDI =>",null,7422.1]
[{"$nulls":6},"quant. =>","0.20","Preço Total =>",1484.42]
[]
[6,null,null,"Bebedouro.",{"$nulls":5},2019.3]
["6.1","Código","Banco","Descrição.","Tipo",null,"und","Quant.","Valor Unit","Total"]
["Composição","COMPOSIÇÃO - 12","Próprio","Serviço de execução do bebedouro em concreto armado, incluso materiais.","SEDI - SERVIÇOS DIVERSOS",null,"un","1.00",1598.31,1598.31]
["Composição Auxiliar",5928,"SINAPI","Guindauto hidráulico, capacidade máxima de carga 6200 kg, momento máximo de carga 11,7 tm, alcance máximo horizontal 9,70 m, inclusive caminhão toco pbt 16.000 kg, potência de 189 cv - chp diurno. af_06/2014.","CHOR - CUSTOS HORÁRIOS DE MÁQUINAS E EQUIPAMENTOS",null,"chp","2.00",274.37,548.74]
["Composição Auxiliar",87445,"SINAPI","Betoneira capacidade nominal 400 l, capacidade de mistura 310 l, motor a diesel potência 5,0 hp, sem carregador - chp diurno. af_05/2023.","CHOR - CUSTOS HORÁRIOS DE MÁQUINAS E EQUIPAMENTOS",null,"chp","0.50",5.27,2.64]
["Composição Auxiliar",88377,"SINAPI","Operador de betoneira estacionária/misturador com encargos complementares.","SEDI - SERVIÇOS DIVERSOS",null,"h","0.50",25.72,12.86]
["Composição Auxiliar",88310,"SINAPI","Pintor com encargos complementares.","SEDI - SERVIÇOS DIVERSOS",null,"h","0.30",32.58,9.77]
["Composição Auxiliar",100301,"SINAPI","Ajudante de pintor com encargos complementares.","SEDI - SERVIÇOS DIVERSOS",null,"h","0.10",25.91,2.59]
["Composição Auxiliar",88245,"SINAPI","Armador com encargos complementares.","SEDI - SERVIÇOS DIVERSOS",null,"h","3.00",30.86,92.58]
["Composição Auxiliar",88262,"SINAPI","Carpinteiro de formas com encargos complementares.","SEDI - SERVIÇOS DIVERSOS",null,"h","2.00",30.72,61.44]
["Composição Auxiliar",88316,"SINAPI","Servente com encargos complementares.","SEDI - SERVIÇOS DIVERSOS",null,"h","5.00",23.4,117]
["Composição Auxiliar",88309,"SINAPI","Pedreiro com encargos complementares.","SEDI - SERVIÇOS DIVERSOS",null,"h","4.00",31.1,124.4]
["Insumo",43055,"SINAPI","Aco ca-50, 12,5 mm ou 16,0 mm, vergalhao.","Material",null,"kg","12.00",7.37,88.44]
["Insumo",43059,"SINAPI","Aco ca-60, 4,2 mm, ou 5,0 mm, ou 6,0 mm, ou 7,0 mm, vergalhao.","Material",null,"kg","13.00",8.0500000000000007,104.65]
["Insumo",32,"SINAPI","Aco ca-50, 6,3 mm, vergalhao.","Material",null,"kg","6.00",8.9700000000000006,53.82]
["Insumo",370,"SINAPI","Areia media - posto jazida/fornecedor (retirado na jazida, sem transporte).","Material",null,"m³","0.32",195,62.4]
["Insumo",1379,"SINAPI","Cimento portland composto cp ii-32.","Material",null,"kg","127.00",0.66,83.82]
["Insumo",4718,"SINAPI","Pedra britada n. 2 (19 a 38 mm) posto pedreira/fornecedor, sem frete.","Material",null,"m³","0.08",198.43,15.87]
["Insumo",4721,"SINAPI","Pedra britada n. 1 (9,5 a 19 mm) posto pedreira/fornecedor, sem frete.","Material",null,"m³","0.23",197.39,45.4]
["Insumo",3767,"SINAPI","Lixa em folha para parede ou madeira, numero 120, cor vermelha.","Material",null,"un","0.12",1.35,0.16]
["Insumo",7356,"SINAPI","Tinta latex acrilica premium, cor branco fosco.","Material",null,"l","0.18",32.22,5.8]
["Insumo",43681,"SINAPI","Chapa/painel de madeira compensada resinada (madeirite resinado rosa) para forma de concreto, de 2200 x 1100 mm, e = 8 a 12 mm.","Material",null,"m²","7.30",22.73,165.93]
[{"$nulls":4},"MO sem LS =>",160.96,"ls =>","177.28","MO com LS =>",338.24]
[{"$nulls":4},"Valor do BDI =>",420.99485399999998,null,"Valor com BDI =>",null,2019.3]
[{"$nulls":6},"quant. =>","1.00","Preço Total =>",2019.3]
[]
[7,null,null,"Chafariz.",{"$nulls":5},1356.34]
["7.1","Código","Banco","Descrição.","Tipo",null,"und","Quant.","Valor Unit","Total"]
["Composição","COMPOSIÇÃO - 13","Próprio","Fornecimento de material e instalação do chafariz.","ASTU - ASSENTAMENTO DE TUBOS E PECAS",null,"un","1.00",1073.56,1073.56]
["Composição Auxiliar",88267,"SINAPI","Encanador ou bombeiro hidráulico com encargos complementares.","SEDI - SERVIÇOS DIVERSOS",null,"h","2.00",30.33,60.66]
["Composição Auxiliar",88248,"SINAPI","Auxiliar de encanador ou bombeiro hidráulico com encargos complementares.","SEDI - SERVIÇOS DIVERSOS",null,"h","2.00",23.64,47.28]
["Composição Auxiliar",93358,"SINAPI","Escavação manual de vala com profundidade menor ou igual a 1,30 m. af_02/2021.","MOVT - MOVIMENTO DE TERRA",null,"m³","0.09",92.57,8.7899999999999991]
["Composição Auxiliar",92270,"SINAPI","Fabricação de fôrma para vigas, com madeira serrada, e = 25 mm. af_09/2020.","FUES - FUNDAÇÕES E ESTRUTURAS",null,"m²","0.63",173.66,109.06]
["Composição Auxiliar",94975,"SINAPI","Concreto fck = 15mpa, traço 1:3,4:3,5 (em massa seca de cimento/ areia média/ brita 1) - preparo manual. af_05/2021.","FUES - FUNDAÇÕES E ESTRUTURAS",null,"m³","0.16",604.61,94.92]
["Composição Auxiliar",2171,"ORSE","Piso cimentado liso traço 1:5, e = 3 cm, c/ junta plástica 3 x 27 mm.","Pisos : Cimentados, em Concreto Simples, tipo Tech-Stone e de Alta Resistência",null,"m²","0.79",52.58,41.28]
["Composição Auxiliar",87904,"SINAPI","Chapisco aplicado em alvenaria (com presença de vãos) e estruturas de concreto de fachada, com colher de pedreiro.  argamassa traço 1:3 com preparo manual. af_10/2022.","REVE - REVESTIMENTO E TRATAMENTO DE SUPERFÍCIES",null,"m²","0.31",9.3800000000000008,2.95]
["Composição Auxiliar",87529,"SINAPI","Massa única, em argamassa traço 1:2:8, preparo mecânico, aplicada manualmente em paredes internas de ambientes com área entre 5m² e 10m², e = 17,5mm, com taliscas. af_03/2024.","REVE - REVESTIMENTO E TRATAMENTO DE SUPERFÍCIES",null,"m²","0.31",42.58,13.37]
["Composição Auxiliar",84651,"SINAPI","Pintura com tinta impermeavel mineral em po, duas demaos.","PINT - PINTURAS",null,"m²","0.31",14.64,4.5999999999999996]
["Insumo",765,"SINAPI","Bucha de reducao de ferro galvanizado, com rosca bsp, de 1\" x 3/4\".","Material",null,"un","2.00",11.17,22.34]
["Insumo",9887,"SINAPI","Uniao de ferro galvanizado, com rosca bsp, com assento plano, de 2\".","Material",null,"un","2.00",113.7,227.4]
["Insumo",21013,"SINAPI","Tubo aco galvanizado com costura, classe leve, dn 50 mm ( 2\"),  e = 3,00 mm,  *4,40* kg/m (nbr 5580).","Material",null,"m","1.80",67.989999999999995,122.38]
["Insumo",6298,"SINAPI","Te de ferro galvanizado, de 2\".","Material",null,"un","1.00",74.06,74.06]
["Insumo",3471,"SINAPI","Cotovelo 90 graus de ferro galvanizado, com rosca bsp, de 2\".","Material",null,"un","1.00",55.7,55.7]
["Insumo",113,"SINAPI","Adaptador pvc soldavel curto com bolsa e rosca, 60 mm x 2\", para agua fria.","Material",null,"un","1.00",10.62,10.62]
["Insumo",818,"SINAPI","Bucha de reducao de pvc, soldavel, curta, com 60 x 50 mm, para agua fria predial.","Material",null,"un","1.00",6.48,6.48]
["Insumo",7604,"SINAPI","Torneira metalica cromada para tanque / jardim, sem bico , cano longo, de parede, padrao popular / uso geral, 1/2 \" ou 3/4 \" (ref 1126).","Material",null,"un","2.00",48.62,97.24]
["Insumo",119,"SINAPI","Adesivo plastico para pvc, bisnaga com 75 gr.","Material",null,"un","1.00",8.51,8.51]
["Insumo",3146,"SINAPI","Fita veda rosca em rolos de 18 mm x 10 m (l x c).","Material",null,"un","1.00",3.9,3.9]
["Insumo",771,"SINAPI","Bucha de reducao de ferro galvanizado, com rosca bsp, de 2\" x 1\".","Material",null,"un","2.00",31.01,62.02]
[{"$nulls":4},"MO sem LS =>",68.38,"ls =>","75.31","MO com LS =>",143.69]
[{"$nulls":4},"Valor do BDI =>",282.77570400000002,null,"Valor com BDI =>",null,1356.34]
[{"$nulls":6},"quant. =>","1.00","Preço Total =>",1356.34]
[]
[8,null,null,"Cavalete.",{"$nulls":5},1970.15]
["8.1","Código","Banco","Descrição.","Tipo",null,"und","Quant.","Valor Unit","Total"]
["Composição","COMPOSIÇÃO - 14","Próprio","Fornecimento de conexões e instalação do cavalete com hidrômetro e clorador de pastilhas.","INHI - INSTALAÇÕES HIDROS SANITÁRIAS",null,"un","1.00",1559.4,1559.4]
["Composição Auxiliar",88248,"SINAPI","Auxiliar de encanador ou bombeiro hidráulico com encargos complementares.","SEDI - SERVIÇOS DIVERSOS",null,"h","3.00",23.64,70.92]
["Insumo",791,"SINAPI","Bucha de reducao de ferro galvanizado, com rosca bsp, de 1 1/2\" x 1\".","Material",null,"un","1.00",23.11,23.11]
["Insumo",9862,"SINAPI","Tubo pvc, roscavel, 1 1/2\",  agua fria predial.","Material",null,"m","1.50",29.8,44.7]
["Insumo",11831,"SINAPI","Torneira plastica para tanque 1/2 \" ou 3/4 \" com bico para mangueira.","Material",null,"un","1.00",17.12,17.12]
["Insumo",2121,"SBC","Te de reducao ferro galvanizado 1.1/2\" x 1\".","Material",null,"un","1.00",57.49,57.49]
["Insumo",9569,"ORSE","Adaptador pvc bsxrm d= 35mm x 1 1/2\", linha irriga-lf, tigre ou similar un.","Material",null,"un","1.00",3.04,3.04]
["Insumo",3939,"SINAPI","Luva de ferro galvanizado, com rosca bsp, de 1 1/2\".","Material",null,"un","1.00",25.6,25.6]
["Insumo",1798,"SINAPI","Curva 90 graus de ferro galvanizado, com rosca bsp macho, de 2\".","Material",null,"un","1.00",142.72,142.72]
["Insumo",9887,"SINAPI","Uniao de ferro galvanizado, com rosca bsp, com assento plano, de 2\".","Material",null,"un","2.00",113.7,227.4]
["Insumo"," 00004181/SINAPI ","ORSE","Niple de ferro galvanizado, com rosca bsp, de 2\".","Material",null,"un","2.00",39.24,78.48]
["Insumo",6028,"SINAPI","Registro gaveta bruto em latao forjado, bitola 2 \" (ref 1509).","Material",null,"un","1.00",154.21,154.21]
["Insumo",12775,"SINAPI","Hidrometro multijato / medidor de agua, dn 1\", vazao maxima de 7 m3/h, para agua potavel fria, relojoaria plana, classe b, horizontal (sem conexoes).","Material",null,"un","1.00",350.65,350.65]
["Insumo",771,"SINAPI","Bucha de reducao de ferro galvanizado, com rosca bsp, de 2\" x 1\".","Material",null,"un","1.00",31.01,31.01]
["Insumo",6305,"SINAPI","Te de reducao de ferro galvanizado, com rosca bsp, de 2\" x 1\".","Material",null,"un","1.00",81.98,81.98]
["Insumo",12464,"ORSE","Clorador dosador de cloro de pastilhas automático.","Material",null,"un","1.00",250.97,250.97]
[{"$nulls":4},"MO sem LS =>",22.26,"ls =>","24.51","MO com LS =>",46.77]
[{"$nulls":4},"Valor do BDI =>",410.74596000000003,null,"Valor com BDI =>",null,1970.15]
[{"$nulls":6},"quant. =>","1.00","Preço Total =>",1970.15]
[]
[9,null,null,"Instalações hidráulicas.",{"$nulls":5},21343.69]
["9.1","Código","Banco","Descrição.","Tipo",null,"und","Quant.","Valor Unit","Total"]
["Composição","COMPOSIÇÃO - 15","Próprio","Fornecimento e instalação da rede adutora poço-reservatório-bebedouro em pn80 e dn50mm.","SEDI - SERVIÇOS DIVERSOS",null,"m","1.00",28.99,28.99]
["Composição Auxiliar",88316,"SINAPI","Servente com encargos complementares.","SEDI - SERVIÇOS DIVERSOS",null,"h","0.05",23.4,1.17]
["Composição Auxiliar",93358,"SINAPI","Escavação manual de vala com profundidade menor ou igual a 1,30 m. af_02/2021.","MOVT - MOVIMENTO DE TERRA",null,"m³","0.05",92.57,4.63]
["Insumo",9875,"SINAPI","Tubo pvc, soldavel, de 50 mm, agua fria (nbr-5648).","Material",null,"m","1.00",14.68,14.68]
["Insumo",119,"SINAPI","Adesivo plastico para pvc, bisnaga com 75 gr.","Material",null,"un","1.00",8.51,8.51]
[{"$nulls":4},"MO sem LS =>",1.74,"ls =>","1.92","MO com LS =>",3.66]
[{"$nulls":4},"Valor do BDI =>",7.6359659999999998,null,"Valor com BDI =>",null,36.630000000000003]
[{"$nulls":6},"quant. =>","400.00","Preço Total =>",14652]
[]
["9.2","Código","Banco","Descrição.","Tipo",null,"und","Quant.","Valor Unit","Total"]
["Composição","COMPOSIÇÃO - 16","Próprio","Montagem hidráulica do equipamento de bombeamento.","INHI - INSTALAÇÕES HIDROS SANITÁRIAS",null,"un","1.00",161.91,161.91]
["Composição Auxiliar",88267,"SINAPI","Encanador ou bombeiro hidráulico com encargos complementares.","SEDI - SERVIÇOS DIVERSOS",null,"h","3.00",30.33,90.99]
["Composição Auxiliar",88248,"SINAPI","Auxiliar de encanador ou bombeiro hidráulico com encargos complementares.","SEDI - SERVIÇOS DIVERSOS",null,"h","3.00",23.64,70.92]
[{"$nulls":4},"MO sem LS =>",54.06,"ls =>","59.55","MO com LS =>",113.61]
[{"$nulls":4},"Valor do BDI =>",42.647094000000003,null,"Valor com BDI =>",null,204.56]
[{"$nulls":6},"quant. =>","1.00","Preço Total =>",204.56]
[]
["9.3","Código","Banco","Descrição.","Tipo",null,"und","Quant.","Valor Unit","Total"]
["Insumo",38200,"SINAPI","Corda de poliamida 12 mm tipo bombeiro, para trabalho em altura.","Material",null,"100m","1.00",662.01,662.01]
[{"$nulls":4},"MO sem LS =>",0,"ls =>","0.00","MO com LS =>",0]
[{"$nulls":4},"Valor do BDI =>",101.16,null,"Valor com BDI =>",null,763.17]
[{"$nulls":6},"quant. =>","0.93","Preço Total =>",709.75]
[]
["9.4","Código","Banco","Descrição.","Tipo",null,"und","Quant.","Valor Unit","Total"]
["Insumo",9860,"SINAPI","Tubo pvc, roscavel,  2\", para agua fria predial.","Material",null,"m","1.00",42.65,42.65]
[{"$nulls":4},"MO sem LS =>",0,"ls =>","0.00","MO com LS =>",0]
[{"$nulls":4},"Valor do BDI =>",11.23,null,"Valor com BDI =>",null,53.88]
[{"$nulls":6},"quant. =>","90.00","Preço Total =>",4849.2]
[]
["9.5","Código","Banco","Descrição.","Tipo",null,"und","Quant.","Valor Unit","Total"]
["Insumo",3912,"SINAPI","Luva de ferro galvanizado, com rosca bsp, de 2\".","Material",null,"un","1.00",39.21,39.21]
[{"$nulls":4},"MO sem LS =>",0,"ls =>","0.00","MO com LS =>",0]
[{"$nulls":4},"Valor do BDI =>",10.33,null,"Valor com BDI =>",null,49.54]
[{"$nulls":6},"quant. =>","16.00","Preço Total =>",792.64]
[]
["9.6","Código","Banco","Descrição.","Tipo",null,"und","Quant.","Valor Unit","Total"]
["Insumo",5128,"ORSE","Tampa de poço galvanizada em 6\" un.","Serviços",null,"un","1.00",107.28,107.28]
[{"$nulls":4},"MO sem LS =>",0,"ls =>","0.00","MO com LS =>",0]
[{"$nulls":4},"Valor do BDI =>",28.26,null,"Valor com BDI =>",null,135.54]
[{"$nulls":6},"quant. =>","1.00","Preço Total =>",135.54]
[]
[10,null,null,"Estrutura de fixação para módulos fotovoltáicos.",{"$nulls":5},5497.76]
["10.1","Código","Banco","Descrição.","Tipo",null,"und","Quant.","Valor Unit","Total"]
["Composição","COMPOSIÇÃO - 17","Próprio","Serviço de fixação de estruturas para os módulos fotovoltaicos e suportes de concreto, incluso materiais.","SEDI - SERVIÇOS DIVERSOS",null,"m²","1.00",271.97000000000003,271.97000000000003]
["Composição Auxiliar",94975,"SINAPI","Concreto fck = 15mpa, traço 1:3,4:3,5 (em massa seca de cimento/ areia média/ brita 1) - preparo manual. af_05/2021.","FUES - FUNDAÇÕES E ESTRUTURAS",null,"m³","0.09",604.61,57.14]
["Composição Auxiliar",93358,"SINAPI","Escavação manual de vala com profundidade menor ou igual a 1,30 m. af_02/2021.","MOVT - MOVIMENTO DE TERRA",null,"m³","0.06",92.57,5.79]
["Composição Auxiliar",96534,"SINAPI","Fabricação, montagem e desmontagem de fôrma para bloco de coroamento, em madeira serrada, e=25 mm, 4 utilizações. af_06/2017.","FUES - FUNDAÇÕES E ESTRUTURAS",null,"m²","0.03",79.849999999999994,2.56]
["Composição Auxiliar",88316,"SINAPI","Servente com encargos complementares.","SEDI - SERVIÇOS DIVERSOS",null,"h","2.64",23.4,61.71]
["Composição Auxiliar",88278,"SINAPI","Montador de estrutura metálica com encargos complementares.","SEDI - SERVIÇOS DIVERSOS",null,"h","2.64",25.36,66.87]
["Insumo",15690,"SBC","Estrutura metalica tesoura c/coluna 20/35m(24,72kg/m2).","Material",null,"m²","1.00",77.900000000000006,77.900000000000006]
[{"$nulls":4},"MO sem LS =>",47.36,"ls =>","52.16","MO com LS =>",99.52]
[{"$nulls":4},"Valor do BDI =>",71.636898000000002,null,"Valor com BDI =>",null,343.61]
[{"$nulls":6},"quant. =>","16.00","Preço Total =>",5497.76]
[]
[11,null,null,"Instalações elétricas e bóia elétrica.",{"$nulls":5},18906.669999999998]
["11.1","Código","Banco","Descrição.","Tipo",null,"und","Quant.","Valor Unit","Total"]
["Composição","COMPOSIÇÃO - 18","Próprio","Montagem e instalação elétrica do kit de bombeamento e sistema fotovoltaico inclusive sistema de aterramento.","INEL - INSTALAÇÃO ELÉTRICA/ELETRIFICAÇÃO E ILUMINAÇÃO EXTERNA",null,"un","1.00",1206.6300000000001,1206.6300000000001]
["Composição Auxiliar",88247,"SINAPI","Auxiliar de eletricista com encargos complementares.","SEDI - SERVIÇOS DIVERSOS",null,"h","8.00",24.66,197.28]
["Insumo",20111,"SINAPI","Fita isolante adesiva antichama, uso ate 750 v, em rolo de 19 mm x 20 m.","Material",null,"un","1.00",12.5,12.5]
["Insumo",2674,"SINAPI","Fornecimento de  eletroduto de pvc rigido roscavel de 3/4 \", sem luva.","Material",null,"m","15.00",6,90]
["Insumo",12034,"SINAPI","Fornecimento de  curva 180 graus, de pvc rigido roscavel, de 3/4\", para eletroduto.","Material",null,"un","1.00",5.04,5.04]
["Insumo",39272,"SINAPI","Fornecimento de  curva 90 graus, curta, de pvc rigido roscavel, de 3/4\", para eletroduto.","Material",null,"un","2.00",2.75,5.5]
["Insumo",3379,"SINAPI","Haste de aterramento em aco com 3,00 m de comprimento e dn = 5/8\", revestida com baixa camada de cobre, sem conector.","Material",null,"un","0.66",59.35,39.17]
["Insumo",1891,"SINAPI","Fornecimento de  luva em pvc rigido roscavel, de 3/4\", para eletroduto.","Material",null,"un","9.00",1.27,11.43]
["Insumo",425,"SINAPI","Grampo metalico tipo olhal para haste de aterramento de 5/8'', condutor de *10* a 50 mm2.","Material",null,"un","2.00",5.63,11.26]
["Insumo",34643,"SINAPI","Fornecimento de  caixa de inspecao para aterramento e para raios, em polipropileno,  diametro = 300 mm x altura = 400 mm.","Material",null,"un","2.00",55.41,110.82]
["Insumo",867,"SINAPI","Cabo de cobre nu 50 mm2 meio-duro.","Material",null,"m","7.50",66.790000000000006,500.93]
["Insumo",54581,"SIURB INFRA","Dps - dispositivo de proteção contra surtos – 45ka – 500 volts - corrente contínua - classe ii - p/ sistema fotovoltáico.","Material",null,"un","1.00",222.7,222.7]
[{"$nulls":4},"MO sem LS =>",60.65,"ls =>","66.79","MO com LS =>",127.44]
[{"$nulls":4},"Valor do BDI =>",317.82634200000001,null,"Valor com BDI =>",null,1524.46]
[{"$nulls":6},"quant. =>","1.00","Preço Total =>",1524.46]
[]
["11.2","Código","Banco","Descrição.","Tipo",null,"und","Quant.","Valor Unit","Total"]
["Insumo",34622,"SINAPI","Fornecimento de  cabo flexivel pvc 750 v, 3 condutores de 6,0 mm2.","Material",null,"m","1.00",26.26,26.26]
[{"$nulls":4},"MO sem LS =>",0,"ls =>","0.00","MO com LS =>",0]
[{"$nulls":4},"Valor do BDI =>",4.01,null,"Valor com BDI =>",null,30.27]
[{"$nulls":6},"quant. =>","105.00","Preço Total =>",3178.35]
[]
["11.3","Código","Banco","Descrição.","Tipo",null,"und","Quant.","Valor Unit","Total"]
["Composição","COMPOSIÇÃO - 19","Próprio","Fornecimento e instalação de automático de bóia superior e inferior.","ASTU - ASSENTAMENTO DE TUBOS E PECAS",null,"un","1.00",70.290000000000006,70.290000000000006]
["Composição Auxiliar",88264,"SINAPI","Eletricista com encargos complementares.","SEDI - SERVIÇOS DIVERSOS",null,"h","0.20",31.5,6.3]
["Composição Auxiliar",88247,"SINAPI","Auxiliar de eletricista com encargos complementares.","SEDI - SERVIÇOS DIVERSOS",null,"h","0.20",24.66,4.93]
["Insumo",7588,"SINAPI","Automatico de boia superior / inferior, *15* a / 250 v.","Material",null,"un","1.00",58,58]
["Insumo",21127,"SINAPI","Fita isolante adesiva antichama, uso ate 750 v, em rolo de 19 mm x 5 m.","Material",null,"un","0.10",4.72,0.47]
["Insumo",3146,"SINAPI","Fita veda rosca em rolos de 18 mm x 10 m (l x c).","Material",null,"un","0.15",3.9,0.59]
[{"$nulls":4},"MO sem LS =>",3.68,"ls =>","2024-06-04","MO com LS =>",7.74]
[{"$nulls":4},"Valor do BDI =>",18.514385999999998,null,"Valor com BDI =>",null,88.8]
[{"$nulls":6},"quant. =>","1.00","Preço Total =>",88.8]
[]
["11.4","Código","Banco","Descrição.","Tipo",null,"und","Quant.","Valor Unit","Total"]
["Insumo",39257,"SINAPI","Cabo multipolar de cobre, flexivel, classe 4 ou 5, isolacao em hepr, cobertura em pvc-st2, antichama bwf-b, 0,6/1 kv, 3 condutores de 1,5 mm2.","Material",null,"m","1.00",7.14,7.14]
[{"$nulls":4},"MO sem LS =>",0,"ls =>","0.00","MO com LS =>",0]
[{"$nulls":4},"Valor do BDI =>",1.88,null,"Valor com BDI =>",null,9.02]
[{"$nulls":6},"quant. =>","200.00","Preço Total =>",1804]
[]
["11.5","Código","Banco","Descrição.","Tipo",null,"und","Quant.","Valor Unit","Total"]
["Insumo","COTAÇÃO-001","Próprio","Fornecimento de kit de bombeamento fotovoltaico, incluindo uma bomba cc de 1500w com controladora de carga externa, caixa de proteção metálica, módulos fotovoltaicos compatíveis com a geração de 2200wp além de componentes elétricos necessários para interligação dos painéis, como cabos, conectores mc4 e presilhas de fixação.","Serviços",null,"un","1.00",9744.39,9744.39]
[{"$nulls":4},"MO sem LS =>",0,"ls =>","0.00","MO com LS =>",0]
[{"$nulls":4},"Valor do BDI =>",2566.67,null,"Valor com BDI =>",null,12311.06]
[{"$nulls":6},"quant. =>","1.00","Preço Total =>",12311.06]
[]
[12,null,null,"Urbanização.",{"$nulls":5},3928.76]
["12.1","Código","Banco","Descrição.","Tipo",null,"und","Quant.","Valor Unit","Total"]
["Composição","COMPOSIÇÃO - 20","Próprio","Cerca com mourões de concreto de 15x15cm, espaçados de 3m e cravados a 0,5m, escoras de 10x10cm nos cantos, e 9 fios de arame de aço ovalado 15x17.","SEDI - SERVIÇOS DIVERSOS",null,"m","1.00",81.66,81.66]
["Composição Auxiliar",88309,"SINAPI","Pedreiro com encargos complementares.","SEDI - SERVIÇOS DIVERSOS",null,"h","0.34",31.1,10.42]
["Composição Auxiliar",88316,"SINAPI","Servente com encargos complementares.","SEDI - SERVIÇOS DIVERSOS",null,"h","0.67",23.4,15.7]
["Composição Auxiliar",94975,"SINAPI","Concreto fck = 15mpa, traço 1:3,4:3,5 (em massa seca de cimento/ areia média/ brita 1) - preparo manual. af_05/2021.","FUES - FUNDAÇÕES E ESTRUTURAS",null,"m³","0.03",604.61,17.41]
["Insumo",43130,"SINAPI","Arame galvanizado 12 bwg, d = 2,76 mm (0,048 kg/m) ou 14 bwg, d = 2,11 mm (0,026 kg/m).","Material",null,"kg","0.10",17,1.67]
["Insumo",346,"SINAPI","Arame de aco ovalado 15 x 17 ( 45,7 kg, 700 kgf), rolo 1000 m.","Material",null,"kg","0.41",20.14,8.16]
["Insumo",4111,"SINAPI","Escora pre-moldada em concreto, *10 x 10* cm, h = 2,30m.","Material",null,"un","0.16",52.96,8.4700000000000006]
["Insumo"," I1533 ","SEINFRA","Mourão concreto base 15x15cm h=2.3 c/ 12 furos.","Material",null,"un","0.42",47.22,19.829999999999998]
[{"$nulls":4},"MO sem LS =>",9.5399999999999991,"ls =>","10.51","MO com LS =>",20.05]
[{"$nulls":4},"Valor do BDI =>",21.509243999999999,null,"Valor com BDI =>",null,103.17]
[{"$nulls":6},"quant. =>","28.00","Preço Total =>",2888.76]
[]
["12.2","Código","Banco","Descrição.","Tipo",null,"und","Quant.","Valor Unit","Total"]
["Composição","COMPOSIÇÃO - 21","Próprio","Serviço de instalação de portão de ferro com suporte e batedor conforme projeto, incluso material.","SEDI - SERVIÇOS DIVERSOS",null,"m²","1.00",548.78,548.78]
["Composição Auxiliar",88309,"SINAPI","Pedreiro com encargos complementares.","SEDI - SERVIÇOS DIVERSOS",null,"h","1.50",31.1,46.65]
["Composição Auxiliar",88316,"SINAPI","Servente com encargos complementares.","SEDI - SERVIÇOS DIVERSOS",null,"h","1.50",23.4,35.1]
["Insumo",367,"SINAPI","Areia grossa - posto jazida/fornecedor (retirado na jazida, sem transporte).","Material",null,"m³","0.06",197.54,12.05]
["Insumo",1379,"SINAPI","Cimento portland composto cp ii-32.","Material",null,"kg","4.83",0.66,3.19]
["Insumo",4948,"SINAPI","Portao de abrir / giro, em gradil de metalon redondo de 3/4\"  vertical, com requadro, acabamento natural - completo.","Material",null,"m²","1.00",451.79,451.79]
[{"$nulls":4},"MO sem LS =>",26.51,"ls =>","29.20","MO com LS =>",55.71]
[{"$nulls":4},"Valor do BDI =>",144.548652,null,"Valor com BDI =>",null,693.33]
[{"$nulls":6},"quant. =>","1.50","Preço Total =>",1040]
[]
[13,null,null,"Outros serviços e insumos excepcionais.",{"$nulls":5},9006.92]
["13.1","Código","Banco","Descrição.","Tipo",null,"und","Quant.","Valor Unit","Total"]
["Composição","COMPOSIÇÃO - 22","Próprio","Fornecimento e instalação do pré filtro para revestimento interno.","ASTU - ASSENTAMENTO DE TUBOS E PECAS",null,"m³","1.00",1651.44,1651.44]
["Composição Auxiliar",90776,"SINAPI","Encarregado geral com encargos complementares.","SEDI - SERVIÇOS DIVERSOS",null,"h","0.40",25.09,10.039999999999999]
["Composição Auxiliar",88297,"SINAPI","Operador de máquinas e equipamentos com encargos complementares.","SEDI - SERVIÇOS DIVERSOS",null,"h","0.40",25.79,10.32]
["Composição Auxiliar",88316,"SINAPI","Servente com encargos complementares.","SEDI - SERVIÇOS DIVERSOS",null,"h","0.50",23.4,11.7]
["Insumo",5073,"ORSE","Pré-filtro comum.","Serviços",null,"m³","1.00",1619.38,1619.38]
[{"$nulls":4},"MO sem LS =>",11.24,"ls =>","12.39","MO com LS =>",23.63]
[{"$nulls":4},"Valor do BDI =>",434.98929600000002,null,"Valor com BDI =>",null,2086.4299999999998]
[{"$nulls":6},"quant. =>","0.18","Preço Total =>",375.56]
[]
["13.2","Código","Banco","Descrição.","Tipo",null,"und","Quant.","Valor Unit","Total"]
["Composição","COMPOSIÇÃO - 23","Próprio","Execução de tamponamento conforme especificação.","SEDI - SERVIÇOS DIVERSOS",null,"m³","1.00",771.68,771.68]
["Composição Auxiliar",87316,"SINAPI","Argamassa traço 1:4 (em volume de cimento e areia grossa úmida) para chapisco convencional, preparo mecânico com betoneira 400 l. af_08/2019.","SEDI - SERVIÇOS DIVERSOS",null,"m³","1.00",550.89,550.89]
["Composição Auxiliar",88316,"SINAPI","Servente com encargos complementares.","SEDI - SERVIÇOS DIVERSOS",null,"h","1.00",23.4,23.4]
["Insumo",4721,"SINAPI","Pedra britada n. 1 (9,5 a 19 mm) posto pedreira/fornecedor, sem frete.","Material",null,"m³","1.00",197.39,197.39]
[{"$nulls":4},"MO sem LS =>",47.15,"ls =>","51.94","MO com LS =>",99.09]
[{"$nulls":4},"Valor do BDI =>",203.26051200000001,null,"Valor com BDI =>",null,974.94]
[{"$nulls":6},"quant. =>","0.24","Preço Total =>",233.99]
[]
["13.3","Código","Banco","Descrição.","Tipo",null,"und","Quant.","Valor Unit","Total"]
["Composição","COMPOSIÇÃO - 24","Próprio","Fornecimento e instalação do filtro para revestimento interno ø 4 1/2\".","ASTU - ASSENTAMENTO DE TUBOS E PECAS",null,"m","1.00",102.66,102.66]
["Composição Auxiliar",88316,"SINAPI","Servente com encargos complementares.","SEDI - SERVIÇOS DIVERSOS",null,"h","0.65",23.4,15.21]
["Composição Auxiliar",90776,"SINAPI","Encarregado geral com encargos complementares.","SEDI - SERVIÇOS DIVERSOS",null,"h","0.65",25.09,16.309999999999999]
["Insumo","COTAÇÃO-002","Próprio","Fornecimento tubo filtro geomecânico classe reforçado diâmetro ø 4 1/2\" com junta roscável.","Material",null,"m","1.00",71.14,71.14]
[{"$nulls":4},"MO sem LS =>",11.49,"ls =>","12.65","MO com LS =>",24.14]
[{"$nulls":4},"Valor do BDI =>",27.040644,null,"Valor com BDI =>",null,129.69999999999999]
[{"$nulls":6},"quant. =>","0.60","Preço Total =>",77.819999999999993]
[]
["13.4","Código","Banco","Descrição.","Tipo",null,"und","Quant.","Valor Unit","Total"]
["Composição","COMPOSIÇÃO - 25","Próprio","Fornecimento e instalação do revestimento interno ø 4 1/2\".","ASTU - ASSENTAMENTO DE TUBOS E PECAS",null,"m","1.00",93.89,93.89]
["Composição Auxiliar",88316,"SINAPI","Servente com encargos complementares.","SEDI - SERVIÇOS DIVERSOS",null,"h","0.65",23.4,15.21]
["Composição Auxiliar",90776,"SINAPI","Encarregado geral com encargos complementares.","SEDI - SERVIÇOS DIVERSOS",null,"h","0.65",25.09,16.309999999999999]
["Insumo","COTAÇÃO-003","Próprio","Fornecimento tubo revestimento geomecânico classe reforçado ø 4 1/2\" com junta roscável.","Material",null,"m","1.00",62.37,62.37]
[{"$nulls":4},"MO sem LS =>",11.49,"ls =>","12.65","MO com LS =>",24.14]
[{"$nulls":4},"Valor do BDI =>",24.730626000000001,null,"Valor com BDI =>",null,118.62]
[{"$nulls":6},"quant. =>","0.60","Preço Total =>",71.17]
[]
["13.5","Código","Banco","Descrição.","Tipo",null,"und","Quant.","Valor Unit","Total"]
["Insumo"," M3929 ","SICRO3","Tubo em aço-carbono - e = 3,00 mm e d = 150 mm (6\").","Material",null,"m","1.00",171.2287,171.2287]
[{"$nulls":4},"MO sem LS =>",0,"ls =>","0.00","MO com LS =>",0]
[{"$nulls":4},"Valor do BDI =>",45.1,null,"Valor com BDI =>",null,216.33]
[{"$nulls":6},"quant. =>","9.00","Preço Total =>",1946.97]
[]
["13.6","Código","Banco","Descrição.","Tipo",null,"und","Quant.","Valor Unit","Total"]
["Insumo",41699,"SINAPI","Tubo de revestimento, em aco, corpo schedule 40, ponteira schedule 80, rosqueavel e segmentado para perfuracao, diametro 8.","Material",null,"m","1.00",2189.0100000000002,2189.0100000000002]
[{"$nulls":4},"MO sem LS =>",0,"ls =>","0.00","MO com LS =>",0]
[{"$nulls":4},"Valor do BDI =>",576.59,null,"Valor com BDI =>",null,2765.6]
[{"$nulls":6},"quant. =>","1.80","Preço Total =>",4978.08]
[]
["13.7","Código","Banco","Descrição.","Tipo",null,"und","Quant.","Valor Unit","Total"]
["Insumo"," M039706073 ","EMBASA","Filtro nold em aço galvanizado dn 6\".","Material",null,"m","1.00",763.9,763.9]
[{"$nulls":4},"MO sem LS =>",0,"ls =>","0.00","MO com LS =>",0]
[{"$nulls":4},"Valor do BDI =>",201.21,null,"Valor com BDI =>",null,965.11]
[{"$nulls":6},"quant. =>","1.20","Preço Total =>",1158.1300000000001]
[]
["13.8","Código","Banco","Descrição.","Tipo",null,"und","Quant.","Valor Unit","Total"]
["Composição","COMPOSIÇÃO - 26","Próprio","Limpeza manual , remoção de cerca, capina e instalação dos equipamentos (área do poço, painéis solares, bebedouro e reservatório).","SEDI - SERVIÇOS DIVERSOS",null,"m²","1.00",1.87,1.87]
["Composição Auxiliar",88316,"SINAPI","Servente com encargos complementares.","SEDI - SERVIÇOS DIVERSOS",null,"h","0.08",23.4,1.87]
[{"$nulls":4},"MO sem LS =>",0.56000000000000005,"ls =>","0.62","MO com LS =>",1.18]
[{"$nulls":4},"Valor do BDI =>",0.492558,null,"Valor com BDI =>",null,2.36]
[{"$nulls":6},"quant. =>","70.00","Preço Total =>",165.2]
[]
[]
[]
[]
[{"$nulls":5},"Total Geral",null,"140176.24"]
[]
[14]

{"sheet":"Crono. - DF - P","index":23,"n_rows":27,"n_cols":15,"rows_kept":27,"cut":false,"hidden":false,"merged":[[0,0,6,14],[7,0,8,14],[23,0,23,1],[23,2,26,2],[24,0,24,1],[25,0,25,1],[26,0,26,1]]}
["OBJETO: EXECUÇÃO DE SERVIÇOS DE PERFURAÇÃO E INSTALAÇÃO DE POÇOS TUBULARES EM MUNICÍPIOS LOCALIZADOS NO DISTRITO FEDERAL, NA ÁREA DE ATUAÇÃO DA CODEVASF"]
[]
[]
[]
[]
[]
[]
["CRONOGRAMA FÍSICO-FINANCEIRO POÇO PARCIALMENTE REVESTIDO"]
[]
["ITEM","ESPECIFICAÇÃO DOS SERVIÇOS","VALOR TOTAL (R$)","Mês 01","Mês 02","Mês 03","Mês 04","Mês 05","Mês 06","Mês 07","Mês 08","Mês 09","Mês 10","Mês 11","Mês 12"]
["1","Serviços preliminares.",32554.63,2712.8858333333333,2712.8858333333333,2712.8858333333333,2712.8858333333333,2712.8858333333333,2712.8858333333333,2712.8858333333333,2712.8858333333333,2712.8858333333333,2712.8858333333333,2712.8858333333333,2712.8858333333333]
["2","Mobilizaçâo e desmobilizaçâo equipes perfuraçâo e instalação.",51534,4294.5,4294.5,4294.5,4294.5,4294.5,4294.5,4294.5,4294.5,4294.5,4294.5,4294.5,4294.5]
["3","Perfuração e completação de poço tubular.",629047.78,52420.648333333338,52420.648333333338,52420.648333333338,52420.648333333338,52420.648333333338,52420.648333333338,52420.648333333338,52420.648333333338,52420.648333333338,52420.648333333338,52420.648333333338,52420.648333333338]
["4","Pós perfuração.",250261.2,20855.100000000002,20855.100000000002,20855.100000000002,20855.100000000002,20855.100000000002,20855.100000000002,20855.100000000002,20855.100000000002,20855.100000000002,20855.100000000002,20855.100000000002,20855.100000000002]
["5","Reservação.",577221.82999999996,48101.819166666661,48101.819166666661,48101.819166666661,48101.819166666661,48101.819166666661,48101.819166666661,48101.819166666661,48101.819166666661,48101.819166666661,48101.819166666661,48101.819166666661,48101.819166666661]
["6","Bebedouro.",42418.74,3534.895,3534.895,3534.895,3534.895,3534.895,3534.895,3534.895,3534.895,3534.895,3534.895,3534.895,3534.895]
["7","Chafariz.",28492.17,2374.3474999999999,2374.3474999999999,2374.3474999999999,2374.3474999999999,2374.3474999999999,2374.3474999999999,2374.3474999999999,2374.3474999999999,2374.3474999999999,2374.3474999999999,2374.3474999999999,2374.3474999999999]
["8","Cavalete.",41386.17,3448.8474999999999,3448.8474999999999,3448.8474999999999,3448.8474999999999,3448.8474999999999,3448.8474999999999,3448.8474999999999,3448.8474999999999,3448.8474999999999,3448.8474999999999,3448.8474999999999,3448.8474999999999]
["9","Instalações hidráulicas.",437693.3,36474.441666666666,36474.441666666666,36474.441666666666,36474.441666666666,36474.441666666666,36474.441666666666,36474.441666666666,36474.441666666666,36474.441666666666,36474.441666666666,36474.441666666666,36474.441666666666]
["10","Estrutura de fixação para módulos fotovoltáicos.",73047.37,6087.2808333333332,6087.2808333333332,6087.2808333333332,6087.2808333333332,6087.2808333333332,6087.2808333333332,6087.2808333333332,6087.2808333333332,6087.2808333333332,6087.2808333333332,6087.2808333333332,6087.2808333333332]
["11","Instalações elétricas e bóia elétrica.",360676.68,30056.39,30056.39,30056.39,30056.39,30056.39,30056.39,30056.39,30056.39,30056.39,30056.39,30056.39,30056.39]
["12","Urbanização.",82528.429999999993,6877.3691666666664,6877.3691666666664,6877.3691666666664,6877.3691666666664,6877.3691666666664,6877.3691666666664,6877.3691666666664,6877.3691666666664,6877.3691666666664,6877.3691666666664,6877.3691666666664,6877.3691666666664]
["13","Outros serviços e insumos excepcionais.",505858.52,42154.876666666671,42154.876666666671,42154.876666666671,42154.876666666671,42154.876666666671,42154.876666666671,42154.876666666671,42154.876666666671,42154.876666666671,42154.876666666671,42154.876666666671,42154.876666666671]
["TOTAL",null,3112720.8200000003,259393.40166666667,259393.40166666667,259393.40166666667,259393.40166666667,259393.40166666667,259393.40166666667,259393.40166666667,259393.40166666667,259393.40166666667,259393.40166666667,259393.40166666667,259393.40166666667]
["PERCENTUAL",null,null,8.3333333333333329E-2,8.3333333333333329E-2,8.3333333333333329E-2,8.3333333333333329E-2,8.3333333333333329E-2,8.3333333333333329E-2,8.3333333333333329E-2,8.3333333333333329E-2,8.3333333333333329E-2,8.3333333333333329E-2,8.3333333333333329E-2,8.3333333333333329E-2]
["CUSTO ACUMULADO",null,null,259393.40166666667,518786.80333333334,778180.20500000007,1037573.6066666667,1296967.0083333333,1556360.41,1815753.8116666665,2075147.2133333331,2334540.6149999998,2593934.0166666666,2853327.4183333335,3112720.8200000003]
["PERCENTUAL ACUMULADO",null,null,8.3333333333333329E-2,0.16666666666666666,0.25,0.33333333333333331,0.41666666666666663,0.49999999999999994,0.58333333333333326,0.66666666666666663,0.75,0.83333333333333337,0.91666666666666674,1]

{"sheet":"CAPA MG","index":24,"n_rows":7,"n_cols":2,"rows_kept":7,"cut":false,"hidden":false,"merged":[[6,1,16,11]]}
[]
[]
[]
[]
[]
[]
[null,"EXECUÇÃO DE SERVIÇOS DE PERFURAÇÃO E INSTALAÇÃO DE POÇOS TUBULARES EM MINAS GERAIS"]

{"sheet":"Planilha Resumo MG","index":25,"n_rows":15,"n_cols":7,"rows_kept":15,"cut":false,"hidden":false,"merged":[[12,1,12,2],[14,1,14,2],[1,1,1,6],[2,1,2,6],[3,1,3,6],[4,1,4,6],[8,1,8,2],[8,4,8,5],[12,4,12,6],[14,4,14,6]]}
[]
[null,"OBJETO: EXECUÇÃO DE SERVIÇOS DE PERFURAÇÃO E INSTALAÇÃO DE POÇOS TUBULARES EM MUNICÍPIOS LOCALIZADOS EM MINAS GERAIS, NA ÁREA DE ATUAÇÃO DA CODEVASF DA 16 SR"]
[null,"PLANILHA ORÇAMENTÁRIA ESTIMATIVA GERAL"]
[null,"DATABASE DO ORÇAMENTO: SETEMBRO/2024 - NÃO DESONERADO"]
[null,"PLANILHA RESUMIDA - GRUPO 4 MINAS GERAIS"]
[null,"ITEM","DISCRIMINAÇÃO","UND","Quantidade de Poços","PREÇO \nUNITÁRIO","TOTAL"]
[null,7,"Perfuração e instalação de poço tubular parcialmente revestido, instalado com sistema fotovoltaico, bomba submersa, reservatório e bebedouro para animais.","un",44,153874.57999999999,6770481.7300000004]
[null,8,"Perfuração e instalação de poços poço tubular totalmente revestido, instalado com sistema fotovoltaico, bomba submersa, reservatório e bebedouro para animais.","un",6,219659.14,1317954.8400000001]
[null,"TOTAL GERAL ESTIMADO GRUPO",null,"un",50,null,8088436.5700000003]
[]
[]
[]
[null,"Base de Preços Consultados",null,null,"SINAPI - 08/2024 - Minas Gerais\nSBC - 10/2024 - Minas Gerais\nSICRO3 - 04/2024 - Minas Gerais\nORSE - 06/2024 - Sergipe\nSEINFRA - 028 - Ceará\nCPOS/CDHU - 09/2024 - São Paulo\nFDE - 07/2024 - São Paulo\nEMBASA - 05/2024 - Bahia"]
[]
[null,"Encargos Sociais",null,null,"Não Desonerado: \nHorista: 108,90%\nMensalista: 67,79%"]

{"sheet":"Orçamento Sintético - MG - T","index":26,"n_rows":58,"n_cols":12,"rows_kept":58,"cut":false,"hidden":false,"merged":[[0,2,1,5]]}
[null,null,"OBJETO: EXECUÇÃO DE SERVIÇOS DE PERFURAÇÃO E INSTALAÇÃO DE POÇOS TUBULARES EM MUNICÍPIOS LOCALIZADOS EM MINAS GERAIS, NA ÁREA DE ATUAÇÃO DA CODEVASF DA 16 SR",{"$nulls":4},"Quantidade de Poços","BDI SERVIÇO","BDI INSUMO","Total","Preço Unitário Por Poço"]
[{"$nulls":7},6,0.26340000000000002,0.15279999999999999,1317954.8400000001,219659.14]
["Item","Código","Banco","TIPO","Descrição.","un.","Mem. calc.","Quanti.","Valor Unit","Valor Unit com BDI","Total","Peso (%)"]
[1,null,null,null,"Serviços preliminares.",{"$nulls":5},62098.22,4.7117107593762468E-2]
["1.1","COMPOSIÇÃO - 1","Próprio","Serviço","Administração local da obra - poço totalmente revestido.","un.",1,6,1972.11,2491.56,14949.36,1.1342846921826244E-2]
["1.2","COMPOSIÇÃO - 2","Próprio","Serviço","Serviço de locação geológica de campo com relatório hidro geológico e perfil construtivo e geológico esperado. relatório de viabilidade de implantação das estruturas e vistorias preliminares.","un.",1,6,590.6,746.16,4476.96,3.3968993960369685E-3]
["1.3",103689,"SINAPI","Insumo","Fornecimento e instalação de placa de obra com chapa galvanizada e estrutura de madeira. .","m²",0.72,4.32,458.28,528.30999999999995,2282.3000000000002,1.7316981817070455E-3]
["1.4","Composição - A","Próprio","Insumo","Emissão de Outorga e Licenciamento (taxas)","und",1,6,5839.35,6731.6,40389.599999999999,3.0645663094192206E-2]
[2,null,null,null,"Mobilizaçâo e desmobilizaçâo equipe campo.",{"$nulls":5},14643,1.1110395861515254E-2]
["2.1","COMPOSIÇÃO - 3","Próprio","Serviço","Transporte de comboio perfuração.","km",150,900,4.59,5.8,5220,3.9606819911978163E-3]
["2.2","COMPOSIÇÃO - 4","Próprio","Serviço","Transporte de comboio instalação.","km",150,900,5.77,7.29,6561,4.9781675372124277E-3]
["2.3","COMPOSIÇÃO - 5","Próprio","Serviço","Transporte de equipe teste de vazão.","km",150,900,2.52,3.18,2862,2.1715463331050096E-3]
[3,null,null,null,"Perfuração e completação de poço tubular.",{"$nulls":5},638562.16,0.48450989413263962]
["3.1","COMPOSIÇÃO - 6","Próprio","Serviço","Perfuração diâmetro de ø 12 1/4\" em rocha - incluso mão de obra para instalação do revestimento e completação anelar.","m",150,900,326.51,412.51,371259,0.28169326348086404]
["3.2",5073,"ORSE","Insumo","Fornecimento de pré-filtro comum m3.","m³",7.5138999999999996,45.08,1619.38,1866.82,84156.25,6.3853667398801009E-2]
["3.3",5091,"ORSE","Insumo","Revestimento filtro pvc geomecânico reforçado dn 150mm.","m",15,90,221.38,255.21,22968.9,1.7427683637475773E-2]
["3.4",5024,"ORSE","Insumo","Centralizador em 6\".","un.",10,60,267.02,307.82,18469.2,1.4013530235982896E-2]
["3.5",9850,"SINAPI","Insumo","Tubo pvc de revestimento geomecanico nervurado reforcado, dn = 150 mm, comprimento = 2 m.","m",134,804,147.75,170.33,136945.32,0.10390744496222648]
["3.6","COMPOSIÇÃO - 7","Próprio","Serviço","Serviço de lançamento cimentação anelar, incluso materiais.","m³",1.1599999999999999,6.96,541.72,684.41,4763.49,3.6143044172894418E-3]
[4,null,null,null,"Pós perfuração.",{"$nulls":5},72937.56,5.5341471335998121E-2]
["4.1",6305,"ORSE","Serviço","Desenvolvimento com compressor 250psi / 750cfm.","h",2,12,411.16,519.46,6233.52,4.7296916486152139E-3]
["4.2","COMPOSIÇÃO - 8","Próprio","Serviço","Inspeção ótica em poço tubular câmera com rotação de 360º, visada lateral, com fonte própria de luz, entregue vídeo em cores e marcação de profundidades.","m",150,900,9.42,11.9,10710,8.1262268440093124E-3]
["4.3","COMPOSIÇÃO - 9","Próprio","Serviço","Serviço de coleta e análise físico-química e bacteriológica.","un.",1,6,621.19000000000005,784.81,4708.8599999999997,3.5728538316229406E-3]
["4.4","COMPOSIÇÃO - 10","Próprio","Serviço","Serviço de instalação de laje sanitária com dimensões (1,5x1,5x0,3) , incluso material.","un.",1,6,634.23,801.29,4807.74,3.647879164053906E-3]
["4.5"," 24.80.22 ","EMBASA","Serviço","Ensaio de bombeamento poço tubular incluso materiais e grupo gerador.","h",24,144,255.47,322.76,46477.440000000002,3.5264819847696756E-2]
[5,null,null,null,"Reservação.",{"$nulls":5},161382.92000000001,0.12244950669174674]
["5.1","COMPOSIÇÃO - 11","Próprio","Serviço","Fornecimento e instalação de reservatório e base elevada 10 m³.","un.",0.8,4.8,25120.799999999999,31737.62,152340.57999999999,0.115588619106251]
["5.2","COMPOSIÇÃO - 12","Próprio","Serviço","Fornecimento e execução de reservatório apoiado de 5 m³.","un.",0.2,1.2,5964.29,7535.28,9042.34,6.8608875854957209E-3]
[6,null,null,null,"Bebedouro.",{"$nulls":5},11521.74,8.7421356561807519E-3]
["6.1","COMPOSIÇÃO - 13","Próprio","Serviço","Serviço de execução do bebedouro em concreto armado, incluso materiais.","un.",1,6,1519.94,1920.29,11521.74,8.7421356561807519E-3]
[7,null,null,null,"Chafariz.",{"$nulls":5},7974.78,6.0508750057020159E-3]
["7.1","COMPOSIÇÃO - 14","Próprio","Serviço","Fornecimento de material e instalação do chafariz.","un.",1,6,1052.03,1329.13,7974.78,6.0508750057020159E-3]
[8,null,null,null,"Cavalete.",{"$nulls":5},13636.92,1.0347031314062323E-2]
["8.1","COMPOSIÇÃO - 15","Próprio","Serviço","Fornecimento de conexões e instalação do cavalete com hidrômetro e clorador de pastilhas.","un.",1,6,1798.97,2272.8200000000002,13636.92,1.0347031314062323E-2]
[9,null,null,null,"Instalações hidráulicas poço e adutora.",{"$nulls":5},120464.84,9.1402858689756006E-2]
["9.1","COMPOSIÇÃO - 16","Próprio","Serviço","Fornecimento e instalação da rede adutora poço-reservatório-bebedouro em pn80 e dn50mm.","m",400,2400,27.68,34.97,83928,6.368048240560352E-2]
["9.2","COMPOSIÇÃO - 17","Próprio","Serviço","Montagem hidráulica do equipamento de bombeamento.","un.",1,6,148.13999999999999,187.16,1122.96,8.5204740399147513E-4]
["9.3",38200,"SINAPI","Insumo","Corda de poliamida 12 mm tipo bombeiro, para trabalho em altura.","100m",0.93,5.58,592.42999999999995,682.95,3810.86,2.8914951289226269E-3]
["9.4",9860,"SINAPI","Insumo","Tubo pvc, roscavel,  2\", para agua fria predial.","m",90,540,43.19,49.79,26886.6,2.0400243759490271E-2]
["9.5",3912,"SINAPI","Insumo","Luva de ferro galvanizado, com rosca bsp, de 2\".","un.",16,96,35.909999999999997,41.4,3974.4,3.0155813229533722E-3]
["9.6",5128,"ORSE","Insumo","Tampa de poço galvanizada em 6\" un.","un.",1,6,107.28,123.67,742.02,5.6300866879475172E-4]
[10,null,null,null,"Estrutura de fixação para módulos fotovoltáicos.",{"$nulls":5},29110.080000000002,2.2087312187419106E-2]
["10.1","COMPOSIÇÃO - 18","Próprio","Serviço","Serviço de fixação de estruturas para os módulos fotovoltaicos e suportes de concreto, incluso materiais.","m²",15.18,91.08,252.98,319.61,29110.080000000002,2.2087312187419106E-2]
[11,null,null,null,"Instalações elétricas.",{"$nulls":5},119598.66,9.0745643454672537E-2]
["11.1","COMPOSIÇÃO - 19","Próprio","Serviço","Montagem e instalação elétrica do kit de bombeamento e sistema fotovoltaico inclusive sistema de aterramento.","un.",1,6,1081.3900000000001,1366.23,8197.3799999999992,6.2197730538324052E-3]
["11.2",34622,"SINAPI","Insumo","Fornecimento de  cabo flexivel pvc 750 v, 3 condutores de 6,0 mm2.","m",105,630,20.67,23.83,15012.9,1.1391057981925995E-2]
["11.3","COMPOSIÇÃO - 20","Próprio","Serviço","Fornecimento e instalação de automático de bóia superior e inferior.","un.",1,6,67.87,85.75,514.5,3.9037756407495723E-4]
["11.4",39257,"SINAPI","Insumo","Cabo multipolar de cobre, flexivel, classe 4 ou 5, isolacao em hepr, cobertura em pvc-st2, antichama bwf-b, 0,6/1 kv, 3 condutores de 1,5 mm2.","m",200,1200,5.62,6.48,7776,5.9000504144739885E-3]
["11.5","COTAÇÃO-001","Próprio","Serviço","Fornecimento de kit de bombeamento fotovoltaico, incluindo uma bomba cc de 2200w com controladora de carga externa,  caixa de proteção metálica, módulos fotovoltaicos compatíveis com a geração de 3300wp além de componentes elétricos necessários para interligação dos painéis, como cabos, conectores mc4 e presilhas de fixação.","un.",1,6,11621.8,14682.98,88097.88,6.6844384440365195E-2]
[12,null,null,null,"Urbanização.",{"$nulls":5},24790.05,1.8809483639060043E-2]
["12.1","COMPOSIÇÃO - 21","Próprio","Serviço","Cerca com mourões de concreto de 15x15cm, espaçados de 3m e cravados a 0,5m, escoras de 10x10cm nos cantos, e 9 fios de arame de aço ovalado 15x17.","m",28,168,83.25,105.18,17670.240000000002,1.3407318265927837E-2]
["12.2","COMPOSIÇÃO - 22","Próprio","Serviço","Serviço de instalação de portão de ferro com suporte e batedor conforme projeto, incluso material.","m²",1.5,9,626.16,791.09,7119.81,5.4021653731322087E-3]
[13,null,null,null,"Outros serviços e insumos excepcionais.",{"$nulls":5},41233.910000000003,3.1286284437484976E-2]
["13.1","COMPOSIÇÃO - 23","Próprio","Serviço","Execução de tamponamento conforme especificação.","m³",0.08,0.48,666.72,842.33,404.32,3.0677834150978948E-4]
["13.2",13747,"ORSE","Insumo","Revestimento tubo liso aço sch-40 em 12\".","m",6,36,921.04,1061.77,38223.72,2.9002298743407626E-2]
["13.3"," M3929 ","SICRO3","Insumo","Tubo em aço-carbono - e = 3,00 mm e d = 150 mm (6\").","m",1.44,8.64,171.2287,197.39,1705.45,1.2940124716261142E-3]
["13.4"," M039706073 ","EMBASA","Insumo","Filtro nold em aço galvanizado dn 6\".","m",6.0000000000000001E-3,0.04,763.9,880.62,35.22,2.6723222170495612E-5]
["13.5","COMPOSIÇÃO - 24","Próprio","Serviço","Limpeza manual , remoção de cerca, capina e instalação dos equipamentos (área do poço, painéis solares, bebedouro e reservatório).","m²",70,420,1.63,2.06,865.2,6.5647165877094843E-4]

{"sheet":"Orçamento Analítico - MG - T","index":27,"n_rows":429,"n_cols":10,"rows_kept":429,"cut":false,"hidden":false,"merged":[[386,4,386,5],[387,4,387,5],[388,4,388,5],[389,4,389,5],[390,4,390,5],[374,4,374,5],[375,4,375,5],[376,4,376,5],[377,4,377,5],[378,4,378,5],[379,4,379,5],[381,7,381,8],[384,4,384,5],[385,4,385,5],[359,4,359,5],[361,7,361,8],[364,4,364,5],[365,4,365,5],[367,7,367,8],[370,5,370,6],[371,4,371,5],[372,4,372,5],[373,4,373,5],[347,4,347,5],[348,4,348,5],[349,4,349,5],[350,4,350,5],[351,4,351,5],[352,4,352,5],[353,4,353,5],[355,7,355,8],[358,4,358,5],[332,4,332,5],[333,4,333,5],[334,4,334,5],[335,4,335,5],[338,7,338,8],[344,7,344,8],[336,4,336,5],[341,4,341,5],[342,4,342,5],[323,5,323,6],[324,4,324,5],[325,4,325,5],[326,4,326,5],[327,4,327,5],[328,4,328,5],[329,4,329,5],[330,4,330,5],[331,4,331,5],[408,7,408,8],[414,7,414,8],[420,7,420,8],[427,7,427,8],[392,7,392,8],[395,5,395,6],[396,4,396,5],[397,4,397,5],[398,4,398,5],[399,4,399,5],[402,7,402,8],[423,4,423,5],[424,4,424,5],[425,4,425,5],[400,4,400,5],[405,4,405,5],[406,4,406,5],[411,4,411,5],[412,4,412,5],[417,4,417,5],[418,4,418,5],[311,4,311,5],[312,4,312,5],[313,4,313,5],[314,4,314,5],[315,4,315,5],[316,4,316,5],[317,4,317,5],[318,4,318,5],[320,7,320,8],[280,4,280,5],[301,7,301,8],[307,7,307,8],[310,5,310,6],[281,4,281,5],[283,7,283,8],[286,4,286,5],[287,4,287,5],[289,7,289,8],[292,4,292,5],[295,7,295,8],[293,4,293,5],[298,4,298,5],[299,4,299,5],[304,4,304,5],[305,4,305,5],[268,4,268,5],[269,4,269,5],[270,4,270,5],[271,4,271,5],[272,4,272,5],[273,4,273,5],[275,7,275,8],[278,4,278,5],[279,4,279,5],[256,4,256,5],[257,4,257,5],[258,4,258,5],[259,4,259,5],[260,4,260,5],[261,4,261,5],[262,4,262,5],[264,7,264,8],[267,5,267,6],[247,4,247,5],[248,4,248,5],[249,4,249,5],[250,4,250,5],[251,4,251,5],[252,4,252,5],[253,4,253,5],[254,4,254,5],[255,4,255,5],[235,4,235,5],[236,4,236,5],[237,4,237,5],[238,4,238,5],[239,4,239,5],[240,4,240,5],[242,7,242,8],[245,5,245,6],[246,4,246,5],[226,4,226,5],[227,4,227,5],[228,4,228,5],[229,4,229,5],[230,4,230,5],[231,4,231,5],[232,4,232,5],[233,4,233,5],[234,4,234,5],[215,7,215,8],[218,5,218,6],[219,4,219,5],[220,4,220,5],[221,4,221,5],[222,4,222,5],[223,4,223,5],[224,4,224,5],[225,4,225,5],[205,4,205,5],[206,4,206,5],[207,4,207,5],[208,4,208,5],[209,4,209,5],[210,4,210,5],[211,4,211,5],[212,4,212,5],[213,4,213,5],[196,4,196,5],[197,4,197,5],[198,4,198,5],[199,4,199,5],[200,4,200,5],[201,4,201,5],[202,4,202,5],[203,4,203,5],[204,4,204,5],[184,4,184,5],[185,4,185,5],[186,4,186,5],[187,4,187,5],[189,7,189,8],[192,5,192,6],[193,4,193,5],[194,4,194,5],[195,4,195,5],[175,4,175,5],[176,4,176,5],[177,4,177,5],[178,4,178,5],[179,4,179,5],[180,4,180,5],[181,4,181,5],[182,4,182,5],[183,4,183,5],[163,4,163,5],[164,4,164,5],[165,4,165,5],[166,4,166,5],[167,4,167,5],[168,4,168,5],[169,4,169,5],[170,4,170,5],[172,7,172,8],[154,4,154,5],[155,4,155,5],[156,4,156,5],[157,4,157,5],[158,4,158,5],[159,4,159,5],[160,4,160,5],[161,4,161,5],[162,4,162,5],[145,5,145,6],[146,4,146,5],[147,4,147,5],[148,4,148,5],[149,4,149,5],[150,4,150,5],[151,4,151,5],[152,4,152,5],[153,4,153,5],[121,4,121,5],[122,4,122,5],[127,4,127,5],[128,4,128,5],[124,7,124,8],[134,7,134,8],[142,7,142,8],[75,7,75,8],[81,7,81,8],[87,7,87,8],[93,7,93,8],[100,7,100,8],[108,7,108,8],[116,7,116,8],[129,4,129,5],[130,4,130,5],[131,4,131,5],[132,4,132,5],[137,4,137,5],[138,4,138,5],[139,4,139,5],[140,4,140,5],[104,4,104,5],[105,4,105,5],[106,4,106,5],[111,4,111,5],[112,4,112,5],[113,4,113,5],[114,4,114,5],[119,4,119,5],[120,4,120,5],[79,4,79,5],[84,4,84,5],[85,4,85,5],[90,4,90,5],[91,4,91,5],[96,4,96,5],[97,4,97,5],[98,4,98,5],[103,5,103,6],[63,5,63,6],[64,4,64,5],[65,4,65,5],[66,4,66,5],[67,4,67,5],[69,7,69,8],[72,4,72,5],[73,4,73,5],[78,4,78,5],[48,4,48,5],[49,4,49,5],[50,4,50,5],[52,7,52,8],[55,4,55,5],[56,4,56,5],[57,4,57,5],[58,4,58,5],[60,7,60,8],[35,4,35,5],[36,4,36,5],[38,5,38,6],[39,4,39,5],[40,4,40,5],[41,4,41,5],[44,7,44,8],[42,4,42,5],[47,4,47,5],[14,4,14,5],[15,4,15,5],[16,4,16,5],[17,4,17,5],[19,7,19,8],[29,4,29,5],[30,4,30,5],[32,7,32,8],[22,4,22,5],[23,4,23,5],[24,4,24,5],[25,4,25,5],[26,4,26,5],[27,4,27,5],[28,4,28,5],[0,2,2,7],[3,0,3,9],[4,5,4,6],[5,4,5,5],[6,4,6,5],[7,4,7,5],[10,7,10,8],[8,4,8,5],[13,4,13,5]]}
[null,null,"OBJETO: EXECUÇÃO DE SERVIÇOS DE PERFURAÇÃO E INSTALAÇÃO DE POÇOS TUBULARES EM MUNICÍPIOS LOCALIZADOS EM MINAS GERAIS, NA ÁREA DE ATUAÇÃO DA CODEVASF DA 16 SR"]
[]
[]
["PLANILHA ANALÍTICA - POÇO PARCIALMENTE TOTALMENTE - MINAS GERAIS 16 SR"]
[1,null,null,"Serviços preliminares.",{"$nulls":5},3654.59]
["1.1","Código","Banco","Descrição.","Tipo",null,"Und","Quant.","Valor Unit","Total"]
["Composição","COMPOSIÇÃO - 1","Próprio","Administração local da obra - poço totalmente revestido.","CANT - CANTEIRO DE OBRAS",null,"un","1.00",1972.11,1972.11]
["Composição Auxiliar",12710,"SBC","Despesas gerais de manutencao canteiro de obras.","INSTALACOES PROVISORIAS",null,"mes","0.23",1805.82,415.34]
["Composição Auxiliar",100321,"SINAPI","Técnico em segurança do trabalho com encargos complementares.","SEDI - SERVIÇOS DIVERSOS",null,"mes","0.23",6768.58,1556.77]
[{"$nulls":4},"MO sem LS =>",699.17,"ls =>","761.39","MO com LS =>",1460.56]
[{"$nulls":4},"Valor do BDI =>",519.45377399999995,null,"Valor com BDI =>",null,2491.56]
[{"$nulls":6},"quant. =>","1.00","Preço Total =>",2491.56]
[]
["1.2","Código","Banco","Descrição.","Tipo",null,"und","Quant.","Valor Unit","Total"]
["Composição","COMPOSIÇÃO - 2","Próprio","Serviço de locação geológica de campo com relatório hidro geológico e perfil construtivo e geológico esperado. relatório de viabilidade de implantação das estruturas e vistorias preliminares.","SERT - SERVIÇOS TÉCNICOS",null,"un","1.00",590.6,590.6]
["Composição Auxiliar","1945-01-30","EMBASA","Geologo senior.",3001,null,"hora","5.00",97.41,487.05]
["Insumo",5896,"ORSE","Veículo tipo sedan ou pick-up capacidade 0,6 ton h.","Equipamento",null,"h","5.00",8.33,41.65]
["Insumo",4222,"SINAPI","Gasolina comum.","Material",null,"l","10.00",6.19,61.9]
[{"$nulls":4},"MO sem LS =>",233.15,"ls =>","253.90","MO com LS =>",487.05]
[{"$nulls":4},"Valor do BDI =>",155.56404000000001,null,"Valor com BDI =>",null,746.16]
[{"$nulls":6},"quant. =>","1.00","Preço Total =>",746.16]
[]
["1.3","Código","Banco","Descrição.","Tipo",null,"und","Quant.","Valor Unit","Total"]
["Composição",103689,"SINAPI","Fornecimento e instalação de placa de obra com chapa galvanizada e estrutura de madeira. af_03/2022_ps.","PAVI - PAVIMENTAÇÃO",null,"m²","1.00",458.28,458.28]
["Composição Auxiliar",102234,"SINAPI","Pintura imunizante para madeira, 2 demãos. af_01/2021.","PINT - PINTURAS",null,"m²","0.50",23.05,11.53]
["Composição Auxiliar",88262,"SINAPI","Carpinteiro de formas com encargos complementares.","SEDI - SERVIÇOS DIVERSOS",null,"h","0.37",27.78,10.36]
["Composição Auxiliar",88316,"SINAPI","Servente com encargos complementares.","SEDI - SERVIÇOS DIVERSOS",null,"h","2024-12-01",20.420000000000002,22.84]
["Insumo",4509,"SINAPI","Sarrafo *2,5 x 10* cm em pinus, mista ou equivalente da regiao - bruta.","Material",null,"m","3.21",4.0199999999999996,12.9]
["Insumo",4813,"SINAPI","Placa de obra (para construcao civil) em chapa galvanizada *n. 22*, adesivada, de *2,4 x 1,2* m (sem postes para fixacao).","Material",null,"m²","1.00",400,400]
["Insumo",5065,"SINAPI","Prego de aco polido com cabeca 10 x 10 (7/8 x 17).","Material",null,"kg","0.01",35.39,0.4]
["Insumo",5069,"SINAPI","Prego de aco polido com cabeca 17 x 27 (2 1/2 x 11).","Material",null,"kg","0.01",18.96,0.25]
[{"$nulls":4},"MO sem LS =>",14.07,"ls =>","15.33","MO com LS =>",29.4]
[{"$nulls":4},"Valor do BDI =>",120.71095200000001,null,"Valor com BDI =>",null,578.99]
[{"$nulls":6},"quant. =>","0.72","Preço Total =>",416.87]
[]
["1.4","Código","Banco","Descrição.","Tipo",null,"und","Quant.","Valor Unit","Total"]
["Composição","Composição - A","Próprio","Emissão de Outorga e Licenciamento (taxas)","Outorga/Licenciamneto",null,"und","1.00",5839.35,5839.35]
[]
[2,null,null,"Mobilizaçâo e desmobilizaçâo equipe campo.",{"$nulls":5},2440.5]
["2.1","Código","Banco","Descrição.","Tipo",null,"und","Quant.","Valor Unit","Total"]
["Composição","COMPOSIÇÃO - 3","Próprio","Transporte de comboio perfuração.","TRAN - TRANSPORTES, CARGAS E DESCARGAS",null,"km","1.00",4.59,4.59]
["Composição Auxiliar",5824,"SINAPI","Caminhão toco, pbt 16.000 kg, carga útil máx. 10.685 kg, dist. entre eixos 4,8 m, potência 189 cv, inclusive carroceria fixa aberta de madeira p/ transporte geral de carga seca, dimen. aprox. 2,5 x 7,00 x 0,50 m - chp diurno. af_06/2014.","CHOR - CUSTOS HORÁRIOS DE MÁQUINAS E EQUIPAMENTOS",null,"chp","0.02",213.05,3.55]
["Composição Auxiliar",5826,"SINAPI","Caminhão toco, pbt 16.000 kg, carga útil máx. 10.685 kg, dist. entre eixos 4,8 m, potência 189 cv, inclusive carroceria fixa aberta de madeira p/ transporte geral de carga seca, dimen. aprox. 2,5 x 7,00 x 0,50 m - chi diurno. af_06/2014.","CHOR - CUSTOS HORÁRIOS DE MÁQUINAS E EQUIPAMENTOS",null,"chi","0.02",62.25,1.04]
[{"$nulls":4},"MO sem LS =>",0.4,"ls =>","0.44","MO com LS =>",0.84]
[{"$nulls":4},"Valor do BDI =>",1.209006,null,"Valor com BDI =>",null,5.8]
[{"$nulls":6},"quant. =>","150.00","Preço Total =>",870]
[]
["2.2","Código","Banco","Descrição.","Tipo",null,"und","Quant.","Valor Unit","Total"]
["Composição","COMPOSIÇÃO - 4","Próprio","Transporte de comboio instalação.","TRAN - TRANSPORTES, CARGAS E DESCARGAS",null,"km","1.00",5.77,5.77]
["Composição Auxiliar",5928,"SINAPI","Guindauto hidráulico, capacidade máxima de carga 6200 kg, momento máximo de carga 11,7 tm, alcance máximo horizontal 9,70 m, inclusive caminhão toco pbt 16.000 kg, potência de 189 cv - chp diurno. af_06/2014.","CHOR - CUSTOS HORÁRIOS DE MÁQUINAS E EQUIPAMENTOS",null,"chp","0.02",272.56,4.54]
["Composição Auxiliar",5930,"SINAPI","Guindauto hidráulico, capacidade máxima de carga 6200 kg, momento máximo de carga 11,7 tm, alcance máximo horizontal 9,70 m, inclusive caminhão toco pbt 16.000 kg, potência de 189 cv - chi diurno. af_06/2014.","CHOR - CUSTOS HORÁRIOS DE MÁQUINAS E EQUIPAMENTOS",null,"chi","0.02",73.84,1.23]
[{"$nulls":4},"MO sem LS =>",0.45,"ls =>","0.51","MO com LS =>",0.96]
[{"$nulls":4},"Valor do BDI =>",1.5198179999999999,null,"Valor com BDI =>",null,7.29]
[{"$nulls":6},"quant. =>","150.00","Preço Total =>",1093.5]
[]
["2.3","Código","Banco","Descrição.","Tipo",null,"und","Quant.","Valor Unit","Total"]
["Composição","COMPOSIÇÃO - 5","Próprio","Transporte de equipe teste de vazão.","TRAN - TRANSPORTES, CARGAS E DESCARGAS",null,"km","1.00",2.52,2.52]
["Composição Auxiliar",73467,"SINAPI","Caminhão toco, pbt 14.300 kg, carga útil máx. 9.710 kg, dist. entre eixos 3,56 m, potência 185 cv, inclusive carroceria fixa aberta de madeira p/ transporte geral de carga seca, dimen. aprox. 2,50 x 6,50 x 0,50 m - chp diurno. af_06/2014.","CHOR - CUSTOS HORÁRIOS DE MÁQUINAS E EQUIPAMENTOS",null,"chp","0.01",244.11,2.0299999999999998]
["Composição Auxiliar",91395,"SINAPI","Caminhão toco, pbt 14.300 kg, carga útil máx. 9.710 kg, dist. entre eixos 3,56 m, potência 185 cv, inclusive carroceria fixa aberta de madeira p/ transporte geral de carga seca, dimen. aprox. 2,50 x 6,50 x 0,50 m - chi diurno. af_06/2014.","CHOR - CUSTOS HORÁRIOS DE MÁQUINAS E EQUIPAMENTOS",null,"chi","0.01",59.44,0.49]
[{"$nulls":4},"MO sem LS =>",0.2,"ls =>","0.22","MO com LS =>",0.42]
[{"$nulls":4},"Valor do BDI =>",0.66376800000000002,null,"Valor com BDI =>",null,3.18]
[{"$nulls":6},"quant. =>","150.00","Preço Total =>",477]
[]
[3,null,null,"Perfuração e completação de poço tubular.",{"$nulls":5},108525.81]
["3.1","Código","Banco","Descrição.","Tipo",null,"und","Quant.","Valor Unit","Total"]
["Composição","COMPOSIÇÃO - 6","Próprio","Perfuração diâmetro de ø 12 1/4\" em rocha - incluso mão de obra para instalação do revestimento e completação anelar.","SERT - SERVIÇOS TÉCNICOS",null,"m","1.00",326.51,326.51]
["Composição Auxiliar",6224,"ORSE","Perfuração em sedimento / camadas inconsolidadas dn 12.1/2\" - poço de 150 a 250m.","Conversão InfoWOrca",null,"m","1.00",318.61,318.61]
["Insumo",43366,"SINAPI","Bentonita, argila constituida por  montmorilonita.","Material",null,"kg","5.00",1.58,7.9]
[{"$nulls":4},"MO sem LS =>",0,"ls =>","0.00","MO com LS =>",0]
[{"$nulls":4},"Valor do BDI =>",86.002734000000004,null,"Valor com BDI =>",null,412.51]
[{"$nulls":6},"quant. =>","150.00","Preço Total =>",61876.5]
[]
["3.2","Código","Banco","Descrição.","Tipo",null,"und","Quant.","Valor Unit","Total"]
["Insumo",5073,"ORSE","Fornecimento de pré-filtro comum m3.","Serviços",null,"m³","1.00",1619.38,1619.38]
[{"$nulls":4},"MO sem LS =>",0,"ls =>","0.00","MO com LS =>",0]
[{"$nulls":4},"Valor do BDI =>",247.44,null,"Valor com BDI =>",null,1866.82]
[{"$nulls":6},"quant. =>","6.96","Preço Total =>",12993.07]
[]
["3.3","Código","Banco","Descrição.","Tipo",null,"und","Quant.","Valor Unit","Total"]
["Insumo",5091,"ORSE","Revestimento filtro pvc geomecânico reforçado dn 150mm.","Serviços",null,"m","1.00",221.38,221.38]
[{"$nulls":4},"MO sem LS =>",0,"ls =>","0.00","MO com LS =>",0]
[{"$nulls":4},"Valor do BDI =>",58.31,null,"Valor com BDI =>",null,279.69]
[{"$nulls":6},"quant. =>","16.00","Preço Total =>",4475.04]
[]
["3.4","Código","Banco","Descrição.","Tipo",null,"und","Quant.","Valor Unit","Total"]
["Insumo",5024,"ORSE","Centralizador em 6\".","Serviços",null,"un","1.00",267.02,267.02]
[{"$nulls":4},"MO sem LS =>",0,"ls =>","0.00","MO com LS =>",0]
[{"$nulls":4},"Valor do BDI =>",70.33,null,"Valor com BDI =>",null,337.35]
[{"$nulls":6},"quant. =>","10.00","Preço Total =>",3373.5]
[]
["3.5","Código","Banco","Descrição.","Tipo",null,"und","Quant.","Valor Unit","Total"]
["Insumo",9850,"SINAPI","Tubo pvc de revestimento geomecanico nervurado reforcado, dn = 150 mm, comprimento = 2 m.","Material",null,"m","1.00",147.75,147.75]
[{"$nulls":4},"MO sem LS =>",0,"ls =>","0.00","MO com LS =>",0]
[{"$nulls":4},"Valor do BDI =>",38.92,null,"Valor com BDI =>",null,186.67]
[{"$nulls":6},"quant. =>","134.00","Preço Total =>",25013.78]
[]
["3.6","Código","Banco","Descrição.","Tipo",null,"und","Quant.","Valor Unit","Total"]
["Composição","COMPOSIÇÃO - 7","Próprio","Serviço de lançamento cimentação anelar, incluso materiais.","SEDI - SERVIÇOS DIVERSOS",null,"m³","1.00",541.72,541.72]
["Composição Auxiliar",1903,"ORSE","Argamassa cimento e areia traço t-1 (1:3) - 1 saco cimento 50kg / 3 padiolas areia dim. 0.35 x 0.45 x 0.23 m - confecção mecânica e transporte.","Argamassas",null,"m³","1.00",541.72,541.72]
[{"$nulls":4},"MO sem LS =>",26.14,"ls =>","28.46","MO com LS =>",54.6]
[{"$nulls":4},"Valor do BDI =>",142.68904800000001,null,"Valor com BDI =>",null,684.41]
[{"$nulls":6},"quant. =>","1.16","Preço Total =>",793.92]
[]
[4,null,null,"Pós perfuração.",{"$nulls":5},12156.26]
["4.1","Código","Banco","Descrição.","Tipo",null,"und","Quant.","Valor Unit","Total"]
["Composição",6305,"ORSE","Desenvolvimento com compressor 250psi / 750cfm.","Conversão InfoWOrca",null,"h","1.00",411.16,411.16]
["Insumo",5030,"ORSE","Desenvolvimento com compressor 250psi - 750cfm h.","Serviços",null,"h","1.00",411.16,411.16]
[{"$nulls":4},"MO sem LS =>",0,"ls =>","0.00","MO com LS =>",0]
[{"$nulls":4},"Valor do BDI =>",108.299544,null,"Valor com BDI =>",null,519.46]
[{"$nulls":6},"quant. =>","2.00","Preço Total =>",1038.92]
[]
["4.2","Código","Banco","Descrição.","Tipo",null,"und","Quant.","Valor Unit","Total"]
["Composição","COMPOSIÇÃO - 8","Próprio","Inspeção ótica em poço tubular câmera com rotação de 360º, visada lateral, com fonte própria de luz, entregue vídeo em cores e marcação de profundidades.","SEES - SERVIÇOS ESPECIAIS",null,"m","1.00",9.42,9.42]
["Insumo"," H020050004 ","EMBASA","Aparelho de perfilagem optica.","Material",null,"m","1.00",4.4000000000000004,4.4000000000000004]
["Insumo"," B590000022 ","EMBASA","Tecnico medio.","Mão de Obra",null,"h","0.08",60.147199999999998,5.0199999999999996]
[{"$nulls":4},"MO sem LS =>",2.4,"ls =>","2.62","MO com LS =>",5.0199999999999996]
[{"$nulls":4},"Valor do BDI =>",2.4812280000000002,null,"Valor com BDI =>",null,11.9]
[{"$nulls":6},"quant. =>","150.00","Preço Total =>",1785]
[]
["4.3","Código","Banco","Descrição.","Tipo",null,"und","Quant.","Valor Unit","Total"]
["Composição","COMPOSIÇÃO - 9","Próprio","Serviço de coleta e análise físico-química e bacteriológica.","SEDI - SERVIÇOS DIVERSOS",null,"un","1.00",621.19000000000005,621.19000000000005]
["Composição Auxiliar",6312,"ORSE","Análise físico-química da água.","Conversão InfoWOrca",null,"un","1.00",565.21,565.21]
["Composição Auxiliar",6313,"ORSE","Análise bacteriológica da água.","Conversão InfoWOrca",null,"un","1.00",55.98,55.98]
[{"$nulls":4},"MO sem LS =>",0,"ls =>","0.00","MO com LS =>",0]
[{"$nulls":4},"Valor do BDI =>",163.62144599999999,null,"Valor com BDI =>",null,784.81]
[{"$nulls":6},"quant. =>","1.00","Preço Total =>",784.81]
[]
["4.4","Código","Banco","Descrição.","Tipo",null,"und","Quant.","Valor Unit","Total"]
["Composição","COMPOSIÇÃO - 10","Próprio","Serviço de instalação de laje sanitária com dimensões (1,5x1,5x0,3) , incluso material.","SEDI - SERVIÇOS DIVERSOS",null,"un","1.00",634.23,634.23]
["Composição Auxiliar",92522,"SINAPI","Montagem e desmontagem de fôrma de laje maciça, pé-direito simples, em chapa de madeira compensada resinada, 8 utilizações. af_09/2020.","FUES - FUNDAÇÕES E ESTRUTURAS",null,"m²","1.80",38,68.400000000000006]
["Composição Auxiliar",93358,"SINAPI","Escavação manual de vala com profundidade menor ou igual a 1,30 m. af_02/2021.","MOVT - MOVIMENTO DE TERRA",null,"m³","0.23",80.78,18.18]
["Composição Auxiliar",94975,"SINAPI","Concreto fck = 15mpa, traço 1:3,4:3,5 (em massa seca de cimento/ areia média/ brita 1) - preparo manual. af_05/2021.","FUES - FUNDAÇÕES E ESTRUTURAS",null,"m³","0.68",521.05999999999995,351.72]
["Composição Auxiliar",103670,"SINAPI","Lançamento com uso de baldes, adensamento e acabamento de concreto em estruturas. af_02/2022.","FUES - FUNDAÇÕES E ESTRUTURAS",null,"m³","0.68",290.26,195.93]
[{"$nulls":4},"MO sem LS =>",116.8,"ls =>","127.20","MO com LS =>",244]
[{"$nulls":4},"Valor do BDI =>",167.05618200000001,null,"Valor com BDI =>",null,801.29]
[{"$nulls":6},"quant. =>","1.00","Preço Total =>",801.29]
[]
["4.5","Código","Banco","Descrição.","Tipo",null,"und","Quant.","Valor Unit","Total"]
["Composição"," 24.80.22 ","EMBASA","Ensaio de bombeamento poço tubular incluso materiais e grupo gerador.",2480,null,"h","1.00",255.47,255.47]
["Composição Auxiliar"," 24.00.15 ","EMBASA","Equipe (3 profissionais campo) - bombeio.",2400,null,"h","1.00",190.55,190.55]
["Insumo"," H020050001 ","EMBASA","Unidade de ensaio e bombeamento - ueb1 ate 150m3 no sedimento.","Material",null,"h","1.00",64.92,64.92]
[{"$nulls":4},"MO sem LS =>",91.22,"ls =>","99.33","MO com LS =>",190.55]
[{"$nulls":4},"Valor do BDI =>",67.290797999999995,null,"Valor com BDI =>",null,322.76]
[{"$nulls":6},"quant. =>","24.00","Preço Total =>",7746.24]
[]
[5,null,null,"Reservação.",{"$nulls":5},26897.16]
["5.1","Código","Banco","Descrição.","Tipo",null,"und","Quant.","Valor Unit","Total"]
["Composição","COMPOSIÇÃO - 11","Próprio","Fornecimento e instalação de reservatório e base elevada 10 m³.","ASTU - ASSENTAMENTO DE TUBOS E PECAS",null,"un","1.00",25120.799999999999,25120.799999999999]
["Composição Auxiliar",92759,"SINAPI","Armação de pilar ou viga de estrutura convencional de concreto armado utilizando aço ca-60 de 5,0 mm - montagem. af_06/2022.","FUES - FUNDAÇÕES E ESTRUTURAS",null,"kg","2024-10-29",13.45,391.4]
["Composição Auxiliar",92761,"SINAPI","Armação de pilar ou viga de estrutura convencional de concreto armado utilizando aço ca-50 de 8,0 mm - montagem. af_06/2022.","FUES - FUNDAÇÕES E ESTRUTURAS",null,"kg","48.00",11.66,559.67999999999995]
["Composição Auxiliar",93358,"SINAPI","Escavação manual de vala com profundidade menor ou igual a 1,30 m. af_02/2021.","MOVT - MOVIMENTO DE TERRA",null,"m³","5.20",80.78,420.06]
["Composição Auxiliar",92763,"SINAPI","Armação de pilar ou viga de estrutura convencional de concreto armado utilizando aço ca-50 de 12,5 mm - montagem. af_06/2022.","FUES - FUNDAÇÕES E ESTRUTURAS",null,"kg","118.40",8.66,1025.3399999999999]
["Composição Auxiliar",94970,"SINAPI","Concreto fck = 20mpa, traço 1:2,7:3 (em massa seca de cimento/ areia média/ brita 1) - preparo mecânico com betoneira 600 l. af_05/2021.","FUES - FUNDAÇÕES E ESTRUTURAS",null,"m³","4.89",503.03,2459.8200000000002]
["Composição Auxiliar",103670,"SINAPI","Lançamento com uso de baldes, adensamento e acabamento de concreto em estruturas. af_02/2022.","FUES - FUNDAÇÕES E ESTRUTURAS",null,"m³","6.85",290.26,1988.28]
["Composição Auxiliar",84651,"SINAPI","Pintura com tinta impermeavel mineral em po, duas demaos.","PINT - PINTURAS",null,"m²","28.66",13.37,383.18]
["Composição Auxiliar",90776,"SINAPI","Encarregado geral com encargos complementares.","SEDI - SERVIÇOS DIVERSOS",null,"h","1.00",55.16,55.16]
["Composição Auxiliar",102482,"SINAPI","Concreto fck = 25mpa, traço 1:2,2:2,5 (em massa seca de cimento/ areia média/ seixo rolado) - preparo mecânico com betoneira 600 l. af_05/2021.","FUES - FUNDAÇÕES E ESTRUTURAS",null,"m³","1.96",717.82,1406.93]
["Composição Auxiliar",92263,"SINAPI","Fabricação de fôrma para pilares e estruturas similares, em chapa de madeira compensada resinada, e = 17 mm. af_09/2020.","FUES - FUNDAÇÕES E ESTRUTURAS",null,"m²","2024-10-18",154.07,2788.67]
["Composição Auxiliar",89272,"SINAPI","Guindaste hidráulico autopropelido, com lança telescópica 28,80 m, capacidade máxima 30 t, potência 97 kw, tração 4 x 4 - chp diurno. af_11/2014.","CHOR - CUSTOS HORÁRIOS DE MÁQUINAS E EQUIPAMENTOS",null,"chp","13.00",225.78,2935.14]
["Composição Auxiliar",5824,"SINAPI","Caminhão toco, pbt 16.000 kg, carga útil máx. 10.685 kg, dist. entre eixos 4,8 m, potência 189 cv, inclusive carroceria fixa aberta de madeira p/ transporte geral de carga seca, dimen. aprox. 2,5 x 7,00 x 0,50 m - chp diurno. af_06/2014.","CHOR - CUSTOS HORÁRIOS DE MÁQUINAS E EQUIPAMENTOS",null,"chp","24.00",213.05,5113.2]
["Composição Auxiliar",88267,"SINAPI","Encanador ou bombeiro hidráulico com encargos complementares.","SEDI - SERVIÇOS DIVERSOS",null,"h","4.00",27.39,109.56]
["Composição Auxiliar",88248,"SINAPI","Auxiliar de encanador ou bombeiro hidráulico com encargos complementares.","SEDI - SERVIÇOS DIVERSOS",null,"h","4.00",21.99,87.96]
["Insumo",11677,"SINAPI","Registro de esfera, pvc, com volante, vs, soldavel, dn 50 mm, com corpo dividido.","Material",null,"un","1.00",32.78,32.78]
["Insumo",3146,"SINAPI","Fita veda rosca em rolos de 18 mm x 10 m (l x c).","Material",null,"un","0.18",3.68,0.66]
["Insumo",37106,"SINAPI","Caixa d'agua / reservatorio em poliester reforcado com fibra de vidro, 10000 litros, com tampa.","Material",null,"un","1.00",5030.54,5030.54]
["Insumo",9875,"SINAPI","Tubo pvc, soldavel, de 50 mm, agua fria (nbr-5648).","Material",null,"m","15.20",14.87,226.02]
["Insumo",113,"SINAPI","Adaptador pvc soldavel curto com bolsa e rosca, 60 mm x 2\", para agua fria.","Material",null,"un","1.00",10.76,10.76]
["Insumo",3871,"SINAPI","Luva soldavel com rosca, pvc, 50 mm x 1 1/2\", para agua fria predial.","Material",null,"un","1.00",17.600000000000001,17.600000000000001]
["Insumo",3540,"SINAPI","Joelho pvc, soldavel, 90 graus, 50 mm, cor marrom, para agua fria predial.","Material",null,"un","5.00",4.8099999999999996,24.05]
["Insumo",99,"SINAPI","Adaptador pvc soldavel, com flange e anel de vedacao, 50 mm x 1 1/2\", para caixa d'agua.","Material",null,"un","2.00",25.26,50.52]
["Insumo",119,"SINAPI","Adesivo plastico para pvc, bisnaga com 75 gr.","Material",null,"un","0.45",7.75,3.49]
[{"$nulls":4},"MO sem LS =>",2216.7199999999998,"ls =>","2414-10-01","MO com LS =>",4630.82]
[{"$nulls":4},"Valor do BDI =>",6616.8187200000002,null,"Valor com BDI =>",null,31737.62]
[{"$nulls":6},"quant. =>","0.80","Preço Total =>",25390.1]
[]
["5.2","Código","Banco","Descrição.","Tipo",null,"und","Quant.","Valor Unit","Total"]
["Composição","COMPOSIÇÃO - 12","Próprio","Fornecimento e execução de reservatório apoiado de 5 m³.","SEDI - SERVIÇOS DIVERSOS",null,"un","1.00",5964.29,5964.29]
["Composição Auxiliar",5928,"SINAPI","Guindauto hidráulico, capacidade máxima de carga 6200 kg, momento máximo de carga 11,7 tm, alcance máximo horizontal 9,70 m, inclusive caminhão toco pbt 16.000 kg, potência de 189 cv - chp diurno. af_06/2014.","CHOR - CUSTOS HORÁRIOS DE MÁQUINAS E EQUIPAMENTOS",null,"chp","4.00",272.56,1090.24]
["Composição Auxiliar",88309,"SINAPI","Pedreiro com encargos complementares.","SEDI - SERVIÇOS DIVERSOS",null,"h","3.00",28.16,84.48]
["Composição Auxiliar",88316,"SINAPI","Servente com encargos complementares.","SEDI - SERVIÇOS DIVERSOS",null,"h","3.00",20.420000000000002,61.26]
["Composição Auxiliar",88262,"SINAPI","Carpinteiro de formas com encargos complementares.","SEDI - SERVIÇOS DIVERSOS",null,"h","3.00",27.78,83.34]
["Composição Auxiliar",102617,"SINAPI","Caixa d´água em poliéster reforçado com fibra de vidro, 5000 litros - fornecimento e instalação. af_06/2021.","INHI - INSTALAÇÕES HIDROS SANITÁRIAS",null,"un","1.00",3492.23,3492.23]
["Composição Auxiliar",92783,"SINAPI","Armação de laje de uma estrutura convencional de concreto armado em uma edificação térrea ou sobrado utilizando aço ca-60 de 4,2 mm - montagem. af_12/2015.","FUES - FUNDAÇÕES E ESTRUTURAS",null,"kg","3.20",17.52,56.06]
["Composição Auxiliar",92759,"SINAPI","Armação de pilar ou viga de estrutura convencional de concreto armado utilizando aço ca-60 de 5,0 mm - montagem. af_06/2022.","FUES - FUNDAÇÕES E ESTRUTURAS",null,"kg","5.60",13.45,75.319999999999993]
["Composição Auxiliar",94964,"SINAPI","Concreto fck = 20mpa, traço 1:2,7:3 (em massa seca de cimento/ areia média/ brita 1) - preparo mecânico com betoneira 400 l. af_05/2021.","FUES - FUNDAÇÕES E ESTRUTURAS",null,"m³","1.56",515.88,804.77]
["Composição Auxiliar",84651,"SINAPI","Pintura com tinta impermeavel mineral em po, duas demaos.","PINT - PINTURAS",null,"m²","2.70",13.37,36.1]
["Composição Auxiliar",92783,"SINAPI","Armação de laje de uma estrutura convencional de concreto armado em uma edificação térrea ou sobrado utilizando aço ca-60 de 4,2 mm - montagem. af_12/2015.","FUES - FUNDAÇÕES E ESTRUTURAS",null,"kg","3.20",17.52,56.06]
["Insumo",7155,"SINAPI","Tela de aco soldada nervurada, ca-60, q-138, (2,20 kg/m2), diametro do fio = 4,2 mm, largura = 2,45 m, espacamento da malha = 10  x 10 cm.","Material",null,"m²","6.16",20.2,124.43]
[{"$nulls":4},"MO sem LS =>",300.98,"ls =>","327.78","MO com LS =>",628.76]
[{"$nulls":4},"Valor do BDI =>",1570.9939859999999,null,"Valor com BDI =>",null,7535.28]
[{"$nulls":6},"quant. =>","0.20","Preço Total =>",1507.06]
[]
[6,null,null,"Bebedouro.",{"$nulls":5},1920.29]
["6.1","Código","Banco","Descrição.","Tipo",null,"und","Quant.","Valor Unit","Total"]
["Composição","COMPOSIÇÃO - 13","Próprio","Serviço de execução do bebedouro em concreto armado, incluso materiais.","SEDI - SERVIÇOS DIVERSOS",null,"un","1.00",1519.94,1519.94]
["Composição Auxiliar",5928,"SINAPI","Guindauto hidráulico, capacidade máxima de carga 6200 kg, momento máximo de carga 11,7 tm, alcance máximo horizontal 9,70 m, inclusive caminhão toco pbt 16.000 kg, potência de 189 cv - chp diurno. af_06/2014.","CHOR - CUSTOS HORÁRIOS DE MÁQUINAS E EQUIPAMENTOS",null,"chp","2.00",272.56,545.12]
["Composição Auxiliar",87445,"SINAPI","Betoneira capacidade nominal 400 l, capacidade de mistura 310 l, motor a diesel potência 5,0 hp, sem carregador - chp diurno. af_05/2023.","CHOR - CUSTOS HORÁRIOS DE MÁQUINAS E EQUIPAMENTOS",null,"chp","0.50",5.38,2.69]
["Composição Auxiliar",88377,"SINAPI","Operador de betoneira estacionária/misturador com encargos complementares.","SEDI - SERVIÇOS DIVERSOS",null,"h","0.50",25.35,12.68]
["Composição Auxiliar",88310,"SINAPI","Pintor com encargos complementares.","SEDI - SERVIÇOS DIVERSOS",null,"h","0.30",29.64,8.89]
["Composição Auxiliar",100301,"SINAPI","Ajudante de pintor com encargos complementares.","SEDI - SERVIÇOS DIVERSOS",null,"h","0.10",24.26,2.4300000000000002]
["Composição Auxiliar",88245,"SINAPI","Armador com encargos complementares.","SEDI - SERVIÇOS DIVERSOS",null,"h","3.00",27.92,83.76]
["Composição Auxiliar",88262,"SINAPI","Carpinteiro de formas com encargos complementares.","SEDI - SERVIÇOS DIVERSOS",null,"h","2.00",27.78,55.56]
["Composição Auxiliar",88316,"SINAPI","Servente com encargos complementares.","SEDI - SERVIÇOS DIVERSOS",null,"h","5.00",20.420000000000002,102.1]
["Composição Auxiliar",88309,"SINAPI","Pedreiro com encargos complementares.","SEDI - SERVIÇOS DIVERSOS",null,"h","4.00",28.16,112.64]
["Insumo",43055,"SINAPI","Aco ca-50, 12,5 mm ou 16,0 mm, vergalhao.","Material",null,"kg","12.00",6.38,76.56]
["Insumo",43059,"SINAPI","Aco ca-60, 4,2 mm, ou 5,0 mm, ou 6,0 mm, ou 7,0 mm, vergalhao.","Material",null,"kg","13.00",6.97,90.61]
["Insumo",32,"SINAPI","Aco ca-50, 6,3 mm, vergalhao.","Material",null,"kg","6.00",7.77,46.62]
["Insumo",370,"SINAPI","Areia media - posto jazida/fornecedor (retirado na jazida, sem transporte).","Material",null,"m³","0.32",125,40]
["Insumo",1379,"SINAPI","Cimento portland composto cp ii-32.","Material",null,"kg","127.00",0.78,99.06]
["Insumo",4718,"SINAPI","Pedra britada n. 2 (19 a 38 mm) posto pedreira/fornecedor, sem frete.","Material",null,"m³","0.08",128.37,10.27]
["Insumo",4721,"SINAPI","Pedra britada n. 1 (9,5 a 19 mm) posto pedreira/fornecedor, sem frete.","Material",null,"m³","0.23",127.69,29.37]
["Insumo",3767,"SINAPI","Lixa em folha para parede ou madeira, numero 120, cor vermelha.","Material",null,"un","0.12",1.3,0.16]
["Insumo",7356,"SINAPI","Tinta latex acrilica premium, cor branco fosco.","Material",null,"l","0.18",29.66,5.34]
["Insumo",43681,"SINAPI","Chapa/painel de madeira compensada resinada (madeirite resinado rosa) para forma de concreto, de 2200 x 1100 mm, e = 8 a 12 mm.","Material",null,"m²","7.30",26.86,196.08]
[{"$nulls":4},"MO sem LS =>",165.8,"ls =>","180.57","MO com LS =>",346.37]
[{"$nulls":4},"Valor do BDI =>",400.35219599999999,null,"Valor com BDI =>",null,1920.29]
[{"$nulls":6},"quant. =>","1.00","Preço Total =>",1920.29]
[]
[7,null,null,"Chafariz.",{"$nulls":5},1329.13]
["7.1","Código","Banco","Descrição.","Tipo",null,"und","Quant.","Valor Unit","Total"]
["Composição","COMPOSIÇÃO - 14","Próprio","Fornecimento de material e instalação do chafariz.","ASTU - ASSENTAMENTO DE TUBOS E PECAS",null,"un","1.00",1052.03,1052.03]
["Composição Auxiliar",88267,"SINAPI","Encanador ou bombeiro hidráulico com encargos complementares.","SEDI - SERVIÇOS DIVERSOS",null,"h","2.00",27.39,54.78]
["Composição Auxiliar",88248,"SINAPI","Auxiliar de encanador ou bombeiro hidráulico com encargos complementares.","SEDI - SERVIÇOS DIVERSOS",null,"h","2.00",21.99,43.98]
["Composição Auxiliar",93358,"SINAPI","Escavação manual de vala com profundidade menor ou igual a 1,30 m. af_02/2021.","MOVT - MOVIMENTO DE TERRA",null,"m³","0.09",80.78,7.67]
["Composição Auxiliar",92270,"SINAPI","Fabricação de fôrma para vigas, com madeira serrada, e = 25 mm. af_09/2020.","FUES - FUNDAÇÕES E ESTRUTURAS",null,"m²","0.63",214.69,134.83000000000001]
["Composição Auxiliar",94975,"SINAPI","Concreto fck = 15mpa, traço 1:3,4:3,5 (em massa seca de cimento/ areia média/ brita 1) - preparo manual. af_05/2021.","FUES - FUNDAÇÕES E ESTRUTURAS",null,"m³","0.16",521.05999999999995,81.81]
["Composição Auxiliar",2171,"ORSE","Piso cimentado liso traço 1:5, e = 3 cm, c/ junta plástica 3 x 27 mm.","Pisos : Cimentados, em Concreto Simples, tipo Tech-Stone e de Alta Resistência",null,"m²","0.79",52.58,41.28]
["Composição Auxiliar",87904,"SINAPI","Chapisco aplicado em alvenaria (com presença de vãos) e estruturas de concreto de fachada, com colher de pedreiro.  argamassa traço 1:3 com preparo manual. af_10/2022.","REVE - REVESTIMENTO E TRATAMENTO DE SUPERFÍCIES",null,"m²","0.31",8.51,2.67]
["Composição Auxiliar",87529,"SINAPI","Massa única, em argamassa traço 1:2:8, preparo mecânico, aplicada manualmente em paredes internas de ambientes com área entre 5m² e 10m², e = 17,5mm, com taliscas. af_03/2024.","REVE - REVESTIMENTO E TRATAMENTO DE SUPERFÍCIES",null,"m²","0.31",36.79,11.55]
["Composição Auxiliar",84651,"SINAPI","Pintura com tinta impermeavel mineral em po, duas demaos.","PINT - PINTURAS",null,"m²","0.31",13.37,4.2]
["Insumo",765,"SINAPI","Bucha de reducao de ferro galvanizado, com rosca bsp, de 1\" x 3/4\".","Material",null,"un","2.00",10.23,20.46]
["Insumo",9887,"SINAPI","Uniao de ferro galvanizado, com rosca bsp, com assento plano, de 2\".","Material",null,"un","2.00",104.13,208.26]
["Insumo",21013,"SINAPI","Tubo aco galvanizado com costura, classe leve, dn 50 mm ( 2\"),  e = 3,00 mm,  *4,40* kg/m (nbr 5580).","Material",null,"m","1.80",73.77,132.79]
["Insumo",6298,"SINAPI","Te de ferro galvanizado, de 2\".","Material",null,"un","1.00",67.819999999999993,67.819999999999993]
["Insumo",3471,"SINAPI","Cotovelo 90 graus de ferro galvanizado, com rosca bsp, de 2\".","Material",null,"un","1.00",51.01,51.01]
["Insumo",113,"SINAPI","Adaptador pvc soldavel curto com bolsa e rosca, 60 mm x 2\", para agua fria.","Material",null,"un","1.00",10.76,10.76]
["Insumo",818,"SINAPI","Bucha de reducao de pvc, soldavel, curta, com 60 x 50 mm, para agua fria predial.","Material",null,"un","1.00",6.57,6.57]
["Insumo",7604,"SINAPI","Torneira metalica cromada para tanque / jardim, sem bico , cano longo, de parede, padrao popular / uso geral, 1/2 \" ou 3/4 \" (ref 1126).","Material",null,"un","2.00",51.68,103.36]
["Insumo",119,"SINAPI","Adesivo plastico para pvc, bisnaga com 75 gr.","Material",null,"un","1.00",7.75,7.75]
["Insumo",3146,"SINAPI","Fita veda rosca em rolos de 18 mm x 10 m (l x c).","Material",null,"un","1.00",3.68,3.68]
["Insumo",771,"SINAPI","Bucha de reducao de ferro galvanizado, com rosca bsp, de 2\" x 1\".","Material",null,"un","2.00",28.4,56.8]
[{"$nulls":4},"MO sem LS =>",70.400000000000006,"ls =>","76.66","MO com LS =>",147.06]
[{"$nulls":4},"Valor do BDI =>",277.10470199999997,null,"Valor com BDI =>",null,1329.13]
[{"$nulls":6},"quant. =>","1.00","Preço Total =>",1329.13]
[]
[8,null,null,"Cavalete.",{"$nulls":5},2272.8200000000002]
["8.1","Código","Banco","Descrição.","Tipo",null,"und","Quant.","Valor Unit","Total"]
["Composição","COMPOSIÇÃO - 15","Próprio","Fornecimento de conexões e instalação do cavalete com hidrômetro e clorador de pastilhas.","INHI - INSTALAÇÕES HIDROS SANITÁRIAS",null,"un","1.00",1798.97,1798.97]
["Composição Auxiliar",88248,"SINAPI","Auxiliar de encanador ou bombeiro hidráulico com encargos complementares.","SEDI - SERVIÇOS DIVERSOS",null,"h","3.00",21.99,65.97]
["Insumo",791,"SINAPI","Bucha de reducao de ferro galvanizado, com rosca bsp, de 1 1/2\" x 1\".","Material",null,"un","1.00",21.16,21.16]
["Insumo",9862,"SINAPI","Tubo pvc, roscavel, 1 1/2\",  agua fria predial.","Material",null,"m","1.50",30.18,45.27]
["Insumo",11831,"SINAPI","Torneira plastica para tanque 1/2 \" ou 3/4 \" com bico para mangueira.","Material",null,"un","1.00",18.579999999999998,18.579999999999998]
["Insumo",2121,"SBC","Te de reducao ferro galvanizado 1.1/2\" x 1\".","Material",null,"un","1.00",57.49,57.49]
["Insumo",9569,"ORSE","Adaptador pvc bsxrm d= 35mm x 1 1/2\", linha irriga-lf, tigre ou similar un.","Material",null,"un","1.00",3.04,3.04]
["Insumo",3939,"SINAPI","Luva de ferro galvanizado, com rosca bsp, de 1 1/2\".","Material",null,"un","1.00",23.45,23.45]
["Insumo",1798,"SINAPI","Curva 90 graus de ferro galvanizado, com rosca bsp macho, de 2\".","Material",null,"un","1.00",130.71,130.71]
["Insumo",9887,"SINAPI","Uniao de ferro galvanizado, com rosca bsp, com assento plano, de 2\".","Material",null,"un","2.00",104.13,208.26]
["Insumo"," 00004181/SINAPI ","ORSE","Niple de ferro galvanizado, com rosca bsp, de 2\".","Material",null,"un","2.00",39.24,78.48]
["Insumo",6028,"SINAPI","Registro gaveta bruto em latao forjado, bitola 2 \" (ref 1509).","Material",null,"un","1.00",180.34,180.34]
["Insumo",12775,"SINAPI","Hidrometro multijato / medidor de agua, dn 1\", vazao maxima de 7 m3/h, para agua potavel fria, relojoaria plana, classe b, horizontal (sem conexoes).","Material",null,"un","1.00",611.76,611.76]
["Insumo",771,"SINAPI","Bucha de reducao de ferro galvanizado, com rosca bsp, de 2\" x 1\".","Material",null,"un","1.00",28.4,28.4]
["Insumo",6305,"SINAPI","Te de reducao de ferro galvanizado, com rosca bsp, de 2\" x 1\".","Material",null,"un","1.00",75.09,75.09]
["Insumo",12464,"ORSE","Clorador dosador de cloro de pastilhas automático.","Material",null,"un","1.00",250.97,250.97]
[{"$nulls":4},"MO sem LS =>",23.94,"ls =>","2024-07-26","MO com LS =>",50.01]
[{"$nulls":4},"Valor do BDI =>",473.84869800000001,null,"Valor com BDI =>",null,2272.8200000000002]
[{"$nulls":6},"quant. =>","1.00","Preço Total =>",2272.8200000000002]
[]
[9,null,null,"Instalações hidráulicas poço e adutora.",{"$nulls":5},20583.060000000001]
["9.1","Código","Banco","Descrição.","Tipo",null,"und","Quant.","Valor Unit","Total"]
["Composição","COMPOSIÇÃO - 16","Próprio","Fornecimento e instalação da rede adutora poço-reservatório-bebedouro em pn80 e dn50mm.","SEDI - SERVIÇOS DIVERSOS",null,"m","1.00",27.68,27.68]
["Composição Auxiliar",88316,"SINAPI","Servente com encargos complementares.","SEDI - SERVIÇOS DIVERSOS",null,"h","0.05",20.420000000000002,1.02]
["Composição Auxiliar",93358,"SINAPI","Escavação manual de vala com profundidade menor ou igual a 1,30 m. af_02/2021.","MOVT - MOVIMENTO DE TERRA",null,"m³","0.05",80.78,4.04]
["Insumo",9875,"SINAPI","Tubo pvc, soldavel, de 50 mm, agua fria (nbr-5648).","Material",null,"m","1.00",14.87,14.87]
["Insumo",119,"SINAPI","Adesivo plastico para pvc, bisnaga com 75 gr.","Material",null,"un","1.00",7.75,7.75]
[{"$nulls":4},"MO sem LS =>",1.72,"ls =>","1.88","MO com LS =>",3.6]
[{"$nulls":4},"Valor do BDI =>",7.2909119999999996,null,"Valor com BDI =>",null,34.97]
[{"$nulls":6},"quant. =>","400.00","Preço Total =>",13988]
[]
["9.2","Código","Banco","Descrição.","Tipo",null,"und","Quant.","Valor Unit","Total"]
["Composição","COMPOSIÇÃO - 17","Próprio","Montagem hidráulica do equipamento de bombeamento.","INHI - INSTALAÇÕES HIDROS SANITÁRIAS",null,"un","1.00",148.13999999999999,148.13999999999999]
["Composição Auxiliar",88267,"SINAPI","Encanador ou bombeiro hidráulico com encargos complementares.","SEDI - SERVIÇOS DIVERSOS",null,"h","3.00",27.39,82.17]
["Composição Auxiliar",88248,"SINAPI","Auxiliar de encanador ou bombeiro hidráulico com encargos complementares.","SEDI - SERVIÇOS DIVERSOS",null,"h","3.00",21.99,65.97]
[{"$nulls":4},"MO sem LS =>",55.63,"ls =>","60.59","MO com LS =>",116.22]
[{"$nulls":4},"Valor do BDI =>",39.020076000000003,null,"Valor com BDI =>",null,187.16]
[{"$nulls":6},"quant. =>","1.00","Preço Total =>",187.16]
[]
["9.3","Código","Banco","Descrição.","Tipo",null,"und","Quant.","Valor Unit","Total"]
["Insumo",38200,"SINAPI","Corda de poliamida 12 mm tipo bombeiro, para trabalho em altura.","Material",null,"100m","1.00",592.42999999999995,592.42999999999995]
[{"$nulls":4},"MO sem LS =>",0,"ls =>","0.00","MO com LS =>",0]
[{"$nulls":4},"Valor do BDI =>",90.52,null,"Valor com BDI =>",null,682.95]
[{"$nulls":6},"quant. =>","0.93","Preço Total =>",635.14]
[]
["9.4","Código","Banco","Descrição.","Tipo",null,"und","Quant.","Valor Unit","Total"]
["Insumo",9860,"SINAPI","Tubo pvc, roscavel,  2\", para agua fria predial.","Material",null,"m","1.00",43.19,43.19]
[{"$nulls":4},"MO sem LS =>",0,"ls =>","0.00","MO com LS =>",0]
[{"$nulls":4},"Valor do BDI =>",11.38,null,"Valor com BDI =>",null,54.57]
[{"$nulls":6},"quant. =>","90.00","Preço Total =>",4911.3]
[]
["9.5","Código","Banco","Descrição.","Tipo",null,"und","Quant.","Valor Unit","Total"]
["Insumo",3912,"SINAPI","Luva de ferro galvanizado, com rosca bsp, de 2\".","Material",null,"un","1.00",35.909999999999997,35.909999999999997]
[{"$nulls":4},"MO sem LS =>",0,"ls =>","0.00","MO com LS =>",0]
[{"$nulls":4},"Valor do BDI =>",9.4600000000000009,null,"Valor com BDI =>",null,45.37]
[{"$nulls":6},"quant. =>","16.00","Preço Total =>",725.92]
[]
["9.6","Código","Banco","Descrição.","Tipo",null,"und","Quant.","Valor Unit","Total"]
["Insumo",5128,"ORSE","Tampa de poço galvanizada em 6\" un.","Serviços",null,"un","1.00",107.28,107.28]
[{"$nulls":4},"MO sem LS =>",0,"ls =>","0.00","MO com LS =>",0]
[{"$nulls":4},"Valor do BDI =>",28.26,null,"Valor com BDI =>",null,135.54]
[{"$nulls":6},"quant. =>","1.00","Preço Total =>",135.54]
[]
[10,null,null,"Estrutura de fixação para módulos fotovoltáicos.",{"$nulls":5},5113.76]
["10.1","Código","Banco","Descrição.","Tipo",null,"und","Quant.","Valor Unit","Total"]
["Composição","COMPOSIÇÃO - 18","Próprio","Serviço de fixação de estruturas para os módulos fotovoltaicos e suportes de concreto, incluso materiais.","SEDI - SERVIÇOS DIVERSOS",null,"m²","1.00",252.98,252.98]
["Composição Auxiliar",94975,"SINAPI","Concreto fck = 15mpa, traço 1:3,4:3,5 (em massa seca de cimento/ areia média/ brita 1) - preparo manual. af_05/2021.","FUES - FUNDAÇÕES E ESTRUTURAS",null,"m³","0.09",521.05999999999995,49.24]
["Composição Auxiliar",93358,"SINAPI","Escavação manual de vala com profundidade menor ou igual a 1,30 m. af_02/2021.","MOVT - MOVIMENTO DE TERRA",null,"m³","0.06",80.78,5.05]
["Composição Auxiliar",96534,"SINAPI","Fabricação, montagem e desmontagem de fôrma para bloco de coroamento, em madeira serrada, e=25 mm, 4 utilizações. af_06/2017.","FUES - FUNDAÇÕES E ESTRUTURAS",null,"m²","0.03",76.28,2.44]
["Composição Auxiliar",88316,"SINAPI","Servente com encargos complementares.","SEDI - SERVIÇOS DIVERSOS",null,"h","2.64",20.420000000000002,53.85]
["Composição Auxiliar",88278,"SINAPI","Montador de estrutura metálica com encargos complementares.","SEDI - SERVIÇOS DIVERSOS",null,"h","2.64",24.46,64.5]
["Insumo",15690,"SBC","Estrutura metalica tesoura c/coluna 20/35m(24,72kg/m2).","Material",null,"m²","1.00",77.900000000000006,77.900000000000006]
[{"$nulls":4},"MO sem LS =>",49.55,"ls =>","53.97","MO com LS =>",103.52]
[{"$nulls":4},"Valor do BDI =>",66.634932000000006,null,"Valor com BDI =>",null,319.61]
[{"$nulls":6},"quant. =>","16.00","Preço Total =>",5113.76]
[]
[11,null,null,"Instalações elétricas.",{"$nulls":5},20057.11]
["11.1","Código","Banco","Descrição.","Tipo",null,"und","Quant.","Valor Unit","Total"]
["Composição","COMPOSIÇÃO - 19","Próprio","Montagem e instalação elétrica do kit de bombeamento e sistema fotovoltaico inclusive sistema de aterramento.","INEL - INSTALAÇÃO ELÉTRICA/ELETRIFICAÇÃO E ILUMINAÇÃO EXTERNA",null,"un","1.00",1081.3900000000001,1081.3900000000001]
["Composição Auxiliar",88247,"SINAPI","Auxiliar de eletricista com encargos complementares.","SEDI - SERVIÇOS DIVERSOS",null,"h","8.00",23.03,184.24]
["Insumo",20111,"SINAPI","Fita isolante adesiva antichama, uso ate 750 v, em rolo de 19 mm x 20 m.","Material",null,"un","1.00",9.15,9.15]
["Insumo",2674,"SINAPI","Fornecimento de  eletroduto de pvc rigido roscavel de 3/4 \", sem luva.","Material",null,"m","15.00",5.26,78.900000000000006]
["Insumo",12034,"SINAPI","Fornecimento de  curva 180 graus, de pvc rigido roscavel, de 3/4\", para eletroduto.","Material",null,"un","1.00",5,5]
["Insumo",39272,"SINAPI","Fornecimento de  curva 90 graus, curta, de pvc rigido roscavel, de 3/4\", para eletroduto.","Material",null,"un","2.00",2.73,5.46]
["Insumo",3379,"SINAPI","Haste de aterramento em aco com 3,00 m de comprimento e dn = 5/8\", revestida com baixa camada de cobre, sem conector.","Material",null,"un","0.66",102.77,67.83]
["Insumo",1891,"SINAPI","Fornecimento de  luva em pvc rigido roscavel, de 3/4\", para eletroduto.","Material",null,"un","9.00",1.26,11.34]
["Insumo",425,"SINAPI","Grampo metalico tipo olhal para haste de aterramento de 5/8'', condutor de *10* a 50 mm2.","Material",null,"un","2.00",9.75,19.5]
["Insumo",34643,"SINAPI","Fornecimento de  caixa de inspecao para aterramento e para raios, em polipropileno,  diametro = 300 mm x altura = 400 mm.","Material",null,"un","2.00",41.46,82.92]
["Insumo",867,"SINAPI","Cabo de cobre nu 50 mm2 meio-duro.","Material",null,"m","7.50",52.58,394.35]
["Insumo",54581,"SIURB INFRA","Dps - dispositivo de proteção contra surtos – 45ka – 500 volts - corrente contínua - classe ii - p/ sistema fotovoltáico.","Material",null,"un","1.00",222.7,222.7]
[{"$nulls":4},"MO sem LS =>",65.22,"ls =>","71.02","MO com LS =>",136.24]
[{"$nulls":4},"Valor do BDI =>",284.83812599999999,null,"Valor com BDI =>",null,1366.23]
[{"$nulls":6},"quant. =>","1.00","Preço Total =>",1366.23]
[]
["11.2","Código","Banco","Descrição.","Tipo",null,"und","Quant.","Valor Unit","Total"]
["Insumo",34622,"SINAPI","Fornecimento de  cabo flexivel pvc 750 v, 3 condutores de 6,0 mm2.","Material",null,"m","1.00",20.67,20.67]
[{"$nulls":4},"MO sem LS =>",0,"ls =>","0.00","MO com LS =>",0]
[{"$nulls":4},"Valor do BDI =>",3.16,null,"Valor com BDI =>",null,23.83]
[{"$nulls":6},"quant. =>","105.00","Preço Total =>",2502.15]
[]
["11.3","Código","Banco","Descrição.","Tipo",null,"und","Quant.","Valor Unit","Total"]
["Composição","COMPOSIÇÃO - 20","Próprio","Fornecimento e instalação de automático de bóia superior e inferior.","ASTU - ASSENTAMENTO DE TUBOS E PECAS",null,"un","1.00",67.87,67.87]
["Composição Auxiliar",88264,"SINAPI","Eletricista com encargos complementares.","SEDI - SERVIÇOS DIVERSOS",null,"h","0.20",28.55,5.71]
["Composição Auxiliar",88247,"SINAPI","Auxiliar de eletricista com encargos complementares.","SEDI - SERVIÇOS DIVERSOS",null,"h","0.20",23.03,4.6100000000000003]
["Insumo",7588,"SINAPI","Automatico de boia superior / inferior, *15* a / 250 v.","Material",null,"un","1.00",56.65,56.65]
["Insumo",21127,"SINAPI","Fita isolante adesiva antichama, uso ate 750 v, em rolo de 19 mm x 5 m.","Material",null,"un","0.10",3.46,0.35]
["Insumo",3146,"SINAPI","Fita veda rosca em rolos de 18 mm x 10 m (l x c).","Material",null,"un","0.15",3.68,0.55000000000000004]
[{"$nulls":4},"MO sem LS =>",3.79,"ls =>","4.13","MO com LS =>",7.92]
[{"$nulls":4},"Valor do BDI =>",17.876957999999998,null,"Valor com BDI =>",null,85.75]
[{"$nulls":6},"quant. =>","1.00","Preço Total =>",85.75]
[]
["11.4","Código","Banco","Descrição.","Tipo",null,"und","Quant.","Valor Unit","Total"]
["Insumo",39257,"SINAPI","Cabo multipolar de cobre, flexivel, classe 4 ou 5, isolacao em hepr, cobertura em pvc-st2, antichama bwf-b, 0,6/1 kv, 3 condutores de 1,5 mm2.","Material",null,"m","1.00",5.62,5.62]
[{"$nulls":4},"MO sem LS =>",0,"ls =>","0.00","MO com LS =>",0]
[{"$nulls":4},"Valor do BDI =>",1.48,null,"Valor com BDI =>",null,7.1]
[{"$nulls":6},"quant. =>","200.00","Preço Total =>",1420]
[]
["11.5","Código","Banco","Descrição.","Tipo",null,"und","Quant.","Valor Unit","Total"]
["Insumo","COTAÇÃO-001","Próprio","Fornecimento de kit de bombeamento fotovoltaico, incluindo uma bomba cc de 2200w com controladora de carga externa,  caixa de proteção metálica, módulos fotovoltaicos compatíveis com a geração de 3300wp além de componentes elétricos necessários para interligação dos painéis, como cabos, conectores mc4 e presilhas de fixação.","Serviços",null,"un","1.00",11621.8,11621.8]
[{"$nulls":4},"MO sem LS =>",0,"ls =>","0.00","MO com LS =>",0]
[{"$nulls":4},"Valor do BDI =>",3061.18,null,"Valor com BDI =>",null,14682.98]
[{"$nulls":6},"quant. =>","1.00","Preço Total =>",14682.98]
[]
[12,null,null,"Urbanização.",{"$nulls":5},4131.68]
["12.1","Código","Banco","Descrição.","Tipo",null,"und","Quant.","Valor Unit","Total"]
["Composição","COMPOSIÇÃO - 21","Próprio","Cerca com mourões de concreto de 15x15cm, espaçados de 3m e cravados a 0,5m, escoras de 10x10cm nos cantos, e 9 fios de arame de aço ovalado 15x17.","SEDI - SERVIÇOS DIVERSOS",null,"m","1.00",83.25,83.25]
["Composição Auxiliar",88309,"SINAPI","Pedreiro com encargos complementares.","SEDI - SERVIÇOS DIVERSOS",null,"h","0.34",28.16,9.43]
["Composição Auxiliar",88316,"SINAPI","Servente com encargos complementares.","SEDI - SERVIÇOS DIVERSOS",null,"h","0.67",20.420000000000002,13.7]
["Composição Auxiliar",94975,"SINAPI","Concreto fck = 15mpa, traço 1:3,4:3,5 (em massa seca de cimento/ areia média/ brita 1) - preparo manual. af_05/2021.","FUES - FUNDAÇÕES E ESTRUTURAS",null,"m³","0.03",521.05999999999995,15.01]
["Insumo",43130,"SINAPI","Arame galvanizado 12 bwg, d = 2,76 mm (0,048 kg/m) ou 14 bwg, d = 2,11 mm (0,026 kg/m).","Material",null,"kg","0.10",21.4,2.1]
["Insumo",346,"SINAPI","Arame de aco ovalado 15 x 17 ( 45,7 kg, 700 kgf), rolo 1000 m.","Material",null,"kg","0.41",25.35,10.27]
["Insumo",4111,"SINAPI","Escora pre-moldada em concreto, *10 x 10* cm, h = 2,30m.","Material",null,"un","0.16",80.7,12.91]
["Insumo"," I1533 ","SEINFRA","Mourão concreto base 15x15cm h=2.3 c/ 12 furos.","Material",null,"un","0.42",47.22,19.829999999999998]
[{"$nulls":4},"MO sem LS =>",9.4600000000000009,"ls =>","10.31","MO com LS =>",19.77]
[{"$nulls":4},"Valor do BDI =>",21.928049999999999,null,"Valor com BDI =>",null,105.18]
[{"$nulls":6},"quant. =>","28.00","Preço Total =>",2945.04]
[]
["12.2","Código","Banco","Descrição.","Tipo",null,"und","Quant.","Valor Unit","Total"]
["Composição","COMPOSIÇÃO - 22","Próprio","Serviço de instalação de portão de ferro com suporte e batedor conforme projeto, incluso material.","SEDI - SERVIÇOS DIVERSOS",null,"m²","1.00",626.16,626.16]
["Composição Auxiliar",88309,"SINAPI","Pedreiro com encargos complementares.","SEDI - SERVIÇOS DIVERSOS",null,"h","1.50",28.16,42.24]
["Composição Auxiliar",88316,"SINAPI","Servente com encargos complementares.","SEDI - SERVIÇOS DIVERSOS",null,"h","1.50",20.420000000000002,30.63]
["Insumo",367,"SINAPI","Areia grossa - posto jazida/fornecedor (retirado na jazida, sem transporte).","Material",null,"m³","0.06",126.63,7.72]
["Insumo",1379,"SINAPI","Cimento portland composto cp ii-32.","Material",null,"kg","4.83",0.78,3.77]
["Insumo",4948,"SINAPI","Portao de abrir / giro, em gradil de metalon redondo de 3/4\"  vertical, com requadro, acabamento natural - completo.","Material",null,"m²","1.00",541.79999999999995,541.79999999999995]
[{"$nulls":4},"MO sem LS =>",26.34,"ls =>","28.69","MO com LS =>",55.03]
[{"$nulls":4},"Valor do BDI =>",164.930544,null,"Valor com BDI =>",null,791.09]
[{"$nulls":6},"quant. =>","1.50","Preço Total =>",1186.6400000000001]
[]
[13,null,null,"Outros serviços e insumos excepcionais.",{"$nulls":5},14282.07]
["13.1","Código","Banco","Descrição.","Tipo",null,"und","Quant.","Valor Unit","Total"]
["Composição","COMPOSIÇÃO - 23","Próprio","Execução de tamponamento conforme especificação.","SEDI - SERVIÇOS DIVERSOS",null,"m³","1.00",666.72,666.72]
["Composição Auxiliar",87316,"SINAPI","Argamassa traço 1:4 (em volume de cimento e areia grossa úmida) para chapisco convencional, preparo mecânico com betoneira 400 l. af_08/2019.","SEDI - SERVIÇOS DIVERSOS",null,"m³","1.00",518.61,518.61]
["Composição Auxiliar",88316,"SINAPI","Servente com encargos complementares.","SEDI - SERVIÇOS DIVERSOS",null,"h","1.00",20.420000000000002,20.420000000000002]
["Insumo",4721,"SINAPI","Pedra britada n. 1 (9,5 a 19 mm) posto pedreira/fornecedor, sem frete.","Material",null,"m³","1.00",127.69,127.69]
[{"$nulls":4},"MO sem LS =>",52.56,"ls =>","57.23","MO com LS =>",109.79]
[{"$nulls":4},"Valor do BDI =>",175.614048,null,"Valor com BDI =>",null,842.33]
[{"$nulls":6},"quant. =>","0.08","Preço Total =>",67.39]
[]
["13.2","Código","Banco","Descrição.","Tipo",null,"und","Quant.","Valor Unit","Total"]
["Insumo",13747,"ORSE","Revestimento tubo liso aço sch-40 em 12\".","Serviços",null,"m","1.00",921.04,921.04]
[{"$nulls":4},"MO sem LS =>",0,"ls =>","0.00","MO com LS =>",0]
[{"$nulls":4},"Valor do BDI =>",242.6,null,"Valor com BDI =>",null,1163.6400000000001]
[{"$nulls":6},"quant. =>","6.00","Preço Total =>",6981.84]
[]
["13.3","Código","Banco","Descrição.","Tipo",null,"und","Quant.","Valor Unit","Total"]
["Insumo"," M3929 ","SICRO3","Tubo em aço-carbono - e = 3,00 mm e d = 150 mm (6\").","Material",null,"m","1.00",171.2287,171.2287]
[{"$nulls":4},"MO sem LS =>",0,"ls =>","0.00","MO com LS =>",0]
[{"$nulls":4},"Valor do BDI =>",45.1,null,"Valor com BDI =>",null,216.33]
[{"$nulls":6},"quant. =>","6.00","Preço Total =>",1297.98]
[]
["13.4","Código","Banco","Descrição.","Tipo",null,"und","Quant.","Valor Unit","Total"]
["Insumo"," M039706073 ","EMBASA","Filtro nold em aço galvanizado dn 6\".","Material",null,"m","1.00",763.9,763.9]
[{"$nulls":4},"MO sem LS =>",0,"ls =>","0.00","MO com LS =>",0]
[{"$nulls":4},"Valor do BDI =>",201.21,null,"Valor com BDI =>",null,965.11]
[{"$nulls":6},"quant. =>","6.00","Preço Total =>",5790.66]
[]
["13.5","Código","Banco","Descrição.","Tipo",null,"und","Quant.","Valor Unit","Total"]
["Composição","COMPOSIÇÃO - 24","Próprio","Limpeza manual , remoção de cerca, capina e instalação dos equipamentos (área do poço, painéis solares, bebedouro e reservatório).","SEDI - SERVIÇOS DIVERSOS",null,"m²","1.00",1.63,1.63]
["Composição Auxiliar",88316,"SINAPI","Servente com encargos complementares.","SEDI - SERVIÇOS DIVERSOS",null,"h","0.08",20.420000000000002,1.63]
[{"$nulls":4},"MO sem LS =>",0.56000000000000005,"ls =>","0.60","MO com LS =>",1.1599999999999999]
[{"$nulls":4},"Valor do BDI =>",0.429342,null,"Valor com BDI =>",null,2.06]
[{"$nulls":6},"quant. =>","70.00","Preço Total =>",144.19999999999999]

{"sheet":"Crono. - MG - T","index":28,"n_rows":27,"n_cols":15,"rows_kept":27,"cut":false,"hidden":false,"merged":[[0,0,6,14],[7,0,8,14],[23,0,23,1],[23,2,26,2],[24,0,24,1],[25,0,25,1],[26,0,26,1]]}
["OBJETO: EXECUÇÃO DE SERVIÇOS DE PERFURAÇÃO E INSTALAÇÃO DE POÇOS TUBULARES EM MUNICÍPIOS LOCALIZADOS EM MINAS GERAIS, NA ÁREA DE ATUAÇÃO DA CODEVASF DA 16 SR"]
[]
[]
[]
[]
[]
[]
["CRONOGRAMA FÍSICO-FINANCEIRO POÇO TOTALMENTE REVESTIDO"]
[]
["ITEM","ESPECIFICAÇÃO DOS SERVIÇOS","VALOR TOTAL (R$)","Mês 01","Mês 02","Mês 03","Mês 04","Mês 05","Mês 06","Mês 07","Mês 08","Mês 09","Mês 10","Mês 11","Mês 12"]
["1","Serviços preliminares.",62098.22,5174.8516666666665,5174.8516666666665,5174.8516666666665,5174.8516666666665,5174.8516666666665,5174.8516666666665,5174.8516666666665,5174.8516666666665,5174.8516666666665,5174.8516666666665,5174.8516666666665,5174.8516666666665]
["2","Mobilizaçâo e desmobilizaçâo equipe campo.",14643,1220.25,1220.25,1220.25,1220.25,1220.25,1220.25,1220.25,1220.25,1220.25,1220.25,1220.25,1220.25]
["3","Perfuração e completação de poço tubular.",638562.16,53213.513333333336,53213.513333333336,53213.513333333336,53213.513333333336,53213.513333333336,53213.513333333336,53213.513333333336,53213.513333333336,53213.513333333336,53213.513333333336,53213.513333333336,53213.513333333336]
["4","Pós perfuração.",72937.56,6078.13,6078.13,6078.13,6078.13,6078.13,6078.13,6078.13,6078.13,6078.13,6078.13,6078.13,6078.13]
["5","Reservação.",161382.92000000001,13448.576666666668,13448.576666666668,13448.576666666668,13448.576666666668,13448.576666666668,13448.576666666668,13448.576666666668,13448.576666666668,13448.576666666668,13448.576666666668,13448.576666666668,13448.576666666668]
["6","Bebedouro.",11521.74,960.14499999999998,960.14499999999998,960.14499999999998,960.14499999999998,960.14499999999998,960.14499999999998,960.14499999999998,960.14499999999998,960.14499999999998,960.14499999999998,960.14499999999998,960.14499999999998]
["7","Chafariz.",7974.78,664.56499999999994,664.56499999999994,664.56499999999994,664.56499999999994,664.56499999999994,664.56499999999994,664.56499999999994,664.56499999999994,664.56499999999994,664.56499999999994,664.56499999999994,664.56499999999994]
["8","Cavalete.",13636.92,1136.4100000000001,1136.4100000000001,1136.4100000000001,1136.4100000000001,1136.4100000000001,1136.4100000000001,1136.4100000000001,1136.4100000000001,1136.4100000000001,1136.4100000000001,1136.4100000000001,1136.4100000000001]
["9","Instalações hidráulicas poço e adutora.",120464.84,10038.736666666666,10038.736666666666,10038.736666666666,10038.736666666666,10038.736666666666,10038.736666666666,10038.736666666666,10038.736666666666,10038.736666666666,10038.736666666666,10038.736666666666,10038.736666666666]
["10","Estrutura de fixação para módulos fotovoltáicos.",29110.080000000002,2425.84,2425.84,2425.84,2425.84,2425.84,2425.84,2425.84,2425.84,2425.84,2425.84,2425.84,2425.84]
["11","Instalações elétricas.",119598.66,9966.5550000000003,9966.5550000000003,9966.5550000000003,9966.5550000000003,9966.5550000000003,9966.5550000000003,9966.5550000000003,9966.5550000000003,9966.5550000000003,9966.5550000000003,9966.5550000000003,9966.5550000000003]
["12","Urbanização.",24790.05,2065.8375000000001,2065.8375000000001,2065.8375000000001,2065.8375000000001,2065.8375000000001,2065.8375000000001,2065.8375000000001,2065.8375000000001,2065.8375000000001,2065.8375000000001,2065.8375000000001,2065.8375000000001]
["13","Outros serviços e insumos excepcionais.",41233.910000000003,3436.1591666666668,3436.1591666666668,3436.1591666666668,3436.1591666666668,3436.1591666666668,3436.1591666666668,3436.1591666666668,3436.1591666666668,3436.1591666666668,3436.1591666666668,3436.1591666666668,3436.1591666666668]
["TOTAL",null,1317954.8400000001,109829.57000000002,109829.57000000002,109829.57000000002,109829.57000000002,109829.57000000002,109829.57000000002,109829.57000000002,109829.57000000002,109829.57000000002,109829.57000000002,109829.57000000002,109829.57000000002]
["PERCENTUAL",null,null,8.3333333333333343E-2,8.3333333333333343E-2,8.3333333333333343E-2,8.3333333333333343E-2,8.3333333333333343E-2,8.3333333333333343E-2,8.3333333333333343E-2,8.3333333333333343E-2,8.3333333333333343E-2,8.3333333333333343E-2,8.3333333333333343E-2,8.3333333333333343E-2]
["CUSTO ACUMULADO",null,null,109829.57000000002,219659.14000000004,329488.71000000008,439318.28000000009,549147.85000000009,658977.42000000016,768806.99000000022,878636.56000000029,988466.13000000035,1098295.7000000004,1208125.2700000005,1317954.8400000005]
["PERCENTUAL ACUMULADO",null,null,8.3333333333333343E-2,0.16666666666666669,0.25,0.33333333333333337,0.41666666666666674,0.50000000000000011,0.58333333333333348,0.66666666666666685,0.75000000000000022,0.83333333333333359,0.91666666666666696,1.0000000000000002]

{"sheet":"Orçamento Sintético - MG - P","index":29,"n_rows":59,"n_cols":12,"rows_kept":59,"cut":false,"hidden":false,"merged":[[0,2,1,5]]}
[null,null,"OBJETO: EXECUÇÃO DE SERVIÇOS DE PERFURAÇÃO E INSTALAÇÃO DE POÇOS TUBULARES EM MUNICÍPIOS LOCALIZADOS EM MINAS GERAIS, NA ÁREA DE ATUAÇÃO DA CODEVASF DA 16 SR",{"$nulls":4},"Quantidade de Poços","BDI SERVIÇO","BDI INSUMO","Total","Preço Unitário Por Poço"]
[{"$nulls":7},44,0.26340000000000002,0.15279999999999999,6770481.7300000004,153874.57999999999]
["Item","Código","Banco","TIPO","Descrição.","un.","Mem. calc.","Quanti.","Valor Unit","Valor Unit com BDI","Total","Peso (%)"]
[1,null,null,null,"Serviços preliminares.",{"$nulls":5},360057.42,5.3180472876041565E-2]
["1.1","COMPOSIÇÃO - 1","Próprio","Serviço","Administração local da obra - poço parcialmente revestido.","un.",1,44,257.23,324.98,14299.12,2.1119797039907233E-3]
["1.2","COMPOSIÇÃO - 2","Próprio","Serviço","Serviço de locação geológica de campo com relatório hidro geológico e perfil construtivo e geológico esperado. relatório de viabilidade de implantação das estruturas e vistorias preliminares.","un.",1,44,590.6,746.16,32831.040000000001,4.8491438732528713E-3]
["1.3",103689,"SINAPI","Insumo","Fornecimento e instalação de placa de obra com chapa galvanizada e estrutura de madeira. .","m²",0.72,31.68,458.28,528.30999999999995,16736.86,2.4720338474349592E-3]
["1.4","Composição - A","Próprio","Insumo","Emissão de Outorga e Licenciamento (taxas)","und",1,44,5839.35,6731.6,296190.40000000002,4.3747315451363018E-2]
[2,null,null,null,"Mobilizaçâo e desmobilizaçâo equipes perfuraçâo e instalação.",{"$nulls":5},107382,1.5860318996828604E-2]
["2.1","COMPOSIÇÃO - 3","Próprio","Serviço","Transporte de comboio perfuração.","km",150,6600,4.59,5.8,38280,5.653955143307062E-3]
["2.2","COMPOSIÇÃO - 4","Próprio","Serviço","Transporte de comboio instalação.","km",150,6600,5.77,7.29,48114,7.1064367232256008E-3]
["2.3","COMPOSIÇÃO - 5","Próprio","Serviço","Transporte de equipe teste de vazão.","km",150,6600,2.52,3.18,20988,3.0999271302959413E-3]
[3,null,null,null,"Perfuração e completação de poço tubular.",{"$nulls":5},1317988.03,0.19466680253489141]
["3.1",5051,"ORSE","Insumo","Perfuraçao em rocha metassedimentar - metassedimento alterado / compacto dn 6\"  (poço 120m).","m",90,3960,156.31,180.19,713552.4,0.10539167351094823]
["3.2",5057,"ORSE","Insumo","Perfuração rocha sedimentar sedimento / camadas inconsolidadas dn 12.1/2\" - poço até 150m.","m",30,1320,247.66,285.5,376860,5.5662213566005737E-2]
["3.3","COMPOSIÇÃO - 6","Próprio","Serviço","Serviço de lançamento cimentação anelar, incluso materiais.","m³",1.74,76.56,541.72,684.41,52398.43,7.7392469383415641E-3]
["3.4",9854,"SINAPI","Insumo","Tubo pvc de revestimento geomecanico nervurado standard, dn = 154 mm, comprimento = 2 m.","m",30,1320,115.12,132.71,175177.2,2.5873668519595872E-2]
[4,null,null,null,"Pós perfuração.",{"$nulls":5},485334.08,7.1683832754393981E-2]
["4.1",6305,"ORSE","Insumo","Desenvolvimento com compressor 250psi / 750cfm.","h",2,88,411.16,473.99,41711.120000000003,6.1607314905198036E-3]
["4.2","COMPOSIÇÃO - 7","Próprio","Serviço","Inspeção ótica em poço tubular câmera com rotação de 360º, visada lateral, com fonte própria de luz, entregue vídeo em cores e marcação de profundidades.","m",120,5280,9.42,11.9,62832,9.2802849938419373E-3]
["4.3","COMPOSIÇÃO - 8","Próprio","Serviço","Serviço de coleta e análise físico-química e bacteriológica.","un.",1,44,621.19000000000005,784.81,34531.64,5.1003224551940405E-3]
["4.4"," 24.80.22 ","EMBASA","Insumo","Ensaio de bombeamento poço tubular incluso materiais e grupo gerador.","h",24,1056,255.47,294.51,311002.56,4.5935071151872078E-2]
["4.5","COMPOSIÇÃO - 9","Próprio","Serviço","Serviço de instalação de laje sanitária com dimensões (1,5x1,5x0,3) metros , incluso material.","un.",1,44,634.23,801.29,35256.76,5.2074226629661106E-3]
[5,null,null,null,"Reservação.",{"$nulls":5},1183474.68,0.17479918375025286]
["5.1","COMPOSIÇÃO - 10","Próprio","Serviço","Fornecimento e instalação de reservatório e base elevada 10 m³.","un.",0.8,35.200000000000003,25120.799999999999,31737.62,1117164.22,0.16500513029225763]
["5.2","COMPOSIÇÃO - 11","Próprio","Serviço","Fornecimento e execução de reservatório apoiado de 5 m³.","un.",0.2,8.8000000000000007,5964.29,7535.28,66310.460000000006,9.7940534579952256E-3]
[6,null,null,null,"Bebedouro.",{"$nulls":5},84492.76,1.2479578761081744E-2]
["6.1","COMPOSIÇÃO - 12","Próprio","Serviço","Serviço de execução do bebedouro em concreto armado, incluso materiais.","un.",1,44,1519.94,1920.29,84492.76,1.2479578761081744E-2]
[7,null,null,null,"Chafariz.",{"$nulls":5},58481.72,8.6377487351996744E-3]
["7.1","COMPOSIÇÃO - 13","Próprio","Serviço","Fornecimento de material e instalação do chafariz.","un.",1,44,1052.03,1329.13,58481.72,8.6377487351996744E-3]
[8,null,null,null,"Cavalete.",{"$nulls":5},100004.08,1.4770600377943859E-2]
["8.1","COMPOSIÇÃO - 14","Próprio","Serviço","Fornecimento de conexões e instalação do cavalete com hidrômetro e clorador de pastilhas.","un.",1,44,1798.97,2272.8200000000002,100004.08,1.4770600377943859E-2]
[9,null,null,null,"Instalações hidráulicas.",{"$nulls":5},883408.83,0.13047946442062106]
["9.1","COMPOSIÇÃO - 15","Próprio","Serviço","Fornecimento e instalação da rede adutora poço-reservatório-bebedouro em pn80 e dn50mm.","m",400,17600,27.68,34.97,615472,9.0905200625953086E-2]
["9.2","COMPOSIÇÃO - 16","Próprio","Serviço","Montagem hidráulica do equipamento de bombeamento.","un.",1,44,148.13999999999999,187.16,8235.0400000000009,1.216315223702701E-3]
["9.3",38200,"SINAPI","Insumo","Corda de poliamida 12 mm tipo bombeiro, para trabalho em altura.","100m",0.93,40.92,592.42999999999995,682.95,27946.31,4.1276693615714104E-3]
["9.4",9860,"SINAPI","Insumo","Tubo pvc, roscavel,  2\", para agua fria predial.","m",90,3960,43.19,49.79,197168.4,2.9121768267440548E-2]
["9.5",3912,"SINAPI","Insumo","Luva de ferro galvanizado, com rosca bsp, de 2\".","un.",16,704,35.909999999999997,41.4,29145.599999999999,4.304804467731722E-3]
["9.6",5128,"ORSE","Insumo","Tampa de poço galvanizada em 6\" un.","un.",1,44,107.28,123.67,5441.48,8.037064742215912E-4]
[10,null,null,null,"Estrutura de fixação para módulos fotovoltáicos.",{"$nulls":5},142315.94,2.1020061153019312E-2]
["10.1","COMPOSIÇÃO - 17","Próprio","Serviço","Serviço de fixação de estruturas para os módulos fotovoltaicos e suportes de concreto, incluso materiais.","m²",10.119999999999999,445.28,252.98,319.61,142315.94,2.1020061153019312E-2]
[11,null,null,null,"Instalações elétricas e bóia elétrica.",{"$nulls":5},772692.36,0.11412664427941673]
["11.1","COMPOSIÇÃO - 18","Próprio","Serviço","Montagem e instalação elétrica do kit de bombeamento e sistema fotovoltaico inclusive sistema de aterramento.","un.",1,44,1081.3900000000001,1366.23,60114.12,8.8788541786671352E-3]
["11.2",34622,"SINAPI","Insumo","Fornecimento de  cabo flexivel pvc 750 v, 3 condutores de 6,0 mm2.","m",105,4620,20.67,23.83,110094.6,1.6260969956121571E-2]
["11.3","COMPOSIÇÃO - 19","Próprio","Serviço","Fornecimento e instalação de automático de bóia superior e inferior.","un.",1,44,67.87,85.75,3773,5.5727201556158689E-4]
["11.4",39257,"SINAPI","Insumo","Cabo multipolar de cobre, flexivel, classe 4 ou 5, isolacao em hepr, cobertura em pvc-st2, antichama bwf-b, 0,6/1 kv, 3 condutores de 1,5 mm2.","m",200,8800,5.62,6.48,57024,8.4224435238229346E-3]
["11.5","COTAÇÃO-001","Próprio","Serviço","Fornecimento de kit de bombeamento fotovoltaico, incluindo uma bomba cc de 1500w com controladora de carga externa, caixa de proteção metálica, módulos fotovoltaicos compatíveis com a geração de 2200wp além de componentes elétricos necessários para interligação dos painéis, como cabos, conectores mc4 e presilhas de fixação.","un.",1,44,9744.39,12311.06,541686.64,8.0007104605243504E-2]
[12,null,null,null,"Urbanização.",{"$nulls":5},181793.7,2.685092542152093E-2]
["12.1","COMPOSIÇÃO - 20","Próprio","Serviço","Cerca com mourões de concreto de 15x15cm, espaçados de 3m e cravados a 0,5m, escoras de 10x10cm nos cantos, e 9 fios de arame de aço ovalado 15x17.","m",28,1232,83.25,105.18,129581.75999999999,1.9139223052005782E-2]
["12.2","COMPOSIÇÃO - 21","Próprio","Serviço","Serviço de instalação de portão de ferro com suporte e batedor conforme projeto, incluso material.","m²",1.5,66,626.16,791.09,52211.94,7.711702369515145E-3]
[13,null,null,null,"Outros serviços e insumos excepcionais.",{"$nulls":5},1093056.1299999999,0.16144436593878819]
["13.1","COMPOSIÇÃO - 22","Próprio","Serviço","Fornecimento e instalação do pré filtro para revestimento interno.","m³",1.212,53.33,1665.29,2103.9299999999998,112202.59,1.6572320031945496E-2]
["13.2","COMPOSIÇÃO - 23","Próprio","Serviço","Execução de tamponamento conforme especificação.","m³",0.24,10.56,666.72,842.33,8895,1.3137913009330282E-3]
["13.3","COMPOSIÇÃO - 24","Próprio","Serviço","Fornecimento e instalação do filtro para revestimento interno ø 4 1/2\".","m",0.6,26.4,120.26,151.94,4011.22,5.9245710423030701E-4]
["13.4","COMPOSIÇÃO - 25","Próprio","Serviço","Fornecimento e instalação do revestimento interno ø 4 1/2\".","m",34.799999999999997,1531.2,111.49,140.86000000000001,215684.83,3.1856644564049352E-2]
["13.5"," M3929 ","SICRO3","Insumo","Tubo em aço-carbono - e = 3,00 mm e d = 150 mm (6\").","m",9,396,171.2287,197.39,78166.44,1.1545181438662563E-2]
["13.6",41699,"SINAPI","Insumo","Tubo de revestimento, em aco, corpo schedule 40, ponteira schedule 80, rosqueavel e segmentado para perfuracao, diametro 8.","m",6,264,2189.0100000000002,2523.4899999999998,666201.36,9.8397925962647848E-2]
["13.7"," M039706073 ","EMBASA","Insumo","Filtro nold em aço galvanizado dn 6\".","m",0.04,1.76,763.9,880.62,1549.89,2.2891871831400687E-4]
["13.8","COMPOSIÇÃO - 26","Próprio","Serviço","Limpeza manual , remoção de cerca, capina e instalação dos equipamentos (área do poço, painéis solares, bebedouro e reservatório).","m²",70,3080,1.63,2.06,6344.8,9.3712681800560741E-4]

{"sheet":"Orçamento Analítico - MG - P","index":30,"n_rows":442,"n_cols":10,"rows_kept":442,"cut":false,"hidden":false,"merged":[[324,7,324,8],[330,7,330,8],[341,7,341,8],[347,7,347,8],[353,7,353,8],[356,5,356,6],[357,4,357,5],[316,4,316,5],[317,4,317,5],[318,4,318,5],[319,4,319,5],[320,4,320,5],[321,4,321,5],[322,4,322,5],[327,4,327,5],[328,4,328,5],[304,4,304,5],[306,7,306,8],[309,5,309,6],[310,4,310,5],[311,4,311,5],[312,4,312,5],[313,4,313,5],[314,4,314,5],[315,4,315,5],[291,4,291,5],[296,5,296,6],[297,4,297,5],[298,4,298,5],[299,4,299,5],[300,4,300,5],[301,4,301,5],[302,4,302,5],[303,4,303,5],[267,4,267,5],[269,7,269,8],[344,4,344,5],[345,4,345,5],[350,4,350,5],[351,4,351,5],[333,4,333,5],[334,4,334,5],[335,4,335,5],[336,4,336,5],[337,4,337,5],[338,4,338,5],[339,4,339,5],[281,7,281,8],[287,7,287,8],[293,7,293,8],[272,4,272,5],[273,4,273,5],[275,7,275,8],[278,4,278,5],[279,4,279,5],[284,4,284,5],[285,4,285,5],[290,4,290,5],[255,4,255,5],[256,4,256,5],[257,4,257,5],[258,4,258,5],[259,4,259,5],[261,7,261,8],[264,4,264,5],[265,4,265,5],[266,4,266,5],[243,4,243,5],[244,4,244,5],[245,4,245,5],[246,4,246,5],[247,4,247,5],[248,4,248,5],[250,7,250,8],[253,5,253,6],[254,4,254,5],[234,4,234,5],[235,4,235,5],[236,4,236,5],[237,4,237,5],[238,4,238,5],[239,4,239,5],[240,4,240,5],[241,4,241,5],[242,4,242,5],[222,4,222,5],[223,4,223,5],[224,4,224,5],[225,4,225,5],[226,4,226,5],[228,7,228,8],[231,5,231,6],[232,4,232,5],[233,4,233,5],[213,4,213,5],[214,4,214,5],[215,4,215,5],[216,4,216,5],[217,4,217,5],[218,4,218,5],[219,4,219,5],[220,4,220,5],[221,4,221,5],[204,5,204,6],[205,4,205,5],[206,4,206,5],[207,4,207,5],[208,4,208,5],[209,4,209,5],[210,4,210,5],[211,4,211,5],[212,4,212,5],[192,4,192,5],[193,4,193,5],[194,4,194,5],[195,4,195,5],[196,4,196,5],[197,4,197,5],[198,4,198,5],[199,4,199,5],[201,7,201,8],[183,4,183,5],[184,4,184,5],[185,4,185,5],[186,4,186,5],[187,4,187,5],[188,4,188,5],[189,4,189,5],[190,4,190,5],[191,4,191,5],[171,4,171,5],[172,4,172,5],[173,4,173,5],[175,7,175,8],[178,5,178,6],[179,4,179,5],[180,4,180,5],[181,4,181,5],[182,4,182,5],[162,4,162,5],[163,4,163,5],[164,4,164,5],[165,4,165,5],[166,4,166,5],[167,4,167,5],[168,4,168,5],[169,4,169,5],[170,4,170,5],[150,4,150,5],[151,4,151,5],[152,4,152,5],[153,4,153,5],[154,4,154,5],[155,4,155,5],[156,4,156,5],[158,7,158,8],[161,4,161,5],[141,4,141,5],[142,4,142,5],[143,4,143,5],[144,4,144,5],[145,4,145,5],[146,4,146,5],[147,4,147,5],[148,4,148,5],[149,4,149,5],[132,4,132,5],[133,4,133,5],[134,4,134,5],[135,4,135,5],[136,4,136,5],[137,4,137,5],[138,4,138,5],[139,4,139,5],[140,4,140,5],[118,7,118,8],[121,4,121,5],[122,4,122,5],[123,4,123,5],[124,4,124,5],[125,4,125,5],[126,4,126,5],[128,7,128,8],[131,5,131,6],[105,4,105,5],[106,4,106,5],[107,4,107,5],[110,7,110,8],[108,4,108,5],[113,4,113,5],[114,4,114,5],[115,4,115,5],[116,4,116,5],[89,5,89,6],[90,4,90,5],[91,4,91,5],[92,4,92,5],[97,4,97,5],[98,4,98,5],[99,4,99,5],[100,4,100,5],[102,7,102,8],[35,4,35,5],[36,4,36,5],[38,5,38,6],[39,4,39,5],[40,4,40,5],[41,4,41,5],[44,7,44,8],[73,7,73,8],[80,7,80,8],[65,4,65,5],[70,4,70,5],[71,4,71,5],[76,4,76,5],[77,4,77,5],[78,4,78,5],[14,4,14,5],[15,4,15,5],[16,4,16,5],[17,4,17,5],[19,7,19,8],[29,4,29,5],[30,4,30,5],[32,7,32,8],[22,4,22,5],[23,4,23,5],[24,4,24,5],[25,4,25,5],[26,4,26,5],[27,4,27,5],[28,4,28,5],[0,2,2,7],[3,0,3,9],[4,5,4,6],[5,4,5,5],[6,4,6,5],[7,4,7,5],[10,7,10,8],[8,4,8,5],[13,4,13,5],[407,7,407,8],[416,7,416,8],[422,7,422,8],[428,7,428,8],[434,7,434,8],[441,7,441,8],[42,4,42,5],[47,4,47,5],[48,4,48,5],[49,4,49,5],[50,4,50,5],[52,7,52,8],[55,4,55,5],[56,4,56,5],[57,4,57,5],[58,4,58,5],[60,7,60,8],[63,5,63,6],[64,4,64,5],[67,7,67,8],[86,7,86,8],[94,7,94,8],[83,4,83,5],[84,4,84,5],[394,4,394,5],[395,4,395,5],[398,7,398,8],[396,4,396,5],[401,4,401,5],[402,4,402,5],[403,4,403,5],[404,4,404,5],[405,4,405,5],[382,4,382,5],[383,4,383,5],[384,4,384,5],[385,4,385,5],[386,4,386,5],[387,4,387,5],[389,7,389,8],[392,4,392,5],[393,4,393,5],[370,4,370,5],[371,4,371,5],[372,4,372,5],[373,4,373,5],[374,4,374,5],[375,4,375,5],[376,4,376,5],[378,7,378,8],[381,5,381,6],[365,4,365,5],[367,7,367,8],[358,4,358,5],[359,4,359,5],[360,4,360,5],[361,4,361,5],[362,4,362,5],[363,4,363,5],[364,4,364,5],[425,4,425,5],[426,4,426,5],[431,4,431,5],[432,4,432,5],[437,4,437,5],[438,4,438,5],[439,4,439,5],[410,4,410,5],[411,4,411,5],[412,4,412,5],[413,4,413,5],[414,4,414,5],[419,4,419,5],[420,4,420,5]]}
[null,null,"OBJETO: EXECUÇÃO DE SERVIÇOS DE PERFURAÇÃO E INSTALAÇÃO DE POÇOS TUBULARES EM MUNICÍPIOS LOCALIZADOS EM MINAS GERAIS, NA ÁREA DE ATUAÇÃO DA CODEVASF DA 16 SR"]
[]
[]
["PLANILHA ANALÍTICA - POÇO PARCIALMENTE REVESTIDO - MINAS GERAIS 16 SR"]
[1,null,null,"Serviços preliminares.",{"$nulls":5},1488.01]
["1.1","Código","Banco","Descrição.","Tipo",null,"Und","Quant.","Valor Unit","Total"]
["Composição","COMPOSIÇÃO - 1","Próprio","Administração local da obra - poço parcialmente revestido.","CANT - CANTEIRO DE OBRAS",null,"un","1.00",257.23,257.23]
["Composição Auxiliar",12710,"SBC","Despesas gerais de manutencao canteiro de obras.","INSTALACOES PROVISORIAS",null,"mes","0.03",1805.82,54.17]
["Composição Auxiliar",100321,"SINAPI","Técnico em segurança do trabalho com encargos complementares.","SEDI - SERVIÇOS DIVERSOS",null,"mes","0.03",6768.58,203.06]
[{"$nulls":4},"MO sem LS =>",91.2,"ls =>","99.31","MO com LS =>",190.51]
[{"$nulls":4},"Valor do BDI =>",67.754382000000007,null,"Valor com BDI =>",null,324.98]
[{"$nulls":6},"quant. =>","1.00","Preço Total =>",324.98]
[]
["1.2","Código","Banco","Descrição.","Tipo",null,"und","Quant.","Valor Unit","Total"]
["Composição","COMPOSIÇÃO - 2","Próprio","Serviço de locação geológica de campo com relatório hidro geológico e perfil construtivo e geológico esperado. relatório de viabilidade de implantação das estruturas e vistorias preliminares.","SERT - SERVIÇOS TÉCNICOS",null,"un","1.00",590.6,590.6]
["Composição Auxiliar","1945-01-30","EMBASA","Geologo senior.",3001,null,"hora","5.00",97.41,487.05]
["Insumo",5896,"ORSE","Veículo tipo sedan ou pick-up capacidade 0,6 ton h.","Equipamento",null,"h","5.00",8.33,41.65]
["Insumo",4222,"SINAPI","Gasolina comum.","Material",null,"l","10.00",6.19,61.9]
[{"$nulls":4},"MO sem LS =>",233.15,"ls =>","253.90","MO com LS =>",487.05]
[{"$nulls":4},"Valor do BDI =>",155.56404000000001,null,"Valor com BDI =>",null,746.16]
[{"$nulls":6},"quant. =>","1.00","Preço Total =>",746.16]
[]
["1.3","Código","Banco","Descrição.","Tipo",null,"und","Quant.","Valor Unit","Total"]
["Composição",103689,"SINAPI","Fornecimento e instalação de placa de obra com chapa galvanizada e estrutura de madeira. af_03/2022_ps.","PAVI - PAVIMENTAÇÃO",null,"m²","1.00",458.28,458.28]
["Composição Auxiliar",102234,"SINAPI","Pintura imunizante para madeira, 2 demãos. af_01/2021.","PINT - PINTURAS",null,"m²","0.50",23.05,11.53]
["Composição Auxiliar",88262,"SINAPI","Carpinteiro de formas com encargos complementares.","SEDI - SERVIÇOS DIVERSOS",null,"h","0.37",27.78,10.36]
["Composição Auxiliar",88316,"SINAPI","Servente com encargos complementares.","SEDI - SERVIÇOS DIVERSOS",null,"h","2024-12-01",20.420000000000002,22.84]
["Insumo",4509,"SINAPI","Sarrafo *2,5 x 10* cm em pinus, mista ou equivalente da regiao - bruta.","Material",null,"m","3.21",4.0199999999999996,12.9]
["Insumo",4813,"SINAPI","Placa de obra (para construcao civil) em chapa galvanizada *n. 22*, adesivada, de *2,4 x 1,2* m (sem postes para fixacao).","Material",null,"m²","1.00",400,400]
["Insumo",5065,"SINAPI","Prego de aco polido com cabeca 10 x 10 (7/8 x 17).","Material",null,"kg","0.01",35.39,0.4]
["Insumo",5069,"SINAPI","Prego de aco polido com cabeca 17 x 27 (2 1/2 x 11).","Material",null,"kg","0.01",18.96,0.25]
[{"$nulls":4},"MO sem LS =>",14.07,"ls =>","15.33","MO com LS =>",29.4]
[{"$nulls":4},"Valor do BDI =>",120.71095200000001,null,"Valor com BDI =>",null,578.99]
[{"$nulls":6},"quant. =>","0.72","Preço Total =>",416.87]
[]
["1.4","Código","Banco","Descrição.","Tipo",null,"und","Quant.","Valor Unit","Total"]
["Composição","Composição - A","Próprio","Emissão de Outorga e Licenciamento (taxas)","Outorga/Licenciamneto",null,"und","1.00",5839.35,5839.35]
[]
[2,null,null,"Mobilizaçâo e desmobilizaçâo equipes perfuraçâo e instalação.",{"$nulls":5},2440.5]
["2.1","Código","Banco","Descrição.","Tipo",null,"und","Quant.","Valor Unit","Total"]
["Composição","COMPOSIÇÃO - 3","Próprio","Transporte de comboio perfuração.","TRAN - TRANSPORTES, CARGAS E DESCARGAS",null,"km","1.00",4.59,4.59]
["Composição Auxiliar",5824,"SINAPI","Caminhão toco, pbt 16.000 kg, carga útil máx. 10.685 kg, dist. entre eixos 4,8 m, potência 189 cv, inclusive carroceria fixa aberta de madeira p/ transporte geral de carga seca, dimen. aprox. 2,5 x 7,00 x 0,50 m - chp diurno. af_06/2014.","CHOR - CUSTOS HORÁRIOS DE MÁQUINAS E EQUIPAMENTOS",null,"chp","0.02",213.05,3.55]
["Composição Auxiliar",5826,"SINAPI","Caminhão toco, pbt 16.000 kg, carga útil máx. 10.685 kg, dist. entre eixos 4,8 m, potência 189 cv, inclusive carroceria fixa aberta de madeira p/ transporte geral de carga seca, dimen. aprox. 2,5 x 7,00 x 0,50 m - chi diurno. af_06/2014.","CHOR - CUSTOS HORÁRIOS DE MÁQUINAS E EQUIPAMENTOS",null,"chi","0.02",62.25,1.04]
[{"$nulls":4},"MO sem LS =>",0.4,"ls =>","0.44","MO com LS =>",0.84]
[{"$nulls":4},"Valor do BDI =>",1.209006,null,"Valor com BDI =>",null,5.8]
[{"$nulls":6},"quant. =>","150.00","Preço Total =>",870]
[]
["2.2","Código","Banco","Descrição.","Tipo",null,"und","Quant.","Valor Unit","Total"]
["Composição","COMPOSIÇÃO - 4","Próprio","Transporte de comboio instalação.","TRAN - TRANSPORTES, CARGAS E DESCARGAS",null,"km","1.00",5.77,5.77]
["Composição Auxiliar",5928,"SINAPI","Guindauto hidráulico, capacidade máxima de carga 6200 kg, momento máximo de carga 11,7 tm, alcance máximo horizontal 9,70 m, inclusive caminhão toco pbt 16.000 kg, potência de 189 cv - chp diurno. af_06/2014.","CHOR - CUSTOS HORÁRIOS DE MÁQUINAS E EQUIPAMENTOS",null,"chp","0.02",272.56,4.54]
["Composição Auxiliar",5930,"SINAPI","Guindauto hidráulico, capacidade máxima de carga 6200 kg, momento máximo de carga 11,7 tm, alcance máximo horizontal 9,70 m, inclusive caminhão toco pbt 16.000 kg, potência de 189 cv - chi diurno. af_06/2014.","CHOR - CUSTOS HORÁRIOS DE MÁQUINAS E EQUIPAMENTOS",null,"chi","0.02",73.84,1.23]
[{"$nulls":4},"MO sem LS =>",0.45,"ls =>","0.51","MO com LS =>",0.96]
[{"$nulls":4},"Valor do BDI =>",1.5198179999999999,null,"Valor com BDI =>",null,7.29]
[{"$nulls":6},"quant. =>","150.00","Preço Total =>",1093.5]
[]
["2.3","Código","Banco","Descrição.","Tipo",null,"und","Quant.","Valor Unit","Total"]
["Composição","COMPOSIÇÃO - 5","Próprio","Transporte de equipe teste de vazão.","TRAN - TRANSPORTES, CARGAS E DESCARGAS",null,"km","1.00",2.52,2.52]
["Composição Auxiliar",73467,"SINAPI","Caminhão toco, pbt 14.300 kg, carga útil máx. 9.710 kg, dist. entre eixos 3,56 m, potência 185 cv, inclusive carroceria fixa aberta de madeira p/ transporte geral de carga seca, dimen. aprox. 2,50 x 6,50 x 0,50 m - chp diurno. af_06/2014.","CHOR - CUSTOS HORÁRIOS DE MÁQUINAS E EQUIPAMENTOS",null,"chp","0.01",244.11,2.0299999999999998]
["Composição Auxiliar",91395,"SINAPI","Caminhão toco, pbt 14.300 kg, carga útil máx. 9.710 kg, dist. entre eixos 3,56 m, potência 185 cv, inclusive carroceria fixa aberta de madeira p/ transporte geral de carga seca, dimen. aprox. 2,50 x 6,50 x 0,50 m - chi diurno. af_06/2014.","CHOR - CUSTOS HORÁRIOS DE MÁQUINAS E EQUIPAMENTOS",null,"chi","0.01",59.44,0.49]
[{"$nulls":4},"MO sem LS =>",0.2,"ls =>","0.22","MO com LS =>",0.42]
[{"$nulls":4},"Valor do BDI =>",0.66376800000000002,null,"Valor com BDI =>",null,3.18]
[{"$nulls":6},"quant. =>","150.00","Preço Total =>",477]
[]
[3,null,null,"Perfuração e completação de poço tubular.",{"$nulls":5},32713.97]
["3.1","Código","Banco","Descrição.","Tipo",null,"und","Quant.","Valor Unit","Total"]
["Insumo",5051,"ORSE","Perfuraçao em rocha metassedimentar - metassedimento alterado / compacto dn 6\"  (poço 120m).","Serviços",null,"m","1.00",156.31,156.31]
[{"$nulls":4},"MO sem LS =>",0,"ls =>","0.00","MO com LS =>",0]
[{"$nulls":4},"Valor do BDI =>",41.17,null,"Valor com BDI =>",null,197.48]
[{"$nulls":6},"quant. =>","90.00","Preço Total =>",17773.2]
[]
["3.2","Código","Banco","Descrição.","Tipo",null,"und","Quant.","Valor Unit","Total"]
["Insumo",5057,"ORSE","Perfuração rocha sedimentar sedimento / camadas inconsolidadas dn 12.1/2\" - poço até 150m.","Serviços",null,"m","1.00",247.66,247.66]
[{"$nulls":4},"MO sem LS =>",0,"ls =>","0.00","MO com LS =>",0]
[{"$nulls":4},"Valor do BDI =>",65.23,null,"Valor com BDI =>",null,312.89]
[{"$nulls":6},"quant. =>","30.00","Preço Total =>",9386.7000000000007]
[]
["3.3","Código","Banco","Descrição.","Tipo",null,"und","Quant.","Valor Unit","Total"]
["Composição","COMPOSIÇÃO - 6","Próprio","Serviço de lançamento cimentação anelar, incluso materiais.","SEDI - SERVIÇOS DIVERSOS",null,"m³","1.00",541.72,541.72]
["Composição Auxiliar",1903,"ORSE","Argamassa cimento e areia traço t-1 (1:3) - 1 saco cimento 50kg / 3 padiolas areia dim. 0.35 x 0.45 x 0.23 m - confecção mecânica e transporte.","Argamassas",null,"m³","1.00",541.72,541.72]
[{"$nulls":4},"MO sem LS =>",26.14,"ls =>","28.46","MO com LS =>",54.6]
[{"$nulls":4},"Valor do BDI =>",142.68904800000001,null,"Valor com BDI =>",null,684.41]
[{"$nulls":6},"quant. =>","1.74","Preço Total =>",1190.8699999999999]
[]
["3.4","Código","Banco","Descrição.","Tipo",null,"und","Quant.","Valor Unit","Total"]
["Insumo",9854,"SINAPI","Tubo pvc de revestimento geomecanico nervurado standard, dn = 154 mm, comprimento = 2 m.","Material",null,"m","1.00",115.12,115.12]
[{"$nulls":4},"MO sem LS =>",0,"ls =>","0.00","MO com LS =>",0]
[{"$nulls":4},"Valor do BDI =>",30.32,null,"Valor com BDI =>",null,145.44]
[{"$nulls":6},"quant. =>","30.00","Preço Total =>",4363.2]
[]
[4,null,null,"Pós perfuração.",{"$nulls":5},11799.26]
["4.1","Código","Banco","Descrição.","Tipo",null,"und","Quant.","Valor Unit","Total"]
["Composição",6305,"ORSE","Desenvolvimento com compressor 250psi / 750cfm.","Conversão InfoWOrca",null,"h","1.00",411.16,411.16]
["Insumo",5030,"ORSE","Desenvolvimento com compressor 250psi - 750cfm h.","Serviços",null,"h","1.00",411.16,411.16]
[{"$nulls":4},"MO sem LS =>",0,"ls =>","0.00","MO com LS =>",0]
[{"$nulls":4},"Valor do BDI =>",108.299544,null,"Valor com BDI =>",null,519.46]
[{"$nulls":6},"quant. =>","2.00","Preço Total =>",1038.92]
[]
["4.2","Código","Banco","Descrição.","Tipo",null,"und","Quant.","Valor Unit","Total"]
["Composição","COMPOSIÇÃO - 7","Próprio","Inspeção ótica em poço tubular câmera com rotação de 360º, visada lateral, com fonte própria de luz, entregue vídeo em cores e marcação de profundidades.","SEES - SERVIÇOS ESPECIAIS",null,"m","1.00",9.42,9.42]
["Insumo"," H020050004 ","EMBASA","Aparelho de perfilagem optica.","Material",null,"m","1.00",4.4000000000000004,4.4000000000000004]
["Insumo"," B590000022 ","EMBASA","Tecnico medio.","Mão de Obra",null,"h","0.08",60.147199999999998,5.0199999999999996]
[{"$nulls":4},"MO sem LS =>",2.4,"ls =>",2.62,"MO com LS =>",5.0199999999999996]
[{"$nulls":4},"Valor do BDI =>",2.4812280000000002,null,"Valor com BDI =>",null,11.9]
[{"$nulls":6},"quant. =>","120.00","Preço Total =>",1428]
[]
["4.3","Código","Banco","Descrição.","Tipo",null,"und","Quant.","Valor Unit","Total"]
["Composição","COMPOSIÇÃO - 8","Próprio","Serviço de coleta e análise físico-química e bacteriológica.","SEDI - SERVIÇOS DIVERSOS",null,"un","1.00",621.19000000000005,621.19000000000005]
["Composição Auxiliar",6312,"ORSE","Análise físico-química da água.","Conversão InfoWOrca",null,"un","1.00",565.21,565.21]
["Composição Auxiliar",6313,"ORSE","Análise bacteriológica da água.","Conversão InfoWOrca",null,"un","1.00",55.98,55.98]
[{"$nulls":4},"MO sem LS =>",0,"ls =>","0.00","MO com LS =>",0]
[{"$nulls":4},"Valor do BDI =>",163.62144599999999,null,"Valor com BDI =>",null,784.81]
[{"$nulls":6},"quant. =>","1.00","Preço Total =>",784.81]
[]
["4.4","Código","Banco","Descrição.","Tipo",null,"und","Quant.","Valor Unit","Total"]
["Composição"," 24.80.22 ","EMBASA","Ensaio de bombeamento poço tubular incluso materiais e grupo gerador.",2480,null,"h","1.00",255.47,255.47]
["Composição Auxiliar"," 24.00.15 ","EMBASA","Equipe (3 profissionais campo) - bombeio.",2400,null,"h","1.00",190.55,190.55]
["Insumo"," H020050001 ","EMBASA","Unidade de ensaio e bombeamento - ueb1 ate 150m3 no sedimento.","Material",null,"h","1.00",64.92,64.92]
[{"$nulls":4},"MO sem LS =>",91.22,"ls =>","99.33","MO com LS =>",190.55]
[{"$nulls":4},"Valor do BDI =>",67.290797999999995,null,"Valor com BDI =>",null,322.76]
[{"$nulls":6},"quant. =>","24.00","Preço Total =>",7746.24]
[]
["4.5","Código","Banco","Descrição.","Tipo",null,"und","Quant.","Valor Unit","Total"]
["Composição","COMPOSIÇÃO - 9","Próprio","Serviço de instalação de laje sanitária com dimensões (1,5x1,5x0,3) metros , incluso material.","SEDI - SERVIÇOS DIVERSOS",null,"un","1.00",634.23,634.23]
["Composição Auxiliar",92522,"SINAPI","Montagem e desmontagem de fôrma de laje maciça, pé-direito simples, em chapa de madeira compensada resinada, 8 utilizações. af_09/2020.","FUES - FUNDAÇÕES E ESTRUTURAS",null,"m²","1.80",38,68.400000000000006]
["Composição Auxiliar",93358,"SINAPI","Escavação manual de vala com profundidade menor ou igual a 1,30 m. af_02/2021.","MOVT - MOVIMENTO DE TERRA",null,"m³","0.23",80.78,18.18]
["Composição Auxiliar",94975,"SINAPI","Concreto fck = 15mpa, traço 1:3,4:3,5 (em massa seca de cimento/ areia média/ brita 1) - preparo manual. af_05/2021.","FUES - FUNDAÇÕES E ESTRUTURAS",null,"m³","0.68",521.05999999999995,351.72]
["Composição Auxiliar",103670,"SINAPI","Lançamento com uso de baldes, adensamento e acabamento de concreto em estruturas. af_02/2022.","FUES - FUNDAÇÕES E ESTRUTURAS",null,"m³","0.68",290.26,195.93]
[{"$nulls":4},"MO sem LS =>",116.8,"ls =>","127.20","MO com LS =>",244]
[{"$nulls":4},"Valor do BDI =>",167.05618200000001,null,"Valor com BDI =>",null,801.29]
[{"$nulls":6},"quant. =>","1.00","Preço Total =>",801.29]
[]
[5,null,null,"Reservação.",{"$nulls":5},26897.16]
["5.1","Código","Banco","Descrição.","Tipo",null,"und","Quant.","Valor Unit","Total"]
["Composição","COMPOSIÇÃO - 10","Próprio","Fornecimento e instalação de reservatório e base elevada 10 m³.","ASTU - ASSENTAMENTO DE TUBOS E PECAS",null,"un","1.00",25120.799999999999,25120.799999999999]
["Composição Auxiliar",92759,"SINAPI","Armação de pilar ou viga de estrutura convencional de concreto armado utilizando aço ca-60 de 5,0 mm - montagem. af_06/2022.","FUES - FUNDAÇÕES E ESTRUTURAS",null,"kg","2024-10-29",13.45,391.4]
["Composição Auxiliar",92761,"SINAPI","Armação de pilar ou viga de estrutura convencional de concreto armado utilizando aço ca-50 de 8,0 mm - montagem. af_06/2022.","FUES - FUNDAÇÕES E ESTRUTURAS",null,"kg","48.00",11.66,559.67999999999995]
["Composição Auxiliar",93358,"SINAPI","Escavação manual de vala com profundidade menor ou igual a 1,30 m. af_02/2021.","MOVT - MOVIMENTO DE TERRA",null,"m³","5.20",80.78,420.06]
["Composição Auxiliar",92763,"SINAPI","Armação de pilar ou viga de estrutura convencional de concreto armado utilizando aço ca-50 de 12,5 mm - montagem. af_06/2022.","FUES - FUNDAÇÕES E ESTRUTURAS",null,"kg","118.40",8.66,1025.3399999999999]
["Composição Auxiliar",94970,"SINAPI","Concreto fck = 20mpa, traço 1:2,7:3 (em massa seca de cimento/ areia média/ brita 1) - preparo mecânico com betoneira 600 l. af_05/2021.","FUES - FUNDAÇÕES E ESTRUTURAS",null,"m³","4.89",503.03,2459.8200000000002]
["Composição Auxiliar",103670,"SINAPI","Lançamento com uso de baldes, adensamento e acabamento de concreto em estruturas. af_02/2022.","FUES - FUNDAÇÕES E ESTRUTURAS",null,"m³","6.85",290.26,1988.28]
["Composição Auxiliar",84651,"SINAPI","Pintura com tinta impermeavel mineral em po, duas demaos.","PINT - PINTURAS",null,"m²","28.66",13.37,383.18]
["Composição Auxiliar",90776,"SINAPI","Encarregado geral com encargos complementares.","SEDI - SERVIÇOS DIVERSOS",null,"h","1.00",55.16,55.16]
["Composição Auxiliar",102482,"SINAPI","Concreto fck = 25mpa, traço 1:2,2:2,5 (em massa seca de cimento/ areia média/ seixo rolado) - preparo mecânico com betoneira 600 l. af_05/2021.","FUES - FUNDAÇÕES E ESTRUTURAS",null,"m³","1.96",717.82,1406.93]
["Composição Auxiliar",92263,"SINAPI","Fabricação de fôrma para pilares e estruturas similares, em chapa de madeira compensada resinada, e = 17 mm. af_09/2020.","FUES - FUNDAÇÕES E ESTRUTURAS",null,"m²","2024-10-18",154.07,2788.67]
["Composição Auxiliar",89272,"SINAPI","Guindaste hidráulico autopropelido, com lança telescópica 28,80 m, capacidade máxima 30 t, potência 97 kw, tração 4 x 4 - chp diurno. af_11/2014.","CHOR - CUSTOS HORÁRIOS DE MÁQUINAS E EQUIPAMENTOS",null,"chp","13.00",225.78,2935.14]
["Composição Auxiliar",5824,"SINAPI","Caminhão toco, pbt 16.000 kg, carga útil máx. 10.685 kg, dist. entre eixos 4,8 m, potência 189 cv, inclusive carroceria fixa aberta de madeira p/ transporte geral de carga seca, dimen. aprox. 2,5 x 7,00 x 0,50 m - chp diurno. af_06/2014.","CHOR - CUSTOS HORÁRIOS DE MÁQUINAS E EQUIPAMENTOS",null,"chp","24.00",213.05,5113.2]
["Composição Auxiliar",88267,"SINAPI","Encanador ou bombeiro hidráulico com encargos complementares.","SEDI - SERVIÇOS DIVERSOS",null,"h","4.00",27.39,109.56]
["Composição Auxiliar",88248,"SINAPI","Auxiliar de encanador ou bombeiro hidráulico com encargos complementares.","SEDI - SERVIÇOS DIVERSOS",null,"h","4.00",21.99,87.96]
["Insumo",11677,"SINAPI","Registro de esfera, pvc, com volante, vs, soldavel, dn 50 mm, com corpo dividido.","Material",null,"un","1.00",32.78,32.78]
["Insumo",3146,"SINAPI","Fita veda rosca em rolos de 18 mm x 10 m (l x c).","Material",null,"un","0.18",3.68,0.66]
["Insumo",37106,"SINAPI","Caixa d'agua / reservatorio em poliester reforcado com fibra de vidro, 10000 litros, com tampa.","Material",null,"un","1.00",5030.54,5030.54]
["Insumo",9875,"SINAPI","Tubo pvc, soldavel, de 50 mm, agua fria (nbr-5648).","Material",null,"m","15.20",14.87,226.02]
["Insumo",113,"SINAPI","Adaptador pvc soldavel curto com bolsa e rosca, 60 mm x 2\", para agua fria.","Material",null,"un","1.00",10.76,10.76]
["Insumo",3871,"SINAPI","Luva soldavel com rosca, pvc, 50 mm x 1 1/2\", para agua fria predial.","Material",null,"un","1.00",17.600000000000001,17.600000000000001]
["Insumo",3540,"SINAPI","Joelho pvc, soldavel, 90 graus, 50 mm, cor marrom, para agua fria predial.","Material",null,"un","5.00",4.8099999999999996,24.05]
["Insumo",99,"SINAPI","Adaptador pvc soldavel, com flange e anel de vedacao, 50 mm x 1 1/2\", para caixa d'agua.","Material",null,"un","2.00",25.26,50.52]
["Insumo",119,"SINAPI","Adesivo plastico para pvc, bisnaga com 75 gr.","Material",null,"un","0.45",7.75,3.49]
[{"$nulls":4},"MO sem LS =>",2216.7199999999998,"ls =>","2414-10-01","MO com LS =>",4630.82]
[{"$nulls":4},"Valor do BDI =>",6616.8187200000002,null,"Valor com BDI =>",null,31737.62]
[{"$nulls":6},"quant. =>","0.80","Preço Total =>",25390.1]
[]
["5.2","Código","Banco","Descrição.","Tipo",null,"und","Quant.","Valor Unit","Total"]
["Composição","COMPOSIÇÃO - 11","Próprio","Fornecimento e execução de reservatório apoiado de 5 m³.","SEDI - SERVIÇOS DIVERSOS",null,"un","1.00",5964.29,5964.29]
["Composição Auxiliar",5928,"SINAPI","Guindauto hidráulico, capacidade máxima de carga 6200 kg, momento máximo de carga 11,7 tm, alcance máximo horizontal 9,70 m, inclusive caminhão toco pbt 16.000 kg, potência de 189 cv - chp diurno. af_06/2014.","CHOR - CUSTOS HORÁRIOS DE MÁQUINAS E EQUIPAMENTOS",null,"chp","4.00",272.56,1090.24]
["Composição Auxiliar",88309,"SINAPI","Pedreiro com encargos complementares.","SEDI - SERVIÇOS DIVERSOS",null,"h","3.00",28.16,84.48]
["Composição Auxiliar",88316,"SINAPI","Servente com encargos complementares.","SEDI - SERVIÇOS DIVERSOS",null,"h","3.00",20.420000000000002,61.26]
["Composição Auxiliar",88262,"SINAPI","Carpinteiro de formas com encargos complementares.","SEDI - SERVIÇOS DIVERSOS",null,"h","3.00",27.78,83.34]
["Composição Auxiliar",102617,"SINAPI","Caixa d´água em poliéster reforçado com fibra de vidro, 5000 litros - fornecimento e instalação. af_06/2021.","INHI - INSTALAÇÕES HIDROS SANITÁRIAS",null,"un","1.00",3492.23,3492.23]
["Composição Auxiliar",92783,"SINAPI","Armação de laje de uma estrutura convencional de concreto armado em uma edificação térrea ou sobrado utilizando aço ca-60 de 4,2 mm - montagem. af_12/2015.","FUES - FUNDAÇÕES E ESTRUTURAS",null,"kg","3.20",17.52,56.06]
["Composição Auxiliar",92759,"SINAPI","Armação de pilar ou viga de estrutura convencional de concreto armado utilizando aço ca-60 de 5,0 mm - montagem. af_06/2022.","FUES - FUNDAÇÕES E ESTRUTURAS",null,"kg","5.60",13.45,75.319999999999993]
["Composição Auxiliar",94964,"SINAPI","Concreto fck = 20mpa, traço 1:2,7:3 (em massa seca de cimento/ areia média/ brita 1) - preparo mecânico com betoneira 400 l. af_05/2021.","FUES - FUNDAÇÕES E ESTRUTURAS",null,"m³","1.56",515.88,804.77]
["Composição Auxiliar",84651,"SINAPI","Pintura com tinta impermeavel mineral em po, duas demaos.","PINT - PINTURAS",null,"m²","2.70",13.37,36.1]
["Composição Auxiliar",92783,"SINAPI","Armação de laje de uma estrutura convencional de concreto armado em uma edificação térrea ou sobrado utilizando aço ca-60 de 4,2 mm - montagem. af_12/2015.","FUES - FUNDAÇÕES E ESTRUTURAS",null,"kg","3.20",17.52,56.06]
["Insumo",7155,"SINAPI","Tela de aco soldada nervurada, ca-60, q-138, (2,20 kg/m2), diametro do fio = 4,2 mm, largura = 2,45 m, espacamento da malha = 10  x 10 cm.","Material",null,"m²","6.16",20.2,124.43]
[{"$nulls":4},"MO sem LS =>",300.98,"ls =>","327.78","MO com LS =>",628.76]
[{"$nulls":4},"Valor do BDI =>",1570.9939859999999,null,"Valor com BDI =>",null,7535.28]
[{"$nulls":6},"quant. =>","0.20","Preço Total =>",1507.06]
[]
[6,null,null,"Bebedouro.",{"$nulls":5},1920.29]
["6.1","Código","Banco","Descrição.","Tipo",null,"und","Quant.","Valor Unit","Total"]
["Composição","COMPOSIÇÃO - 12","Próprio","Serviço de execução do bebedouro em concreto armado, incluso materiais.","SEDI - SERVIÇOS DIVERSOS",null,"un","1.00",1519.94,1519.94]
["Composição Auxiliar",5928,"SINAPI","Guindauto hidráulico, capacidade máxima de carga 6200 kg, momento máximo de carga 11,7 tm, alcance máximo horizontal 9,70 m, inclusive caminhão toco pbt 16.000 kg, potência de 189 cv - chp diurno. af_06/2014.","CHOR - CUSTOS HORÁRIOS DE MÁQUINAS E EQUIPAMENTOS",null,"chp","2.00",272.56,545.12]
["Composição Auxiliar",87445,"SINAPI","Betoneira capacidade nominal 400 l, capacidade de mistura 310 l, motor a diesel potência 5,0 hp, sem carregador - chp diurno. af_05/2023.","CHOR - CUSTOS HORÁRIOS DE MÁQUINAS E EQUIPAMENTOS",null,"chp","0.50",5.38,2.69]
["Composição Auxiliar",88377,"SINAPI","Operador de betoneira estacionária/misturador com encargos complementares.","SEDI - SERVIÇOS DIVERSOS",null,"h","0.50",25.35,12.68]
["Composição Auxiliar",88310,"SINAPI","Pintor com encargos complementares.","SEDI - SERVIÇOS DIVERSOS",null,"h","0.30",29.64,8.89]
["Composição Auxiliar",100301,"SINAPI","Ajudante de pintor com encargos complementares.","SEDI - SERVIÇOS DIVERSOS",null,"h","0.10",24.26,2.4300000000000002]
["Composição Auxiliar",88245,"SINAPI","Armador com encargos complementares.","SEDI - SERVIÇOS DIVERSOS",null,"h","3.00",27.92,83.76]
["Composição Auxiliar",88262,"SINAPI","Carpinteiro de formas com encargos complementares.","SEDI - SERVIÇOS DIVERSOS",null,"h","2.00",27.78,55.56]
["Composição Auxiliar",88316,"SINAPI","Servente com encargos complementares.","SEDI - SERVIÇOS DIVERSOS",null,"h","5.00",20.420000000000002,102.1]
["Composição Auxiliar",88309,"SINAPI","Pedreiro com encargos complementares.","SEDI - SERVIÇOS DIVERSOS",null,"h","4.00",28.16,112.64]
["Insumo",43055,"SINAPI","Aco ca-50, 12,5 mm ou 16,0 mm, vergalhao.","Material",null,"kg","12.00",6.38,76.56]
["Insumo",43059,"SINAPI","Aco ca-60, 4,2 mm, ou 5,0 mm, ou 6,0 mm, ou 7,0 mm, vergalhao.","Material",null,"kg","13.00",6.97,90.61]
["Insumo",32,"SINAPI","Aco ca-50, 6,3 mm, vergalhao.","Material",null,"kg","6.00",7.77,46.62]
["Insumo",370,"SINAPI","Areia media - posto jazida/fornecedor (retirado na jazida, sem transporte).","Material",null,"m³","0.32",125,40]
["Insumo",1379,"SINAPI","Cimento portland composto cp ii-32.","Material",null,"kg","127.00",0.78,99.06]
["Insumo",4718,"SINAPI","Pedra britada n. 2 (19 a 38 mm) posto pedreira/fornecedor, sem frete.","Material",null,"m³","0.08",128.37,10.27]
["Insumo",4721,"SINAPI","Pedra britada n. 1 (9,5 a 19 mm) posto pedreira/fornecedor, sem frete.","Material",null,"m³","0.23",127.69,29.37]
["Insumo",3767,"SINAPI","Lixa em folha para parede ou madeira, numero 120, cor vermelha.","Material",null,"un","0.12",1.3,0.16]
["Insumo",7356,"SINAPI","Tinta latex acrilica premium, cor branco fosco.","Material",null,"l","0.18",29.66,5.34]
["Insumo",43681,"SINAPI","Chapa/painel de madeira compensada resinada (madeirite resinado rosa) para forma de concreto, de 2200 x 1100 mm, e = 8 a 12 mm.","Material",null,"m²","7.30",26.86,196.08]
[{"$nulls":4},"MO sem LS =>",165.8,"ls =>","180.57","MO com LS =>",346.37]
[{"$nulls":4},"Valor do BDI =>",400.35219599999999,null,"Valor com BDI =>",null,1920.29]
[{"$nulls":6},"quant. =>","1.00","Preço Total =>",1920.29]
[]
[7,null,null,"Chafariz.",{"$nulls":5},1329.13]
["7.1","Código","Banco","Descrição.","Tipo",null,"und","Quant.","Valor Unit","Total"]
["Composição","COMPOSIÇÃO - 13","Próprio","Fornecimento de material e instalação do chafariz.","ASTU - ASSENTAMENTO DE TUBOS E PECAS",null,"un","1.00",1052.03,1052.03]
["Composição Auxiliar",88267,"SINAPI","Encanador ou bombeiro hidráulico com encargos complementares.","SEDI - SERVIÇOS DIVERSOS",null,"h","2.00",27.39,54.78]
["Composição Auxiliar",88248,"SINAPI","Auxiliar de encanador ou bombeiro hidráulico com encargos complementares.","SEDI - SERVIÇOS DIVERSOS",null,"h","2.00",21.99,43.98]
["Composição Auxiliar",93358,"SINAPI","Escavação manual de vala com profundidade menor ou igual a 1,30 m. af_02/2021.","MOVT - MOVIMENTO DE TERRA",null,"m³","0.09",80.78,7.67]
["Composição Auxiliar",92270,"SINAPI","Fabricação de fôrma para vigas, com madeira serrada, e = 25 mm. af_09/2020.","FUES - FUNDAÇÕES E ESTRUTURAS",null,"m²","0.63",214.69,134.83000000000001]
["Composição Auxiliar",94975,"SINAPI","Concreto fck = 15mpa, traço 1:3,4:3,5 (em massa seca de cimento/ areia média/ brita 1) - preparo manual. af_05/2021.","FUES - FUNDAÇÕES E ESTRUTURAS",null,"m³","0.16",521.05999999999995,81.81]
["Composição Auxiliar",2171,"ORSE","Piso cimentado liso traço 1:5, e = 3 cm, c/ junta plástica 3 x 27 mm.","Pisos : Cimentados, em Concreto Simples, tipo Tech-Stone e de Alta Resistência",null,"m²","0.79",52.58,41.28]
["Composição Auxiliar",87904,"SINAPI","Chapisco aplicado em alvenaria (com presença de vãos) e estruturas de concreto de fachada, com colher de pedreiro.  argamassa traço 1:3 com preparo manual. af_10/2022.","REVE - REVESTIMENTO E TRATAMENTO DE SUPERFÍCIES",null,"m²","0.31",8.51,2.67]
["Composição Auxiliar",87529,"SINAPI","Massa única, em argamassa traço 1:2:8, preparo mecânico, aplicada manualmente em paredes internas de ambientes com área entre 5m² e 10m², e = 17,5mm, com taliscas. af_03/2024.","REVE - REVESTIMENTO E TRATAMENTO DE SUPERFÍCIES",null,"m²","0.31",36.79,11.55]
["Composição Auxiliar",84651,"SINAPI","Pintura com tinta impermeavel mineral em po, duas demaos.","PINT - PINTURAS",null,"m²","0.31",13.37,4.2]
["Insumo",765,"SINAPI","Bucha de reducao de ferro galvanizado, com rosca bsp, de 1\" x 3/4\".","Material",null,"un","2.00",10.23,20.46]
["Insumo",9887,"SINAPI","Uniao de ferro galvanizado, com rosca bsp, com assento plano, de 2\".","Material",null,"un","2.00",104.13,208.26]
["Insumo",21013,"SINAPI","Tubo aco galvanizado com costura, classe leve, dn 50 mm ( 2\"),  e = 3,00 mm,  *4,40* kg/m (nbr 5580).","Material",null,"m","1.80",73.77,132.79]
["Insumo",6298,"SINAPI","Te de ferro galvanizado, de 2\".","Material",null,"un","1.00",67.819999999999993,67.819999999999993]
["Insumo",3471,"SINAPI","Cotovelo 90 graus de ferro galvanizado, com rosca bsp, de 2\".","Material",null,"un","1.00",51.01,51.01]
["Insumo",113,"SINAPI","Adaptador pvc soldavel curto com bolsa e rosca, 60 mm x 2\", para agua fria.","Material",null,"un","1.00",10.76,10.76]
["Insumo",818,"SINAPI","Bucha de reducao de pvc, soldavel, curta, com 60 x 50 mm, para agua fria predial.","Material",null,"un","1.00",6.57,6.57]
["Insumo",7604,"SINAPI","Torneira metalica cromada para tanque / jardim, sem bico , cano longo, de parede, padrao popular / uso geral, 1/2 \" ou 3/4 \" (ref 1126).","Material",null,"un","2.00",51.68,103.36]
["Insumo",119,"SINAPI","Adesivo plastico para pvc, bisnaga com 75 gr.","Material",null,"un","1.00",7.75,7.75]
["Insumo",3146,"SINAPI","Fita veda rosca em rolos de 18 mm x 10 m (l x c).","Material",null,"un","1.00",3.68,3.68]
["Insumo",771,"SINAPI","Bucha de reducao de ferro galvanizado, com rosca bsp, de 2\" x 1\".","Material",null,"un","2.00",28.4,56.8]
[{"$nulls":4},"MO sem LS =>",70.400000000000006,"ls =>","76.66","MO com LS =>",147.06]
[{"$nulls":4},"Valor do BDI =>",277.10470199999997,null,"Valor com BDI =>",null,1329.13]
[{"$nulls":6},"quant. =>","1.00","Preço Total =>",1329.13]
[]
[8,null,null,"Cavalete.",{"$nulls":5},2272.8200000000002]
["8.1","Código","Banco","Descrição.","Tipo",null,"und","Quant.","Valor Unit","Total"]
["Composição","COMPOSIÇÃO - 14","Próprio","Fornecimento de conexões e instalação do cavalete com hidrômetro e clorador de pastilhas.","INHI - INSTALAÇÕES HIDROS SANITÁRIAS",null,"un","1.00",1798.97,1798.97]
["Composição Auxiliar",88248,"SINAPI","Auxiliar de encanador ou bombeiro hidráulico com encargos complementares.","SEDI - SERVIÇOS DIVERSOS",null,"h","3.00",21.99,65.97]
["Insumo",791,"SINAPI","Bucha de reducao de ferro galvanizado, com rosca bsp, de 1 1/2\" x 1\".","Material",null,"un","1.00",21.16,21.16]
["Insumo",9862,"SINAPI","Tubo pvc, roscavel, 1 1/2\",  agua fria predial.","Material",null,"m","1.50",30.18,45.27]
["Insumo",11831,"SINAPI","Torneira plastica para tanque 1/2 \" ou 3/4 \" com bico para mangueira.","Material",null,"un","1.00",18.579999999999998,18.579999999999998]
["Insumo",2121,"SBC","Te de reducao ferro galvanizado 1.1/2\" x 1\".","Material",null,"un","1.00",57.49,57.49]
["Insumo",9569,"ORSE","Adaptador pvc bsxrm d= 35mm x 1 1/2\", linha irriga-lf, tigre ou similar un.","Material",null,"un","1.00",3.04,3.04]
["Insumo",3939,"SINAPI","Luva de ferro galvanizado, com rosca bsp, de 1 1/2\".","Material",null,"un","1.00",23.45,23.45]
["Insumo",1798,"SINAPI","Curva 90 graus de ferro galvanizado, com rosca bsp macho, de 2\".","Material",null,"un","1.00",130.71,130.71]
["Insumo",9887,"SINAPI","Uniao de ferro galvanizado, com rosca bsp, com assento plano, de 2\".","Material",null,"un","2.00",104.13,208.26]
["Insumo"," 00004181/SINAPI ","ORSE","Niple de ferro galvanizado, com rosca bsp, de 2\".","Material",null,"un","2.00",39.24,78.48]
["Insumo",6028,"SINAPI","Registro gaveta bruto em latao forjado, bitola 2 \" (ref 1509).","Material",null,"un","1.00",180.34,180.34]
["Insumo",12775,"SINAPI","Hidrometro multijato / medidor de agua, dn 1\", vazao maxima de 7 m3/h, para agua potavel fria, relojoaria plana, classe b, horizontal (sem conexoes).","Material",null,"un","1.00",611.76,611.76]
["Insumo",771,"SINAPI","Bucha de reducao de ferro galvanizado, com rosca bsp, de 2\" x 1\".","Material",null,"un","1.00",28.4,28.4]
["Insumo",6305,"SINAPI","Te de reducao de ferro galvanizado, com rosca bsp, de 2\" x 1\".","Material",null,"un","1.00",75.09,75.09]
["Insumo",12464,"ORSE","Clorador dosador de cloro de pastilhas automático.","Material",null,"un","1.00",250.97,250.97]
[{"$nulls":4},"MO sem LS =>",23.94,"ls =>","2024-07-26","MO com LS =>",50.01]
[{"$nulls":4},"Valor do BDI =>",473.84869800000001,null,"Valor com BDI =>",null,2272.8200000000002]
[{"$nulls":6},"quant. =>","1.00","Preço Total =>",2272.8200000000002]
[]
[9,null,null,"Instalações hidráulicas.",{"$nulls":5},20583.060000000001]
["9.1","Código","Banco","Descrição.","Tipo",null,"und","Quant.","Valor Unit","Total"]
["Composição","COMPOSIÇÃO - 15","Próprio","Fornecimento e instalação da rede adutora poço-reservatório-bebedouro em pn80 e dn50mm.","SEDI - SERVIÇOS DIVERSOS",null,"m","1.00",27.68,27.68]
["Composição Auxiliar",88316,"SINAPI","Servente com encargos complementares.","SEDI - SERVIÇOS DIVERSOS",null,"h","0.05",20.420000000000002,1.02]
["Composição Auxiliar",93358,"SINAPI","Escavação manual de vala com profundidade menor ou igual a 1,30 m. af_02/2021.","MOVT - MOVIMENTO DE TERRA",null,"m³","0.05",80.78,4.04]
["Insumo",9875,"SINAPI","Tubo pvc, soldavel, de 50 mm, agua fria (nbr-5648).","Material",null,"m","1.00",14.87,14.87]
["Insumo",119,"SINAPI","Adesivo plastico para pvc, bisnaga com 75 gr.","Material",null,"un","1.00",7.75,7.75]
[{"$nulls":4},"MO sem LS =>",1.72,"ls =>","1.88","MO com LS =>",3.6]
[{"$nulls":4},"Valor do BDI =>",7.2909119999999996,null,"Valor com BDI =>",null,34.97]
[{"$nulls":6},"quant. =>","400.00","Preço Total =>",13988]
[]
["9.2","Código","Banco","Descrição.","Tipo",null,"und","Quant.","Valor Unit","Total"]
["Composição","COMPOSIÇÃO - 16","Próprio","Montagem hidráulica do equipamento de bombeamento.","INHI - INSTALAÇÕES HIDROS SANITÁRIAS",null,"un","1.00",148.13999999999999,148.13999999999999]
["Composição Auxiliar",88267,"SINAPI","Encanador ou bombeiro hidráulico com encargos complementares.","SEDI - SERVIÇOS DIVERSOS",null,"h","3.00",27.39,82.17]
["Composição Auxiliar",88248,"SINAPI","Auxiliar de encanador ou bombeiro hidráulico com encargos complementares.","SEDI - SERVIÇOS DIVERSOS",null,"h","3.00",21.99,65.97]
[{"$nulls":4},"MO sem LS =>",55.63,"ls =>","60.59","MO com LS =>",116.22]
[{"$nulls":4},"Valor do BDI =>",39.020076000000003,null,"Valor com BDI =>",null,187.16]
[{"$nulls":6},"quant. =>","1.00","Preço Total =>",187.16]
[]
["9.3","Código","Banco","Descrição.","Tipo",null,"und","Quant.","Valor Unit","Total"]
["Insumo",38200,"SINAPI","Corda de poliamida 12 mm tipo bombeiro, para trabalho em altura.","Material",null,"100m","1.00",592.42999999999995,592.42999999999995]
[{"$nulls":4},"MO sem LS =>",0,"ls =>","0.00","MO com LS =>",0]
[{"$nulls":4},"Valor do BDI =>",90.52,null,"Valor com BDI =>",null,682.95]
[{"$nulls":6},"quant. =>","0.93","Preço Total =>",635.14]
[]
["9.4","Código","Banco","Descrição.","Tipo",null,"und","Quant.","Valor Unit","Total"]
["Insumo",9860,"SINAPI","Tubo pvc, roscavel,  2\", para agua fria predial.","Material",null,"m","1.00",43.19,43.19]
[{"$nulls":4},"MO sem LS =>",0,"ls =>","0.00","MO com LS =>",0]
[{"$nulls":4},"Valor do BDI =>",11.38,null,"Valor com BDI =>",null,54.57]
[{"$nulls":6},"quant. =>","90.00","Preço Total =>",4911.3]
[]
["9.5","Código","Banco","Descrição.","Tipo",null,"und","Quant.","Valor Unit","Total"]
["Insumo",3912,"SINAPI","Luva de ferro galvanizado, com rosca bsp, de 2\".","Material",null,"un","1.00",35.909999999999997,35.909999999999997]
[{"$nulls":4},"MO sem LS =>",0,"ls =>","0.00","MO com LS =>",0]
[{"$nulls":4},"Valor do BDI =>",9.4600000000000009,null,"Valor com BDI =>",null,45.37]
[{"$nulls":6},"quant. =>","16.00","Preço Total =>",725.92]
[]
["9.6","Código","Banco","Descrição.","Tipo",null,"und","Quant.","Valor Unit","Total"]
["Insumo",5128,"ORSE","Tampa de poço galvanizada em 6\" un.","Serviços",null,"un","1.00",107.28,107.28]
[{"$nulls":4},"MO sem LS =>",0,"ls =>","0.00","MO com LS =>",0]
[{"$nulls":4},"Valor do BDI =>",28.26,null,"Valor com BDI =>",null,135.54]
[{"$nulls":6},"quant. =>","1.00","Preço Total =>",135.54]
[]
[10,null,null,"Estrutura de fixação para módulos fotovoltáicos.",{"$nulls":5},5113.76]
["10.1","Código","Banco","Descrição.","Tipo",null,"und","Quant.","Valor Unit","Total"]
["Composição","COMPOSIÇÃO - 17","Próprio","Serviço de fixação de estruturas para os módulos fotovoltaicos e suportes de concreto, incluso materiais.","SEDI - SERVIÇOS DIVERSOS",null,"m²","1.00",252.98,252.98]
["Composição Auxiliar",94975,"SINAPI","Concreto fck = 15mpa, traço 1:3,4:3,5 (em massa seca de cimento/ areia média/ brita 1) - preparo manual. af_05/2021.","FUES - FUNDAÇÕES E ESTRUTURAS",null,"m³","0.09",521.05999999999995,49.24]
["Composição Auxiliar",93358,"SINAPI","Escavação manual de vala com profundidade menor ou igual a 1,30 m. af_02/2021.","MOVT - MOVIMENTO DE TERRA",null,"m³","0.06",80.78,5.05]
["Composição Auxiliar",96534,"SINAPI","Fabricação, montagem e desmontagem de fôrma para bloco de coroamento, em madeira serrada, e=25 mm, 4 utilizações. af_06/2017.","FUES - FUNDAÇÕES E ESTRUTURAS",null,"m²","0.03",76.28,2.44]
["Composição Auxiliar",88316,"SINAPI","Servente com encargos complementares.","SEDI - SERVIÇOS DIVERSOS",null,"h","2.64",20.420000000000002,53.85]
["Composição Auxiliar",88278,"SINAPI","Montador de estrutura metálica com encargos complementares.","SEDI - SERVIÇOS DIVERSOS",null,"h","2.64",24.46,64.5]
["Insumo",15690,"SBC","Estrutura metalica tesoura c/coluna 20/35m(24,72kg/m2).","Material",null,"m²","1.00",77.900000000000006,77.900000000000006]
[{"$nulls":4},"MO sem LS =>",49.55,"ls =>","53.97","MO com LS =>",103.52]
[{"$nulls":4},"Valor do BDI =>",66.634932000000006,null,"Valor com BDI =>",null,319.61]
[{"$nulls":6},"quant. =>","16.00","Preço Total =>",5113.76]
[]
[11,null,null,"Instalações elétricas e bóia elétrica.",{"$nulls":5},17685.189999999999]
["11.1","Código","Banco","Descrição.","Tipo",null,"und","Quant.","Valor Unit","Total"]
["Composição","COMPOSIÇÃO - 18","Próprio","Montagem e instalação elétrica do kit de bombeamento e sistema fotovoltaico inclusive sistema de aterramento.","INEL - INSTALAÇÃO ELÉTRICA/ELETRIFICAÇÃO E ILUMINAÇÃO EXTERNA",null,"un","1.00",1081.3900000000001,1081.3900000000001]
["Composição Auxiliar",88247,"SINAPI","Auxiliar de eletricista com encargos complementares.","SEDI - SERVIÇOS DIVERSOS",null,"h","8.00",23.03,184.24]
["Insumo",20111,"SINAPI","Fita isolante adesiva antichama, uso ate 750 v, em rolo de 19 mm x 20 m.","Material",null,"un","1.00",9.15,9.15]
["Insumo",2674,"SINAPI","Fornecimento de  eletroduto de pvc rigido roscavel de 3/4 \", sem luva.","Material",null,"m","15.00",5.26,78.900000000000006]
["Insumo",12034,"SINAPI","Fornecimento de  curva 180 graus, de pvc rigido roscavel, de 3/4\", para eletroduto.","Material",null,"un","1.00",5,5]
["Insumo",39272,"SINAPI","Fornecimento de  curva 90 graus, curta, de pvc rigido roscavel, de 3/4\", para eletroduto.","Material",null,"un","2.00",2.73,5.46]
["Insumo",3379,"SINAPI","Haste de aterramento em aco com 3,00 m de comprimento e dn = 5/8\", revestida com baixa camada de cobre, sem conector.","Material",null,"un","0.66",102.77,67.83]
["Insumo",1891,"SINAPI","Fornecimento de  luva em pvc rigido roscavel, de 3/4\", para eletroduto.","Material",null,"un","9.00",1.26,11.34]
["Insumo",425,"SINAPI","Grampo metalico tipo olhal para haste de aterramento de 5/8'', condutor de *10* a 50 mm2.","Material",null,"un","2.00",9.75,19.5]
["Insumo",34643,"SINAPI","Fornecimento de  caixa de inspecao para aterramento e para raios, em polipropileno,  diametro = 300 mm x altura = 400 mm.","Material",null,"un","2.00",41.46,82.92]
["Insumo",867,"SINAPI","Cabo de cobre nu 50 mm2 meio-duro.","Material",null,"m","7.50",52.58,394.35]
["Insumo",54581,"SIURB INFRA","Dps - dispositivo de proteção contra surtos – 45ka – 500 volts - corrente contínua - classe ii - p/ sistema fotovoltáico.","Material",null,"un","1.00",222.7,222.7]
[{"$nulls":4},"MO sem LS =>",65.22,"ls =>","71.02","MO com LS =>",136.24]
[{"$nulls":4},"Valor do BDI =>",284.83812599999999,null,"Valor com BDI =>",null,1366.23]
[{"$nulls":6},"quant. =>","1.00","Preço Total =>",1366.23]
[]
["11.2","Código","Banco","Descrição.","Tipo",null,"und","Quant.","Valor Unit","Total"]
["Insumo",34622,"SINAPI","Fornecimento de  cabo flexivel pvc 750 v, 3 condutores de 6,0 mm2.","Material",null,"m","1.00",20.67,20.67]
[{"$nulls":4},"MO sem LS =>",0,"ls =>","0.00","MO com LS =>",0]
[{"$nulls":4},"Valor do BDI =>",3.16,null,"Valor com BDI =>",null,23.83]
[{"$nulls":6},"quant. =>","105.00","Preço Total =>",2502.15]
[]
["11.3","Código","Banco","Descrição.","Tipo",null,"und","Quant.","Valor Unit","Total"]
["Composição","COMPOSIÇÃO - 19","Próprio","Fornecimento e instalação de automático de bóia superior e inferior.","ASTU - ASSENTAMENTO DE TUBOS E PECAS",null,"un","1.00",67.87,67.87]
["Composição Auxiliar",88264,"SINAPI","Eletricista com encargos complementares.","SEDI - SERVIÇOS DIVERSOS",null,"h","0.20",28.55,5.71]
["Composição Auxiliar",88247,"SINAPI","Auxiliar de eletricista com encargos complementares.","SEDI - SERVIÇOS DIVERSOS",null,"h","0.20",23.03,4.6100000000000003]
["Insumo",7588,"SINAPI","Automatico de boia superior / inferior, *15* a / 250 v.","Material",null,"un","1.00",56.65,56.65]
["Insumo",21127,"SINAPI","Fita isolante adesiva antichama, uso ate 750 v, em rolo de 19 mm x 5 m.","Material",null,"un","0.10",3.46,0.35]
["Insumo",3146,"SINAPI","Fita veda rosca em rolos de 18 mm x 10 m (l x c).","Material",null,"un","0.15",3.68,0.55000000000000004]
[{"$nulls":4},"MO sem LS =>",3.79,"ls =>","4.13","MO com LS =>",7.92]
[{"$nulls":4},"Valor do BDI =>",17.876957999999998,null,"Valor com BDI =>",null,85.75]
[{"$nulls":6},"quant. =>","1.00","Preço Total =>",85.75]
[]
["11.4","Código","Banco","Descrição.","Tipo",null,"und","Quant.","Valor Unit","Total"]
["Insumo",39257,"SINAPI","Cabo multipolar de cobre, flexivel, classe 4 ou 5, isolacao em hepr, cobertura em pvc-st2, antichama bwf-b, 0,6/1 kv, 3 condutores de 1,5 mm2.","Material",null,"m","1.00",5.62,5.62]
[{"$nulls":4},"MO sem LS =>",0,"ls =>","0.00","MO com LS =>",0]
[{"$nulls":4},"Valor do BDI =>",1.48,null,"Valor com BDI =>",null,7.1]
[{"$nulls":6},"quant. =>","200.00","Preço Total =>",1420]
[]
["11.5","Código","Banco","Descrição.","Tipo",null,"und","Quant.","Valor Unit","Total"]
["Insumo","COTAÇÃO-001","Próprio","Fornecimento de kit de bombeamento fotovoltaico, incluindo uma bomba cc de 1500w com controladora de carga externa, caixa de proteção metálica, módulos fotovoltaicos compatíveis com a geração de 2200wp além de componentes elétricos necessários para interligação dos painéis, como cabos, conectores mc4 e presilhas de fixação.","Serviços",null,"un","1.00",9744.39,9744.39]
[{"$nulls":4},"MO sem LS =>",0,"ls =>","0.00","MO com LS =>",0]
[{"$nulls":4},"Valor do BDI =>",2566.67,null,"Valor com BDI =>",null,12311.06]
[{"$nulls":6},"quant. =>","1.00","Preço Total =>",12311.06]
[]
[12,null,null,"Urbanização.",{"$nulls":5},4131.68]
["12.1","Código","Banco","Descrição.","Tipo",null,"und","Quant.","Valor Unit","Total"]
["Composição","COMPOSIÇÃO - 20","Próprio","Cerca com mourões de concreto de 15x15cm, espaçados de 3m e cravados a 0,5m, escoras de 10x10cm nos cantos, e 9 fios de arame de aço ovalado 15x17.","SEDI - SERVIÇOS DIVERSOS",null,"m","1.00",83.25,83.25]
["Composição Auxiliar",88309,"SINAPI","Pedreiro com encargos complementares.","SEDI - SERVIÇOS DIVERSOS",null,"h","0.34",28.16,9.43]
["Composição Auxiliar",88316,"SINAPI","Servente com encargos complementares.","SEDI - SERVIÇOS DIVERSOS",null,"h","0.67",20.420000000000002,13.7]
["Composição Auxiliar",94975,"SINAPI","Concreto fck = 15mpa, traço 1:3,4:3,5 (em massa seca de cimento/ areia média/ brita 1) - preparo manual. af_05/2021.","FUES - FUNDAÇÕES E ESTRUTURAS",null,"m³","0.03",521.05999999999995,15.01]
["Insumo",43130,"SINAPI","Arame galvanizado 12 bwg, d = 2,76 mm (0,048 kg/m) ou 14 bwg, d = 2,11 mm (0,026 kg/m).","Material",null,"kg","0.10",21.4,2.1]
["Insumo",346,"SINAPI","Arame de aco ovalado 15 x 17 ( 45,7 kg, 700 kgf), rolo 1000 m.","Material",null,"kg","0.41",25.35,10.27]
["Insumo",4111,"SINAPI","Escora pre-moldada em concreto, *10 x 10* cm, h = 2,30m.","Material",null,"un","0.16",80.7,12.91]
["Insumo"," I1533 ","SEINFRA","Mourão concreto base 15x15cm h=2.3 c/ 12 furos.","Material",null,"un","0.42",47.22,19.829999999999998]
[{"$nulls":4},"MO sem LS =>",9.4600000000000009,"ls =>","10.31","MO com LS =>",19.77]
[{"$nulls":4},"Valor do BDI =>",21.928049999999999,null,"Valor com BDI =>",null,105.18]
[{"$nulls":6},"quant. =>","28.00","Preço Total =>",2945.04]
[]
["12.2","Código","Banco","Descrição.","Tipo",null,"und","Quant.","Valor Unit","Total"]
["Composição","COMPOSIÇÃO - 21","Próprio","Serviço de instalação de portão de ferro com suporte e batedor conforme projeto, incluso material.","SEDI - SERVIÇOS DIVERSOS",null,"m²","1.00",626.16,626.16]
["Composição Auxiliar",88309,"SINAPI","Pedreiro com encargos complementares.","SEDI - SERVIÇOS DIVERSOS",null,"h","1.50",28.16,42.24]
["Composição Auxiliar",88316,"SINAPI","Servente com encargos complementares.","SEDI - SERVIÇOS DIVERSOS",null,"h","1.50",20.420000000000002,30.63]
["Insumo",367,"SINAPI","Areia grossa - posto jazida/fornecedor (retirado na jazida, sem transporte).","Material",null,"m³","0.06",126.63,7.72]
["Insumo",1379,"SINAPI","Cimento portland composto cp ii-32.","Material",null,"kg","4.83",0.78,3.77]
["Insumo",4948,"SINAPI","Portao de abrir / giro, em gradil de metalon redondo de 3/4\"  vertical, com requadro, acabamento natural - completo.","Material",null,"m²","1.00",541.79999999999995,541.79999999999995]
[{"$nulls":4},"MO sem LS =>",26.34,"ls =>","28.69","MO com LS =>",55.03]
[{"$nulls":4},"Valor do BDI =>",164.930544,null,"Valor com BDI =>",null,791.09]
[{"$nulls":6},"quant. =>","1.50","Preço Total =>",1186.6400000000001]
[]
[13,null,null,"Outros serviços e insumos excepcionais.",{"$nulls":5},8983.93]
["13.1","Código","Banco","Descrição.","Tipo",null,"und","Quant.","Valor Unit","Total"]
["Composição","COMPOSIÇÃO - 22","Próprio","Fornecimento e instalação do pré filtro para revestimento interno.","ASTU - ASSENTAMENTO DE TUBOS E PECAS",null,"m³","1.00",1665.29,1665.29]
["Composição Auxiliar",90776,"SINAPI","Encarregado geral com encargos complementares.","SEDI - SERVIÇOS DIVERSOS",null,"h","0.40",55.16,22.06]
["Composição Auxiliar",88297,"SINAPI","Operador de máquinas e equipamentos com encargos complementares.","SEDI - SERVIÇOS DIVERSOS",null,"h","0.40",34.11,13.64]
["Composição Auxiliar",88316,"SINAPI","Servente com encargos complementares.","SEDI - SERVIÇOS DIVERSOS",null,"h","0.50",20.420000000000002,10.210000000000001]
["Insumo",5073,"ORSE","Pré-filtro comum.","Serviços",null,"m³","1.00",1619.38,1619.38]
[{"$nulls":4},"MO sem LS =>",19.13,"ls =>","20.83","MO com LS =>",39.96]
[{"$nulls":4},"Valor do BDI =>",438.63738599999999,null,"Valor com BDI =>",null,2103.9299999999998]
[{"$nulls":6},"quant. =>","0.18","Preço Total =>",378.71]
[]
["13.2","Código","Banco","Descrição.","Tipo",null,"und","Quant.","Valor Unit","Total"]
["Composição","COMPOSIÇÃO - 23","Próprio","Execução de tamponamento conforme especificação.","SEDI - SERVIÇOS DIVERSOS",null,"m³","1.00",666.72,666.72]
["Composição Auxiliar",87316,"SINAPI","Argamassa traço 1:4 (em volume de cimento e areia grossa úmida) para chapisco convencional, preparo mecânico com betoneira 400 l. af_08/2019.","SEDI - SERVIÇOS DIVERSOS",null,"m³","1.00",518.61,518.61]
["Composição Auxiliar",88316,"SINAPI","Servente com encargos complementares.","SEDI - SERVIÇOS DIVERSOS",null,"h","1.00",20.420000000000002,20.420000000000002]
["Insumo",4721,"SINAPI","Pedra britada n. 1 (9,5 a 19 mm) posto pedreira/fornecedor, sem frete.","Material",null,"m³","1.00",127.69,127.69]
[{"$nulls":4},"MO sem LS =>",52.56,"ls =>","57.23","MO com LS =>",109.79]
[{"$nulls":4},"Valor do BDI =>",175.614048,null,"Valor com BDI =>",null,842.33]
[{"$nulls":6},"quant. =>","0.24","Preço Total =>",202.16]
[]
["13.3","Código","Banco","Descrição.","Tipo",null,"und","Quant.","Valor Unit","Total"]
["Composição","COMPOSIÇÃO - 24","Próprio","Fornecimento e instalação do filtro para revestimento interno ø 4 1/2\".","ASTU - ASSENTAMENTO DE TUBOS E PECAS",null,"m","1.00",120.26,120.26]
["Composição Auxiliar",88316,"SINAPI","Servente com encargos complementares.","SEDI - SERVIÇOS DIVERSOS",null,"h","0.65",20.420000000000002,13.27]
["Composição Auxiliar",90776,"SINAPI","Encarregado geral com encargos complementares.","SEDI - SERVIÇOS DIVERSOS",null,"h","0.65",55.16,35.85]
["Insumo","COTAÇÃO-002","Próprio","Fornecimento tubo filtro geomecânico classe reforçado diâmetro ø 4 1/2\" com junta roscável.","Material",null,"m","1.00",71.14,71.14]
[{"$nulls":4},"MO sem LS =>",20.83,"ls =>","22.69","MO com LS =>",43.52]
[{"$nulls":4},"Valor do BDI =>",31.676483999999999,null,"Valor com BDI =>",null,151.94]
[{"$nulls":6},"quant. =>","0.60","Preço Total =>",91.16]
[]
["13.4","Código","Banco","Descrição.","Tipo",null,"und","Quant.","Valor Unit","Total"]
["Composição","COMPOSIÇÃO - 25","Próprio","Fornecimento e instalação do revestimento interno ø 4 1/2\".","ASTU - ASSENTAMENTO DE TUBOS E PECAS",null,"m","1.00",111.49,111.49]
["Composição Auxiliar",88316,"SINAPI","Servente com encargos complementares.","SEDI - SERVIÇOS DIVERSOS",null,"h","0.65",20.420000000000002,13.27]
["Composição Auxiliar",90776,"SINAPI","Encarregado geral com encargos complementares.","SEDI - SERVIÇOS DIVERSOS",null,"h","0.65",55.16,35.85]
["Insumo","COTAÇÃO-003","Próprio","Fornecimento tubo revestimento geomecânico classe reforçado ø 4 1/2\" com junta roscável.","Material",null,"m","1.00",62.37,62.37]
[{"$nulls":4},"MO sem LS =>",20.83,"ls =>","22.69","MO com LS =>",43.52]
[{"$nulls":4},"Valor do BDI =>",29.366465999999999,null,"Valor com BDI =>",null,140.86000000000001]
[{"$nulls":6},"quant. =>","0.60","Preço Total =>",84.52]
[]
["13.5","Código","Banco","Descrição.","Tipo",null,"und","Quant.","Valor Unit","Total"]
["Insumo"," M3929 ","SICRO3","Tubo em aço-carbono - e = 3,00 mm e d = 150 mm (6\").","Material",null,"m","1.00",171.2287,171.2287]
[{"$nulls":4},"MO sem LS =>",0,"ls =>","0.00","MO com LS =>",0]
[{"$nulls":4},"Valor do BDI =>",45.1,null,"Valor com BDI =>",null,216.33]
[{"$nulls":6},"quant. =>","9.00","Preço Total =>",1946.97]
[]
["13.6","Código","Banco","Descrição.","Tipo",null,"und","Quant.","Valor Unit","Total"]
["Insumo",41699,"SINAPI","Tubo de revestimento, em aco, corpo schedule 40, ponteira schedule 80, rosqueavel e segmentado para perfuracao, diametro 8.","Material",null,"m","1.00",2189.0100000000002,2189.0100000000002]
[{"$nulls":4},"MO sem LS =>",0,"ls =>","0.00","MO com LS =>",0]
[{"$nulls":4},"Valor do BDI =>",576.59,null,"Valor com BDI =>",null,2765.6]
[{"$nulls":6},"quant. =>","1.80","Preço Total =>",4978.08]
[]
["13.7","Código","Banco","Descrição.","Tipo",null,"und","Quant.","Valor Unit","Total"]
["Insumo"," M039706073 ","EMBASA","Filtro nold em aço galvanizado dn 6\".","Material",null,"m","1.00",763.9,763.9]
[{"$nulls":4},"MO sem LS =>",0,"ls =>","0.00","MO com LS =>",0]
[{"$nulls":4},"Valor do BDI =>",201.21,null,"Valor com BDI =>",null,965.11]
[{"$nulls":6},"quant. =>","1.20","Preço Total =>",1158.1300000000001]
[]
["13.8","Código","Banco","Descrição.","Tipo",null,"und","Quant.","Valor Unit","Total"]
["Composição","COMPOSIÇÃO - 26","Próprio","Limpeza manual , remoção de cerca, capina e instalação dos equipamentos (área do poço, painéis solares, bebedouro e reservatório).","SEDI - SERVIÇOS DIVERSOS",null,"m²","1.00",1.63,1.63]
["Composição Auxiliar",88316,"SINAPI","Servente com encargos complementares.","SEDI - SERVIÇOS DIVERSOS",null,"h","0.08",20.420000000000002,1.63]
[{"$nulls":4},"MO sem LS =>",0.56000000000000005,"ls =>","0.60","MO com LS =>",1.1599999999999999]
[{"$nulls":4},"Valor do BDI =>",0.429342,null,"Valor com BDI =>",null,2.06]

{"sheet":"Crono. - MG - P","index":31,"n_rows":27,"n_cols":15,"rows_kept":27,"cut":false,"hidden":false,"merged":[[0,0,6,14],[7,0,8,14],[23,0,23,1],[23,2,26,2],[24,0,24,1],[25,0,25,1],[26,0,26,1]]}
["OBJETO: EXECUÇÃO DE SERVIÇOS DE PERFURAÇÃO E INSTALAÇÃO DE POÇOS TUBULARES EM MUNICÍPIOS LOCALIZADOS EM MINAS GERAIS, NA ÁREA DE ATUAÇÃO DA CODEVASF DA 16 SR"]
[]
[]
[]
[]
[]
[]
["CRONOGRAMA FÍSICO-FINANCEIRO POÇO PARCIALMENTE REVESTIDO"]
[]
["ITEM","ESPECIFICAÇÃO DOS SERVIÇOS","VALOR TOTAL (R$)","Mês 01","Mês 02","Mês 03","Mês 04","Mês 05","Mês 06","Mês 07","Mês 08","Mês 09","Mês 10","Mês 11","Mês 12"]
["1","Serviços preliminares.",360057.42,30004.785,30004.785,30004.785,30004.785,30004.785,30004.785,30004.785,30004.785,30004.785,30004.785,30004.785,30004.785]
["2","Mobilizaçâo e desmobilizaçâo equipes perfuraçâo e instalação.",107382,8948.5,8948.5,8948.5,8948.5,8948.5,8948.5,8948.5,8948.5,8948.5,8948.5,8948.5,8948.5]
["3","Perfuração e completação de poço tubular.",1317988.03,109832.33583333333,109832.33583333333,109832.33583333333,109832.33583333333,109832.33583333333,109832.33583333333,109832.33583333333,109832.33583333333,109832.33583333333,109832.33583333333,109832.33583333333,109832.33583333333]
["4","Pós perfuração.",485334.08,40444.506666666668,40444.506666666668,40444.506666666668,40444.506666666668,40444.506666666668,40444.506666666668,40444.506666666668,40444.506666666668,40444.506666666668,40444.506666666668,40444.506666666668,40444.506666666668]
["5","Reservação.",1183474.68,98622.89,98622.89,98622.89,98622.89,98622.89,98622.89,98622.89,98622.89,98622.89,98622.89,98622.89,98622.89]
["6","Bebedouro.",84492.76,7041.0633333333326,7041.0633333333326,7041.0633333333326,7041.0633333333326,7041.0633333333326,7041.0633333333326,7041.0633333333326,7041.0633333333326,7041.0633333333326,7041.0633333333326,7041.0633333333326,7041.0633333333326]
["7","Chafariz.",58481.72,4873.4766666666665,4873.4766666666665,4873.4766666666665,4873.4766666666665,4873.4766666666665,4873.4766666666665,4873.4766666666665,4873.4766666666665,4873.4766666666665,4873.4766666666665,4873.4766666666665,4873.4766666666665]
["8","Cavalete.",100004.08,8333.6733333333341,8333.6733333333341,8333.6733333333341,8333.6733333333341,8333.6733333333341,8333.6733333333341,8333.6733333333341,8333.6733333333341,8333.6733333333341,8333.6733333333341,8333.6733333333341,8333.6733333333341]
["9","Instalações hidráulicas.",883408.83,73617.402499999997,73617.402499999997,73617.402499999997,73617.402499999997,73617.402499999997,73617.402499999997,73617.402499999997,73617.402499999997,73617.402499999997,73617.402499999997,73617.402499999997,73617.402499999997]
["10","Estrutura de fixação para módulos fotovoltáicos.",142315.94,11859.661666666667,11859.661666666667,11859.661666666667,11859.661666666667,11859.661666666667,11859.661666666667,11859.661666666667,11859.661666666667,11859.661666666667,11859.661666666667,11859.661666666667,11859.661666666667]
["11","Instalações elétricas e bóia elétrica.",772692.36,64391.03,64391.03,64391.03,64391.03,64391.03,64391.03,64391.03,64391.03,64391.03,64391.03,64391.03,64391.03]
["12","Urbanização.",181793.7,15149.475,15149.475,15149.475,15149.475,15149.475,15149.475,15149.475,15149.475,15149.475,15149.475,15149.475,15149.475]
["13","Outros serviços e insumos excepcionais.",1093056.1299999999,91088.010833333319,91088.010833333319,91088.010833333319,91088.010833333319,91088.010833333319,91088.010833333319,91088.010833333319,91088.010833333319,91088.010833333319,91088.010833333319,91088.010833333319,91088.010833333319]
["TOTAL",null,6770481.7300000004,564206.81083333341,564206.81083333341,564206.81083333341,564206.81083333341,564206.81083333341,564206.81083333341,564206.81083333341,564206.81083333341,564206.81083333341,564206.81083333341,564206.81083333341,564206.81083333341]
["PERCENTUAL",null,null,8.3333333333333343E-2,8.3333333333333343E-2,8.3333333333333343E-2,8.3333333333333343E-2,8.3333333333333343E-2,8.3333333333333343E-2,8.3333333333333343E-2,8.3333333333333343E-2,8.3333333333333343E-2,8.3333333333333343E-2,8.3333333333333343E-2,8.3333333333333343E-2]
["CUSTO ACUMULADO",null,null,564206.81083333341,1128413.6216666668,1692620.4325000001,2256827.2433333336,2821034.0541666672,3385240.8650000007,3949447.6758333342,4513654.4866666673,5077861.2975000003,5642068.1083333334,6206274.9191666665,6770481.7299999995]
["PERCENTUAL ACUMULADO",null,null,8.3333333333333343E-2,0.16666666666666669,0.25,0.33333333333333337,0.41666666666666674,0.50000000000000011,0.58333333333333348,0.66666666666666685,0.75000000000000022,0.83333333333333359,0.91666666666666696,1.0000000000000002]